{"text_format":"3","workbook":"xlsx","n_sheets":6,"sheets":["JUNI","MEI 20","april20","MARET","PEB","Table 1"],"not_rendered":{"defined_names":5},"read":"whole","date_system":"1900"}

{"sheet":"JUNI","index":0,"n_rows":73,"n_cols":8,"rows_kept":73,"merged":[[0,0,0,7],[1,0,1,7]]}
["LAPORAN REALISASI ANGGRAN  PER PPTK TAHUN ANGGARAN 2020"]
["BELANJA LANGSUNG BULAN JUNI 2020"]
[]
["NO","KODE REK","URAIAN","PAGU","REALISASI","SISA","Persen","PPTK"]
[1,".01.001","Penyediaan Jasa Surat Menyurat",{"v":119290000,"d":"119,290,000"},{"v":50138400,"d":"50,138,400"},{"$f":"D5-E5","v":{"v":69151600,"d":"69,151,600"}},{"$f":"E5/D5*100","v":{"v":42.03068153240003,"d":"42.03"}}]
[2,".01.002","Penyediaan Jasa Komunikasi, Sumber Daya Air dan Listrik",{"v":199400000,"d":"199,400,000"},{"v":60692155,"d":"60,692,155"},{"v":138707845,"d":"138,707,845"},{"$f":"E6/D6*100","v":{"v":30.43738966900702,"d":"30.44"}}]
[3,".01.003","Penyediaan Jasa Peralatan dan Perlengkapan Kantor",{"v":263354500,"d":"263,354,500"},{"v":84991700,"d":"84,991,700"},{"$f":"D7-E7","v":{"v":178362800,"d":"178,362,800"}},{"$f":"E7/D7*100","v":{"v":32.27273503965188,"d":"32.27"}}]
[4,".01.006","Penyediaan Jasa Pemeliharaan dan Perizinan Kendaraan Dinas/Operasional",{"v":70000000,"d":"70,000,000"},{"v":21107600,"d":"21,107,600"},{"v":48892400,"d":"48,892,400"},{"v":30.153714285714283,"d":"30.15"}]
[5,".01.007","Penyediaan Jasa Administrasi Keuangan",{"v":183095000,"d":"183,095,000"},{"v":77489390,"d":"77,489,390"},{"v":105605610,"d":"105,605,610"},{"v":42.32195854610995,"d":"42.32"}]
[6,".01.008","Penyediaan Jasa Kebersihan Kantor",{"v":143300000,"d":"143,300,000"},{"v":59175900,"d":"59,175,900"},{"v":84124100,"d":"84,124,100"},{"v":41.29511514305653,"d":"41.30"}]
[7,".01.010","Penyediaan Alat Tulis Kantor",{"v":26838600,"d":"26,838,600"},{"v":21826685,"d":"21,826,685"},{"v":5011915,"d":"5,011,915"},{"v":81.32572116280284,"d":"81.33"}]
[8,".01.011","Penyediaan Barang Cetakan dan Penggandaan",{"v":3010000,"d":"3,010,000"},{"v":1505000,"d":"1,505,000"},{"v":1505000,"d":"1,505,000"},{"v":50,"d":"50.00"}]
[9,".01.012","Penyediaan Komponen Instalasi Listrik/Penerangan Bangunan Kantor",{"v":1500000,"d":"1,500,000"},{"v":1500000,"d":"1,500,000"},0,{"v":100,"d":"100.00"}]
[10,".01.013","Penyediaan Peralatan dan Perlengkapan Kantor",{"v":10500000,"d":"10,500,000"},null,{"$f":"D14-E14","v":{"v":10500000,"d":"10,500,000"}},{"$f":"E14/D14*100","v":{"v":0,"d":"0.00"}}]
[11,".01.015","Penyediaan Bahan Bacaan dan Peraturan Perundang-undangan",{"v":6200000,"d":"6,200,000"},{"v":2796000,"d":"2,796,000"},{"v":3404000,"d":"3,404,000"},{"v":45.09677419354839,"d":"45.10"}]
[12,".01.017"," Penyediaan Makanan dan Minuman",{"v":76418400,"d":"76,418,400"},{"v":25036000,"d":"25,036,000"},{"v":51382400,"d":"51,382,400"},{"v":32.761743245082336,"d":"32.76"}]
[13,".01.018"," Rapat-rapat Kordinasi dan Konsultasi ke Luar Daerah/Dalam Daerah",{"v":207013100,"d":"207,013,100"},{"v":43663000,"d":"43,663,000"},{"v":163350100,"d":"163,350,100"},{"v":21.091901913453786,"d":"21.09"}]
[14,".01.022"," Penyediaan Jasa Administrasi Kepegawaian",{"v":198496000,"d":"198,496,000"},{"v":82840000,"d":"82,840,000"},{"v":115656000,"d":"115,656,000"},{"$f":"E18/D18*100","v":{"v":41.73383846525874,"d":"41.73"}}]
[15,".02.012. "," Penyelenggaraan dan Pengadaan Sarana/Prasarana Upacara",{"v":108728000,"d":"108,728,000"},{"v":28983000,"d":"28,983,000"},{"v":79745000,"d":"79,745,000"},{"v":26.65642704731072,"d":"26.66"}]
[16,"02.022. ","Pemeliharaan Rutin/Berkala Gedung Kantor",{"v":327600000,"d":"327,600,000"},null,{"v":327600000,"d":"327,600,000"},{"v":0,"d":"0.00"}]
[17,".02.024. "," Pemeliharaan Rutin/Berkala Kendaraan Dinas/Operasional",{"v":135800000,"d":"135,800,000"},{"v":24428355,"d":"24,428,355"},{"$f":"D21-E21","v":{"v":111371645,"d":"111,371,645"}},{"$f":"E21/D21*100","v":{"v":17.988479381443298,"d":"17.99"}}]
[18,".02.026."," Pemeliharaan Rutin/Berkala Perlengkapan Gedung Kantor",{"v":15000000,"d":"15,000,000"},{"v":3465000,"d":"3,465,000"},{"v":11535000,"d":"11,535,000"},{"v":23.1,"d":"23.10"}]
[19,".02.028.","Pemeliharaan Rutin/Berkala Peralatan Gedung Kantor",{"v":7000000,"d":"7,000,000"},{"v":3500000,"d":"3,500,000"},{"v":3500000,"d":"3,500,000"},{"v":50,"d":"50.00"}]
[20,".02.045."," Pendataan dan Inventarisasi Aset Barang Milik Daerah",{"v":105116800,"d":"105,116,800"},{"v":43858400,"d":"43,858,400"},{"$f":"D24-E24","v":{"v":61258400,"d":"61,258,400"}},{"$f":"E24/D24*100","v":{"v":41.72349234375476,"d":"41.72"}}]
[21,".02.054. ","Partisipasi Dalam Rangka Peringatan Hari Besar Nasional/Daerah dan Pelaksanaan Event Nasional/Daerah",{"v":17100000,"d":"17,100,000"},null,{"v":17100000,"d":"17,100,000"},{"v":0,"d":"0.00"}]
[22,".03.002. "," Pengadaan Pakaian Dinas Beserta Perlengkapannya",{"v":10000000,"d":"10,000,000"},null,{"v":10000000,"d":"10,000,000"},{"v":0,"d":"0.00"}]
[23,".03.005. "," Pengadaan Pakaian Khusus Hari-hari Tertentu",{"v":31800000,"d":"31,800,000"},{"v":24085050,"d":"24,085,050"},{"v":7714950,"d":"7,714,950"},{"v":75.73915094339623,"d":"75.74"}]
[24,".05.001.","Pendidikan dan Pelatihan Formal",{"v":5000000,"d":"5,000,000"},null,{"v":5000000,"d":"5,000,000"},{"v":0,"d":"0.00"}]
[25,".06.001. "," Penyusunan Laporan Capaian Kinerja dan Ikhtisar Realisasi Kinerja SKPD",{"v":100305900,"d":"100,305,900"},{"v":37518720,"d":"37,518,720"},{"v":62787180,"d":"62,787,180"},{"v":37.40430024554887,"d":"37.40"}]
[26,".07.001. "," Penyusunan Anggaran SKPD",{"v":63169400,"d":"63,169,400"},{"v":22345000,"d":"22,345,000"},{"v":40824400,"d":"40,824,400"},{"v":35.37313952641627,"d":"35.37"}]
[27,".16.002."," Pemantauan dan analisis akses harga pangan pokok",{"v":65694000,"d":"65,694,000"},{"v":27663300,"d":"27,663,300"},{"v":38030700,"d":"38,030,700"},{"v":42.10932505251621,"d":"42.11"}]
[28,".16.004."," Pengembangan lumbung pangan desa",{"v":65319800,"d":"65,319,800"},{"v":26200105,"d":"26,200,105"},{"v":39119695,"d":"39,119,695"},{"v":40.11051013628333,"d":"40.11"}]
[29,".16.005. "," Pengembangan model distribusi pangan yang efisien",{"v":82685000,"d":"82,685,000"},{"v":34340500,"d":"34,340,500"},{"v":48344500,"d":"48,344,500"},{"v":41.53171675636452,"d":"41.53"}]
[30,".17.001. "," Pemanfaatan pekarangan untuk ketahanan pangan keluarga",{"v":90617000,"d":"90,617,000"},{"v":21470477,"d":"21,470,477"},{"v":69146523,"d":"69,146,523"},{"v":23.693652405177836,"d":"23.69"}]
[31,".17.004."," Penyebaran Informasi dan Promosi Produk Pangan Lokal",{"v":188661500,"d":"188,661,500"},{"v":27338805,"d":"27,338,805"},{"v":161322695,"d":"161,322,695"},{"v":14.490929521921537,"d":"14.49"}]
[32,".17.007. "," Pengembangan Pangan Pokok Lokal",{"v":7284200,"d":"7,284,200"},{"v":1268865,"d":"1,268,865"},{"v":6015335,"d":"6,015,335"},{"v":17.419414623431535,"d":"17.42"}]
[33,".18.001. "," Peningkatan mutu dan keamanan pangan",{"v":137355000,"d":"137,355,000"},{"v":59713025,"d":"59,713,025"},{"v":77641975,"d":"77,641,975"},{"v":43.47349932656256,"d":"43.47"}]
[34,".19.001. "," Pengembangan Desa Mandiri Pangan",{"v":102998000,"d":"102,998,000"},{"v":9725120,"d":"9,725,120"},{"v":93272880,"d":"93,272,880"},{"v":9.442047418396474,"d":"9.44"}]
[35,".19.002. "," Penyusunan Neraca Bahan Makanan",{"v":44686000,"d":"44,686,000"},{"v":18163700,"d":"18,163,700"},{"v":26522300,"d":"26,522,300"},{"v":40.647406346506735,"d":"40.65"}]
[36,".19.004. "," Penyusunan Data Base Potensi Produk Pangan",{"v":26058000,"d":"26,058,000"},{"v":11294220,"d":"11,294,220"},{"v":14763780,"d":"14,763,780"},{"v":43.342620308542486,"d":"43.34"}]
[37,".19.006."," Penyusunan Data Kerawanan dan Sistem Kewaspadaan Pangan dan Gizi",{"v":45842000,"d":"45,842,000"},{"v":19077805,"d":"19,077,805"},{"v":26764195,"d":"26,764,195"},{"v":41.61643252912177,"d":"41.62"}]
[38,".20.005. "," Pembinaan dan pengembangan pembenihan ikan",{"v":88190900,"d":"88,190,900"},{"v":36386190,"d":"36,386,190"},{"v":51804710,"d":"51,804,710"},{"v":41.258440496695236,"d":"41.26"}]
[39,".20.008. "," Pengembangan sarana prasarana perikanan budidaya",{"v":9966500,"d":"9,966,500"},{"v":6924450,"d":"6,924,450"},{"v":3042050,"d":"3,042,050"},{"v":69.47724878342447,"d":"69.48"}]
[40,".20.009. ","Penanggulangan, pengendalian hama penyakit ikan dan lingkungan",{"v":29176000,"d":"29,176,000"},{"v":13494100,"d":"13,494,100"},{"$f":"D44-E44","v":{"v":15681900,"d":"15,681,900"}},{"$f":"E44/D44*100","v":{"v":46.25068549492733,"d":"46.25"}}]
[41,".20.010. "," Pengembangan bibit unggul ikan air tawar",{"v":273705100,"d":"273,705,100"},{"v":107967565,"d":"107,967,565"},{"v":165737535,"d":"165,737,535"},{"v":39.44667636810567,"d":"39.45"}]
[42,".21.003. "," Pemeliharaan rutin/berkala tempat pelelangan ikan",{"v":20969000,"d":"20,969,000"},{"v":8590000,"d":"8,590,000"},{"v":12379000,"d":"12,379,000"},{"v":40.96523439362869,"d":"40.97"}]
[43,".21.006. "," Pengembangan sarana dan prasarana perikanan tangkap",{"v":61626100,"d":"61,626,100"},{"v":24893370,"d":"24,893,370"},{"v":36732730,"d":"36,732,730"},{"v":40.3941998601242,"d":"40.39"}]
[44,".25.001. "," Pengembangan dan penataan kawasan perikanan darat",{"v":23755800,"d":"23,755,800"},{"v":9824000,"d":"9,824,000"},{"v":13931800,"d":"13,931,800"},{"v":41.35411141700132,"d":"41.35"}]
[45,".26.001. "," Peningkatan sumberdaya masyarakat perikanan",{"v":57305600,"d":"57,305,600"},{"v":23027020,"d":"23,027,020"},{"v":34278580,"d":"34,278,580"},{"v":40.18284425954881,"d":"40.18"}]
[46,".26.002."," Evaluasi dan supervisi sumberdaya masyarakat perikanan",{"v":23873000,"d":"23,873,000"},{"v":9951750,"d":"9,951,750"},{"v":13921250,"d":"13,921,250"},{"v":41.68621455200436,"d":"41.69"}]
[47,".26.004. "," Pembinaan dan penumbuhan kelompok masyarakat perikanan",{"v":27547000,"d":"27,547,000"},{"v":11519360,"d":"11,519,360"},{"$f":"D51-E51","v":{"v":16027640,"d":"16,027,640"}},{"v":41.81711257124188,"d":"41.82"}]
[48,".26.005."," Penyiapan Informasi Teknologi Perikanan dan Kemitraan",{"v":215952000,"d":"215,952,000"},{"v":24611970,"d":"24,611,970"},{"$f":"D52-E52","v":{"v":191340030,"d":"191,340,030"}},{"v":11.396963214047567,"d":"11.40"}]
[49,".27.001. "," Kajian Pengelolaan dan Pemasaran Produksi Perikanan",{"v":48772000,"d":"48,772,000"},{"v":17755000,"d":"17,755,000"},{"$f":"D53-E53","v":{"v":31017000,"d":"31,017,000"}},{"v":36.40408431067005,"d":"36.40"}]
[50,".27.003."," Pemantapan Pemasaran Produksi Perikanan",{"v":16972000,"d":"16,972,000"},{"v":2916840,"d":"2,916,840"},{"$f":"D54-E54","v":{"v":14055160,"d":"14,055,160"}},{"v":17.186189017204807,"d":"17.19"}]
[51,".27.004. "," Pengembangan dan penatausahaan Perikanan",{"v":46313800,"d":"46,313,800"},{"v":18725240,"d":"18,725,240"},{"$f":"D55-E55","v":{"v":27588560,"d":"27,588,560"}},{"v":40.43123215974504,"d":"40.43"}]
[{"$nulls":3},{"$f":"SUM(D5:D55)","v":{"v":4236361000,"d":"4,236,361,000"}},{"$f":"SUM(E5:E55)","v":{"v":1293788132,"d":"1,293,788,132"}},{"v":2942572868,"d":"2,942,572,868"},{"v":30.540082207347297,"d":"30.54"}]
[]
[]
[]
[]
[null,"Catatan :",null,"PAGU","REALISASI","SISA","Persen"]
[1,"Realisasi Belanja Langsung                                                             Rp. ",null,{"$f":"D56","v":{"v":4236361000,"d":"4,236,361,000"}},{"$f":"E56","v":{"v":1293788132,"d":"1,293,788,132"}},{"$f":"D62-E62","v":{"v":2942572868,"d":"2,942,572,868"}},{"$f":"E62/D62*100","v":{"v":30.540082207347297,"d":"30.54"}}]
[2,"Realisasi Belanja Tidak langsung                                                   Rp.  ",null,{"v":3779363000,"d":"3,779,363,000"},{"v":1623987571,"d":"1,623,987,571"},{"$f":"D63-E63","v":{"v":2155375429,"d":"2,155,375,429"}},{"$f":"E63/D63*100","v":{"v":42.96987537317797,"d":"42.97"}}]
[3,"Total realisasi belanja langsung dan tidak langsung                   Rp. ",null,{"$f":"D62+D63","v":{"v":8015724000,"d":"8,015,724,000"}},{"$f":"SUM(E62:E63)","v":{"v":2917775703,"d":"2,917,775,703"}},{"$f":"D64-E64","v":{"v":5097948297,"d":"5,097,948,297"}},{"$f":"E64/D64*100","v":{"v":36.400650808336216,"d":"36.40"}}]
[]
[]
[]
[{"$nulls":5},"Bendahara Pengeluaran"]
[]
[]
[]
[]
[{"$nulls":5},"Nyoman Suastama"]

{"sheet":"MEI 20","index":1,"n_rows":73,"n_cols":8,"rows_kept":73,"merged":[[0,0,0,7],[1,0,1,7]]}
["LAPORAN REALISASI ANGGRAN  PER PPTK TAHUN ANGGARAN 2020"]
["BELANJA LANGSUNG BULAN MEI 2020"]
[]
["NO","KODE REK","URAIAN","PAGU","REALISASI","SISA","Persen","PPTK"]
[1,".01.001","Penyediaan Jasa Surat Menyurat",{"v":119290000,"d":"119,290,000"},{"v":40730400,"d":"40,730,400"},{"$f":"D5-E5","v":{"v":78559600,"d":"78,559,600"}},{"$f":"E5/D5*100","v":{"v":34.144018777768466,"d":"34.14"}}]
[2,".01.002","Penyediaan Jasa Komunikasi, Sumber Daya Air dan Listrik",{"v":199400000,"d":"199,400,000"},{"v":49363807,"d":"49,363,807"},{"v":150036193,"d":"150,036,193"},{"$f":"E6/D6*100","v":{"v":24.756172016048144,"d":"24.76"}}]
[3,".01.003","Penyediaan Jasa Peralatan dan Perlengkapan Kantor",{"v":263354500,"d":"263,354,500"},{"v":66562200,"d":"66,562,200"},{"$f":"D7-E7","v":{"v":196792300,"d":"196,792,300"}},{"$f":"E7/D7*100","v":{"v":25.274753231860476,"d":"25.27"}}]
[4,".01.006","Penyediaan Jasa Pemeliharaan dan Perizinan Kendaraan Dinas/Operasional",{"v":70000000,"d":"70,000,000"},{"v":17202600,"d":"17,202,600"},{"v":52797400,"d":"52,797,400"},{"v":24.575142857142858,"d":"24.58"}]
[5,".01.007","Penyediaan Jasa Administrasi Keuangan",{"v":183095000,"d":"183,095,000"},{"v":64639390,"d":"64,639,390"},{"v":118455610,"d":"118,455,610"},{"v":35.30374395805456,"d":"35.30"}]
[6,".01.008","Penyediaan Jasa Kebersihan Kantor",{"v":143300000,"d":"143,300,000"},{"v":47060450,"d":"47,060,450"},{"v":96239550,"d":"96,239,550"},{"v":32.840509420795534,"d":"32.84"}]
[7,".01.010","Penyediaan Alat Tulis Kantor",{"v":26838600,"d":"26,838,600"},{"v":21826685,"d":"21,826,685"},{"v":5011915,"d":"5,011,915"},{"v":81.32572116280284,"d":"81.33"}]
[8,".01.011","Penyediaan Barang Cetakan dan Penggandaan",{"v":3010000,"d":"3,010,000"},{"v":1505000,"d":"1,505,000"},{"v":1505000,"d":"1,505,000"},{"v":50,"d":"50.00"}]
[9,".01.012","Penyediaan Komponen Instalasi Listrik/Penerangan Bangunan Kantor",{"v":1500000,"d":"1,500,000"},{"v":1500000,"d":"1,500,000"},0,{"v":100,"d":"100.00"}]
[10,".01.013","Penyediaan Peralatan dan Perlengkapan Kantor",{"v":10500000,"d":"10,500,000"},0,{"$f":"D14-E14","v":{"v":10500000,"d":"10,500,000"}},{"$f":"E14/D14*100","v":{"v":0,"d":"0.00"}}]
[11,".01.015","Penyediaan Bahan Bacaan dan Peraturan Perundang-undangan",{"v":6200000,"d":"6,200,000"},{"v":2316000,"d":"2,316,000"},{"v":3884000,"d":"3,884,000"},{"v":37.354838709677416,"d":"37.35"}]
[12,".01.017"," Penyediaan Makanan dan Minuman",{"v":76418400,"d":"76,418,400"},{"v":17756000,"d":"17,756,000"},{"v":58662400,"d":"58,662,400"},{"v":23.235241774232385,"d":"23.24"}]
[13,".01.018"," Rapat-rapat Kordinasi dan Konsultasi ke Luar Daerah/Dalam Daerah",{"v":207013100,"d":"207,013,100"},{"v":35913000,"d":"35,913,000"},{"v":171100100,"d":"171,100,100"},{"v":17.348177482487824,"d":"17.35"}]
[14,".01.022"," Penyediaan Jasa Administrasi Kepegawaian",{"v":198496000,"d":"198,496,000"},{"v":66432000,"d":"66,432,000"},{"v":132064000,"d":"132,064,000"},{"$f":"E18/D18*100","v":{"v":33.46767693051749,"d":"33.47"}}]
[15,".02.012. "," Penyelenggaraan dan Pengadaan Sarana/Prasarana Upacara",{"v":108728000,"d":"108,728,000"},{"v":25843000,"d":"25,843,000"},{"v":82885000,"d":"82,885,000"},{"v":23.76848649841807,"d":"23.77"}]
[16,"02.022. ","Pemeliharaan Rutin/Berkala Gedung Kantor",{"v":327600000,"d":"327,600,000"},0,{"v":327600000,"d":"327,600,000"},{"v":0,"d":"0.00"}]
[17,".02.024. "," Pemeliharaan Rutin/Berkala Kendaraan Dinas/Operasional",{"v":135800000,"d":"135,800,000"},{"v":20837905,"d":"20,837,905"},{"$f":"D21-E21","v":{"v":114962095,"d":"114,962,095"}},{"$f":"E21/D21*100","v":{"v":15.344554491899853,"d":"15.34"}}]
[18,".02.026."," Pemeliharaan Rutin/Berkala Perlengkapan Gedung Kantor",{"v":15000000,"d":"15,000,000"},{"v":3465000,"d":"3,465,000"},{"v":11535000,"d":"11,535,000"},{"v":23.1,"d":"23.10"}]
[19,".02.028.","Pemeliharaan Rutin/Berkala Peralatan Gedung Kantor",{"v":7000000,"d":"7,000,000"},{"v":3500000,"d":"3,500,000"},{"v":3500000,"d":"3,500,000"},{"v":50,"d":"50.00"}]
[20,".02.045."," Pendataan dan Inventarisasi Aset Barang Milik Daerah",{"v":105116800,"d":"105,116,800"},{"v":35158400,"d":"35,158,400"},{"$f":"D24-E24","v":{"v":69958400,"d":"69,958,400"}},{"$f":"E24/D24*100","v":{"v":33.44698468750951,"d":"33.45"}}]
[21,".02.054. ","Partisipasi Dalam Rangka Peringatan Hari Besar Nasional/Daerah dan Pelaksanaan Event Nasional/Daerah",{"v":17100000,"d":"17,100,000"},0,{"v":17100000,"d":"17,100,000"},{"v":0,"d":"0.00"}]
[22,".03.002. "," Pengadaan Pakaian Dinas Beserta Perlengkapannya",{"v":10000000,"d":"10,000,000"},0,{"v":10000000,"d":"10,000,000"},{"v":0,"d":"0.00"}]
[23,".03.005. "," Pengadaan Pakaian Khusus Hari-hari Tertentu",{"v":31800000,"d":"31,800,000"},{"v":24085050,"d":"24,085,050"},{"v":7714950,"d":"7,714,950"},{"v":75.73915094339623,"d":"75.74"}]
[24,".05.001.","Pendidikan dan Pelatihan Formal",{"v":5000000,"d":"5,000,000"},0,{"v":5000000,"d":"5,000,000"},{"v":0,"d":"0.00"}]
[25,".06.001. "," Penyusunan Laporan Capaian Kinerja dan Ikhtisar Realisasi Kinerja SKPD",{"v":100305900,"d":"100,305,900"},{"v":31718720,"d":"31,718,720"},{"v":68587180,"d":"68,587,180"},{"v":31.62198833767505,"d":"31.62"}]
[26,".07.001. "," Penyusunan Anggaran SKPD",{"v":63169400,"d":"63,169,400"},{"v":18345000,"d":"18,345,000"},{"v":44824400,"d":"44,824,400"},{"v":29.04095970517371,"d":"29.04"}]
[27,".16.002."," Pemantauan dan analisis akses harga pangan pokok",{"v":65694000,"d":"65,694,000"},{"v":22763300,"d":"22,763,300"},{"v":42930700,"d":"42,930,700"},{"v":34.650500806770786,"d":"34.65"}]
[28,".16.004."," Pengembangan lumbung pangan desa",{"v":65319800,"d":"65,319,800"},{"v":21020655,"d":"21,020,655"},{"v":44299145,"d":"44,299,145"},{"v":32.1811380316535,"d":"32.18"}]
[29,".16.005. "," Pengembangan model distribusi pangan yang efisien",{"v":82685000,"d":"82,685,000"},{"v":27202500,"d":"27,202,500"},{"v":55482500,"d":"55,482,500"},{"v":32.89895386103888,"d":"32.90"}]
[30,".17.001. "," Pemanfaatan pekarangan untuk ketahanan pangan keluarga",{"v":90617000,"d":"90,617,000"},{"v":18270477,"d":"18,270,477"},{"v":72346523,"d":"72,346,523"},{"v":20.162306189787788,"d":"20.16"}]
[31,".17.004."," Penyebaran Informasi dan Promosi Produk Pangan Lokal",{"v":188661500,"d":"188,661,500"},{"v":22438805,"d":"22,438,805"},{"v":166222695,"d":"166,222,695"},{"v":11.893685251097866,"d":"11.89"}]
[32,".17.007. "," Pengembangan Pangan Pokok Lokal",{"v":7284200,"d":"7,284,200"},{"v":1268865,"d":"1,268,865"},{"v":6015335,"d":"6,015,335"},{"v":17.419414623431535,"d":"17.42"}]
[33,".18.001. "," Peningkatan mutu dan keamanan pangan",{"v":137355000,"d":"137,355,000"},{"v":50142125,"d":"50,142,125"},{"v":87212875,"d":"87,212,875"},{"v":36.50549670561683,"d":"36.51"}]
[34,".19.001. "," Pengembangan Desa Mandiri Pangan",{"v":102998000,"d":"102,998,000"},{"v":8125120,"d":"8,125,120"},{"v":94872880,"d":"94,872,880"},{"v":7.888619196489252,"d":"7.89"}]
[35,".19.002. "," Penyusunan Neraca Bahan Makanan",{"v":44686000,"d":"44,686,000"},{"v":14763700,"d":"14,763,700"},{"v":29922300,"d":"29,922,300"},{"v":33.038759342970955,"d":"33.04"}]
[36,".19.004. "," Penyusunan Data Base Potensi Produk Pangan",{"v":26058000,"d":"26,058,000"},{"v":9533020,"d":"9,533,020"},{"v":16524980,"d":"16,524,980"},{"v":36.583851408396654,"d":"36.58"}]
[37,".19.006."," Penyusunan Data Kerawanan dan Sistem Kewaspadaan Pangan dan Gizi",{"v":45842000,"d":"45,842,000"},{"v":15417705,"d":"15,417,705"},{"v":30424295,"d":"30,424,295"},{"v":33.632269534488024,"d":"33.63"}]
[38,".20.005. "," Pembinaan dan pengembangan pembenihan ikan",{"v":88190900,"d":"88,190,900"},{"v":29286190,"d":"29,286,190"},{"v":58904710,"d":"58,904,710"},{"v":33.207723245822415,"d":"33.21"}]
[39,".20.008. "," Pengembangan sarana prasarana perikanan budidaya",{"v":9966500,"d":"9,966,500"},{"v":2940550,"d":"2,940,550"},{"v":7025950,"d":"7,025,950"},{"v":29.50433953745046,"d":"29.50"}]
[40,".20.009. ","Penanggulangan, pengendalian hama penyakit ikan dan lingkungan",{"v":29176000,"d":"29,176,000"},{"v":9991000,"d":"9,991,000"},{"$f":"D44-E44","v":{"v":19185000,"d":"19,185,000"}},{"$f":"E44/D44*100","v":{"v":34.243899095146695,"d":"34.24"}}]
[41,".20.010. "," Pengembangan bibit unggul ikan air tawar",{"v":273705100,"d":"273,705,100"},{"v":41757815,"d":"41,757,815"},{"v":231947285,"d":"231,947,285"},{"v":15.256498691474876,"d":"15.26"}]
[42,".21.003. "," Pemeliharaan rutin/berkala tempat pelelangan ikan",{"v":20969000,"d":"20,969,000"},{"v":6890000,"d":"6,890,000"},{"v":14079000,"d":"14,079,000"},{"v":32.858028518288904,"d":"32.86"}]
[43,".21.006. "," Pengembangan sarana dan prasarana perikanan tangkap",{"v":61626100,"d":"61,626,100"},{"v":20655370,"d":"20,655,370"},{"v":40970730,"d":"40,970,730"},{"v":33.517243505592596,"d":"33.52"}]
[44,".25.001. "," Pengembangan dan penataan kawasan perikanan darat",{"v":23755800,"d":"23,755,800"},{"v":8124000,"d":"8,124,000"},{"v":15631800,"d":"15,631,800"},{"v":34.197964286616326,"d":"34.20"}]
[45,".26.001. "," Peningkatan sumberdaya masyarakat perikanan",{"v":57305600,"d":"57,305,600"},{"v":18789020,"d":"18,789,020"},{"v":38516580,"d":"38,516,580"},{"v":32.78740646638374,"d":"32.79"}]
[46,".26.002."," Evaluasi dan supervisi sumberdaya masyarakat perikanan",{"v":23873000,"d":"23,873,000"},{"v":8251750,"d":"8,251,750"},{"v":15621250,"d":"15,621,250"},{"v":34.56519917898881,"d":"34.57"}]
[47,".26.004. "," Pembinaan dan penumbuhan kelompok masyarakat perikanan",{"v":27547000,"d":"27,547,000"},{"v":9519360,"d":"9,519,360"},{"$f":"D51-E51","v":{"v":18027640,"d":"18,027,640"}},{"v":34.556793843249714,"d":"34.56"}]
[48,".26.005."," Penyiapan Informasi Teknologi Perikanan dan Kemitraan",{"v":215952000,"d":"215,952,000"},{"v":20373970,"d":"20,373,970"},{"$f":"D52-E52","v":{"v":195578030,"d":"195,578,030"}},{"v":9.434490071867822,"d":"9.43"}]
[49,".27.001. "," Kajian Pengelolaan dan Pemasaran Produksi Perikanan",{"v":48772000,"d":"48,772,000"},{"v":14204000,"d":"14,204,000"},{"$f":"D53-E53","v":{"v":34568000,"d":"34,568,000"}},{"v":29.123267448536044,"d":"29.12"}]
[50,".27.003."," Pemantapan Pemasaran Produksi Perikanan",{"v":16972000,"d":"16,972,000"},{"v":2916840,"d":"2,916,840"},{"$f":"D54-E54","v":{"v":14055160,"d":"14,055,160"}},{"v":17.186189017204807,"d":"17.19"}]
[51,".27.004. "," Pengembangan dan penatausahaan Perikanan",{"v":46313800,"d":"46,313,800"},{"v":15325240,"d":"15,325,240"},{"$f":"D55-E55","v":{"v":30988560,"d":"30,988,560"}},{"v":33.090007729877485,"d":"33.09"}]
[{"$nulls":3},{"$f":"SUM(D5:D55)","v":{"v":4236361000,"d":"4,236,361,000"}},{"$f":"SUM(E5:E55)","v":{"v":1015731984,"d":"1,015,731,984"}},{"v":3220629016,"d":"3,220,629,016"},{"v":23.976520981096748,"d":"23.98"}]
[]
[]
[]
[]
[null,"Catatan :",null,"PAGU","REALISASI","SISA","Persen"]
[1,"Realisasi Belanja Langsung                                                             Rp. ",null,{"$f":"D56","v":{"v":4236361000,"d":"4,236,361,000"}},{"$f":"E56","v":{"v":1015731984,"d":"1,015,731,984"}},{"$f":"D62-E62","v":{"v":3220629016,"d":"3,220,629,016"}},{"$f":"E62/D62*100","v":{"v":23.976520981096748,"d":"23.98"}}]
[2,"Realisasi Belanja Tidak langsung                                                   Rp.  ",null,{"v":3779363000,"d":"3,779,363,000"},{"v":1346276850,"d":"1,346,276,850"},{"$f":"D63-E63","v":{"v":2433086150,"d":"2,433,086,150"}},{"$f":"E63/D63*100","v":{"v":35.62179261425801,"d":"35.62"}}]
[3,"Total realisasi belanja langsung dan tidak langsung                   Rp. ",null,{"$f":"D62+D63","v":{"v":8015724000,"d":"8,015,724,000"}},{"$f":"SUM(E62:E63)","v":{"v":2362008834,"d":"2,362,008,834"}},{"$f":"D64-E64","v":{"v":5653715166,"d":"5,653,715,166"}},{"$f":"E64/D64*100","v":{"v":29.46719265783103,"d":"29.47"}}]
[]
[]
[]
[{"$nulls":5},"Bendahara Pengeluaran"]
[]
[]
[]
[]
[{"$nulls":5},"Nyoman Suastama"]

{"sheet":"april20","index":2,"n_rows":73,"n_cols":8,"rows_kept":73,"merged":[[0,0,0,7],[1,0,1,7]]}
["LAPORAN REALISASI ANGGRAN  PER PPTK TAHUN ANGGARAN 2020"]
["BELANJA LANGSUNG BULAN APRIL 2020"]
[]
["NO","KODE REK","URAIAN","PAGU","REALISASI","SISA","Persen","PPTK"]
[1,".01.001","Penyediaan Jasa Surat Menyurat",{"v":119290000,"d":"119,290,000"},{"v":28224000,"d":"28,224,000"},{"$f":"D5-E5","v":{"v":91066000,"d":"91,066,000"}},{"$f":"E5/D5*100","v":{"v":23.65998826389471,"d":"23.66"}}]
[2,".01.002","Penyediaan Jasa Komunikasi, Sumber Daya Air dan Listrik",{"v":149400000,"d":"149,400,000"},{"v":39430776,"d":"39,430,776"},{"v":109969224,"d":"109,969,224"},{"$f":"E6/D6*100","v":{"v":26.392755020080322,"d":"26.39"}}]
[3,".01.003","Penyediaan Jasa Peralatan dan Perlengkapan Kantor",{"v":231384400,"d":"231,384,400"},{"v":30643000,"d":"30,643,000"},{"$f":"D7-E7","v":{"v":200741400,"d":"200,741,400"}},{"$f":"E7/D7*100","v":{"v":13.243330146716891,"d":"13.24"}}]
[4,".01.006","Penyediaan Jasa Pemeliharaan dan Perizinan Kendaraan Dinas/Operasional",{"v":60000000,"d":"60,000,000"},{"v":11945800,"d":"11,945,800"},{"v":48054200,"d":"48,054,200"},{"v":19.909666666666666,"d":"19.91"}]
[5,".01.007","Penyediaan Jasa Administrasi Keuangan",{"v":185325800,"d":"185,325,800"},{"v":38700000,"d":"38,700,000"},{"v":146625800,"d":"146,625,800"},{"v":20.882143770592116,"d":"20.88"}]
[6,".01.008","Penyediaan Jasa Kebersihan Kantor",{"v":143300000,"d":"143,300,000"},{"v":14700000,"d":"14,700,000"},{"v":128600000,"d":"128,600,000"},{"v":10.258199581297976,"d":"10.26"}]
[7,".01.010","Penyediaan Alat Tulis Kantor",{"v":22338600,"d":"22,338,600"},{"v":456000,"d":"456,000"},{"v":21882600,"d":"21,882,600"},{"v":2.0413096613037522,"d":"2.04"}]
[8,".01.011","Penyediaan Barang Cetakan dan Penggandaan",{"v":3010000,"d":"3,010,000"},0,{"v":3010000,"d":"3,010,000"},{"v":0,"d":"0.00"}]
[9,".01.012","Penyediaan Komponen Instalasi Listrik/Penerangan Bangunan Kantor",{"v":1500000,"d":"1,500,000"},0,{"v":1500000,"d":"1,500,000"},{"v":0,"d":"0.00"}]
[10,".01.013","Penyediaan Peralatan dan Perlengkapan Kantor",{"v":500000,"d":"500,000"},0,{"$f":"D14-E14","v":{"v":500000,"d":"500,000"}},{"$f":"E14/D14*100","v":{"v":0,"d":"0.00"}}]
[11,".01.015","Penyediaan Bahan Bacaan dan Peraturan Perundang-undangan",{"v":6200000,"d":"6,200,000"},0,{"v":6200000,"d":"6,200,000"},{"v":0,"d":"0.00"}]
[12,".01.017"," Penyediaan Makanan dan Minuman",{"v":47868400,"d":"47,868,400"},0,{"v":47868400,"d":"47,868,400"},{"v":0,"d":"0.00"}]
[13,".01.018"," Rapat-rapat Kordinasi dan Konsultasi ke Luar Daerah/Dalam Daerah",{"v":119535900,"d":"119,535,900"},{"v":25863000,"d":"25,863,000"},{"v":93672900,"d":"93,672,900"},{"v":21.636177918098245,"d":"21.64"}]
[14,".01.022"," Penyediaan Jasa Administrasi Kepegawaian",{"v":198496000,"d":"198,496,000"},{"v":49224000,"d":"49,224,000"},{"v":149272000,"d":"149,272,000"},{"$f":"E18/D18*100","v":{"v":24.798484604223763,"d":"24.80"}}]
[15,".02.012. "," Penyelenggaraan dan Pengadaan Sarana/Prasarana Upacara",{"v":83728000,"d":"83,728,000"},0,{"v":83728000,"d":"83,728,000"},{"v":0,"d":"0.00"}]
[16,"02.022. ","Pemeliharaan Rutin/Berkala Gedung Kantor",{"v":90000000,"d":"90,000,000"},0,{"v":90000000,"d":"90,000,000"},{"v":0,"d":"0.00"}]
[17,".02.024. "," Pemeliharaan Rutin/Berkala Kendaraan Dinas/Operasional",{"v":90800000,"d":"90,800,000"},{"v":6130400,"d":"6,130,400"},{"$f":"D21-E21","v":{"v":84669600,"d":"84,669,600"}},{"$f":"E21/D21*100","v":{"v":6.751541850220264,"d":"6.75"}}]
[18,".02.026."," Pemeliharaan Rutin/Berkala Perlengkapan Gedung Kantor",{"v":13000000,"d":"13,000,000"},0,{"v":13000000,"d":"13,000,000"},{"v":0,"d":"0.00"}]
[19,".02.028.","Pemeliharaan Rutin/Berkala Peralatan Gedung Kantor",{"v":7000000,"d":"7,000,000"},0,{"v":7000000,"d":"7,000,000"},{"v":0,"d":"0.00"}]
[20,".02.045."," Pendataan dan Inventarisasi Aset Barang Milik Daerah",{"v":105116800,"d":"105,116,800"},{"v":26100000,"d":"26,100,000"},{"$f":"D24-E24","v":{"v":79016800,"d":"79,016,800"}},{"$f":"E24/D24*100","v":{"v":24.82952296873573,"d":"24.83"}}]
[21,".02.054. ","Partisipasi Dalam Rangka Peringatan Hari Besar Nasional/Daerah dan Pelaksanaan Event Nasional/Daerah",{"v":7100000,"d":"7,100,000"},0,{"v":7100000,"d":"7,100,000"},{"v":0,"d":"0.00"}]
[22,".03.002. "," Pengadaan Pakaian Dinas Beserta Perlengkapannya",{"v":10000000,"d":"10,000,000"},0,{"v":10000000,"d":"10,000,000"},{"v":0,"d":"0.00"}]
[23,".03.005. "," Pengadaan Pakaian Khusus Hari-hari Tertentu",{"v":31800000,"d":"31,800,000"},0,{"v":31800000,"d":"31,800,000"},{"v":0,"d":"0.00"}]
[24,".05.001.","Pendidikan dan Pelatihan Formal",{"v":5000000,"d":"5,000,000"},0,{"v":5000000,"d":"5,000,000"},{"v":0,"d":"0.00"}]
[25,".06.001. "," Penyusunan Laporan Capaian Kinerja dan Ikhtisar Realisasi Kinerja SKPD",{"v":85305900,"d":"85,305,900"},{"v":21706300,"d":"21,706,300"},{"v":63599600,"d":"63,599,600"},{"v":25.445250562973953,"d":"25.45"}]
[26,".07.001. "," Penyusunan Anggaran SKPD",{"v":63169400,"d":"63,169,400"},{"v":12684000,"d":"12,684,000"},{"v":50485400,"d":"50,485,400"},{"v":20.07934221316017,"d":"20.08"}]
[27,".16.002."," Pemantauan dan analisis akses harga pangan pokok",{"v":69865000,"d":"69,865,000"},{"v":15105000,"d":"15,105,000"},{"v":54760000,"d":"54,760,000"},{"v":21.62026765905675,"d":"21.62"}]
[28,".16.004."," Pengembangan lumbung pangan desa",{"v":67375000,"d":"67,375,000"},{"v":14970000,"d":"14,970,000"},{"v":52405000,"d":"52,405,000"},{"v":22.21892393320965,"d":"22.22"}]
[29,".16.005. "," Pengembangan model distribusi pangan yang efisien",{"v":96431400,"d":"96,431,400"},{"v":19883550,"d":"19,883,550"},{"v":76547850,"d":"76,547,850"},{"v":20.619372942838122,"d":"20.62"}]
[30,".17.001. "," Pemanfaatan pekarangan untuk ketahanan pangan keluarga",{"v":112687000,"d":"112,687,000"},{"v":9741147,"d":"9,741,147"},{"v":102945853,"d":"102,945,853"},{"v":8.644428372394332,"d":"8.64"}]
[31,".17.004."," Penyebaran Informasi dan Promosi Produk Pangan Lokal",{"v":201166500,"d":"201,166,500"},{"v":14970000,"d":"14,970,000"},{"v":186196500,"d":"186,196,500"},{"v":7.441596886161463,"d":"7.44"}]
[32,".17.007. "," Pengembangan Pangan Pokok Lokal",{"v":6240000,"d":"6,240,000"},{"v":150000,"d":"150,000"},{"v":6090000,"d":"6,090,000"},{"v":2.403846153846154,"d":"2.40"}]
[33,".18.001. "," Peningkatan mutu dan keamanan pangan",{"v":148780000,"d":"148,780,000"},{"v":25075950,"d":"25,075,950"},{"v":123704050,"d":"123,704,050"},{"v":16.854382309450195,"d":"16.85"}]
[34,".19.001. "," Pengembangan Desa Mandiri Pangan",{"v":75450000,"d":"75,450,000"},{"v":5248350,"d":"5,248,350"},{"v":70201650,"d":"70,201,650"},{"v":6.956063618290259,"d":"6.96"}]
[35,".19.002. "," Penyusunan Neraca Bahan Makanan",{"v":49832800,"d":"49,832,800"},{"v":10478750,"d":"10,478,750"},{"v":39354050,"d":"39,354,050"},{"v":21.027817020115265,"d":"21.03"}]
[36,".19.004. "," Penyusunan Data Base Potensi Produk Pangan",{"v":40640000,"d":"40,640,000"},{"v":5145900,"d":"5,145,900"},{"v":35494100,"d":"35,494,100"},{"v":12.662155511811024,"d":"12.66"}]
[37,".19.006."," Penyusunan Data Kerawanan dan Sistem Kewaspadaan Pangan dan Gizi",{"v":50400000,"d":"50,400,000"},{"v":10212000,"d":"10,212,000"},{"v":40188000,"d":"40,188,000"},{"v":20.261904761904763,"d":"20.26"}]
[38,".20.005. "," Pembinaan dan pengembangan pembenihan ikan",{"v":90200000,"d":"90,200,000"},{"v":21300000,"d":"21,300,000"},{"v":68900000,"d":"68,900,000"},{"v":23.61419068736142,"d":"23.61"}]
[39,".20.008. "," Pengembangan sarana prasarana perikanan budidaya",{"v":527073200,"d":"527,073,200"},0,{"v":527073200,"d":"527,073,200"},{"v":0,"d":"0.00"}]
[40,".20.009. ","Penanggulangan, pengendalian hama penyakit ikan dan lingkungan",{"v":30400000,"d":"30,400,000"},{"v":5713500,"d":"5,713,500"},{"$f":"D44-E44","v":{"v":24686500,"d":"24,686,500"}},{"$f":"E44/D44*100","v":{"v":18.794407894736842,"d":"18.79"}}]
[41,".20.010. "," Pengembangan bibit unggul ikan air tawar",{"v":237890900,"d":"237,890,900"},{"v":26160000,"d":"26,160,000"},{"v":211730900,"d":"211,730,900"},{"v":10.996637534264657,"d":"11.00"}]
[42,".21.003. "," Pemeliharaan rutin/berkala tempat pelelangan ikan",{"v":21400000,"d":"21,400,000"},{"v":5100000,"d":"5,100,000"},{"v":16300000,"d":"16,300,000"},{"v":23.83177570093458,"d":"23.83"}]
[43,".21.006. "," Pengembangan sarana dan prasarana perikanan tangkap",{"v":827480200,"d":"827,480,200"},{"v":12714000,"d":"12,714,000"},{"v":814766200,"d":"814,766,200"},{"v":1.5364718092348313,"d":"1.54"}]
[44,".25.001. "," Pengembangan dan penataan kawasan perikanan darat",{"v":25400000,"d":"25,400,000"},{"v":5280000,"d":"5,280,000"},{"v":20120000,"d":"20,120,000"},{"v":20.787401574803148,"d":"20.79"}]
[45,".26.001. "," Peningkatan sumberdaya masyarakat perikanan",{"v":58493209,"d":"58,493,209"},{"v":12714000,"d":"12,714,000"},{"v":45779209,"d":"45,779,209"},{"v":21.735856550458703,"d":"21.74"}]
[46,".26.002."," Evaluasi dan supervisi sumberdaya masyarakat perikanan",{"v":23400000,"d":"23,400,000"},{"v":5100000,"d":"5,100,000"},{"v":18300000,"d":"18,300,000"},{"v":21.794871794871796,"d":"21.79"}]
[47,".26.004. "," Pembinaan dan penumbuhan kelompok masyarakat perikanan",{"v":31073400,"d":"31,073,400"},{"v":6060000,"d":"6,060,000"},{"$f":"D51-E51","v":{"v":25013400,"d":"25,013,400"}},{"v":19.502210894205334,"d":"19.50"}]
[48,".26.005."," Penyiapan Informasi Teknologi Perikanan dan Kemitraan",{"v":215996191,"d":"215,996,191"},{"v":12714000,"d":"12,714,000"},{"$f":"D52-E52","v":{"v":203282191,"d":"203,282,191"}},{"v":5.886214910150892,"d":"5.89"}]
[49,".27.001. "," Kajian Pengelolaan dan Pemasaran Produksi Perikanan",{"v":47612000,"d":"47,612,000"},{"v":10653000,"d":"10,653,000"},{"$f":"D53-E53","v":{"v":36959000,"d":"36,959,000"}},{"v":22.37461144249349,"d":"22.37"}]
[50,".27.003."," Pemantapan Pemasaran Produksi Perikanan",{"v":14472000,"d":"14,472,000"},0,{"$f":"D54-E54","v":{"v":14472000,"d":"14,472,000"}},{"v":0,"d":"0.00"}]
[51,".27.004. "," Pengembangan dan penatausahaan Perikanan",{"v":45800000,"d":"45,800,000"},{"v":10200000,"d":"10,200,000"},{"$f":"D55-E55","v":{"v":35600000,"d":"35,600,000"}},{"v":22.270742358078603,"d":"22.27"}]
[{"$nulls":3},{"$f":"SUM(D5:D55)","v":{"v":4995728000,"d":"4,995,728,000"}},{"$f":"SUM(E5:E55)","v":{"v":570496423,"d":"570,496,423"}},{"v":4425231577,"d":"4,425,231,577"},{"v":11.419685439239286,"d":"11.42"}]
[]
[]
[]
[]
[null,"Catatan :",null,"PAGU","REALISASI","SISA","Persen"]
[1,"Realisasi Belanja Langsung                                                             Rp. ",null,{"$f":"D56","v":{"v":4995728000,"d":"4,995,728,000"}},{"$f":"E56","v":{"v":570496423,"d":"570,496,423"}},{"$f":"D62-E62","v":{"v":4425231577,"d":"4,425,231,577"}},{"$f":"E62/D62*100","v":{"v":11.419685439239286,"d":"11.42"}}]
[2,"Realisasi Belanja Tidak langsung                                                   Rp.  ",null,{"v":3779363000,"d":"3,779,363,000"},{"v":822493052,"d":"822,493,052"},{"$f":"D63-E63","v":{"v":2956869948,"d":"2,956,869,948"}},{"$f":"E63/D63*100","v":{"v":21.76274287492363,"d":"21.76"}}]
[3,"Total realisasi belanja langsung dan tidak langsung                   Rp. ",null,{"$f":"D62+D63","v":{"v":8775091000,"d":"8,775,091,000"}},{"$f":"SUM(E62:E63)","v":{"v":1392989475,"d":"1,392,989,475"}},{"$f":"D64-E64","v":{"v":7382101525,"d":"7,382,101,525"}},{"$f":"E64/D64*100","v":{"v":15.874359308638509,"d":"15.87"}}]
[]
[]
[]
[{"$nulls":5},"Bendahara Pengeluaran"]
[]
[]
[]
[]
[{"$nulls":5},"Nyoman Suastama"]

{"sheet":"MARET","index":3,"n_rows":73,"n_cols":8,"rows_kept":73,"merged":[[0,0,0,7],[1,0,1,7]]}
["LAPORAN REALISASI ANGGRAN  PER PPTK TAHUN ANGGARAN 2020"]
["BELANJA LANGSUNG BULAN MARET 2020"]
[]
["NO","KODE REK","URAIAN","PAGU","REALISASI","SISA","Persen","PPTK"]
[1,".01.001","Penyediaan Jasa Surat Menyurat",{"v":119290000,"d":"119,290,000"},{"v":18816000,"d":"18,816,000"},{"$f":"D5-E5","v":{"v":100474000,"d":"100,474,000"}},{"$f":"E5/D5*100","v":{"v":15.77332550926314,"d":"15.77"}}]
[2,".01.002","Penyediaan Jasa Komunikasi, Sumber Daya Air dan Listrik",{"v":149400000,"d":"149,400,000"},{"v":30229929,"d":"30,229,929"},{"v":119170071,"d":"119,170,071"},{"$f":"E6/D6*100","v":{"v":20.234222891566265,"d":"20.23"}}]
[3,".01.003","Penyediaan Jasa Peralatan dan Perlengkapan Kantor",{"v":231384400,"d":"231,384,400"},{"v":2261000,"d":"2,261,000"},{"$f":"D7-E7","v":{"v":229123400,"d":"229,123,400"}},{"$f":"E7/D7*100","v":{"v":0.9771618138474331,"d":"0.98"}}]
[4,".01.006","Penyediaan Jasa Pemeliharaan dan Perizinan Kendaraan Dinas/Operasional",{"v":60000000,"d":"60,000,000"},{"v":8383300,"d":"8,383,300"},{"v":51616700,"d":"51,616,700"},{"v":13.972166666666666,"d":"13.97"}]
[5,".01.007","Penyediaan Jasa Administrasi Keuangan",{"v":185325800,"d":"185,325,800"},{"v":25700000,"d":"25,700,000"},{"v":159625800,"d":"159,625,800"},{"v":13.867470152563754,"d":"13.87"}]
[6,".01.008","Penyediaan Jasa Kebersihan Kantor",{"v":143300000,"d":"143,300,000"},{"v":9800000,"d":"9,800,000"},{"v":133500000,"d":"133,500,000"},{"v":6.838799720865317,"d":"6.84"}]
[7,".01.010","Penyediaan Alat Tulis Kantor",{"v":22338600,"d":"22,338,600"},{"v":456000,"d":"456,000"},{"v":21882600,"d":"21,882,600"},{"v":2.0413096613037522,"d":"2.04"}]
[8,".01.011","Penyediaan Barang Cetakan dan Penggandaan",{"v":3010000,"d":"3,010,000"},0,{"v":3010000,"d":"3,010,000"},{"v":0,"d":"0.00"}]
[9,".01.012","Penyediaan Komponen Instalasi Listrik/Penerangan Bangunan Kantor",{"v":1500000,"d":"1,500,000"},0,{"v":1500000,"d":"1,500,000"},{"v":0,"d":"0.00"}]
[10,".01.013","Penyediaan Peralatan dan Perlengkapan Kantor",{"v":500000,"d":"500,000"},0,{"$f":"D14-E14","v":{"v":500000,"d":"500,000"}},{"$f":"E14/D14*100","v":{"v":0,"d":"0.00"}}]
[11,".01.015","Penyediaan Bahan Bacaan dan Peraturan Perundang-undangan",{"v":6200000,"d":"6,200,000"},0,{"v":6200000,"d":"6,200,000"},{"v":0,"d":"0.00"}]
[12,".01.017"," Penyediaan Makanan dan Minuman",{"v":47868400,"d":"47,868,400"},0,{"v":47868400,"d":"47,868,400"},{"v":0,"d":"0.00"}]
[13,".01.018"," Rapat-rapat Kordinasi dan Konsultasi ke Luar Daerah/Dalam Daerah",{"v":119535900,"d":"119,535,900"},{"v":20063000,"d":"20,063,000"},{"v":99472900,"d":"99,472,900"},{"v":16.784079092557132,"d":"16.78"}]
[14,".01.022"," Penyediaan Jasa Administrasi Kepegawaian",{"v":198496000,"d":"198,496,000"},{"v":32816000,"d":"32,816,000"},{"v":165680000,"d":"165,680,000"},{"$f":"E18/D18*100","v":{"v":16.53232306948251,"d":"16.53"}}]
[15,".02.012. "," Penyelenggaraan dan Pengadaan Sarana/Prasarana Upacara",{"v":83728000,"d":"83,728,000"},0,{"v":83728000,"d":"83,728,000"},{"v":0,"d":"0.00"}]
[16,"02.022. ","Pemeliharaan Rutin/Berkala Gedung Kantor",{"v":90000000,"d":"90,000,000"},0,{"v":90000000,"d":"90,000,000"},{"v":0,"d":"0.00"}]
[17,".02.024. "," Pemeliharaan Rutin/Berkala Kendaraan Dinas/Operasional",{"v":90800000,"d":"90,800,000"},{"v":4430400,"d":"4,430,400"},{"$f":"D21-E21","v":{"v":86369600,"d":"86,369,600"}},{"$f":"E21/D21*100","v":{"v":4.879295154185022,"d":"4.88"}}]
[18,".02.026."," Pemeliharaan Rutin/Berkala Perlengkapan Gedung Kantor",{"v":13000000,"d":"13,000,000"},0,{"v":13000000,"d":"13,000,000"},{"v":0,"d":"0.00"}]
[19,".02.028.","Pemeliharaan Rutin/Berkala Peralatan Gedung Kantor",{"v":7000000,"d":"7,000,000"},0,{"v":7000000,"d":"7,000,000"},{"v":0,"d":"0.00"}]
[20,".02.045."," Pendataan dan Inventarisasi Aset Barang Milik Daerah",{"v":105116800,"d":"105,116,800"},{"v":17400000,"d":"17,400,000"},{"$f":"D24-E24","v":{"v":87716800,"d":"87,716,800"}},{"$f":"E24/D24*100","v":{"v":16.553015312490487,"d":"16.55"}}]
[21,".02.054. ","Partisipasi Dalam Rangka Peringatan Hari Besar Nasional/Daerah dan Pelaksanaan Event Nasional/Daerah",{"v":7100000,"d":"7,100,000"},0,{"v":7100000,"d":"7,100,000"},{"v":0,"d":"0.00"}]
[22,".03.002. "," Pengadaan Pakaian Dinas Beserta Perlengkapannya",{"v":10000000,"d":"10,000,000"},0,{"v":10000000,"d":"10,000,000"},{"v":0,"d":"0.00"}]
[23,".03.005. "," Pengadaan Pakaian Khusus Hari-hari Tertentu",{"v":31800000,"d":"31,800,000"},0,{"v":31800000,"d":"31,800,000"},{"v":0,"d":"0.00"}]
[24,".05.001.","Pendidikan dan Pelatihan Formal",{"v":5000000,"d":"5,000,000"},0,{"v":5000000,"d":"5,000,000"},{"v":0,"d":"0.00"}]
[25,".06.001. "," Penyusunan Laporan Capaian Kinerja dan Ikhtisar Realisasi Kinerja SKPD",{"v":85305900,"d":"85,305,900"},{"v":15506300,"d":"15,506,300"},{"v":69799600,"d":"69,799,600"},{"v":18.177289026902006,"d":"18.18"}]
[26,".07.001. "," Penyusunan Anggaran SKPD",{"v":63169400,"d":"63,169,400"},{"v":8684000,"d":"8,684,000"},{"v":54485400,"d":"54,485,400"},{"v":13.747162391917605,"d":"13.75"}]
[27,".16.002."," Pemantauan dan analisis akses harga pangan pokok",{"v":69865000,"d":"69,865,000"},{"v":10205000,"d":"10,205,000"},{"v":59660000,"d":"59,660,000"},{"v":14.606741573033707,"d":"14.61"}]
[28,".16.004."," Pengembangan lumbung pangan desa",{"v":67375000,"d":"67,375,000"},{"v":10070000,"d":"10,070,000"},{"v":57305000,"d":"57,305,000"},{"v":14.946196660482375,"d":"14.95"}]
[29,".16.005. "," Pengembangan model distribusi pangan yang efisien",{"v":96431400,"d":"96,431,400"},{"v":13383550,"d":"13,383,550"},{"v":83047850,"d":"83,047,850"},{"v":13.878829924692578,"d":"13.88"}]
[30,".17.001. "," Pemanfaatan pekarangan untuk ketahanan pangan keluarga",{"v":112687000,"d":"112,687,000"},{"v":6541147,"d":"6,541,147"},{"v":106145853,"d":"106,145,853"},{"v":5.804704180606459,"d":"5.80"}]
[31,".17.004."," Penyebaran Informasi dan Promosi Produk Pangan Lokal",{"v":201166500,"d":"201,166,500"},{"v":10070000,"d":"10,070,000"},{"v":191096500,"d":"191,096,500"},{"v":5.005803650210149,"d":"5.01"}]
[32,".17.007. "," Pengembangan Pangan Pokok Lokal",{"v":6240000,"d":"6,240,000"},{"v":150000,"d":"150,000"},{"v":6090000,"d":"6,090,000"},{"v":2.403846153846154,"d":"2.40"}]
[33,".18.001. "," Peningkatan mutu dan keamanan pangan",{"v":148780000,"d":"148,780,000"},{"v":16875950,"d":"16,875,950"},{"v":131904050,"d":"131,904,050"},{"v":11.342888829143702,"d":"11.34"}]
[34,".19.001. "," Pengembangan Desa Mandiri Pangan",{"v":75450000,"d":"75,450,000"},{"v":3648350,"d":"3,648,350"},{"v":71801650,"d":"71,801,650"},{"v":4.8354539430086145,"d":"4.84"}]
[35,".19.002. "," Penyusunan Neraca Bahan Makanan",{"v":49832800,"d":"49,832,800"},{"v":7078750,"d":"7,078,750"},{"v":42754050,"d":"42,754,050"},{"v":14.205001525099933,"d":"14.21"}]
[36,".19.004. "," Penyusunan Data Base Potensi Produk Pangan",{"v":40640000,"d":"40,640,000"},{"v":3400000,"d":"3,400,000"},{"v":37240000,"d":"37,240,000"},{"v":8.366141732283465,"d":"8.37"}]
[37,".19.006."," Penyusunan Data Kerawanan dan Sistem Kewaspadaan Pangan dan Gizi",{"v":50400000,"d":"50,400,000"},{"v":6912000,"d":"6,912,000"},{"v":43488000,"d":"43,488,000"},{"v":13.714285714285715,"d":"13.71"}]
[38,".20.005. "," Pembinaan dan pengembangan pembenihan ikan",{"v":90200000,"d":"90,200,000"},{"v":14200000,"d":"14,200,000"},{"v":76000000,"d":"76,000,000"},{"v":15.74279379157428,"d":"15.74"}]
[39,".20.008. "," Pengembangan sarana prasarana perikanan budidaya",{"v":527073200,"d":"527,073,200"},0,{"v":527073200,"d":"527,073,200"},{"v":0,"d":"0.00"}]
[40,".20.009. ","Penanggulangan, pengendalian hama penyakit ikan dan lingkungan",{"v":30400000,"d":"30,400,000"},{"v":4013500,"d":"4,013,500"},{"$f":"D44-E44","v":{"v":26386500,"d":"26,386,500"}},{"$f":"E44/D44*100","v":{"v":13.202302631578947,"d":"13.20"}}]
[41,".20.010. "," Pengembangan bibit unggul ikan air tawar",{"v":237890900,"d":"237,890,900"},{"v":17560000,"d":"17,560,000"},{"v":220330900,"d":"220,330,900"},{"v":7.3815349809513515,"d":"7.38"}]
[42,".21.003. "," Pemeliharaan rutin/berkala tempat pelelangan ikan",{"v":21400000,"d":"21,400,000"},{"v":3400000,"d":"3,400,000"},{"v":18000000,"d":"18,000,000"},{"v":15.887850467289718,"d":"15.89"}]
[43,".21.006. "," Pengembangan sarana dan prasarana perikanan tangkap",{"v":827480200,"d":"827,480,200"},{"v":8476000,"d":"8,476,000"},{"v":819004200,"d":"819,004,200"},{"v":1.0243145394898874,"d":"1.02"}]
[44,".25.001. "," Pengembangan dan penataan kawasan perikanan darat",{"v":25400000,"d":"25,400,000"},{"v":3580000,"d":"3,580,000"},{"v":21820000,"d":"21,820,000"},{"v":14.094488188976378,"d":"14.09"}]
[45,".26.001. "," Peningkatan sumberdaya masyarakat perikanan",{"v":58493209,"d":"58,493,209"},{"v":8476000,"d":"8,476,000"},{"v":50017209,"d":"50,017,209"},{"v":14.490571033639135,"d":"14.49"}]
[46,".26.002."," Evaluasi dan supervisi sumberdaya masyarakat perikanan",{"v":23400000,"d":"23,400,000"},{"v":3400000,"d":"3,400,000"},{"v":20000000,"d":"20,000,000"},{"v":14.529914529914532,"d":"14.53"}]
[47,".26.004. "," Pembinaan dan penumbuhan kelompok masyarakat perikanan",{"v":31073400,"d":"31,073,400"},{"v":4060000,"d":"4,060,000"},{"$f":"D51-E51","v":{"v":27013400,"d":"27,013,400"}},{"v":13.065837661794333,"d":"13.07"}]
[48,".26.005."," Penyiapan Informasi Teknologi Perikanan dan Kemitraan",{"v":215996191,"d":"215,996,191"},{"v":8476000,"d":"8,476,000"},{"$f":"D52-E52","v":{"v":207520191,"d":"207,520,191"}},{"v":3.9241432734339283,"d":"3.92"}]
[49,".27.001. "," Kajian Pengelolaan dan Pemasaran Produksi Perikanan",{"v":47612000,"d":"47,612,000"},{"v":7102000,"d":"7,102,000"},{"$f":"D53-E53","v":{"v":40510000,"d":"40,510,000"}},{"v":14.916407628328992,"d":"14.92"}]
[50,".27.003."," Pemantapan Pemasaran Produksi Perikanan",{"v":14472000,"d":"14,472,000"},0,{"$f":"D54-E54","v":{"v":14472000,"d":"14,472,000"}},{"v":0,"d":"0.00"}]
[51,".27.004. "," Pengembangan dan penatausahaan Perikanan",{"v":45800000,"d":"45,800,000"},{"v":6800000,"d":"6,800,000"},{"$f":"D55-E55","v":{"v":39000000,"d":"39,000,000"}},{"v":14.847161572052403,"d":"14.85"}]
[{"$nulls":3},{"$f":"SUM(D5:D55)","v":{"v":4995728000,"d":"4,995,728,000"}},{"$f":"SUM(E5:E55)","v":{"v":372424176,"d":"372,424,176"}},{"v":4623303824,"d":"4,623,303,824"},{"v":7.454852946357368,"d":"7.45"}]
[]
[]
[]
[]
[null,"Catatan :",null,"PAGU","REALISASI","SISA","Persen"]
[1,"Realisasi Belanja Langsung                                                             Rp. ",null,{"$f":"D56","v":{"v":4995728000,"d":"4,995,728,000"}},{"$f":"E56","v":{"v":372424176,"d":"372,424,176"}},{"$f":"D62-E62","v":{"v":4623303824,"d":"4,623,303,824"}},{"$f":"E62/D62*100","v":{"v":7.454852946357368,"d":"7.45"}}]
[2,"Realisasi Belanja Tidak langsung                                                   Rp.  ",null,{"v":3779363000,"d":"3,779,363,000"},{"v":550926541,"d":"550,926,541"},{"$f":"D63-E63","v":{"v":3228436459,"d":"3,228,436,459"}},{"$f":"E63/D63*100","v":{"v":14.577232750598448,"d":"14.58"}}]
[3,"Total realisasi belanja langsung dan tidak langsung                   Rp. ",null,{"$f":"D62+D63","v":{"v":8775091000,"d":"8,775,091,000"}},{"$f":"SUM(E62:E63)","v":{"v":923350717,"d":"923,350,717"}},{"$f":"D64-E64","v":{"v":7851740283,"d":"7,851,740,283"}},{"$f":"E64/D64*100","v":{"v":10.5224061721981,"d":"10.52"}}]
[]
[]
[]
[{"$nulls":5},"Bendahara Pengeluaran"]
[]
[]
[]
[]
[{"$nulls":5},"Nyoman Suastama"]

{"sheet":"PEB","index":4,"n_rows":73,"n_cols":8,"rows_kept":73,"merged":[[0,0,0,7],[1,0,1,7]]}
["LAPORAN REALISASI ANGGRAN  PER PPTK TAHUN ANGGARAN 2020"]
["BELANJA LANGSUNG BULAN PEBRUARI 2020"]
[]
["NO","KODE REK","URAIAN","PAGU","REALISASI","SISA","Persen","PPTK"]
[1,".01.001","Penyediaan Jasa Surat Menyurat",{"v":119290000,"d":"119,290,000"},{"v":9408000,"d":"9,408,000"},{"$f":"D5-E5","v":{"v":109882000,"d":"109,882,000"}},{"$f":"E5/D5*100","v":{"v":7.88666275463157,"d":"7.89"}}]
[2,".01.002","Penyediaan Jasa Komunikasi, Sumber Daya Air dan Listrik",{"v":149400000,"d":"149,400,000"},{"v":20815342,"d":"20,815,342"},{"v":128584658,"d":"128,584,658"},{"$f":"E6/D6*100","v":{"v":13.93262516733601,"d":"13.93"}}]
[3,".01.003","Penyediaan Jasa Peralatan dan Perlengkapan Kantor",{"v":231384400,"d":"231,384,400"},0,{"$f":"D7-E7","v":{"v":231384400,"d":"231,384,400"}},{"$f":"E7/D7*100","v":{"v":0,"d":"0.00"}}]
[4,".01.006","Penyediaan Jasa Pemeliharaan dan Perizinan Kendaraan Dinas/Operasional",{"v":60000000,"d":"60,000,000"},{"v":3400000,"d":"3,400,000"},{"v":56600000,"d":"56,600,000"},{"v":5.666666666666666,"d":"5.67"}]
[5,".01.007","Penyediaan Jasa Administrasi Keuangan",{"v":185325800,"d":"185,325,800"},{"v":12850000,"d":"12,850,000"},{"v":172475800,"d":"172,475,800"},{"v":6.933735076281877,"d":"6.93"}]
[6,".01.008","Penyediaan Jasa Kebersihan Kantor",{"v":143300000,"d":"143,300,000"},{"v":4900000,"d":"4,900,000"},{"v":138400000,"d":"138,400,000"},{"v":3.4193998604326583,"d":"3.42"}]
[7,".01.010","Penyediaan Alat Tulis Kantor",{"v":22338600,"d":"22,338,600"},0,{"v":22338600,"d":"22,338,600"},{"v":0,"d":"0.00"}]
[8,".01.011","Penyediaan Barang Cetakan dan Penggandaan",{"v":3010000,"d":"3,010,000"},0,{"v":3010000,"d":"3,010,000"},{"v":0,"d":"0.00"}]
[9,".01.012","Penyediaan Komponen Instalasi Listrik/Penerangan Bangunan Kantor",{"v":1500000,"d":"1,500,000"},0,{"v":1500000,"d":"1,500,000"},{"v":0,"d":"0.00"}]
[10,".01.013","Penyediaan Peralatan dan Perlengkapan Kantor",{"v":500000,"d":"500,000"},0,{"$f":"D14-E14","v":{"v":500000,"d":"500,000"}},{"$f":"E14/D14*100","v":{"v":0,"d":"0.00"}}]
[11,".01.015","Penyediaan Bahan Bacaan dan Peraturan Perundang-undangan",{"v":6200000,"d":"6,200,000"},0,{"v":6200000,"d":"6,200,000"},{"v":0,"d":"0.00"}]
[12,".01.017"," Penyediaan Makanan dan Minuman",{"v":47868400,"d":"47,868,400"},0,{"v":47868400,"d":"47,868,400"},{"v":0,"d":"0.00"}]
[13,".01.018"," Rapat-rapat Kordinasi dan Konsultasi ke Luar Daerah/Dalam Daerah",{"v":119535900,"d":"119,535,900"},{"v":5800000,"d":"5,800,000"},{"v":113735900,"d":"113,735,900"},{"v":4.8520988255411135,"d":"4.85"}]
[14,".01.022"," Penyediaan Jasa Administrasi Kepegawaian",{"v":198496000,"d":"198,496,000"},{"v":16408000,"d":"16,408,000"},{"v":182088000,"d":"182,088,000"},{"$f":"E18/D18*100","v":{"v":8.266161534741254,"d":"8.27"}}]
[15,".02.012. "," Penyelenggaraan dan Pengadaan Sarana/Prasarana Upacara",{"v":83728000,"d":"83,728,000"},0,{"v":83728000,"d":"83,728,000"},{"v":0,"d":"0.00"}]
[16,"02.022. ","Pemeliharaan Rutin/Berkala Gedung Kantor",{"v":90000000,"d":"90,000,000"},0,{"v":90000000,"d":"90,000,000"},{"v":0,"d":"0.00"}]
[17,".02.024. "," Pemeliharaan Rutin/Berkala Kendaraan Dinas/Operasional",{"v":90800000,"d":"90,800,000"},{"v":1700000,"d":"1,700,000"},{"$f":"D21-E21","v":{"v":89100000,"d":"89,100,000"}},{"$f":"E21/D21*100","v":{"v":1.8722466960352422,"d":"1.87"}}]
[18,".02.026."," Pemeliharaan Rutin/Berkala Perlengkapan Gedung Kantor",{"v":13000000,"d":"13,000,000"},0,{"v":13000000,"d":"13,000,000"},{"v":0,"d":"0.00"}]
[19,".02.028.","Pemeliharaan Rutin/Berkala Peralatan Gedung Kantor",{"v":7000000,"d":"7,000,000"},0,{"v":7000000,"d":"7,000,000"},{"v":0,"d":"0.00"}]
[20,".02.045."," Pendataan dan Inventarisasi Aset Barang Milik Daerah",{"v":105116800,"d":"105,116,800"},{"v":8700000,"d":"8,700,000"},{"$f":"D24-E24","v":{"v":96416800,"d":"96,416,800"}},{"$f":"E24/D24*100","v":{"v":8.276507656245244,"d":"8.28"}}]
[21,".02.054. ","Partisipasi Dalam Rangka Peringatan Hari Besar Nasional/Daerah dan Pelaksanaan Event Nasional/Daerah",{"v":7100000,"d":"7,100,000"},0,{"v":7100000,"d":"7,100,000"},{"v":0,"d":"0.00"}]
[22,".03.002. "," Pengadaan Pakaian Dinas Beserta Perlengkapannya",{"v":10000000,"d":"10,000,000"},0,{"v":10000000,"d":"10,000,000"},{"v":0,"d":"0.00"}]
[23,".03.005. "," Pengadaan Pakaian Khusus Hari-hari Tertentu",{"v":31800000,"d":"31,800,000"},0,{"v":31800000,"d":"31,800,000"},{"v":0,"d":"0.00"}]
[24,".05.001.","Pendidikan dan Pelatihan Formal",{"v":5000000,"d":"5,000,000"},0,{"v":5000000,"d":"5,000,000"},{"v":0,"d":"0.00"}]
[25,".06.001. "," Penyusunan Laporan Capaian Kinerja dan Ikhtisar Realisasi Kinerja SKPD",{"v":85305900,"d":"85,305,900"},{"v":5800000,"d":"5,800,000"},{"v":79505900,"d":"79,505,900"},{"v":6.799060791809241,"d":"6.80"}]
[26,".07.001. "," Penyusunan Anggaran SKPD",{"v":63169400,"d":"63,169,400"},{"v":4000000,"d":"4,000,000"},{"$f":"D30-E30","v":{"v":59169400,"d":"59,169,400"}},{"$f":"E30/D30*100","v":{"v":6.332179821242563,"d":"6.33"}}]
[27,".16.002."," Pemantauan dan analisis akses harga pangan pokok",{"v":69865000,"d":"69,865,000"},{"v":4900000,"d":"4,900,000"},{"v":64965000,"d":"64,965,000"},{"v":7.013526086023044,"d":"7.01"}]
[28,".16.004."," Pengembangan lumbung pangan desa",{"v":67375000,"d":"67,375,000"},{"v":4900000,"d":"4,900,000"},{"v":62475000,"d":"62,475,000"},{"v":7.2727272727272725,"d":"7.27"}]
[29,".16.005. "," Pengembangan model distribusi pangan yang efisien",{"v":96431400,"d":"96,431,400"},{"v":6500000,"d":"6,500,000"},{"v":89931400,"d":"89,931,400"},{"v":6.740543018145543,"d":"6.74"}]
[30,".17.001. "," Pemanfaatan pekarangan untuk ketahanan pangan keluarga",{"v":112687000,"d":"112,687,000"},{"v":3200000,"d":"3,200,000"},{"v":109487000,"d":"109,487,000"},{"v":2.8397241917878726,"d":"2.84"}]
[31,".17.004."," Penyebaran Informasi dan Promosi Produk Pangan Lokal",{"v":201166500,"d":"201,166,500"},{"v":4900000,"d":"4,900,000"},{"v":196266500,"d":"196,266,500"},{"v":2.435793235951314,"d":"2.44"}]
[32,".17.007. "," Pengembangan Pangan Pokok Lokal",{"v":6240000,"d":"6,240,000"},0,{"v":6240000,"d":"6,240,000"},{"v":0,"d":"0.00"}]
[33,".18.001. "," Peningkatan mutu dan keamanan pangan",{"v":148780000,"d":"148,780,000"},{"v":8200000,"d":"8,200,000"},{"v":140580000,"d":"140,580,000"},{"v":5.511493480306493,"d":"5.51"}]
[34,".19.001. "," Pengembangan Desa Mandiri Pangan",{"v":75450000,"d":"75,450,000"},{"v":1600000,"d":"1,600,000"},{"v":73850000,"d":"73,850,000"},{"v":2.1206096752816435,"d":"2.12"}]
[35,".19.002. "," Penyusunan Neraca Bahan Makanan",{"v":49832800,"d":"49,832,800"},{"v":3400000,"d":"3,400,000"},{"v":46432800,"d":"46,432,800"},{"v":6.822815495015331,"d":"6.82"}]
[36,".19.004. "," Penyusunan Data Base Potensi Produk Pangan",{"v":40640000,"d":"40,640,000"},{"v":1700000,"d":"1,700,000"},{"v":38940000,"d":"38,940,000"},{"v":4.183070866141732,"d":"4.18"}]
[37,".19.006."," Penyusunan Data Kerawanan dan Sistem Kewaspadaan Pangan dan Gizi",{"v":50400000,"d":"50,400,000"},{"v":3300000,"d":"3,300,000"},{"v":47100000,"d":"47,100,000"},{"v":6.547619047619048,"d":"6.55"}]
[38,".20.005. "," Pembinaan dan pengembangan pembenihan ikan",{"v":90200000,"d":"90,200,000"},{"v":7100000,"d":"7,100,000"},{"v":83100000,"d":"83,100,000"},{"v":7.87139689578714,"d":"7.87"}]
[39,".20.008. "," Pengembangan sarana prasarana perikanan budidaya",{"v":527073200,"d":"527,073,200"},0,{"v":527073200,"d":"527,073,200"},{"v":0,"d":"0.00"}]
[40,".20.009. ","Penanggulangan, pengendalian hama penyakit ikan dan lingkungan",{"v":30400000,"d":"30,400,000"},{"v":1700000,"d":"1,700,000"},{"$f":"D44-E44","v":{"v":28700000,"d":"28,700,000"}},{"$f":"E44/D44*100","v":{"v":5.592105263157895,"d":"5.59"}}]
[41,".20.010. "," Pengembangan bibit unggul ikan air tawar",{"v":237890900,"d":"237,890,900"},{"v":8600000,"d":"8,600,000"},{"v":229290900,"d":"229,290,900"},{"v":3.6151025533133048,"d":"3.62"}]
[42,".21.003. "," Pemeliharaan rutin/berkala tempat pelelangan ikan",{"v":21400000,"d":"21,400,000"},{"v":1700000,"d":"1,700,000"},{"v":19700000,"d":"19,700,000"},{"v":7.943925233644859,"d":"7.94"}]
[43,".21.006. "," Pengembangan sarana dan prasarana perikanan tangkap",{"v":827480200,"d":"827,480,200"},{"v":4238000,"d":"4,238,000"},{"v":823242200,"d":"823,242,200"},{"v":0.5121572697449437,"d":"0.51"}]
[44,".25.001. "," Pengembangan dan penataan kawasan perikanan darat",{"v":25400000,"d":"25,400,000"},{"v":1700000,"d":"1,700,000"},{"v":23700000,"d":"23,700,000"},{"v":6.692913385826772,"d":"6.69"}]
[45,".26.001. "," Peningkatan sumberdaya masyarakat perikanan",{"v":58493209,"d":"58,493,209"},{"v":4238000,"d":"4,238,000"},{"v":54255209,"d":"54,255,209"},{"v":7.245285516819568,"d":"7.25"}]
[46,".26.002."," Evaluasi dan supervisi sumberdaya masyarakat perikanan",{"v":23400000,"d":"23,400,000"},{"v":1700000,"d":"1,700,000"},{"v":21700000,"d":"21,700,000"},{"v":7.264957264957266,"d":"7.26"}]
[47,".26.004. "," Pembinaan dan penumbuhan kelompok masyarakat perikanan",{"v":31073400,"d":"31,073,400"},{"v":2000000,"d":"2,000,000"},{"$f":"D51-E51","v":{"v":29073400,"d":"29,073,400"}},{"$f":"E51/D51*100","v":{"v":6.436373232411001,"d":"6.44"}}]
[48,".26.005."," Penyiapan Informasi Teknologi Perikanan dan Kemitraan",{"v":215996191,"d":"215,996,191"},{"v":4238000,"d":"4,238,000"},{"$f":"D52-E52","v":{"v":211758191,"d":"211,758,191"}},{"v":1.9620716367169642,"d":"1.96"}]
[49,".27.001. "," Kajian Pengelolaan dan Pemasaran Produksi Perikanan",{"v":47612000,"d":"47,612,000"},{"v":3551000,"d":"3,551,000"},{"$f":"D53-E53","v":{"v":44061000,"d":"44,061,000"}},{"v":7.458203814164496,"d":"7.46"}]
[50,".27.003."," Pemantapan Pemasaran Produksi Perikanan",{"v":14472000,"d":"14,472,000"},0,{"$f":"D54-E54","v":{"v":14472000,"d":"14,472,000"}},{"v":0,"d":"0.00"}]
[51,".27.004. "," Pengembangan dan penatausahaan Perikanan",{"v":45800000,"d":"45,800,000"},{"v":3400000,"d":"3,400,000"},{"$f":"D55-E55","v":{"v":42400000,"d":"42,400,000"}},{"v":7.423580786026202,"d":"7.42"}]
[{"$nulls":3},{"$f":"SUM(D5:D55)","v":{"v":4995728000,"d":"4,995,728,000"}},{"$f":"SUM(E5:E55)","v":{"v":180546342,"d":"180,546,342"}},{"v":4815181658,"d":"4,815,181,658"},{"v":3.614014654120481,"d":"3.61"}]
[]
[]
[]
[]
[null,"Catatan :",null,"PAGU","REALISASI","SISA","Persen"]
[1,"Realisasi Belanja Langsung                                                             Rp. ",null,{"$f":"D56","v":{"v":4995728000,"d":"4,995,728,000"}},{"$f":"E56","v":{"v":180546342,"d":"180,546,342"}},{"$f":"D62-E62","v":{"v":4815181658,"d":"4,815,181,658"}},{"$f":"E62/D62*100","v":{"v":3.614014654120481,"d":"3.61"}}]
[2,"Realisasi Belanja Tidak langsung                                                   Rp.  ",null,{"v":3779363000,"d":"3,779,363,000"},{"v":269699633,"d":"269,699,633"},{"$f":"D63-E63","v":{"v":3509663367,"d":"3,509,663,367"}},{"$f":"E63/D63*100","v":{"v":7.1361134931997805,"d":"7.14"}}]
[3,"Total realisasi belanja langsung dan tidak langsung                   Rp. ",null,{"$f":"D62+D63","v":{"v":8775091000,"d":"8,775,091,000"}},{"$f":"SUM(E62:E63)","v":{"v":450245975,"d":"450,245,975"}},{"$f":"D64-E64","v":{"v":8324845025,"d":"8,324,845,025"}},{"$f":"E64/D64*100","v":{"v":5.130955052204017,"d":"5.13"}}]
[]
[]
[]
[{"$nulls":5},"Bendahara Pengeluaran"]
[]
[]
[]
[]
[{"$nulls":5},"Nyoman Suastama"]

{"sheet":"Table 1","index":5,"n_rows":1334,"n_cols":20,"rows_kept":1334,"merged":[[0,3,0,5],[0,6,0,7],[0,10,0,11],[0,15,0,16],[0,17,0,18],[1,0,1,2],[1,3,1,5],[1,6,1,7],[1,10,1,11],[1,15,1,16],[1,17,1,18],[2,0,2,2],[2,3,2,5],[2,6,2,7],[2,10,2,11],[2,15,2,16],[2,17,2,18],[3,0,3,2],[3,3,3,5],[3,6,3,7],[3,10,3,11],[3,15,3,16],[3,17,3,18],[4,0,4,2],[4,3,4,5],[4,6,4,7],[4,10,4,11],[4,15,4,16],[4,17,4,18],[5,0,5,2],[5,3,5,5],[5,6,5,7],[5,10,5,11],[5,15,5,16],[5,17,5,18],[6,0,6,2],[6,3,6,5],[6,6,6,7],[6,10,6,11],[6,15,6,16],[6,17,6,18],[7,0,7,2],[7,3,7,5],[7,6,7,7],[7,10,7,11],[7,15,7,16],[7,17,7,18],[8,0,8,2],[8,3,8,5],[8,6,8,7],[8,10,8,11],[8,15,8,16],[8,17,8,18],[9,0,9,2],[9,3,9,5],[9,6,9,7],[9,10,9,11],[9,15,9,16],[9,17,9,18],[10,0,10,2],[10,3,10,5],[10,6,10,7],[10,10,10,11],[10,15,10,16],[10,17,10,18],[11,0,11,2],[11,3,11,5],[11,6,11,7],[11,10,11,11],[11,15,11,16],[11,17,11,18],[12,0,12,2],[12,3,12,5],[12,6,12,7],[12,10,12,11],[12,15,12,16],[12,17,12,18],[13,0,13,2],[13,3,13,5],[13,6,13,7],[13,10,13,11],[13,15,13,16],[13,17,13,18],[14,0,14,2],[14,3,14,5],[14,6,14,7],[14,10,14,11],[14,15,14,16],[14,17,14,18],[15,0,15,2],[15,3,15,5],[15,6,15,7],[15,10,15,11],[15,15,15,16],[15,17,15,18],[16,0,16,2],[16,3,16,5],[16,6,16,7],[16,10,16,11],[16,15,16,16],[16,17,16,18],[17,0,17,2],[17,3,17,5],[17,6,17,7],[17,10,17,11],[17,15,17,16],[17,17,17,18],[18,0,18,2],[18,3,18,5],[18,6,18,7],[18,10,18,11],[18,15,18,16],[18,17,18,18],[19,0,19,2],[19,3,19,5],[19,6,19,7],[19,10,19,11],[19,15,19,16],[19,17,19,18],[20,0,20,2],[20,3,20,5],[20,6,20,7],[20,10,20,11],[20,15,20,16],[20,17,20,18],[21,0,21,2],[21,3,21,5],[21,6,21,7],[21,10,21,11],[21,15,21,16],[21,17,21,18],[22,0,22,2],[22,3,22,5],[22,6,22,7],[22,10,22,11],[22,15,22,16],[22,17,22,18],[23,0,23,2],[23,3,23,5],[23,6,23,7],[23,10,23,11],[23,15,23,16],[23,17,23,18],[24,0,24,2],[24,3,24,5],[24,6,24,7],[24,10,24,11],[24,15,24,16],[24,17,24,18],[25,0,25,2],[25,3,25,5],[25,6,25,7],[25,10,25,11],[25,15,25,16],[25,17,25,18],[26,0,26,2],[26,3,26,5],[26,6,26,7],[26,10,26,11],[26,15,26,16],[26,17,26,18],[27,0,27,2],[27,3,27,5],[27,6,27,7],[27,10,27,11],[27,15,27,16],[27,17,27,18],[28,0,28,2],[28,3,28,5],[28,6,28,7],[28,10,28,11],[28,15,28,16],[28,17,28,18],[29,0,29,2],[29,3,29,5],[29,6,29,7],[29,10,29,11],[29,15,29,16],[29,17,29,18],[30,0,30,2],[30,3,30,5],[30,6,30,7],[30,10,30,11],[30,15,30,16],[30,17,30,18],[31,0,31,2],[31,3,31,5],[31,6,31,7],[31,10,31,11],[31,15,31,16],[31,17,31,18],[32,0,32,2],[32,3,32,5],[32,6,32,7],[32,10,32,11],[32,15,32,16],[32,17,32,18],[33,0,33,2],[33,3,33,5],[33,6,33,7],[33,10,33,11],[33,15,33,16],[33,17,33,18],[34,0,34,2],[34,3,34,5],[34,6,34,7],[34,10,34,11],[34,15,34,16],[34,17,34,18],[35,0,35,2],[35,3,35,5],[35,6,35,7],[35,10,35,11],[35,15,35,16],[35,17,35,18],[36,0,36,2],[36,3,36,5],[36,6,36,7],[36,10,36,11],[36,15,36,16],[36,17,36,18],[37,0,37,2],[37,3,37,5],[37,6,37,7],[37,10,37,11],[37,15,37,16],[37,17,37,18],[38,0,38,2],[38,3,38,5],[38,6,38,7],[38,10,38,11],[38,15,38,16],[38,17,38,18],[39,0,39,2],[39,3,39,5],[39,6,39,7],[39,10,39,11],[39,15,39,16],[39,17,39,18],[40,0,40,2],[40,3,40,5],[40,6,40,7],[40,10,40,11],[40,15,40,16],[40,17,40,18],[41,0,41,2],[41,3,41,5],[41,6,41,7],[41,10,41,11],[41,15,41,16],[41,17,41,18],[42,0,42,2],[42,3,42,5],[42,6,42,7],[42,10,42,11],[42,15,42,16],[42,17,42,18],[43,0,43,2],[43,3,43,5],[43,6,43,7],[43,10,43,11],[43,15,43,16],[43,17,43,18],[44,0,44,2],[44,3,44,5],[44,6,44,7],[44,10,44,11],[44,15,44,16],[44,17,44,18],[45,0,45,2],[45,3,45,5],[45,6,45,7],[45,10,45,11],[45,15,45,16],[45,17,45,18],[46,0,46,2],[46,3,46,5],[46,6,46,7],[46,10,46,11],[46,15,46,16],[46,17,46,18],[47,0,47,2],[47,3,47,5],[47,6,47,7],[47,10,47,11],[47,15,47,16],[47,17,47,18],[48,0,48,2],[48,3,48,5],[48,6,48,7],[48,10,48,11],[48,15,48,16],[48,17,48,18],[49,0,49,2],[49,3,49,5],[49,6,49,7],[49,10,49,11],[49,15,49,16],[49,17,49,18],[50,0,50,2],[50,3,50,5],[50,6,50,7],[50,10,50,11],[50,15,50,16],[50,17,50,18],[51,0,51,2],[51,3,51,5],[51,6,51,7],[51,10,51,11],[51,15,51,16],[51,17,51,18],[52,0,52,2],[52,3,52,5],[52,6,52,7],[52,10,52,11],[52,15,52,16],[52,17,52,18],[53,0,53,2],[53,3,53,5],[53,6,53,7],[53,10,53,11],[53,15,53,16],[53,17,53,18],[54,0,54,2],[54,3,54,5],[54,6,54,7],[54,10,54,11],[54,15,54,16],[54,17,54,18],[55,0,55,2],[55,3,55,5],[55,6,55,7],[55,10,55,11],[55,15,55,16],[55,17,55,18],[56,0,56,2],[56,3,56,5],[56,6,56,7],[56,10,56,11],[56,15,56,16],[56,17,56,18],[57,0,57,2],[57,3,57,5],[57,6,57,7],[57,10,57,11],[57,15,57,16],[57,17,57,18],[58,0,58,2],[58,3,58,5],[58,6,58,7],[58,10,58,11],[58,15,58,16],[58,17,58,18],[59,0,59,2],[59,3,59,5],[59,6,59,7],[59,10,59,11],[59,15,59,16],[59,17,59,18],[60,0,60,2],[60,3,60,5],[60,6,60,7],[60,10,60,11],[60,15,60,16],[60,17,60,18],[61,0,61,2],[61,3,61,5],[61,6,61,7],[61,10,61,11],[61,15,61,16],[61,17,61,18],[62,0,62,2],[62,3,62,5],[62,6,62,7],[62,10,62,11],[62,15,62,16],[62,17,62,18],[63,0,63,2],[63,3,63,5],[63,6,63,7],[63,10,63,11],[63,15,63,16],[63,17,63,18],[64,0,64,2],[64,3,64,5],[64,6,64,7],[64,10,64,11],[64,15,64,16],[64,17,64,18],[65,0,65,2],[65,3,65,5],[65,6,65,7],[65,10,65,11],[65,15,65,16],[65,17,65,18],[66,0,66,2],[66,3,66,5],[66,6,66,7],[66,10,66,11],[66,15,66,16],[66,17,66,18],[67,0,67,2],[67,3,67,5],[67,6,67,7],[67,10,67,11],[67,15,67,16],[67,17,67,18],[68,0,68,2],[68,3,68,5],[68,6,68,7],[68,10,68,11],[68,15,68,16],[68,17,68,18],[69,0,69,2],[69,3,69,5],[69,6,69,7],[69,10,69,11],[69,15,69,16],[69,17,69,18],[70,0,70,2],[70,3,70,5],[70,6,70,7],[70,10,70,11],[70,15,70,16],[70,17,70,18],[71,0,71,2],[71,3,71,5],[71,6,71,7],[71,10,71,11],[71,15,71,16],[71,17,71,18],[72,0,72,2],[72,3,72,5],[72,6,72,7],[72,10,72,11],[72,15,72,16],[72,17,72,18],[73,0,73,2],[73,3,73,5],[73,6,73,7],[73,10,73,11],[73,15,73,16],[73,17,73,18],[74,0,74,2],[74,3,74,5],[74,6,74,7],[74,10,74,11],[74,15,74,16],[74,17,74,18],[75,0,75,2],[75,3,75,5],[75,6,75,7],[75,10,75,11],[75,15,75,16],[75,17,75,18],[76,0,76,2],[76,3,76,5],[76,6,76,7],[76,10,76,11],[76,15,76,16],[76,17,76,18],[77,0,77,2],[77,3,77,5],[77,6,77,7],[77,10,77,11],[77,15,77,16],[77,17,77,18],[78,0,78,2],[78,3,78,5],[78,6,78,7],[78,10,78,11],[78,15,78,16],[78,17,78,18],[79,0,79,2],[79,3,79,5],[79,6,79,7],[79,10,79,11],[79,15,79,16],[79,17,79,18],[80,0,80,2],[80,3,80,5],[80,6,80,7],[80,10,80,11],[80,15,80,16],[80,17,80,18],[81,0,81,2],[81,3,81,5],[81,6,81,7],[81,10,81,11],[81,15,81,16],[81,17,81,18],[82,0,82,2],[82,3,82,5],[82,6,82,7],[82,10,82,11],[82,15,82,16],[82,17,82,18],[83,0,83,2],[83,3,83,5],[83,6,83,7],[83,10,83,11],[83,15,83,16],[83,17,83,18],[84,0,84,2],[84,3,84,5],[84,6,84,7],[84,10,84,11],[84,15,84,16],[84,17,84,18],[85,0,85,2],[85,3,85,5],[85,6,85,7],[85,10,85,11],[85,15,85,16],[85,17,85,18],[86,0,86,2],[86,3,86,5],[86,6,86,7],[86,10,86,11],[86,15,86,16],[86,17,86,18],[87,0,87,2],[87,3,87,5],[87,6,87,7],[87,10,87,11],[87,15,87,16],[87,17,87,18],[88,0,88,2],[88,3,88,5],[88,6,88,7],[88,10,88,11],[88,15,88,16],[88,17,88,18],[89,0,89,2],[89,3,89,5],[89,6,89,7],[89,10,89,11],[89,15,89,16],[89,17,89,18],[90,0,90,2],[90,3,90,5],[90,6,90,7],[90,10,90,11],[90,15,90,16],[90,17,90,18],[91,0,91,2],[91,3,91,5],[91,6,91,7],[91,10,91,11],[91,15,91,16],[91,17,91,18],[92,0,92,2],[92,3,92,5],[92,6,92,7],[92,10,92,11],[92,15,92,16],[92,17,92,18],[93,0,93,2],[93,3,93,5],[93,6,93,7],[93,10,93,11],[93,15,93,16],[93,17,93,18],[94,0,94,2],[94,3,94,5],[94,6,94,7],[94,10,94,11],[94,15,94,16],[94,17,94,18],[95,0,95,2],[95,3,95,5],[95,6,95,7],[95,10,95,11],[95,15,95,16],[95,17,95,18],[96,0,96,2],[96,3,96,5],[96,6,96,7],[96,10,96,11],[96,15,96,16],[96,17,96,18],[97,0,97,2],[97,3,97,5],[97,6,97,7],[97,10,97,11],[97,15,97,16],[97,17,97,18],[98,0,98,2],[98,3,98,5],[98,6,98,7],[98,10,98,11],[98,15,98,16],[98,17,98,18],[99,0,99,2],[99,3,99,5],[99,6,99,7],[99,10,99,11],[99,15,99,16],[99,17,99,18],[100,0,100,2],[100,3,100,5],[100,6,100,7],[100,10,100,11],[100,15,100,16],[100,17,100,18],[101,0,101,2],[101,3,101,5],[101,6,101,7],[101,10,101,11],[101,15,101,16],[101,17,101,18],[102,0,102,2],[102,3,102,5],[102,6,102,7],[102,10,102,11],[102,15,102,16],[102,17,102,18],[103,0,103,2],[103,3,103,5],[103,6,103,7],[103,10,103,11],[103,15,103,16],[103,17,103,18],[104,0,104,2],[104,3,104,5],[104,6,104,7],[104,10,104,11],[104,15,104,16],[104,17,104,18],[105,0,105,2],[105,3,105,5],[105,6,105,7],[105,10,105,11],[105,15,105,16],[105,17,105,18],[106,0,106,2],[106,3,106,5],[106,6,106,7],[106,10,106,11],[106,15,106,16],[106,17,106,18],[107,0,107,2],[107,3,107,5],[107,6,107,7],[107,10,107,11],[107,15,107,16],[107,17,107,18],[108,0,108,2],[108,3,108,5],[108,6,108,7],[108,10,108,11],[108,15,108,16],[108,17,108,18],[109,0,109,2],[109,3,109,5],[109,6,109,7],[109,10,109,11],[109,15,109,16],[109,17,109,18],[110,0,110,2],[110,3,110,5],[110,6,110,7],[110,10,110,11],[110,15,110,16],[110,17,110,18],[111,0,111,2],[111,3,111,5],[111,6,111,7],[111,10,111,11],[111,15,111,16],[111,17,111,18],[112,0,112,2],[112,3,112,5],[112,6,112,7],[112,10,112,11],[112,15,112,16],[112,17,112,18],[113,0,113,2],[113,3,113,5],[113,6,113,7],[113,10,113,11],[113,15,113,16],[113,17,113,18],[114,0,114,2],[114,3,114,5],[114,6,114,7],[114,10,114,11],[114,15,114,16],[114,17,114,18],[115,0,115,2],[115,3,115,5],[115,6,115,7],[115,10,115,11],[115,15,115,16],[115,17,115,18],[116,0,116,2],[116,3,116,5],[116,6,116,7],[116,10,116,11],[116,15,116,16],[116,17,116,18],[117,0,117,2],[117,3,117,5],[117,6,117,7],[117,10,117,11],[117,15,117,16],[117,17,117,18],[118,0,118,2],[118,3,118,5],[118,6,118,7],[118,10,118,11],[118,15,118,16],[118,17,118,18],[119,0,119,2],[119,3,119,5],[119,6,119,7],[119,10,119,11],[119,15,119,16],[119,17,119,18],[120,0,120,2],[120,3,120,5],[120,6,120,7],[120,10,120,11],[120,15,120,16],[120,17,120,18],[121,0,121,2],[121,3,121,5],[121,6,121,7],[121,10,121,11],[121,15,121,16],[121,17,121,18],[122,0,122,2],[122,3,122,5],[122,6,122,7],[122,10,122,11],[122,15,122,16],[122,17,122,18],[123,0,123,2],[123,3,123,5],[123,6,123,7],[123,10,123,11],[123,15,123,16],[123,17,123,18],[124,0,124,2],[124,3,124,5],[124,6,124,7],[124,10,124,11],[124,15,124,16],[124,17,124,18],[125,0,125,2],[125,3,125,5],[125,6,125,7],[125,10,125,11],[125,15,125,16],[125,17,125,18],[126,0,126,2],[126,3,126,5],[126,6,126,7],[126,10,126,11],[126,15,126,16],[126,17,126,18],[127,0,127,2],[127,3,127,5],[127,6,127,7],[127,10,127,11],[127,15,127,16],[127,17,127,18],[128,0,128,2],[128,3,128,5],[128,6,128,7],[128,10,128,11],[128,15,128,16],[128,17,128,18],[129,0,129,2],[129,3,129,5],[129,6,129,7],[129,10,129,11],[129,15,129,16],[129,17,129,18],[130,0,130,2],[130,3,130,5],[130,6,130,7],[130,10,130,11],[130,15,130,16],[130,17,130,18],[131,0,131,2],[131,3,131,5],[131,6,131,7],[131,10,131,11],[131,15,131,16],[131,17,131,18],[132,0,132,2],[132,3,132,5],[132,6,132,7],[132,10,132,11],[132,15,132,16],[132,17,132,18],[133,0,133,2],[133,3,133,5],[133,6,133,7],[133,10,133,11],[133,15,133,16],[133,17,133,18],[134,0,134,2],[134,3,134,5],[134,6,134,7],[134,10,134,11],[134,15,134,16],[134,17,134,18],[135,0,135,2],[135,3,135,5],[135,6,135,7],[135,10,135,11],[135,15,135,16],[135,17,135,18],[136,0,136,2],[136,3,136,5],[136,6,136,7],[136,10,136,11],[136,15,136,16],[136,17,136,18],[137,0,137,2],[137,3,137,5],[137,6,137,7],[137,10,137,11],[137,15,137,16],[137,17,137,18],[138,0,138,2],[138,3,138,5],[138,6,138,7],[138,10,138,11],[138,15,138,16],[138,17,138,18],[139,0,139,2],[139,3,139,5],[139,6,139,7],[139,10,139,11],[139,15,139,16],[139,17,139,18],[140,0,140,2],[140,3,140,5],[140,6,140,7],[140,10,140,11],[140,15,140,16],[140,17,140,18],[141,0,141,2],[141,3,141,5],[141,6,141,7],[141,10,141,11],[141,15,141,16],[141,17,141,18],[142,0,142,2],[142,3,142,5],[142,6,142,7],[142,10,142,11],[142,15,142,16],[142,17,142,18],[143,0,143,2],[143,3,143,5],[143,6,143,7],[143,10,143,11],[143,15,143,16],[143,17,143,18],[144,0,144,2],[144,3,144,5],[144,6,144,7],[144,10,144,11],[144,15,144,16],[144,17,144,18],[145,0,145,2],[145,3,145,5],[145,6,145,7],[145,10,145,11],[145,15,145,16],[145,17,145,18],[146,0,146,2],[146,3,146,5],[146,6,146,7],[146,10,146,11],[146,15,146,16],[146,17,146,18],[147,0,147,2],[147,3,147,5],[147,6,147,7],[147,10,147,11],[147,15,147,16],[147,17,147,18],[148,0,148,2],[148,3,148,5],[148,6,148,7],[148,10,148,11],[148,15,148,16],[148,17,148,18],[149,0,149,2],[149,3,149,5],[149,6,149,7],[149,10,149,11],[149,15,149,16],[149,17,149,18],[150,0,150,2],[150,3,150,5],[150,6,150,7],[150,10,150,11],[150,15,150,16],[150,17,150,18],[151,0,151,2],[151,3,151,5],[151,6,151,7],[151,10,151,11],[151,15,151,16],[151,17,151,18],[152,0,152,2],[152,3,152,5],[152,6,152,7],[152,10,152,11],[152,15,152,16],[152,17,152,18],[153,0,153,2],[153,3,153,5],[153,6,153,7],[153,10,153,11],[153,15,153,16],[153,17,153,18],[154,0,154,2],[154,3,154,5],[154,6,154,7],[154,10,154,11],[154,15,154,16],[154,17,154,18],[155,0,155,2],[155,3,155,5],[155,6,155,7],[155,10,155,11],[155,15,155,16],[155,17,155,18],[156,0,156,2],[156,3,156,5],[156,6,156,7],[156,10,156,11],[156,15,156,16],[156,17,156,18],[157,0,157,2],[157,3,157,5],[157,6,157,7],[157,10,157,11],[157,15,157,16],[157,17,157,18],[158,0,158,2],[158,3,158,5],[158,6,158,7],[158,10,158,11],[158,15,158,16],[158,17,158,18],[159,0,159,2],[159,3,159,5],[159,6,159,7],[159,10,159,11],[159,15,159,16],[159,17,159,18],[160,0,160,2],[160,3,160,5],[160,6,160,7],[160,10,160,11],[160,15,160,16],[160,17,160,18],[161,0,161,2],[161,3,161,5],[161,6,161,7],[161,10,161,11],[161,15,161,16],[161,17,161,18],[162,0,162,2],[162,3,162,5],[162,6,162,7],[162,10,162,11],[162,15,162,16],[162,17,162,18],[163,0,163,2],[163,3,163,5],[163,6,163,7],[163,10,163,11],[163,15,163,16],[163,17,163,18],[164,0,164,2],[164,3,164,5],[164,6,164,7],[164,10,164,11],[164,15,164,16],[164,17,164,18],[165,0,165,2],[165,3,165,5],[165,6,165,7],[165,10,165,11],[165,15,165,16],[165,17,165,18],[168,0,168,2],[168,3,168,5],[168,6,168,7],[168,10,168,11],[168,15,168,16]],"merged_total":8003,"flags":["merged_cut"]}
[1,null,null,2,null,null,3,null,4,5,"6 = (3 x  5)",null,7,8,9,"10=7x9",null,"11=10-6",null,12]
["5.2.",null,null,"BELANJA LANGSUNG",{"$nulls":11},{"v":119290000,"d":"119,290,000.00"},null,{"v":119290000,"d":"119,290,000.00"}]
["5.2.2.",null,null,"BELANJA BARANG DAN JASA",{"$nulls":11},{"v":119290000,"d":"119,290,000.00"},null,{"v":119290000,"d":"119,290,000.00"}]
["5.2.2.03.",null,null,"Belanja Jasa Kantor",{"$nulls":11},{"v":112896000,"d":"112,896,000.00"},null,{"v":112896000,"d":"112,896,000.00"}]
["5.2.2.03.0012.",null,null,"Belanja Jasa Tenaga kerja",{"$nulls":11},{"v":112896000,"d":"112,896,000.00"},null,{"v":112896000,"d":"112,896,000.00"}]
[{"$nulls":3},"Jasa Tenaga Kontrak sebagai Tenaga Administrasi umum",{"$nulls":8},{"v":12,"d":"12.00"},"OB",{"v":1800000,"d":"1,800,000.00"},{"v":21600000,"d":"21,600,000.00"},null,{"v":21600000,"d":"21,600,000.00"}]
[{"$nulls":3},"Jasa Tenaga Kontrak sebagai Tenaga Administrasi Umum",{"$nulls":8},{"v":12,"d":"12.00"},"OB",{"v":1700000,"d":"1,700,000.00"},{"v":20400000,"d":"20,400,000.00"},null,{"v":20400000,"d":"20,400,000.00"}]
["5.2.2.03.0012.",null,null,"Jasa Tenaga Kontrak sebagai Sopir Eselon III",{"$nulls":8},{"v":12,"d":"12.00"},"OB",{"v":2100000,"d":"2,100,000.00"},{"v":25200000,"d":"25,200,000.00"},null,{"v":25200000,"d":"25,200,000.00"}]
[{"$nulls":3},"Jasa Tenaga Kontrak sebagai Sopir Umum",{"$nulls":8},{"v":12,"d":"12.00"},"OB",{"v":1904000,"d":"1,904,000.00"},{"v":22848000,"d":"22,848,000.00"},null,{"v":22848000,"d":"22,848,000.00"}]
[{"$nulls":3},"Jasa Tenaga Kontrak sebagai Satpam/Penjaga Malam",{"$nulls":8},{"v":12,"d":"12.00"},"OB",{"v":1904000,"d":"1,904,000.00"},{"v":22848000,"d":"22,848,000.00"},null,{"v":22848000,"d":"22,848,000.00"}]
["5.2.2.06.",null,null,"Belanja Cetak dan Penggandaan",{"$nulls":11},{"v":6394000,"d":"6,394,000.00"},null,{"v":6394000,"d":"6,394,000.00"}]
["5.2.2.06.0001.",null,null,"Belanja cetak",{"$nulls":11},{"v":4994000,"d":"4,994,000.00"},null,{"v":4994000,"d":"4,994,000.00"}]
[{"$nulls":3},"Cetak blanko cek list",{"$nulls":8},{"v":10,"d":"10.00"},"Rim",{"v":48500,"d":"48,500.00"},{"v":485000,"d":"485,000.00"},null,{"v":485000,"d":"485,000.00"}]
[{"$nulls":3},"Lembar Disposisi",{"$nulls":8},{"v":90,"d":"90.00"},"buku",{"v":50100,"d":"50,100.00"},{"v":4509000,"d":"4,509,000.00"},null,{"v":4509000,"d":"4,509,000.00"}]
["5.2.2.06.0002.",null,null,"Belanja Foto copy",{"$nulls":11},{"v":1400000,"d":"1,400,000.00"},null,{"v":1400000,"d":"1,400,000.00"}]
[{"$nulls":3},"Foto copy",{"$nulls":8},{"v":7000,"d":"7,000.00"},"lembar",{"v":200,"d":"200.00"},{"v":1400000,"d":"1,400,000.00"},null,{"v":1400000,"d":"1,400,000.00"}]
["5.2.",null,null,"BELANJA LANGSUNG",{"$nulls":11},{"v":149400000,"d":"149,400,000.00"},null,{"v":149400000,"d":"149,400,000.00"}]
["5.2.2.",null,null,"BELANJA BARANG DAN JASA",{"$nulls":11},{"v":149400000,"d":"149,400,000.00"},null,{"v":149400000,"d":"149,400,000.00"}]
["5.2.2.03.",null,null,"Belanja Jasa Kantor",{"$nulls":11},{"v":149400000,"d":"149,400,000.00"},null,{"v":149400000,"d":"149,400,000.00"}]
["5.2.2.03.0001.",null,null,"Belanja telepon",{"$nulls":11},{"v":7200000,"d":"7,200,000.00"},null,{"v":7200000,"d":"7,200,000.00"}]
[{"$nulls":3},"Belanja Telepon",{"$nulls":8},{"v":1,"d":"1.00"},"Tahun",{"v":7200000,"d":"7,200,000.00"},{"v":7200000,"d":"7,200,000.00"},null,{"v":7200000,"d":"7,200,000.00"}]
["5.2.2.03.0002.",null,null,"Belanja air",{"$nulls":11},{"v":16200000,"d":"16,200,000.00"},null,{"v":16200000,"d":"16,200,000.00"}]
["5.2.2.03.0002.",null,null,"Belanja Air",{"$nulls":8},{"v":1,"d":"1.00"},"Tahun",{"v":16200000,"d":"16,200,000.00"},{"v":16200000,"d":"16,200,000.00"},null,{"v":16200000,"d":"16,200,000.00"}]
["5.2.2.03.0003.",null,null,"Belanja listrik",{"$nulls":11},{"v":84000000,"d":"84,000,000.00"},null,{"v":84000000,"d":"84,000,000.00"}]
[{"$nulls":3},"Belanja Listrik",{"$nulls":8},{"v":1,"d":"1.00"},"Tahun",{"v":84000000,"d":"84,000,000.00"},{"v":84000000,"d":"84,000,000.00"},null,{"v":84000000,"d":"84,000,000.00"}]
["5.2.2.03.0006.",null,null,"Belanja kawat/faksimili/internet",{"$nulls":11},{"v":42000000,"d":"42,000,000.00"},null,{"v":42000000,"d":"42,000,000.00"}]
[{"$nulls":3},"Belanja Internet",{"$nulls":8},{"v":1,"d":"1.00"},"Tahun",{"v":42000000,"d":"42,000,000.00"},{"v":42000000,"d":"42,000,000.00"},null,{"v":42000000,"d":"42,000,000.00"}]
["5.2.",null,null,"BELANJA LANGSUNG",{"$nulls":11},{"v":231384400,"d":"231,384,400.00"},null,{"v":231384400,"d":"231,384,400.00"}]
["5.2.2.",null,null,"BELANJA BARANG DAN JASA",{"$nulls":11},{"v":231384400,"d":"231,384,400.00"},null,{"v":231384400,"d":"231,384,400.00"}]
["5.2.2.01.",null,null,"Belanja Bahan Pakai Habis",{"$nulls":11},{"v":3029900,"d":"3,029,900.00"},null,{"v":3029900,"d":"3,029,900.00"}]
["5.2.2.01.0019.",null,null,"Belanja bahan perlombaan",{"$nulls":11},{"v":3029900,"d":"3,029,900.00"},null,{"v":3029900,"d":"3,029,900.00"}]
[{"$nulls":3},"Bahan Perlombaan",{"$nulls":8},{"v":1,"d":"1.00"},"Tahun",{"v":3029900,"d":"3,029,900.00"},{"v":3029900,"d":"3,029,900.00"},null,{"v":3029900,"d":"3,029,900.00"}]
["5.2.2.06.",null,null,"Belanja Cetak dan Penggandaan",{"$nulls":11},{"v":2281500,"d":"2,281,500.00"},null,{"v":2281500,"d":"2,281,500.00"}]
["5.2.2.06.0001.",null,null,"Belanja cetak",{"$nulls":11},{"v":2281500,"d":"2,281,500.00"},null,{"v":2281500,"d":"2,281,500.00"}]
["5.2.2.06.0001.",null,null,"Cetak Spanduk",{"$nulls":8},{"v":15,"d":"15.00"},"Buah",{"v":152100,"d":"152,100.00"},{"v":2281500,"d":"2,281,500.00"},null,{"v":2281500,"d":"2,281,500.00"}]
["5.2.2.08.",null,null,"Belanja Sewa Sarana Mobilitas",{"$nulls":11},{"v":192000000,"d":"192,000,000.00"},null,{"v":192000000,"d":"192,000,000.00"}]
["5.2.2.08.0001.",null,null,"Belanja sewa Sarana Mobilitas Darat",{"$nulls":11},{"v":192000000,"d":"192,000,000.00"},null,{"v":192000000,"d":"192,000,000.00"}]
[{"$nulls":3},"Sewa Mobil Eselon II/b",{"$nulls":8},{"v":12,"d":"12.00"},"Bulan",{"v":8500000,"d":"8,500,000.00"},{"v":102000000,"d":"102,000,000.00"},null,{"v":102000000,"d":"102,000,000.00"}]
[{"$nulls":3},"Sewa Mobil Eselon III/a",{"$nulls":8},{"v":12,"d":"12.00"},"Bulan",{"v":7500000,"d":"7,500,000.00"},{"v":90000000,"d":"90,000,000.00"},null,{"v":90000000,"d":"90,000,000.00"}]
["5.2.2.10.",null,null,"Belanja Sewa Perlengkapan dan Peralatan Kantor",{"$nulls":11},{"v":3986600,"d":"3,986,600.00"},null,{"v":3986600,"d":"3,986,600.00"}]
["5.2.2.10.0001.",null,null,"Belanja sewa meja kursi",{"$nulls":11},{"v":1400000,"d":"1,400,000.00"},null,{"v":1400000,"d":"1,400,000.00"}]
[{"$nulls":3},"Belanja sewa meja kursi dan sewa meja buffe",{"$nulls":8},{"v":20,"d":"20.00"},"Bh",{"v":70000,"d":"70,000.00"},{"v":1400000,"d":"1,400,000.00"},null,{"v":1400000,"d":"1,400,000.00"}]
["5.2.2.10.0005.",null,null,"Belanja sewa tenda",{"$nulls":11},{"v":2586600,"d":"2,586,600.00"},null,{"v":2586600,"d":"2,586,600.00"}]
[{"$nulls":3},"Belanja sewa tenda",{"$nulls":8},{"v":9,"d":"9.00"},"Unit",{"v":287400,"d":"287,400.00"},{"v":2586600,"d":"2,586,600.00"},null,{"v":2586600,"d":"2,586,600.00"}]
["5.2.2.32.",null,null,"Belanja Operasional Kendaraan",{"$nulls":11},{"v":30086400,"d":"30,086,400.00"},null,{"v":30086400,"d":"30,086,400.00"}]
["5.2.2.32.0001.",null,null,"Belanja Bahan Bakar Minyak",{"$nulls":11},{"v":30086400,"d":"30,086,400.00"},null,{"v":30086400,"d":"30,086,400.00"}]
[{"$nulls":3},"Bahan Bakar Minyak",{"$nulls":8},{"v":1,"d":"1.00"},"Tahun",{"v":30086400,"d":"30,086,400.00"},{"v":30086400,"d":"30,086,400.00"},null,{"v":30086400,"d":"30,086,400.00"}]
["5.2.",null,null,"BELANJA LANGSUNG",{"$nulls":11},{"v":60000000,"d":"60,000,000.00"},null,{"v":60000000,"d":"60,000,000.00"}]
["5.2.2.",null,null,"BELANJA BARANG DAN JASA",{"$nulls":11},{"v":60000000,"d":"60,000,000.00"},null,{"v":60000000,"d":"60,000,000.00"}]
["5.2.2.03.",null,null,"Belanja Jasa Kantor",{"$nulls":11},{"v":40800000,"d":"40,800,000.00"},null,{"v":40800000,"d":"40,800,000.00"}]
["5.2.2.03.0012.",null,null,"Belanja Jasa Tenaga kerja",{"$nulls":11},{"v":40800000,"d":"40,800,000.00"},null,{"v":40800000,"d":"40,800,000.00"}]
[{"$nulls":3},"Jasa Tenaga Kontrak Sebagai Tenaga Administrasi Umum",{"$nulls":8},{"v":24,"d":"24.00"},"OB",{"v":1700000,"d":"1,700,000.00"},{"v":40800000,"d":"40,800,000.00"},null,{"v":40800000,"d":"40,800,000.00"}]
["5.2.2.05.",null,null,"Belanja Perawatan Kendaraan Bermotor",{"$nulls":11},{"v":19200000,"d":"19,200,000.00"},null,{"v":19200000,"d":"19,200,000.00"}]
["5.2.2.05.0004.",null,null,"Belanja Jasa KIR",{"$nulls":11},{"v":600000,"d":"600,000.00"},null,{"v":600000,"d":"600,000.00"}]
[{"$nulls":3},"Belanja Biaya Jasa KIR",{"$nulls":8},{"v":1,"d":"1.00"},"Tahun",{"v":600000,"d":"600,000.00"},{"v":600000,"d":"600,000.00"},null,{"v":600000,"d":"600,000.00"}]
["5.2.2.05.0005.",null,null,"Belanja Surat Tanda Nomor Kendaraan",{"$nulls":11},{"v":18600000,"d":"18,600,000.00"},null,{"v":18600000,"d":"18,600,000.00"}]
[{"$nulls":3},"Samsat Kendaraan Dinas/Operasional ( Roda Empat)",{"$nulls":8},{"v":1,"d":"1.00"},"Tahun",{"v":10250000,"d":"10,250,000.00"},{"v":10250000,"d":"10,250,000.00"},null,{"v":10250000,"d":"10,250,000.00"}]
[{"$nulls":3},"Samsat Kendaraan Dinas/Operasional (Roda Dua)",{"$nulls":8},{"v":1,"d":"1.00"},"Tahun",{"v":8350000,"d":"8,350,000.00"},{"v":8350000,"d":"8,350,000.00"},null,{"v":8350000,"d":"8,350,000.00"}]
["5.2.",null,null,"BELANJA LANGSUNG",{"$nulls":11},{"v":185325800,"d":"185,325,800.00"},null,{"v":185325800,"d":"185,325,800.00"}]
["5.2.2.",null,null,"BELANJA BARANG DAN JASA",{"$nulls":11},{"v":185325800,"d":"185,325,800.00"},null,{"v":185325800,"d":"185,325,800.00"}]
["5.2.2.01.",null,null,"Belanja Bahan Pakai Habis",{"$nulls":11},{"v":15706000,"d":"15,706,000.00"},null,{"v":15706000,"d":"15,706,000.00"}]
["5.2.2.01.0001.",null,null,"Belanja alat tulis kantor",{"$nulls":11},{"v":14446000,"d":"14,446,000.00"},null,{"v":14446000,"d":"14,446,000.00"}]
[{"$nulls":3},"Ballpoint Faster",{"$nulls":8},{"v":4,"d":"4.00"},"Kotak",{"v":48000,"d":"48,000.00"},{"v":192000,"d":"192,000.00"},null,{"v":192000,"d":"192,000.00"}]
[{"$nulls":3},"Bantalan Stempel (LLK)",{"$nulls":8},{"v":5,"d":"5.00"},"Buah",{"v":18100,"d":"18,100.00"},{"v":90500,"d":"90,500.00"},null,{"v":90500,"d":"90,500.00"}]
[{"$nulls":3},"Buku Folio (100) Kiky",{"$nulls":8},{"v":5,"d":"5.00"},"Buah",{"v":35700,"d":"35,700.00"},{"v":178500,"d":"178,500.00"},null,{"v":178500,"d":"178,500.00"}]
["5.2.2.01.0001.",null,null,"Box File Bantex",{"$nulls":8},{"v":60,"d":"60.00"},"Buah",{"v":67200,"d":"67,200.00"},{"v":4032000,"d":"4,032,000.00"},null,{"v":4032000,"d":"4,032,000.00"}]
[{"$nulls":3},"Box File Plastik",{"$nulls":8},{"v":20,"d":"20.00"},"Buah",{"v":24200,"d":"24,200.00"},{"v":484000,"d":"484,000.00"},null,{"v":484000,"d":"484,000.00"}]
[{"$nulls":3},"Cutther B Alat Lepasan",{"$nulls":8},{"v":2,"d":"2.00"},"Buah",{"v":7300,"d":"7,300.00"},{"v":14600,"d":"14,600.00"},null,{"v":14600,"d":"14,600.00"}]
[{"$nulls":3},"Clips (B)",{"$nulls":8},{"v":20,"d":"20.00"},"Buah",{"v":9300,"d":"9,300.00"},{"v":186000,"d":"186,000.00"},null,{"v":186000,"d":"186,000.00"}]
[{"$nulls":3},"Kertas HVS 70 gr Folio Sidu",{"$nulls":8},{"v":30,"d":"30.00"},"Rim",{"v":79600,"d":"79,600.00"},{"v":2388000,"d":"2,388,000.00"},null,{"v":2388000,"d":"2,388,000.00"}]
[{"$nulls":3},"Lem Glukol B",{"$nulls":8},{"v":2,"d":"2.00"},"Botol",{"v":13500,"d":"13,500.00"},{"v":27000,"d":"27,000.00"},null,{"v":27000,"d":"27,000.00"}]
[{"$nulls":3},"Map Jepit /Shenel Plastik",{"$nulls":8},{"v":15,"d":"15.00"},"Buah",{"v":11900,"d":"11,900.00"},{"v":178500,"d":"178,500.00"},null,{"v":178500,"d":"178,500.00"}]
[{"$nulls":3},"Map Kertas Folio",{"$nulls":8},{"v":150,"d":"150.00"},"Buah",{"v":2600,"d":"2,600.00"},{"v":390000,"d":"390,000.00"},null,{"v":390000,"d":"390,000.00"}]
[{"$nulls":3},"Spidol White Board",{"$nulls":8},{"v":2,"d":"2.00"},"Kotak",{"v":18600,"d":"18,600.00"},{"v":37200,"d":"37,200.00"},null,{"v":37200,"d":"37,200.00"}]
[{"$nulls":3},"Stabilow Boss",{"$nulls":8},{"v":4,"d":"4.00"},"Buah",{"v":14300,"d":"14,300.00"},{"v":57200,"d":"57,200.00"},null,{"v":57200,"d":"57,200.00"}]
[{"$nulls":3},"Steples Alat Max No. 30 (B) Asli",{"$nulls":8},{"v":4,"d":"4.00"},"Buah",{"v":88900,"d":"88,900.00"},{"v":355600,"d":"355,600.00"},null,{"v":355600,"d":"355,600.00"}]
[{"$nulls":3},"Steples Alat Max No.10 (K) Asli",{"$nulls":8},{"v":4,"d":"4.00"},"Buah",{"v":37200,"d":"37,200.00"},{"v":148800,"d":"148,800.00"},null,{"v":148800,"d":"148,800.00"}]
[{"$nulls":3},"Isi Steples Max No.10",{"$nulls":8},{"v":20,"d":"20.00"},"Buah",{"v":6200,"d":"6,200.00"},{"v":124000,"d":"124,000.00"},null,{"v":124000,"d":"124,000.00"}]
[{"$nulls":3},"Isi Steples Max No.30",{"$nulls":8},{"v":20,"d":"20.00"},"Buah",{"v":6200,"d":"6,200.00"},{"v":124000,"d":"124,000.00"},null,{"v":124000,"d":"124,000.00"}]
[{"$nulls":3},"Toner HP Laser Jet  (83A)",{"$nulls":8},{"v":1,"d":"1.00"},"Buah",{"v":1564700,"d":"1,564,700.00"},{"v":1564700,"d":"1,564,700.00"},null,{"v":1564700,"d":"1,564,700.00"}]
[{"$nulls":3},"Tinta Printer Epson Standar (Black / Magenta / Yellow / Cyan)",{"$nulls":8},{"v":12,"d":"12.00"},"Buah",{"v":198300,"d":"198,300.00"},{"v":2379600,"d":"2,379,600.00"},null,{"v":2379600,"d":"2,379,600.00"}]
[{"$nulls":3},"Refil Toner HP Laserjet 83 A",{"$nulls":8},{"v":10,"d":"10.00"},"Buah",{"v":124000,"d":"124,000.00"},{"v":1240000,"d":"1,240,000.00"},null,{"v":1240000,"d":"1,240,000.00"}]
[{"$nulls":3},"Pita EPSON Lq 2190",{"$nulls":8},{"v":2,"d":"2.00"},"Buah",{"v":126900,"d":"126,900.00"},{"v":253800,"d":"253,800.00"},null,{"v":253800,"d":"253,800.00"}]
["5.2.2.01.0004.",null,null,"Belanja perangko, materai dan benda pos",{"$nulls":11},{"v":1260000,"d":"1,260,000.00"},null,{"v":1260000,"d":"1,260,000.00"}]
[{"$nulls":3},"Materai 3000",{"$nulls":8},{"v":120,"d":"120.00"},"Lembar",{"v":3000,"d":"3,000.00"},{"v":360000,"d":"360,000.00"},null,{"v":360000,"d":"360,000.00"}]
[{"$nulls":3},"Materai 6000",{"$nulls":8},{"v":150,"d":"150.00"},"Lembar",{"v":6000,"d":"6,000.00"},{"v":900000,"d":"900,000.00"},null,{"v":900000,"d":"900,000.00"}]
["5.2.2.03.",null,null,"Belanja Jasa Kantor",{"$nulls":11},{"v":154200000,"d":"154,200,000.00"},null,{"v":154200000,"d":"154,200,000.00"}]
["5.2.2.03.0012.",null,null,"Belanja Jasa Tenaga kerja",{"$nulls":11},{"v":154200000,"d":"154,200,000.00"},null,{"v":154200000,"d":"154,200,000.00"}]
[{"$nulls":3},"Jasa Tenaga Kontrak sebagai Tenaga Administrasi Keuangan",{"$nulls":8},{"v":48,"d":"48.00"},"OB",{"v":1900000,"d":"1,900,000.00"},{"v":91200000,"d":"91,200,000.00"},null,{"v":91200000,"d":"91,200,000.00"}]
[{"$nulls":3},"Jasa Tenaga Kontrak sebagai Tenaga Administrasi Umum",{"$nulls":8},{"v":24,"d":"24.00"},"OB",{"v":1700000,"d":"1,700,000.00"},{"v":40800000,"d":"40,800,000.00"},null,{"v":40800000,"d":"40,800,000.00"}]
[{"$nulls":3},"Jasa Tenaga Kontrak sebagai Tenaga Administrasi Keuangan",{"$nulls":8},{"v":12,"d":"12.00"},"OB",{"v":1850000,"d":"1,850,000.00"},{"v":22200000,"d":"22,200,000.00"},null,{"v":22200000,"d":"22,200,000.00"}]
["5.2.2.06.0001.",null,null,"Belanja cetak",{"$nulls":11},{"v":1620000,"d":"1,620,000.00"},null,{"v":1620000,"d":"1,620,000.00"}]
[{"$nulls":3},"Cetak SPM",{"$nulls":8},{"v":600,"d":"600.00"},"Eksemplar",{"v":2700,"d":"2,700.00"},{"v":1620000,"d":"1,620,000.00"},null,{"v":1620000,"d":"1,620,000.00"}]
["5.2.2.06.0002.",null,null,"Belanja Foto copy",{"$nulls":11},{"v":3969000,"d":"3,969,000.00"},null,{"v":3969000,"d":"3,969,000.00"}]
[{"$nulls":3},"Foto copy",{"$nulls":8},{"v":19845,"d":"19,845.00"},"lembar",{"v":200,"d":"200.00"},{"v":3969000,"d":"3,969,000.00"},null,{"v":3969000,"d":"3,969,000.00"}]
["5.2.2.11.",null,null,"Belanja Makanan dan  Minuman",{"$nulls":11},{"v":2800000,"d":"2,800,000.00"},null,{"v":2800000,"d":"2,800,000.00"}]
["5.2.2.11.0002.",null,null,"Belanja makanan dan minuman rapat",{"$nulls":11},{"v":2800000,"d":"2,800,000.00"},null,{"v":2800000,"d":"2,800,000.00"}]
[{"$nulls":3},"Nasi Kotak",{"$nulls":8},{"v":50,"d":"50.00"},"kotak",{"v":40000,"d":"40,000.00"},{"v":2000000,"d":"2,000,000.00"},null,{"v":2000000,"d":"2,000,000.00"}]
[{"$nulls":3},"Snack",{"$nulls":8},{"v":50,"d":"50.00"},"kotak",{"v":16000,"d":"16,000.00"},{"v":800000,"d":"800,000.00"},null,{"v":800000,"d":"800,000.00"}]
["5.2.2.20.",null,null,"Belanja Pemeliharaan",{"$nulls":11},{"v":4800000,"d":"4,800,000.00"},null,{"v":4800000,"d":"4,800,000.00"}]
["5.2.2.20.0004.",null,null,"Belanja Pemeliharaan Peralatan dan Perlengkapan Kantor",{"$nulls":11},{"v":4800000,"d":"4,800,000.00"},null,{"v":4800000,"d":"4,800,000.00"}]
[{"$nulls":3},"Pemeliharaan komputer / laptop",{"$nulls":8},{"v":1,"d":"1.00"},"Tahun",{"v":1880000,"d":"1,880,000.00"},{"v":1880000,"d":"1,880,000.00"},null,{"v":1880000,"d":"1,880,000.00"}]
[{"$nulls":3},"Pemeliharaan printer",{"$nulls":8},{"v":1,"d":"1.00"},"Tahun",{"v":2920000,"d":"2,920,000.00"},{"v":2920000,"d":"2,920,000.00"},null,{"v":2920000,"d":"2,920,000.00"}]
["5.2.2.32.",null,null,"Belanja Operasional Kendaraan",{"$nulls":11},{"v":2230800,"d":"2,230,800.00"},null,{"v":2230800,"d":"2,230,800.00"}]
["5.2.2.32.0001.",null,null,"Belanja Bahan Bakar Minyak",{"$nulls":11},{"v":2230800,"d":"2,230,800.00"},null,{"v":2230800,"d":"2,230,800.00"}]
[{"$nulls":3},"Belanja bahan bakar minyak",{"$nulls":8},{"v":1,"d":"1.00"},"Tahun",{"v":2230800,"d":"2,230,800.00"},{"v":2230800,"d":"2,230,800.00"},null,{"v":2230800,"d":"2,230,800.00"}]
["5.2.",null,null,"BELANJA LANGSUNG",{"$nulls":11},{"v":143300000,"d":"143,300,000.00"},null,{"v":143300000,"d":"143,300,000.00"}]
["5.2.2.",null,null,"BELANJA BARANG DAN JASA",{"$nulls":11},{"v":143300000,"d":"143,300,000.00"},null,{"v":143300000,"d":"143,300,000.00"}]
["5.2.2.03.",null,null,"Belanja Jasa Kantor",{"$nulls":11},{"v":143300000,"d":"143,300,000.00"},null,{"v":143300000,"d":"143,300,000.00"}]
["5.2.2.03.0012.",null,null,"Belanja Jasa Tenaga kerja",{"$nulls":11},{"v":58800000,"d":"58,800,000.00"},null,{"v":58800000,"d":"58,800,000.00"}]
[{"$nulls":3},"Jasa Tenaga Kontrak sebagai Tenaga Administrasi Umum",{"$nulls":8},{"v":24,"d":"24.00"},"OB",{"v":1500000,"d":"1,500,000.00"},{"v":36000000,"d":"36,000,000.00"},null,{"v":36000000,"d":"36,000,000.00"}]
[{"$nulls":3},"Jasa Tenaga Kontrak sebagai Satpam / Penjaga Malam",{"$nulls":8},{"v":12,"d":"12.00"},"OB",{"v":1900000,"d":"1,900,000.00"},{"v":22800000,"d":"22,800,000.00"},null,{"v":22800000,"d":"22,800,000.00"}]
["5.2.2.03.0025.",null,null,"Belanja Jasa pihak ketiga",{"$nulls":11},{"v":84500000,"d":"84,500,000.00"},null,{"v":84500000,"d":"84,500,000.00"}]
[{"$nulls":3},"Jasa penyediaan kebersihan kantor",{"$nulls":8},{"v":1,"d":"1.00"},"Tahun",{"v":84500000,"d":"84,500,000.00"},{"v":84500000,"d":"84,500,000.00"},null,{"v":84500000,"d":"84,500,000.00"}]
[]
["5.2.",null,null,"BELANJA LANGSUNG",{"$nulls":11},{"v":22338600,"d":"22,338,600.00"},null,{"v":22338600,"d":"22,338,600.00"}]
["5.2.2.",null,null,"BELANJA BARANG DAN JASA",{"$nulls":11},{"v":22338600,"d":"22,338,600.00"},null,{"v":22338600,"d":"22,338,600.00"}]
["5.2.2.01.",null,null,"Belanja Bahan Pakai Habis",{"$nulls":11},{"v":22338600,"d":"22,338,600.00"},null,{"v":22338600,"d":"22,338,600.00"}]
["5.2.2.01.0001.",null,null,"Belanja alat tulis kantor",{"$nulls":11},{"v":20514600,"d":"20,514,600.00"},null,{"v":20514600,"d":"20,514,600.00"}]
[{"$nulls":3},"Kertas HVS 70 gr Folio Sidu",{"$nulls":8},{"v":105,"d":"105.00"},"Rim",{"v":79600,"d":"79,600.00"},{"v":8358000,"d":"8,358,000.00"},null,{"v":8358000,"d":"8,358,000.00"}]
[{"$nulls":3},"Tinta Printer EPSON T6641 (BLACK)",{"$nulls":8},{"v":4,"d":"4.00"},"Buah",{"v":229700,"d":"229,700.00"},{"v":918800,"d":"918,800.00"},null,{"v":918800,"d":"918,800.00"}]
[{"$nulls":3},"Tinta Printer EPSON T6641 ( CYAN)",{"$nulls":8},{"v":2,"d":"2.00"},"Buah",{"v":229700,"d":"229,700.00"},{"v":459400,"d":"459,400.00"},null,{"v":459400,"d":"459,400.00"}]
["5.2.2.01.0001.",null,null,"Tinta Printer EPSON T6641 (MAGENTA)",{"$nulls":8},{"v":3,"d":"3.00"},"Buah",{"v":229700,"d":"229,700.00"},{"v":689100,"d":"689,100.00"},null,{"v":689100,"d":"689,100.00"}]
[{"$nulls":3},"Tinta Printer EPSON T6641 (YELLOW)",{"$nulls":8},{"v":3,"d":"3.00"},"Buah",{"v":229700,"d":"229,700.00"},{"v":689100,"d":"689,100.00"},null,{"v":689100,"d":"689,100.00"}]
[{"$nulls":3},"Map Kertas Folio",{"$nulls":8},{"v":300,"d":"300.00"},"Buah",{"v":2600,"d":"2,600.00"},{"v":780000,"d":"780,000.00"},null,{"v":780000,"d":"780,000.00"}]
[{"$nulls":3},"Tinta Printer Epson Standar (Black / Magenta / Yellow / Cyan)",{"$nulls":8},{"v":28,"d":"28.00"},"Buah",{"v":198300,"d":"198,300.00"},{"v":5552400,"d":"5,552,400.00"},null,{"v":5552400,"d":"5,552,400.00"}]
[{"$nulls":3},"Toner HP Laser Jet  (85A)",{"$nulls":8},{"v":1,"d":"1.00"},"Buah",{"v":1363300,"d":"1,363,300.00"},{"v":1363300,"d":"1,363,300.00"},null,{"v":1363300,"d":"1,363,300.00"}]
[{"$nulls":3},"Refill Toner Laser Jet 1000 Series",{"$nulls":8},{"v":2,"d":"2.00"},"Buah",{"v":278700,"d":"278,700.00"},{"v":557400,"d":"557,400.00"},null,{"v":557400,"d":"557,400.00"}]
[{"$nulls":3},"Ballpoint Biru",{"$nulls":8},{"v":16,"d":"16.00"},"Buah",{"v":29000,"d":"29,000.00"},{"v":464000,"d":"464,000.00"},null,{"v":464000,"d":"464,000.00"}]
[{"$nulls":3},"Map Ordner F / Extra / Kwarto",{"$nulls":8},{"v":12,"d":"12.00"},"Buah",{"v":35700,"d":"35,700.00"},{"v":428400,"d":"428,400.00"},null,{"v":428400,"d":"428,400.00"}]
[{"$nulls":3},"Ballpoint AE-7",{"$nulls":8},{"v":37,"d":"37.00"},"Buah",{"v":3700,"d":"3,700.00"},{"v":136900,"d":"136,900.00"},null,{"v":136900,"d":"136,900.00"}]
[{"$nulls":3},"Isi Steples Kangaroo No. 10",{"$nulls":8},{"v":8,"d":"8.00"},"Buah",{"v":9300,"d":"9,300.00"},{"v":74400,"d":"74,400.00"},null,{"v":74400,"d":"74,400.00"}]
[{"$nulls":3},"Isi Steples Max No.30",{"$nulls":8},{"v":7,"d":"7.00"},"Buah",{"v":6200,"d":"6,200.00"},{"v":43400,"d":"43,400.00"},null,{"v":43400,"d":"43,400.00"}]
["5.2.2.01.0004.",null,null,"Belanja perangko, materai dan benda pos",{"$nulls":11},{"v":1824000,"d":"1,824,000.00"},null,{"v":1824000,"d":"1,824,000.00"}]
[{"$nulls":3},"Materai 3000",{"$nulls":8},{"v":200,"d":"200.00"},"Lembar",{"v":3000,"d":"3,000.00"},{"v":600000,"d":"600,000.00"},null,{"v":600000,"d":"600,000.00"}]
[{"$nulls":3},"Materai 6000",{"$nulls":8},{"v":204,"d":"204.00"},"Lembar",{"v":6000,"d":"6,000.00"},{"v":1224000,"d":"1,224,000.00"},null,{"v":1224000,"d":"1,224,000.00"}]
["5.2.",null,null,"BELANJA LANGSUNG",{"$nulls":11},{"v":3010000,"d":"3,010,000.00"},null,{"v":3010000,"d":"3,010,000.00"}]
["5.2.2.",null,null,"BELANJA BARANG DAN JASA",{"$nulls":11},{"v":3010000,"d":"3,010,000.00"},null,{"v":3010000,"d":"3,010,000.00"}]
["5.2.2.06.",null,null,"Belanja Cetak dan Penggandaan",{"$nulls":11},{"v":3010000,"d":"3,010,000.00"},null,{"v":3010000,"d":"3,010,000.00"}]
["5.2.2.06.0002.",null,null,"Belanja Foto copy",{"$nulls":11},{"v":3010000,"d":"3,010,000.00"},null,{"v":3010000,"d":"3,010,000.00"}]
[{"$nulls":3},"Foto copy",{"$nulls":8},{"v":15050,"d":"15,050.00"},"lembar",{"v":200,"d":"200.00"},{"v":3010000,"d":"3,010,000.00"},null,{"v":3010000,"d":"3,010,000.00"}]
["5.2.",null,null,"BELANJA LANGSUNG",{"$nulls":11},{"v":1500000,"d":"1,500,000.00"},null,{"v":1500000,"d":"1,500,000.00"}]
["5.2.2.",null,null,"BELANJA BARANG DAN JASA",{"$nulls":11},{"v":1500000,"d":"1,500,000.00"},null,{"v":1500000,"d":"1,500,000.00"}]
["5.2.2.01.",null,null,"Belanja Bahan Pakai Habis",{"$nulls":11},{"v":1500000,"d":"1,500,000.00"},null,{"v":1500000,"d":"1,500,000.00"}]
["5.2.2.01.0003.",null,null,"Belanja alat listrik dan elektronik",{"$nulls":11},{"v":1500000,"d":"1,500,000.00"},null,{"v":1500000,"d":"1,500,000.00"}]
[{"$nulls":3},"ISOLASI",{"$nulls":8},{"v":4,"d":"4.00"},"Pcs",{"v":8300,"d":"8,300.00"},{"v":33200,"d":"33,200.00"},null,{"v":33200,"d":"33,200.00"}]
[{"$nulls":3},"LAMPU ESSENSIAL",{"$nulls":8},{"v":10,"d":"10.00"},"BUAH",{"v":74400,"d":"74,400.00"},{"v":744000,"d":"744,000.00"},null,{"v":744000,"d":"744,000.00"}]
["5.2.2.01.0003.",null,null,"Baterai",{"$nulls":8},{"v":10,"d":"10.00"},"Buah",{"v":39300,"d":"39,300.00"},{"v":393000,"d":"393,000.00"},null,{"v":393000,"d":"393,000.00"}]
[{"$nulls":3},"STOP KONTAK ARDE",{"$nulls":8},{"v":2,"d":"2.00"},"BUAH",{"v":25900,"d":"25,900.00"},{"v":51800,"d":"51,800.00"},null,{"v":51800,"d":"51,800.00"}]
[{"$nulls":3},"TESPEN /MEET/GENLITE",{"$nulls":8},{"v":1,"d":"1.00"},"BUAH",{"v":44500,"d":"44,500.00"},{"v":44500,"d":"44,500.00"},null,{"v":44500,"d":"44,500.00"}]
[{"$nulls":3},"CUK LISTRIK",{"$nulls":8},{"v":3,"d":"3.00"},"BUAH",{"v":14900,"d":"14,900.00"},{"v":44700,"d":"44,700.00"},null,{"v":44700,"d":"44,700.00"}]
[{"$nulls":3},"Kabel NYM 2 x 2,5 mm2",{"$nulls":8},{"v":8,"d":"8.00"},"Meter",{"v":16600,"d":"16,600.00"},{"v":132800,"d":"132,800.00"},null,{"v":132800,"d":"132,800.00"}]
[{"$nulls":3},"KLEM IMUNDEK",{"$nulls":8},{"v":2,"d":"2.00"},"BUAH",{"v":25900,"d":"25,900.00"},{"v":51800,"d":"51,800.00"},null,{"v":51800,"d":"51,800.00"}]
[{"$nulls":3},"Baterai",{"$nulls":8},{"v":1,"d":"1.00"},"Buah",{"v":4200,"d":"4,200.00"},{"v":4200,"d":"4,200.00"},null,{"v":4200,"d":"4,200.00"}]
["5.2.",null,null,"BELANJA LANGSUNG",{"$nulls":11},{"v":500000,"d":"500,000.00"},null,{"v":500000,"d":"500,000.00"}]
["5.2.3.",null,null,"BELANJA MODAL",{"$nulls":11},{"v":500000,"d":"500,000.00"},null,{"v":500000,"d":"500,000.00"}]
["5.2.3.09.",null,null,"Belanja Modal Pengadaan Alat-alat Pengolahan Pertanian dan Peternakan",{"$nulls":11},{"v":500000,"d":"500,000.00"},null,{"v":500000,"d":"500,000.00"}]
["5.2.3.09.0006.",null,null,"Belanja modal pengadaan peralatan perikanan",{"$nulls":11},{"v":500000,"d":"500,000.00"},null,{"v":500000,"d":"500,000.00"}]
[{"$nulls":3},"Pompa aquarium",{"$nulls":8},{"v":1,"d":"1.00"},"Buah",{"v":500000,"d":"500,000.00"},{"v":500000,"d":"500,000.00"},null,{"v":500000,"d":"500,000.00"}]
["5.2.",null,null,"BELANJA LANGSUNG",{"$nulls":11},{"v":6200000,"d":"6,200,000.00"},null,{"v":6200000,"d":"6,200,000.00"}]
["5.2.2.",null,null,"BELANJA BARANG DAN JASA",{"$nulls":11},{"v":6200000,"d":"6,200,000.00"},null,{"v":6200000,"d":"6,200,000.00"}]
["5.2.2.03.",null,null,"Belanja Jasa Kantor",{"$nulls":11},{"v":6200000,"d":"6,200,000.00"},null,{"v":6200000,"d":"6,200,000.00"}]
["5.2.2.03.0005.",null,null,"Belanja surat kabar/majalah",{"$nulls":11},{"v":6200000,"d":"6,200,000.00"},null,{"v":6200000,"d":"6,200,000.00"}]
[{"$nulls":3},"Surat Kabar",{"$nulls":8},{"v":1,"d":"1.00"},"Tahun",{"v":6200000,"d":"6,200,000.00"},{"v":6200000,"d":"6,200,000.00"},null,{"v":6200000,"d":"6,200,000.00"}]
["5.2.",null,null,"BELANJA LANGSUNG",{"$nulls":11},{"v":47868400,"d":"47,868,400.00"},null,{"v":47868400,"d":"47,868,400.00"}]
["5.2.2.",null,null,"BELANJA BARANG DAN JASA",{"$nulls":11},{"v":47868400,"d":"47,868,400.00"},null,{"v":47868400,"d":"47,868,400.00"}]
["5.2.2.11.",null,null,"Belanja Makanan dan  Minuman",{"$nulls":11},{"v":47868400,"d":"47,868,400.00"},null,{"v":47868400,"d":"47,868,400.00"}]
["5.2.2.11.0001.",null,null,"Belanja makanan dan minuman harian pegawai",{"$nulls":11},{"v":1868400,"d":"1,868,400.00"},null,{"v":1868400,"d":"1,868,400.00"}]
[{"$nulls":3},"Gula Pasir",{"$nulls":8},{"v":10,"d":"10.00"},"Kg",{"v":15600,"d":"15,600.00"},{"v":156000,"d":"156,000.00"},null,{"v":156000,"d":"156,000.00"}]
[{"$nulls":3},"Teh Celup",{"$nulls":8},{"v":3,"d":"3.00"},"Kotak",{"v":7200,"d":"7,200.00"},{"v":21600,"d":"21,600.00"},null,{"v":21600,"d":"21,600.00"}]
[{"$nulls":3},"Air Mineral Gelas",{"$nulls":8},{"v":32,"d":"32.00"},"Galon",{"v":25000,"d":"25,000.00"},{"v":800000,"d":"800,000.00"},null,{"v":800000,"d":"800,000.00"}]
[]
["5.2.2.11.0001.",null,null,"Kopi Bubuk",{"$nulls":8},{"v":12,"d":"12.00"},"Kg",{"v":35900,"d":"35,900.00"},{"v":430800,"d":"430,800.00"},null,{"v":430800,"d":"430,800.00"}]
[{"$nulls":3},"Roti Kaleng",{"$nulls":8},{"v":4,"d":"4.00"},"Kaleng",{"v":115000,"d":"115,000.00"},{"v":460000,"d":"460,000.00"},null,{"v":460000,"d":"460,000.00"}]
["5.2.2.11.0002.",null,null,"Belanja makanan dan minuman rapat",{"$nulls":11},{"v":28000000,"d":"28,000,000.00"},null,{"v":28000000,"d":"28,000,000.00"}]
[{"$nulls":3},"Nasi Kotak",{"$nulls":8},{"v":500,"d":"500.00"},"kotak",{"v":40000,"d":"40,000.00"},{"v":20000000,"d":"20,000,000.00"},null,{"v":20000000,"d":"20,000,000.00"}]
[{"$nulls":3},"Snack",{"$nulls":8},{"v":500,"d":"500.00"},"kotak",{"v":16000,"d":"16,000.00"},{"v":8000000,"d":"8,000,000.00"},null,{"v":8000000,"d":"8,000,000.00"}]
["5.2.2.11.0003.",null,null,"Belanja makanan dan minuman tamu",{"$nulls":11},{"v":18000000,"d":"18,000,000.00"},null,{"v":18000000,"d":"18,000,000.00"}]
[{"$nulls":3},"Prasmanan",{"$nulls":8},{"v":300,"d":"300.00"},"porsi",{"v":60000,"d":"60,000.00"},{"v":18000000,"d":"18,000,000.00"},null,{"v":18000000,"d":"18,000,000.00"}]
["5.2.",null,null,"BELANJA LANGSUNG",{"$nulls":11},{"v":119535900,"d":"119,535,900.00"},null,{"v":119535900,"d":"119,535,900.00"}]
["5.2.2.",null,null,"BELANJA BARANG DAN JASA",{"$nulls":11},{"v":119535900,"d":"119,535,900.00"},null,{"v":119535900,"d":"119,535,900.00"}]
["5.2.2.03.",null,null,"Belanja Jasa Kantor",{"$nulls":11},{"v":69600000,"d":"69,600,000.00"},null,{"v":69600000,"d":"69,600,000.00"}]
["5.2.2.03.0012.",null,null,"Belanja Jasa Tenaga kerja",{"$nulls":11},{"v":69600000,"d":"69,600,000.00"},null,{"v":69600000,"d":"69,600,000.00"}]
[{"$nulls":3},"JasaTenaga Kontrak sebagai Sopir Eselon II",{"$nulls":8},{"v":12,"d":"12.00"},"OB",{"v":2200000,"d":"2,200,000.00"},{"v":26400000,"d":"26,400,000.00"},null,{"v":26400000,"d":"26,400,000.00"}]
[{"$nulls":3},"Jasa Tenaga Kontrak sebagai Sopir Umum",{"$nulls":8},{"v":24,"d":"24.00"},"OB",{"v":1800000,"d":"1,800,000.00"},{"v":43200000,"d":"43,200,000.00"},null,{"v":43200000,"d":"43,200,000.00"}]
["5.2.2.15.",null,null,"Belanja Perjalanan Dinas",{"$nulls":11},{"v":49935900,"d":"49,935,900.00"},null,{"v":49935900,"d":"49,935,900.00"}]
["5.2.2.15.0002.",null,null,"Belanja perjalanan dinas luar daerah",{"$nulls":11},{"v":49935900,"d":"49,935,900.00"},null,{"v":49935900,"d":"49,935,900.00"}]
[{"$nulls":3},"Perjalanan Dinas Luar Daerah",{"$nulls":8},{"v":1,"d":"1.00"},"Tahun",{"v":49935900,"d":"49,935,900.00"},{"v":49935900,"d":"49,935,900.00"},null,{"v":49935900,"d":"49,935,900.00"}]
["5.2.",null,null,"BELANJA LANGSUNG",{"$nulls":11},{"v":198496000,"d":"198,496,000.00"},null,{"v":198496000,"d":"198,496,000.00"}]
["5.2.2.",null,null,"BELANJA BARANG DAN JASA",{"$nulls":11},{"v":198496000,"d":"198,496,000.00"},null,{"v":198496000,"d":"198,496,000.00"}]
["5.2.2.03.",null,null,"Belanja Jasa Kantor",{"$nulls":11},{"v":196896000,"d":"196,896,000.00"},null,{"v":196896000,"d":"196,896,000.00"}]
["5.2.2.03.0012.",null,null,"Belanja Jasa Tenaga kerja",{"$nulls":11},{"v":196896000,"d":"196,896,000.00"},null,{"v":196896000,"d":"196,896,000.00"}]
[{"$nulls":3},"Jasa Tenaga Kontrak sebagai Tenaga Administrasi Umum",{"$nulls":8},{"v":36,"d":"36.00"},"OB",{"v":1700000,"d":"1,700,000.00"},{"v":61200000,"d":"61,200,000.00"},null,{"v":61200000,"d":"61,200,000.00"}]
[{"$nulls":3},"Jasa Tenaga Kontrak sebagai Tenaga Administrasi Umum",{"$nulls":8},{"v":12,"d":"12.00"},"OB",{"v":1800000,"d":"1,800,000.00"},{"v":21600000,"d":"21,600,000.00"},null,{"v":21600000,"d":"21,600,000.00"}]
["5.2.2.03.0012.",null,null,"Jasa Tenaga Kontrak sebagai Operator Sistem (SIMPEG)",{"$nulls":8},{"v":12,"d":"12.00"},"OB",{"v":1900000,"d":"1,900,000.00"},{"v":22800000,"d":"22,800,000.00"},null,{"v":22800000,"d":"22,800,000.00"}]
[{"$nulls":3},"Jasa Tenaga Kontrak sebagai Satpam/Penjaga Malam",{"$nulls":8},{"v":24,"d":"24.00"},"OB",{"v":1904000,"d":"1,904,000.00"},{"v":45696000,"d":"45,696,000.00"},null,{"v":45696000,"d":"45,696,000.00"}]
[{"$nulls":3},"Jasa Tenaga Kontrak sebagai Operator Kepegawaian",{"$nulls":8},{"v":12,"d":"12.00"},"OB",{"v":2000000,"d":"2,000,000.00"},{"v":24000000,"d":"24,000,000.00"},null,{"v":24000000,"d":"24,000,000.00"}]
[{"$nulls":3},"Jasa Tenaga Kontrak sebagai Sopir Umum",{"$nulls":8},{"v":12,"d":"12.00"},"OB",{"v":1800000,"d":"1,800,000.00"},{"v":21600000,"d":"21,600,000.00"},null,{"v":21600000,"d":"21,600,000.00"}]
["5.2.2.06.",null,null,"Belanja Cetak dan Penggandaan",{"$nulls":11},{"v":1600000,"d":"1,600,000.00"},null,{"v":1600000,"d":"1,600,000.00"}]
["5.2.2.06.0002.",null,null,"Belanja Foto copy",{"$nulls":11},{"v":1600000,"d":"1,600,000.00"},null,{"v":1600000,"d":"1,600,000.00"}]
[{"$nulls":3},"Foto copy",{"$nulls":8},{"v":8000,"d":"8,000.00"},"lembar",{"v":200,"d":"200.00"},{"v":1600000,"d":"1,600,000.00"},null,{"v":1600000,"d":"1,600,000.00"}]
["5.2.",null,null,"BELANJA LANGSUNG",{"$nulls":11},{"v":83728000,"d":"83,728,000.00"},null,{"v":83728000,"d":"83,728,000.00"}]
["5.2.2.",null,null,"BELANJA BARANG DAN JASA",{"$nulls":11},{"v":83728000,"d":"83,728,000.00"},null,{"v":83728000,"d":"83,728,000.00"}]
["5.2.2.01.",null,null,"Belanja Bahan Pakai Habis",{"$nulls":11},{"v":78728000,"d":"78,728,000.00"},null,{"v":78728000,"d":"78,728,000.00"}]
["5.2.2.01.0011.",null,null,"Belanja Cinderamata Patung, Pandel & Tropy",{"$nulls":11},{"v":1800000,"d":"1,800,000.00"},null,{"v":1800000,"d":"1,800,000.00"}]
[{"$nulls":3},"Cinderamata patung",{"$nulls":8},{"v":3,"d":"3.00"},"Buah",{"v":600000,"d":"600,000.00"},{"v":1800000,"d":"1,800,000.00"},null,{"v":1800000,"d":"1,800,000.00"}]
["5.2.2.01.0013.",null,null,"Belanja Sesajen",{"$nulls":11},{"v":70928000,"d":"70,928,000.00"},null,{"v":70928000,"d":"70,928,000.00"}]
["5.2.2.01.0013.",null,null,"Banten sehari-hari",{"$nulls":8},{"v":360,"d":"360.00"},"Upakara",{"v":15000,"d":"15,000.00"},{"v":5400000,"d":"5,400,000.00"},null,{"v":5400000,"d":"5,400,000.00"}]
[{"$nulls":3},"Banten Purnama",{"$nulls":8},{"v":13,"d":"13.00"},"Upakara",{"v":500000,"d":"500,000.00"},{"v":6500000,"d":"6,500,000.00"},null,{"v":6500000,"d":"6,500,000.00"}]
[{"$nulls":3},"Banten Tilem",{"$nulls":8},{"v":12,"d":"12.00"},"Upakara",{"v":500000,"d":"500,000.00"},{"v":6000000,"d":"6,000,000.00"},null,{"v":6000000,"d":"6,000,000.00"}]
[{"$nulls":3},"Hari-hari besar Hindu",{"$nulls":8},{"v":6,"d":"6.00"},"Upakara",{"v":1000000,"d":"1,000,000.00"},{"v":6000000,"d":"6,000,000.00"},null,{"v":6000000,"d":"6,000,000.00"}]
[{"$nulls":3},"Banten pejatian",{"$nulls":8},{"v":24,"d":"24.00"},"Upakara",{"v":350000,"d":"350,000.00"},{"v":8400000,"d":"8,400,000.00"},null,{"v":8400000,"d":"8,400,000.00"}]
[{"$nulls":3},"Dupa Harum",{"$nulls":8},{"v":24,"d":"24.00"},"Bungkus",{"v":60000,"d":"60,000.00"},{"v":1440000,"d":"1,440,000.00"},null,{"v":1440000,"d":"1,440,000.00"}]
[{"$nulls":3},"Banten Tumpek Landep",{"$nulls":8},{"v":1,"d":"1.00"},"Upakara",{"v":2700000,"d":"2,700,000.00"},{"v":2700000,"d":"2,700,000.00"},null,{"v":2700000,"d":"2,700,000.00"}]
[{"$nulls":3},"Banten Caru Tawur Kesanga",{"$nulls":8},{"v":1,"d":"1.00"},"Upakara",{"v":1488000,"d":"1,488,000.00"},{"v":1488000,"d":"1,488,000.00"},null,{"v":1488000,"d":"1,488,000.00"}]
[{"$nulls":3},"Banten Piodalan alit",{"$nulls":8},{"v":2,"d":"2.00"},"Paket",{"v":11000000,"d":"11,000,000.00"},{"v":22000000,"d":"22,000,000.00"},null,{"v":22000000,"d":"22,000,000.00"}]
[{"$nulls":3},"Banten Piodalan Ageng",{"$nulls":8},{"v":1,"d":"1.00"},"paket",{"v":10000000,"d":"10,000,000.00"},{"v":10000000,"d":"10,000,000.00"},null,{"v":10000000,"d":"10,000,000.00"}]
[{"$nulls":3},"Banten Buda Wage klawu",{"$nulls":8},{"v":1,"d":"1.00"},"Paket",{"v":1000000,"d":"1,000,000.00"},{"v":1000000,"d":"1,000,000.00"},null,{"v":1000000,"d":"1,000,000.00"}]
["5.2.2.01.0015.",null,null,"Belanja bahan kelengkapan upacara",{"$nulls":11},{"v":6000000,"d":"6,000,000.00"},null,{"v":6000000,"d":"6,000,000.00"}]
[{"$nulls":3},"Bahan kelengkapan upacara",{"$nulls":8},{"v":1,"d":"1.00"},"Paket",{"v":6000000,"d":"6,000,000.00"},{"v":6000000,"d":"6,000,000.00"},null,{"v":6000000,"d":"6,000,000.00"}]
["5.2.2.03.",null,null,"Belanja Jasa Kantor",{"$nulls":11},{"v":5000000,"d":"5,000,000.00"},null,{"v":5000000,"d":"5,000,000.00"}]
["5.2.2.03.0020.",null,null,"Belanja Jasa Kesenian",{"$nulls":11},{"v":5000000,"d":"5,000,000.00"},null,{"v":5000000,"d":"5,000,000.00"}]
[{"$nulls":3},"Sewa gong beserta penabuh",{"$nulls":8},{"v":1,"d":"1.00"},"kali",{"v":3500000,"d":"3,500,000.00"},{"v":3500000,"d":"3,500,000.00"},null,{"v":3500000,"d":"3,500,000.00"}]
[{"$nulls":3},"Jasa penari",{"$nulls":8},{"v":1,"d":"1.00"},"kali",{"v":1500000,"d":"1,500,000.00"},{"v":1500000,"d":"1,500,000.00"},null,{"v":1500000,"d":"1,500,000.00"}]
["5.2.",null,null,"BELANJA LANGSUNG",{"$nulls":11},{"v":90000000,"d":"90,000,000.00"},null,{"v":90000000,"d":"90,000,000.00"}]
["5.2.2.",null,null,"BELANJA BARANG DAN JASA",{"$nulls":11},{"v":90000000,"d":"90,000,000.00"},null,{"v":90000000,"d":"90,000,000.00"}]
["5.2.2.20.",null,null,"Belanja Pemeliharaan",{"$nulls":11},{"v":90000000,"d":"90,000,000.00"},null,{"v":90000000,"d":"90,000,000.00"}]
["5.2.2.20.0003.",null,null,"Belanja Pemeliharaan Gedung/Lingkungan Kantor",{"$nulls":11},{"v":90000000,"d":"90,000,000.00"},null,{"v":90000000,"d":"90,000,000.00"}]
[{"$nulls":3},"Pemeliharaan Gedung/lingkungan Kantor",{"$nulls":8},{"v":1,"d":"1.00"},"Tahun",{"v":90000000,"d":"90,000,000.00"},{"v":90000000,"d":"90,000,000.00"},null,{"v":90000000,"d":"90,000,000.00"}]
["5.2.",null,null,"BELANJA LANGSUNG",{"$nulls":11},{"v":90800000,"d":"90,800,000.00"},null,{"v":90800000,"d":"90,800,000.00"}]
["5.2.2.",null,null,"BELANJA BARANG DAN JASA",{"$nulls":11},{"v":90800000,"d":"90,800,000.00"},null,{"v":90800000,"d":"90,800,000.00"}]
["5.2.2.03.",null,null,"Belanja Jasa Kantor",{"$nulls":11},{"v":20400000,"d":"20,400,000.00"},null,{"v":20400000,"d":"20,400,000.00"}]
["5.2.2.03.0012.",null,null,"Belanja Jasa Tenaga kerja",{"$nulls":11},{"v":20400000,"d":"20,400,000.00"},null,{"v":20400000,"d":"20,400,000.00"}]
[{"$nulls":3},"Jasa Tenaga Kontrak Sebagai Tenaga Administrasi Umum",{"$nulls":8},{"v":12,"d":"12.00"},"OB",{"v":1700000,"d":"1,700,000.00"},{"v":20400000,"d":"20,400,000.00"},null,{"v":20400000,"d":"20,400,000.00"}]
["5.2.2.05.",null,null,"Belanja Perawatan Kendaraan Bermotor",{"$nulls":11},{"v":51000000,"d":"51,000,000.00"},null,{"v":51000000,"d":"51,000,000.00"}]
["5.2.2.05.0001.",null,null,"Belanja Jasa Service",{"$nulls":11},{"v":13000000,"d":"13,000,000.00"},null,{"v":13000000,"d":"13,000,000.00"}]
[{"$nulls":3},"Service Roda Empat",{"$nulls":8},{"v":1,"d":"1.00"},"Tahun",{"v":13000000,"d":"13,000,000.00"},{"v":13000000,"d":"13,000,000.00"},null,{"v":13000000,"d":"13,000,000.00"}]
["5.2.2.05.0002.",null,null,"Belanja Penggantian Suku Cadang",{"$nulls":11},{"v":25000000,"d":"25,000,000.00"},null,{"v":25000000,"d":"25,000,000.00"}]
[{"$nulls":3},"Suku Cadang Roda Empat",{"$nulls":8},{"v":1,"d":"1.00"},"Tahun",{"v":25000000,"d":"25,000,000.00"},{"v":25000000,"d":"25,000,000.00"},null,{"v":25000000,"d":"25,000,000.00"}]
["5.2.2.05.0008.",null,null,"Belanja Pelumas",{"$nulls":11},{"v":13000000,"d":"13,000,000.00"},null,{"v":13000000,"d":"13,000,000.00"}]
[{"$nulls":3},"Pelumas Roda Empat",{"$nulls":8},{"v":1,"d":"1.00"},"Tahun",{"v":13000000,"d":"13,000,000.00"},{"v":13000000,"d":"13,000,000.00"},null,{"v":13000000,"d":"13,000,000.00"}]
["5.2.2.32.",null,null,"Belanja Operasional Kendaraan",{"$nulls":11},{"v":19400000,"d":"19,400,000.00"},null,{"v":19400000,"d":"19,400,000.00"}]
["5.2.2.32.0001.",null,null,"Belanja Bahan Bakar Minyak",{"$nulls":11},{"v":19400000,"d":"19,400,000.00"},null,{"v":19400000,"d":"19,400,000.00"}]
[{"$nulls":3},"Bahan Bakar Minyak",{"$nulls":8},{"v":1,"d":"1.00"},"Tahun",{"v":19400000,"d":"19,400,000.00"},{"v":19400000,"d":"19,400,000.00"},null,{"v":19400000,"d":"19,400,000.00"}]
["5.2.",null,null,"BELANJA LANGSUNG",{"$nulls":11},{"v":13000000,"d":"13,000,000.00"},null,{"v":13000000,"d":"13,000,000.00"}]
["5.2.2.",null,null,"BELANJA BARANG DAN JASA",{"$nulls":11},{"v":13000000,"d":"13,000,000.00"},null,{"v":13000000,"d":"13,000,000.00"}]
["5.2.2.20.",null,null,"Belanja Pemeliharaan",{"$nulls":11},{"v":13000000,"d":"13,000,000.00"},null,{"v":13000000,"d":"13,000,000.00"}]
["5.2.2.20.0004.",null,null,"Belanja Pemeliharaan Peralatan dan Perlengkapan Kantor",{"$nulls":11},{"v":13000000,"d":"13,000,000.00"},null,{"v":13000000,"d":"13,000,000.00"}]
[{"$nulls":3},"Pemeliharaan AC",{"$nulls":8},{"v":1,"d":"1.00"},"Tahun",{"v":13000000,"d":"13,000,000.00"},{"v":13000000,"d":"13,000,000.00"},null,{"v":13000000,"d":"13,000,000.00"}]
["5.2.",null,null,"BELANJA LANGSUNG",{"$nulls":11},{"v":7000000,"d":"7,000,000.00"},null,{"v":7000000,"d":"7,000,000.00"}]
["5.2.2.",null,null,"BELANJA BARANG DAN JASA",{"$nulls":11},{"v":7000000,"d":"7,000,000.00"},null,{"v":7000000,"d":"7,000,000.00"}]
["5.2.2.20.",null,null,"Belanja Pemeliharaan",{"$nulls":11},{"v":7000000,"d":"7,000,000.00"},null,{"v":7000000,"d":"7,000,000.00"}]
["5.2.2.20.0004.",null,null,"Belanja Pemeliharaan Peralatan dan Perlengkapan Kantor",{"$nulls":11},{"v":7000000,"d":"7,000,000.00"},null,{"v":7000000,"d":"7,000,000.00"}]
[{"$nulls":3},"Pemeliharaan Komputer",{"$nulls":8},{"v":1,"d":"1.00"},"Tahun",{"v":3000000,"d":"3,000,000.00"},{"v":3000000,"d":"3,000,000.00"},null,{"v":3000000,"d":"3,000,000.00"}]
["5.2.2.20.0004.",null,null,"Pemeliharaan printer",{"$nulls":8},{"v":1,"d":"1.00"},"Tahun",{"v":2000000,"d":"2,000,000.00"},{"v":2000000,"d":"2,000,000.00"},null,{"v":2000000,"d":"2,000,000.00"}]
[{"$nulls":3},"Pemeliharaan Laptop",{"$nulls":8},{"v":1,"d":"1.00"},"Tahun",{"v":2000000,"d":"2,000,000.00"},{"v":2000000,"d":"2,000,000.00"},null,{"v":2000000,"d":"2,000,000.00"}]
["5.2.",null,null,"BELANJA LANGSUNG",{"$nulls":11},{"v":105116800,"d":"105,116,800.00"},null,{"v":105116800,"d":"105,116,800.00"}]
["5.2.2.",null,null,"BELANJA BARANG DAN JASA",{"$nulls":11},{"v":105116800,"d":"105,116,800.00"},null,{"v":105116800,"d":"105,116,800.00"}]
["5.2.2.03.",null,null,"Belanja Jasa Kantor",{"$nulls":11},{"v":104400000,"d":"104,400,000.00"},null,{"v":104400000,"d":"104,400,000.00"}]
["5.2.2.03.0012.",null,null,"Belanja Jasa Tenaga kerja",{"$nulls":11},{"v":104400000,"d":"104,400,000.00"},null,{"v":104400000,"d":"104,400,000.00"}]
[{"$nulls":3},"Jasa Tenaga Kontrak sebagai Tenaga Administrasi Umum",{"$nulls":8},{"v":48,"d":"48.00"},"OB",{"v":1700000,"d":"1,700,000.00"},{"v":81600000,"d":"81,600,000.00"},null,{"v":81600000,"d":"81,600,000.00"}]
["5.2.2.03.0012.",null,null,"Jasa Tenaga Kontrak sebagai Operator Aplikasi Inventory",{"$nulls":8},{"v":12,"d":"12.00"},"OB",{"v":1900000,"d":"1,900,000.00"},{"v":22800000,"d":"22,800,000.00"},null,{"v":22800000,"d":"22,800,000.00"}]
["5.2.2.06.",null,null,"Belanja Cetak dan Penggandaan",{"$nulls":11},{"v":716800,"d":"716,800.00"},null,{"v":716800,"d":"716,800.00"}]
["5.2.2.06.0002.",null,null,"Belanja Foto copy",{"$nulls":11},{"v":716800,"d":"716,800.00"},null,{"v":716800,"d":"716,800.00"}]
[{"$nulls":3},"Foto copy",{"$nulls":8},{"v":3584,"d":"3,584.00"},"lembar",{"v":200,"d":"200.00"},{"v":716800,"d":"716,800.00"},null,{"v":716800,"d":"716,800.00"}]
["5.2.",null,null,"BELANJA LANGSUNG",{"$nulls":11},{"v":7100000,"d":"7,100,000.00"},null,{"v":7100000,"d":"7,100,000.00"}]
["5.2.2.",null,null,"BELANJA BARANG DAN JASA",{"$nulls":11},{"v":7100000,"d":"7,100,000.00"},null,{"v":7100000,"d":"7,100,000.00"}]
["5.2.2.03.",null,null,"Belanja Jasa Kantor",{"$nulls":11},{"v":7100000,"d":"7,100,000.00"},null,{"v":7100000,"d":"7,100,000.00"}]
["5.2.2.03.0016.",null,null,"Belanja Jasa Publikasi",{"$nulls":11},{"v":1000000,"d":"1,000,000.00"},null,{"v":1000000,"d":"1,000,000.00"}]
["5.2.2.03.0016.",null,null,"Jasa Publikasi",{"$nulls":8},{"v":1,"d":"1.00"},"Tahun",{"v":1000000,"d":"1,000,000.00"},{"v":1000000,"d":"1,000,000.00"},null,{"v":1000000,"d":"1,000,000.00"}]
["5.2.2.03.0025.",null,null,"Belanja Jasa pihak ketiga",{"$nulls":11},{"v":1600000,"d":"1,600,000.00"},null,{"v":1600000,"d":"1,600,000.00"}]
[{"$nulls":3},"Belanja Jasa Tata Rias/Salon",{"$nulls":8},{"v":1,"d":"1.00"},"Tahun",{"v":1600000,"d":"1,600,000.00"},{"v":1600000,"d":"1,600,000.00"},null,{"v":1600000,"d":"1,600,000.00"}]
["5.2.2.03.0027.",null,null,"Belanja jasa tenaga ahli/instruktur/narasumber",{"$nulls":11},{"v":4500000,"d":"4,500,000.00"},null,{"v":4500000,"d":"4,500,000.00"}]
[{"$nulls":3},"Honorarium Instruktur Senam",{"$nulls":8},{"v":15,"d":"15.00"},"OJ",{"v":300000,"d":"300,000.00"},{"v":4500000,"d":"4,500,000.00"},null,{"v":4500000,"d":"4,500,000.00"}]
["5.2.",null,null,"BELANJA LANGSUNG",{"$nulls":11},{"v":10000000,"d":"10,000,000.00"},null,{"v":10000000,"d":"10,000,000.00"}]
["5.2.2.",null,null,"BELANJA BARANG DAN JASA",{"$nulls":11},{"v":10000000,"d":"10,000,000.00"},null,{"v":10000000,"d":"10,000,000.00"}]
["5.2.2.12.",null,null,"Belanja Pakaian Dinas dan Atributnya",{"$nulls":11},{"v":10000000,"d":"10,000,000.00"},null,{"v":10000000,"d":"10,000,000.00"}]
["5.2.2.12.0002.",null,null,"Belanja Pakaian Sipil Harian (PSH)",{"$nulls":11},{"v":2700000,"d":"2,700,000.00"},null,{"v":2700000,"d":"2,700,000.00"}]
[{"$nulls":3},"Pengadaan Kain Pakaian Sipil Harian (PSH)",{"$nulls":8},{"v":1,"d":"1.00"},"Tahun",{"v":2700000,"d":"2,700,000.00"},{"v":2700000,"d":"2,700,000.00"},null,{"v":2700000,"d":"2,700,000.00"}]
["5.2.2.12.0007.",null,null,"Belanja Atribut Pakaian Dinas",{"$nulls":11},{"v":7300000,"d":"7,300,000.00"},null,{"v":7300000,"d":"7,300,000.00"}]
[]
["5.2.2.12.0007.",null,null,"Name Tag",{"$nulls":8},{"v":146,"d":"146.00"},"Buah",{"v":50000,"d":"50,000.00"},{"v":7300000,"d":"7,300,000.00"},null,{"v":7300000,"d":"7,300,000.00"}]
["5.2.",null,null,"BELANJA LANGSUNG",{"$nulls":11},{"v":31800000,"d":"31,800,000.00"},null,{"v":31800000,"d":"31,800,000.00"}]
["5.2.2.",null,null,"BELANJA BARANG DAN JASA",{"$nulls":11},{"v":31800000,"d":"31,800,000.00"},null,{"v":31800000,"d":"31,800,000.00"}]
["5.2.2.14.",null,null,"Belanja Pakaian khusus dan hari-hari tertentu",{"$nulls":11},{"v":31800000,"d":"31,800,000.00"},null,{"v":31800000,"d":"31,800,000.00"}]
["5.2.2.14.0003.",null,null,"Belanja pakaian batik tradisional/Endek tradisional",{"$nulls":11},{"v":10000000,"d":"10,000,000.00"},null,{"v":10000000,"d":"10,000,000.00"}]
[{"$nulls":3},"Pakaian Endek",{"$nulls":8},{"v":4,"d":"4.00"},"Stel",{"v":2500000,"d":"2,500,000.00"},{"v":10000000,"d":"10,000,000.00"},null,{"v":10000000,"d":"10,000,000.00"}]
["5.2.2.14.0004.",null,null,"Belanja pakaian olah raga",{"$nulls":11},{"v":21800000,"d":"21,800,000.00"},null,{"v":21800000,"d":"21,800,000.00"}]
["5.2.2.14.0004.",null,null,"- Pakaian Senam",{"$nulls":8},{"v":11,"d":"11.00"},"Stel",{"v":700000,"d":"700,000.00"},{"v":7700000,"d":"7,700,000.00"},null,{"v":7700000,"d":"7,700,000.00"}]
[{"$nulls":3},"- Pakaian Futsal",{"$nulls":8},{"v":11,"d":"11.00"},"Stel",{"v":600000,"d":"600,000.00"},{"v":6600000,"d":"6,600,000.00"},null,{"v":6600000,"d":"6,600,000.00"}]
[{"$nulls":3},"- Pakaian Olahraga",{"$nulls":8},{"v":25,"d":"25.00"},"Stel",{"v":300000,"d":"300,000.00"},{"v":7500000,"d":"7,500,000.00"},null,{"v":7500000,"d":"7,500,000.00"}]
[]
["5.2.",null,null,"BELANJA LANGSUNG",{"$nulls":11},{"v":5000000,"d":"5,000,000.00"},null,{"v":5000000,"d":"5,000,000.00"}]
["5.2.2.",null,null,"BELANJA BARANG DAN JASA",{"$nulls":11},{"v":5000000,"d":"5,000,000.00"},null,{"v":5000000,"d":"5,000,000.00"}]
["5.2.2.17.",null,null,"Belanja kursus, pelatihan, sosialisasi dan bimbingan teknis PNS",{"$nulls":11},{"v":5000000,"d":"5,000,000.00"},null,{"v":5000000,"d":"5,000,000.00"}]
["5.2.2.17.0006.",null,null,"Belanja Kontribusi",{"$nulls":11},{"v":5000000,"d":"5,000,000.00"},null,{"v":5000000,"d":"5,000,000.00"}]
[{"$nulls":3},"Belanja Kontribusi Bimtek",{"$nulls":8},{"v":1,"d":"1.00"},"Tahun",{"v":5000000,"d":"5,000,000.00"},{"v":5000000,"d":"5,000,000.00"},null,{"v":5000000,"d":"5,000,000.00"}]
["5.2.",null,null,"BELANJA LANGSUNG",{"$nulls":11},{"v":85305900,"d":"85,305,900.00"},null,{"v":85305900,"d":"85,305,900.00"}]
["5.2.2.",null,null,"BELANJA BARANG DAN JASA",{"$nulls":11},{"v":85305900,"d":"85,305,900.00"},null,{"v":85305900,"d":"85,305,900.00"}]
["5.2.2.01.",null,null,"Belanja Bahan Pakai Habis",{"$nulls":11},{"v":3699000,"d":"3,699,000.00"},null,{"v":3699000,"d":"3,699,000.00"}]
["5.2.2.01.0001.",null,null,"Belanja alat tulis kantor",{"$nulls":11},{"v":3459000,"d":"3,459,000.00"},null,{"v":3459000,"d":"3,459,000.00"}]
[{"$nulls":3},"Kertas HVS 70 gr Folio Sidu",{"$nulls":8},{"v":10,"d":"10.00"},"Rim",{"v":79600,"d":"79,600.00"},{"v":796000,"d":"796,000.00"},null,{"v":796000,"d":"796,000.00"}]
[{"$nulls":3},"Kertas HVS 60 gr Folio 500",{"$nulls":8},{"v":10,"d":"10.00"},"Rim",{"v":69800,"d":"69,800.00"},{"v":698000,"d":"698,000.00"},null,{"v":698000,"d":"698,000.00"}]
["5.2.2.01.0001.",null,null,"Tinta Printer Epson Standar (Black / Magenta / Yellow / Cyan)",{"$nulls":8},{"v":8,"d":"8.00"},"Buah",{"v":198300,"d":"198,300.00"},{"v":1586400,"d":"1,586,400.00"},null,{"v":1586400,"d":"1,586,400.00"}]
[{"$nulls":3},"Map Ordner F / Extra / Kwarto",{"$nulls":8},{"v":8,"d":"8.00"},"Buah",{"v":35700,"d":"35,700.00"},{"v":285600,"d":"285,600.00"},null,{"v":285600,"d":"285,600.00"}]
[{"$nulls":3},"Isi Steples Kangaroo No. 10",{"$nulls":8},{"v":10,"d":"10.00"},"Buah",{"v":9300,"d":"9,300.00"},{"v":93000,"d":"93,000.00"},null,{"v":93000,"d":"93,000.00"}]
["5.2.2.01.0004.",null,null,"Belanja perangko, materai dan benda pos",{"$nulls":11},{"v":240000,"d":"240,000.00"},null,{"v":240000,"d":"240,000.00"}]
[{"$nulls":3},"Materai 3000",{"$nulls":8},{"v":20,"d":"20.00"},"Lembar",{"v":3000,"d":"3,000.00"},{"v":60000,"d":"60,000.00"},null,{"v":60000,"d":"60,000.00"}]
[{"$nulls":3},"Materai 6000",{"$nulls":8},{"v":30,"d":"30.00"},"Lembar",{"v":6000,"d":"6,000.00"},{"v":180000,"d":"180,000.00"},null,{"v":180000,"d":"180,000.00"}]
["5.2.2.03.",null,null,"Belanja Jasa Kantor",{"$nulls":11},{"v":69600000,"d":"69,600,000.00"},null,{"v":69600000,"d":"69,600,000.00"}]
["5.2.2.03.0012.",null,null,"Belanja Jasa Tenaga kerja",{"$nulls":11},{"v":69600000,"d":"69,600,000.00"},null,{"v":69600000,"d":"69,600,000.00"}]
[{"$nulls":3},"Jasa Tenaga Kontrak sebagai Operator Sistem (E-SAKIP)",{"$nulls":8},{"v":12,"d":"12.00"},"OB",{"v":2000000,"d":"2,000,000.00"},{"v":24000000,"d":"24,000,000.00"},null,{"v":24000000,"d":"24,000,000.00"}]
[{"$nulls":3},"Jasa Tenaga Kontrak sebagai Pengelola Website",{"$nulls":8},{"v":12,"d":"12.00"},"OB",{"v":1800000,"d":"1,800,000.00"},{"v":21600000,"d":"21,600,000.00"},null,{"v":21600000,"d":"21,600,000.00"}]
[{"$nulls":3},"Jasa Tenaga Kontrak sebagai Operator Pembantu Admin PPK",{"$nulls":8},{"v":12,"d":"12.00"},"OB",{"v":2000000,"d":"2,000,000.00"},{"v":24000000,"d":"24,000,000.00"},null,{"v":24000000,"d":"24,000,000.00"}]
["5.2.2.06.",null,null,"Belanja Cetak dan Penggandaan",{"$nulls":11},{"v":1615700,"d":"1,615,700.00"},null,{"v":1615700,"d":"1,615,700.00"}]
["5.2.2.06.0001.",null,null,"Belanja cetak",{"$nulls":11},{"v":1615700,"d":"1,615,700.00"},null,{"v":1615700,"d":"1,615,700.00"}]
[{"$nulls":3},"Cetak Buku Profil",{"$nulls":8},{"v":5,"d":"5.00"},"Buku",{"v":121400,"d":"121,400.00"},{"v":607000,"d":"607,000.00"},null,{"v":607000,"d":"607,000.00"}]
[{"$nulls":3},"Cetak SAKIP/LAKIP SKPD",{"$nulls":8},{"v":5,"d":"5.00"},"Buku",{"v":107500,"d":"107,500.00"},{"v":537500,"d":"537,500.00"},null,{"v":537500,"d":"537,500.00"}]
[{"$nulls":3},"Cetak Laporan Kegiatan Akhir",{"$nulls":8},{"v":8,"d":"8.00"},"Buku",{"v":58900,"d":"58,900.00"},{"v":471200,"d":"471,200.00"},null,{"v":471200,"d":"471,200.00"}]
["5.2.2.15.",null,null,"Belanja Perjalanan Dinas",{"$nulls":11},{"v":8800000,"d":"8,800,000.00"},null,{"v":8800000,"d":"8,800,000.00"}]
["5.2.2.15.0001.",null,null,"Belanja perjalanan dinas dalam daerah",{"$nulls":11},{"v":3000000,"d":"3,000,000.00"},null,{"v":3000000,"d":"3,000,000.00"}]
[{"$nulls":3},"Perjalanan dinas dalam daerah",{"$nulls":8},{"v":1,"d":"1.00"},"Tahun",{"v":3000000,"d":"3,000,000.00"},{"v":3000000,"d":"3,000,000.00"},null,{"v":3000000,"d":"3,000,000.00"}]
["5.2.2.15.0002.",null,null,"Belanja perjalanan dinas luar daerah",{"$nulls":11},{"v":5800000,"d":"5,800,000.00"},null,{"v":5800000,"d":"5,800,000.00"}]
[{"$nulls":3},"Perjalanan dinas luar daerah",{"$nulls":8},{"v":1,"d":"1.00"},"Tahun",{"v":5800000,"d":"5,800,000.00"},{"v":5800000,"d":"5,800,000.00"},null,{"v":5800000,"d":"5,800,000.00"}]
["5.2.2.32.",null,null,"Belanja Operasional Kendaraan",{"$nulls":11},{"v":1591200,"d":"1,591,200.00"},null,{"v":1591200,"d":"1,591,200.00"}]
["5.2.2.32.0001.",null,null,"Belanja Bahan Bakar Minyak",{"$nulls":11},{"v":1591200,"d":"1,591,200.00"},null,{"v":1591200,"d":"1,591,200.00"}]
[{"$nulls":3},"Belanja bahan bakar minyak",{"$nulls":8},{"v":1,"d":"1.00"},"Tahun",{"v":1591200,"d":"1,591,200.00"},{"v":1591200,"d":"1,591,200.00"},null,{"v":1591200,"d":"1,591,200.00"}]
["5.2.",null,null,"BELANJA LANGSUNG",{"$nulls":11},{"v":63169400,"d":"63,169,400.00"},null,{"v":63169400,"d":"63,169,400.00"}]
["5.2.2.",null,null,"BELANJA BARANG DAN JASA",{"$nulls":11},{"v":63169400,"d":"63,169,400.00"},null,{"v":63169400,"d":"63,169,400.00"}]
["5.2.2.01.",null,null,"Belanja Bahan Pakai Habis",{"$nulls":11},{"v":1739900,"d":"1,739,900.00"},null,{"v":1739900,"d":"1,739,900.00"}]
["5.2.2.01.0001.",null,null,"Belanja alat tulis kantor",{"$nulls":11},{"v":1739900,"d":"1,739,900.00"},null,{"v":1739900,"d":"1,739,900.00"}]
[{"$nulls":3},"Kertas HVS 70 gr Folio Sidu",{"$nulls":8},{"v":10,"d":"10.00"},"Rim",{"v":79600,"d":"79,600.00"},{"v":796000,"d":"796,000.00"},null,{"v":796000,"d":"796,000.00"}]
[{"$nulls":3},"Kertas HVS 60 gr Folio 500",{"$nulls":8},{"v":5,"d":"5.00"},"Rim",{"v":69800,"d":"69,800.00"},{"v":349000,"d":"349,000.00"},null,{"v":349000,"d":"349,000.00"}]
["5.2.2.01.0001.",null,null,"Tinta Printer Epson Standar (Black / Magenta /\nYellow / Cyan)",{"$nulls":8},{"v":3,"d":"3.00"},"Buah",{"v":198300,"d":"198,300.00"},{"v":594900,"d":"594,900.00"},null,{"v":594900,"d":"594,900.00"}]
["5.2.2.03.",null,null,"Belanja Jasa Kantor",{"$nulls":11},{"v":48000000,"d":"48,000,000.00"},null,{"v":48000000,"d":"48,000,000.00"}]
["5.2.2.03.0012.",null,null,"Belanja Jasa Tenaga kerja",{"$nulls":11},{"v":48000000,"d":"48,000,000.00"},null,{"v":48000000,"d":"48,000,000.00"}]
[{"$nulls":3},"Jasa Tenaga Kontrak sebagai Operator Sistem (SIPPEDA)",{"$nulls":8},{"v":12,"d":"12.00"},"OB",{"v":2000000,"d":"2,000,000.00"},{"v":24000000,"d":"24,000,000.00"},null,{"v":24000000,"d":"24,000,000.00"}]
[{"$nulls":3},"Jasa Tenaga Kontrak sebagai Operator Sistem (SIPKD Penganggaran)",{"$nulls":8},{"v":12,"d":"12.00"},"OB",{"v":2000000,"d":"2,000,000.00"},{"v":24000000,"d":"24,000,000.00"},null,{"v":24000000,"d":"24,000,000.00"}]
["5.2.2.06.",null,null,"Belanja Cetak dan Penggandaan",{"$nulls":11},{"v":1229400,"d":"1,229,400.00"},null,{"v":1229400,"d":"1,229,400.00"}]
["5.2.2.06.0001.",null,null,"Belanja cetak",{"$nulls":11},{"v":1229400,"d":"1,229,400.00"},null,{"v":1229400,"d":"1,229,400.00"}]
[{"$nulls":3},"Cetak RKA",{"$nulls":8},{"v":18,"d":"18.00"},"Buku",{"v":30000,"d":"30,000.00"},{"v":540000,"d":"540,000.00"},null,{"v":540000,"d":"540,000.00"}]
[{"$nulls":3},"Cetak DPA",{"$nulls":8},{"v":18,"d":"18.00"},"Buku",{"v":38300,"d":"38,300.00"},{"v":689400,"d":"689,400.00"},null,{"v":689400,"d":"689,400.00"}]
["5.2.2.11.",null,null,"Belanja Makanan dan  Minuman",{"$nulls":11},{"v":3920000,"d":"3,920,000.00"},null,{"v":3920000,"d":"3,920,000.00"}]
["5.2.2.11.0002.",null,null,"Belanja makanan dan minuman rapat",{"$nulls":11},{"v":3920000,"d":"3,920,000.00"},null,{"v":3920000,"d":"3,920,000.00"}]
[{"$nulls":3},"Snack",{"$nulls":8},{"v":70,"d":"70.00"},"kotak",{"v":16000,"d":"16,000.00"},{"v":1120000,"d":"1,120,000.00"},null,{"v":1120000,"d":"1,120,000.00"}]
[{"$nulls":3},"Nasi Kotak",{"$nulls":8},{"v":70,"d":"70.00"},"kotak",{"v":40000,"d":"40,000.00"},{"v":2800000,"d":"2,800,000.00"},null,{"v":2800000,"d":"2,800,000.00"}]
["5.2.2.15.",null,null,"Belanja Perjalanan Dinas",{"$nulls":11},{"v":6800000,"d":"6,800,000.00"},null,{"v":6800000,"d":"6,800,000.00"}]
["5.2.2.15.0002.",null,null,"Belanja perjalanan dinas luar daerah",{"$nulls":11},{"v":6800000,"d":"6,800,000.00"},null,{"v":6800000,"d":"6,800,000.00"}]
[{"$nulls":3},"Perjalanan dinas luar daerah",{"$nulls":8},{"v":1,"d":"1.00"},"Tahun",{"v":6800000,"d":"6,800,000.00"},{"v":6800000,"d":"6,800,000.00"},null,{"v":6800000,"d":"6,800,000.00"}]
["5.2.2.32.",null,null,"Belanja Operasional Kendaraan",{"$nulls":11},{"v":1480100,"d":"1,480,100.00"},null,{"v":1480100,"d":"1,480,100.00"}]
["5.2.2.32.0001.",null,null,"Belanja Bahan Bakar Minyak",{"$nulls":11},{"v":1480100,"d":"1,480,100.00"},null,{"v":1480100,"d":"1,480,100.00"}]
[{"$nulls":3},"BBM",{"$nulls":8},{"v":1,"d":"1.00"},"Tahun",{"v":1480100,"d":"1,480,100.00"},{"v":1480100,"d":"1,480,100.00"},null,{"v":1480100,"d":"1,480,100.00"}]
["5.2.",null,null,"BELANJA LANGSUNG",{"$nulls":11},{"v":69865000,"d":"69,865,000.00"},null,{"v":69865000,"d":"69,865,000.00"}]
["5.2.2.",null,null,"BELANJA BARANG DAN JASA",{"$nulls":11},{"v":69865000,"d":"69,865,000.00"},null,{"v":69865000,"d":"69,865,000.00"}]
["5.2.2.01.",null,null,"Belanja Bahan Pakai Habis",{"$nulls":11},{"v":3224500,"d":"3,224,500.00"},null,{"v":3224500,"d":"3,224,500.00"}]
["5.2.2.01.0001.",null,null,"Belanja alat tulis kantor",{"$nulls":11},{"v":2819500,"d":"2,819,500.00"},null,{"v":2819500,"d":"2,819,500.00"}]
[{"$nulls":3},"Kertas HVS 70 gr Folio Sidu",{"$nulls":8},{"v":10,"d":"10.00"},"Rim",{"v":79600,"d":"79,600.00"},{"v":796000,"d":"796,000.00"},null,{"v":796000,"d":"796,000.00"}]
[{"$nulls":3},"Ballpoint Faster",{"$nulls":8},{"v":1,"d":"1.00"},"Kotak",{"v":48000,"d":"48,000.00"},{"v":48000,"d":"48,000.00"},null,{"v":48000,"d":"48,000.00"}]
[{"$nulls":3},"Map Plastik biasa jepit/snell",{"$nulls":8},{"v":10,"d":"10.00"},"Buah",{"v":13200,"d":"13,200.00"},{"v":132000,"d":"132,000.00"},null,{"v":132000,"d":"132,000.00"}]
[]
["5.2.2.01.0001.",null,null,"Map Kertas Folio",{"$nulls":8},{"v":50,"d":"50.00"},"Buah",{"v":2600,"d":"2,600.00"},{"v":130000,"d":"130,000.00"},null,{"v":130000,"d":"130,000.00"}]
[{"$nulls":3},"Isi Steples Max No.30",{"$nulls":8},{"v":4,"d":"4.00"},"Buah",{"v":6200,"d":"6,200.00"},{"v":24800,"d":"24,800.00"},null,{"v":24800,"d":"24,800.00"}]
[{"$nulls":3},"Refil Toner HP Laserjet 83 A",{"$nulls":8},{"v":1,"d":"1.00"},"Buah",{"v":124000,"d":"124,000.00"},{"v":124000,"d":"124,000.00"},null,{"v":124000,"d":"124,000.00"}]
[{"$nulls":3},"Toner HP Laser Jet  (83A)",{"$nulls":8},{"v":1,"d":"1.00"},"Buah",{"v":1564700,"d":"1,564,700.00"},{"v":1564700,"d":"1,564,700.00"},null,{"v":1564700,"d":"1,564,700.00"}]
["5.2.2.01.0004.",null,null,"Belanja perangko, materai dan benda pos",{"$nulls":11},{"v":405000,"d":"405,000.00"},null,{"v":405000,"d":"405,000.00"}]
[{"$nulls":3},"Materai 3000",{"$nulls":8},{"v":35,"d":"35.00"},"Lembar",{"v":3000,"d":"3,000.00"},{"v":105000,"d":"105,000.00"},null,{"v":105000,"d":"105,000.00"}]
[{"$nulls":3},"Materai 6000",{"$nulls":8},{"v":50,"d":"50.00"},"Lembar",{"v":6000,"d":"6,000.00"},{"v":300000,"d":"300,000.00"},null,{"v":300000,"d":"300,000.00"}]
["5.2.2.03.",null,null,"Belanja Jasa Kantor",{"$nulls":11},{"v":58800000,"d":"58,800,000.00"},null,{"v":58800000,"d":"58,800,000.00"}]
["5.2.2.03.0012.",null,null,"Belanja Jasa Tenaga kerja",{"$nulls":11},{"v":58800000,"d":"58,800,000.00"},null,{"v":58800000,"d":"58,800,000.00"}]
[{"$nulls":3},"Jasa Tenaga Kontrak sebagai Tenaga Administrasi Umum",{"$nulls":8},{"v":24,"d":"24.00"},"OB",{"v":1600000,"d":"1,600,000.00"},{"v":38400000,"d":"38,400,000.00"},null,{"v":38400000,"d":"38,400,000.00"}]
[{"$nulls":3},"Jasa Tenaga Kontrak sebagai Tenaga Administrasi Umum",{"$nulls":8},{"v":12,"d":"12.00"},"OB",{"v":1700000,"d":"1,700,000.00"},{"v":20400000,"d":"20,400,000.00"},null,{"v":20400000,"d":"20,400,000.00"}]
["5.2.2.06.",null,null,"Belanja Cetak dan Penggandaan",{"$nulls":11},{"v":1589000,"d":"1,589,000.00"},null,{"v":1589000,"d":"1,589,000.00"}]
["5.2.2.06.0001.",null,null,"Belanja cetak",{"$nulls":11},{"v":589000,"d":"589,000.00"},null,{"v":589000,"d":"589,000.00"}]
[{"$nulls":3},"Cetak Laporan Kegiatan Akhir",{"$nulls":8},{"v":10,"d":"10.00"},"Buku",{"v":58900,"d":"58,900.00"},{"v":589000,"d":"589,000.00"},null,{"v":589000,"d":"589,000.00"}]
["5.2.2.06.0002.",null,null,"Belanja Foto copy",{"$nulls":11},{"v":1000000,"d":"1,000,000.00"},null,{"v":1000000,"d":"1,000,000.00"}]
[{"$nulls":3},"Foto copy",{"$nulls":8},{"v":5000,"d":"5,000.00"},"lembar",{"v":200,"d":"200.00"},{"v":1000000,"d":"1,000,000.00"},null,{"v":1000000,"d":"1,000,000.00"}]
["5.2.2.11.",null,null,"Belanja Makanan dan  Minuman",{"$nulls":11},{"v":4480000,"d":"4,480,000.00"},null,{"v":4480000,"d":"4,480,000.00"}]
["5.2.2.11.0002.",null,null,"Belanja makanan dan minuman rapat",{"$nulls":11},{"v":4480000,"d":"4,480,000.00"},null,{"v":4480000,"d":"4,480,000.00"}]
[{"$nulls":3},"Snack",{"$nulls":8},{"v":80,"d":"80.00"},"kotak",{"v":16000,"d":"16,000.00"},{"v":1280000,"d":"1,280,000.00"},null,{"v":1280000,"d":"1,280,000.00"}]
[{"$nulls":3},"Nasi Kotak",{"$nulls":8},{"v":80,"d":"80.00"},"kotak",{"v":40000,"d":"40,000.00"},{"v":3200000,"d":"3,200,000.00"},null,{"v":3200000,"d":"3,200,000.00"}]
["5.2.2.32.",null,null,"Belanja Operasional Kendaraan",{"$nulls":11},{"v":1771500,"d":"1,771,500.00"},null,{"v":1771500,"d":"1,771,500.00"}]
["5.2.2.32.0001.",null,null,"Belanja Bahan Bakar Minyak",{"$nulls":11},{"v":1771500,"d":"1,771,500.00"},null,{"v":1771500,"d":"1,771,500.00"}]
[{"$nulls":3},"Belanja bahan bakar minyak",{"$nulls":8},{"v":1,"d":"1.00"},"Tahun",{"v":1771500,"d":"1,771,500.00"},{"v":1771500,"d":"1,771,500.00"},null,{"v":1771500,"d":"1,771,500.00"}]
["5.2.",null,null,"BELANJA LANGSUNG",{"$nulls":11},{"v":67375000,"d":"67,375,000.00"},null,{"v":67375000,"d":"67,375,000.00"}]
["5.2.2.",null,null,"BELANJA BARANG DAN JASA",{"$nulls":11},{"v":67375000,"d":"67,375,000.00"},null,{"v":67375000,"d":"67,375,000.00"}]
["5.2.2.01.",null,null,"Belanja Bahan Pakai Habis",{"$nulls":11},{"v":1563100,"d":"1,563,100.00"},null,{"v":1563100,"d":"1,563,100.00"}]
["5.2.2.01.0001.",null,null,"Belanja alat tulis kantor",{"$nulls":11},{"v":1293100,"d":"1,293,100.00"},null,{"v":1293100,"d":"1,293,100.00"}]
[{"$nulls":3},"Ballpoint Faster",{"$nulls":8},{"v":1,"d":"1.00"},"Kotak",{"v":48000,"d":"48,000.00"},{"v":48000,"d":"48,000.00"},null,{"v":48000,"d":"48,000.00"}]
[{"$nulls":3},"Clips (B)",{"$nulls":8},{"v":3,"d":"3.00"},"Buah",{"v":9300,"d":"9,300.00"},{"v":27900,"d":"27,900.00"},null,{"v":27900,"d":"27,900.00"}]
[{"$nulls":3},"Kertas HVS 70 gr Folio Sidu",{"$nulls":8},{"v":10,"d":"10.00"},"Rim",{"v":79600,"d":"79,600.00"},{"v":796000,"d":"796,000.00"},null,{"v":796000,"d":"796,000.00"}]
[{"$nulls":3},"Map Kertas Folio",{"$nulls":8},{"v":50,"d":"50.00"},"Buah",{"v":2600,"d":"2,600.00"},{"v":130000,"d":"130,000.00"},null,{"v":130000,"d":"130,000.00"}]
[{"$nulls":3},"Refil Toner HP Laserjet 83 A",{"$nulls":8},{"v":2,"d":"2.00"},"Buah",{"v":124000,"d":"124,000.00"},{"v":248000,"d":"248,000.00"},null,{"v":248000,"d":"248,000.00"}]
["5.2.2.01.0001.",null,null,"Isi Steples Max No.30",{"$nulls":8},{"v":3,"d":"3.00"},"Buah",{"v":6200,"d":"6,200.00"},{"v":18600,"d":"18,600.00"},null,{"v":18600,"d":"18,600.00"}]
[{"$nulls":3},"Tipp-Ex Kenko Botol/Retype Botol",{"$nulls":8},{"v":1,"d":"1.00"},"Buah",{"v":24600,"d":"24,600.00"},{"v":24600,"d":"24,600.00"},null,{"v":24600,"d":"24,600.00"}]
["5.2.2.01.0004.",null,null,"Belanja perangko, materai dan benda pos",{"$nulls":11},{"v":270000,"d":"270,000.00"},null,{"v":270000,"d":"270,000.00"}]
[{"$nulls":3},"Materai 3000",{"$nulls":8},{"v":30,"d":"30.00"},"Lembar",{"v":3000,"d":"3,000.00"},{"v":90000,"d":"90,000.00"},null,{"v":90000,"d":"90,000.00"}]
[{"$nulls":3},"Materai 6000",{"$nulls":8},{"v":30,"d":"30.00"},"Lembar",{"v":6000,"d":"6,000.00"},{"v":180000,"d":"180,000.00"},null,{"v":180000,"d":"180,000.00"}]
["5.2.2.03.",null,null,"Belanja Jasa Kantor",{"$nulls":11},{"v":58800000,"d":"58,800,000.00"},null,{"v":58800000,"d":"58,800,000.00"}]
["5.2.2.03.0012.",null,null,"Belanja Jasa Tenaga kerja",{"$nulls":11},{"v":58800000,"d":"58,800,000.00"},null,{"v":58800000,"d":"58,800,000.00"}]
[{"$nulls":3},"Jasa Tenaga Kontrak sebagai Tenaga Administrasi Umum",{"$nulls":8},{"v":24,"d":"24.00"},"OB",{"v":1600000,"d":"1,600,000.00"},{"v":38400000,"d":"38,400,000.00"},null,{"v":38400000,"d":"38,400,000.00"}]
[{"$nulls":3},"Jasa Tenaga Kontrak sebagai Tenaga Administrasi Umum",{"$nulls":8},{"v":12,"d":"12.00"},"OB",{"v":1700000,"d":"1,700,000.00"},{"v":20400000,"d":"20,400,000.00"},null,{"v":20400000,"d":"20,400,000.00"}]
["5.2.2.06.",null,null,"Belanja Cetak dan Penggandaan",{"$nulls":11},{"v":476700,"d":"476,700.00"},null,{"v":476700,"d":"476,700.00"}]
["5.2.2.06.0001.",null,null,"Belanja cetak",{"$nulls":11},{"v":176700,"d":"176,700.00"},null,{"v":176700,"d":"176,700.00"}]
[{"$nulls":3},"Cetak Laporan Kegiatan Akhir",{"$nulls":8},{"v":3,"d":"3.00"},"Buku",{"v":58900,"d":"58,900.00"},{"v":176700,"d":"176,700.00"},null,{"v":176700,"d":"176,700.00"}]
["5.2.2.06.0002.",null,null,"Belanja Foto copy",{"$nulls":11},{"v":300000,"d":"300,000.00"},null,{"v":300000,"d":"300,000.00"}]
[{"$nulls":3},"Foto copy",{"$nulls":8},{"v":1500,"d":"1,500.00"},"lembar",{"v":200,"d":"200.00"},{"v":300000,"d":"300,000.00"},null,{"v":300000,"d":"300,000.00"}]
["5.2.2.11.",null,null,"Belanja Makanan dan  Minuman",{"$nulls":11},{"v":4960000,"d":"4,960,000.00"},null,{"v":4960000,"d":"4,960,000.00"}]
["5.2.2.11.0002.",null,null,"Belanja makanan dan minuman rapat",{"$nulls":11},{"v":1680000,"d":"1,680,000.00"},null,{"v":1680000,"d":"1,680,000.00"}]
[{"$nulls":3},"Snack",{"$nulls":8},{"v":30,"d":"30.00"},"kotak",{"v":16000,"d":"16,000.00"},{"v":480000,"d":"480,000.00"},null,{"v":480000,"d":"480,000.00"}]
[{"$nulls":3},"Nasi Kotak",{"$nulls":8},{"v":30,"d":"30.00"},"kotak",{"v":40000,"d":"40,000.00"},{"v":1200000,"d":"1,200,000.00"},null,{"v":1200000,"d":"1,200,000.00"}]
["5.2.2.11.0006.",null,null,"Belanja Makanan dan Minuman Pembinaan, Lomba-Lomba / Evaluasi",{"$nulls":11},{"v":3280000,"d":"3,280,000.00"},null,{"v":3280000,"d":"3,280,000.00"}]
[{"$nulls":3},"Snack",{"$nulls":8},{"v":80,"d":"80.00"},"kotak",{"v":16000,"d":"16,000.00"},{"v":1280000,"d":"1,280,000.00"},null,{"v":1280000,"d":"1,280,000.00"}]
[{"$nulls":3},"Nasi Kotak",{"$nulls":8},{"v":80,"d":"80.00"},"kotak",{"v":25000,"d":"25,000.00"},{"v":2000000,"d":"2,000,000.00"},null,{"v":2000000,"d":"2,000,000.00"}]
["5.2.2.32.",null,null,"Belanja Operasional Kendaraan",{"$nulls":11},{"v":1575200,"d":"1,575,200.00"},null,{"v":1575200,"d":"1,575,200.00"}]
["5.2.2.32.0001.",null,null,"Belanja Bahan Bakar Minyak",{"$nulls":11},{"v":1575200,"d":"1,575,200.00"},null,{"v":1575200,"d":"1,575,200.00"}]
[{"$nulls":3},"Belanja bahan bakar minyak",{"$nulls":8},{"v":1,"d":"1.00"},"Tahun",{"v":1575200,"d":"1,575,200.00"},{"v":1575200,"d":"1,575,200.00"},null,{"v":1575200,"d":"1,575,200.00"}]
["5.2.",null,null,"BELANJA LANGSUNG",{"$nulls":11},{"v":96431400,"d":"96,431,400.00"},null,{"v":96431400,"d":"96,431,400.00"}]
["5.2.2.",null,null,"BELANJA BARANG DAN JASA",{"$nulls":11},{"v":96431400,"d":"96,431,400.00"},null,{"v":96431400,"d":"96,431,400.00"}]
["5.2.2.01.",null,null,"Belanja Bahan Pakai Habis",{"$nulls":11},{"v":1278000,"d":"1,278,000.00"},null,{"v":1278000,"d":"1,278,000.00"}]
["5.2.2.01.0001.",null,null,"Belanja alat tulis kantor",{"$nulls":11},{"v":948000,"d":"948,000.00"},null,{"v":948000,"d":"948,000.00"}]
[{"$nulls":3},"Ballpoint Faster",{"$nulls":8},{"v":1,"d":"1.00"},"Kotak",{"v":48000,"d":"48,000.00"},{"v":48000,"d":"48,000.00"},null,{"v":48000,"d":"48,000.00"}]
["5.2.2.01.0001.",null,null,"Clips (B)",{"$nulls":8},{"v":2,"d":"2.00"},"Buah",{"v":9300,"d":"9,300.00"},{"v":18600,"d":"18,600.00"},null,{"v":18600,"d":"18,600.00"}]
[{"$nulls":3},"Kertas HVS 70 gr Folio Sidu",{"$nulls":8},{"v":8,"d":"8.00"},"Rim",{"v":79600,"d":"79,600.00"},{"v":636800,"d":"636,800.00"},null,{"v":636800,"d":"636,800.00"}]
[{"$nulls":3},"Map Kertas Folio",{"$nulls":8},{"v":50,"d":"50.00"},"Buah",{"v":2600,"d":"2,600.00"},{"v":130000,"d":"130,000.00"},null,{"v":130000,"d":"130,000.00"}]
[{"$nulls":3},"Isi Steples Max No.30",{"$nulls":8},{"v":3,"d":"3.00"},"Buah",{"v":6200,"d":"6,200.00"},{"v":18600,"d":"18,600.00"},null,{"v":18600,"d":"18,600.00"}]
[{"$nulls":3},"Map Jepit /Shenel Plastik",{"$nulls":8},{"v":6,"d":"6.00"},"Buah",{"v":11900,"d":"11,900.00"},{"v":71400,"d":"71,400.00"},null,{"v":71400,"d":"71,400.00"}]
[{"$nulls":3},"Tipp-Ex Kenko Botol/Retype Botol",{"$nulls":8},{"v":1,"d":"1.00"},"Buah",{"v":24600,"d":"24,600.00"},{"v":24600,"d":"24,600.00"},null,{"v":24600,"d":"24,600.00"}]
["5.2.2.01.0004.",null,null,"Belanja perangko, materai dan benda pos",{"$nulls":11},{"v":330000,"d":"330,000.00"},null,{"v":330000,"d":"330,000.00"}]
[{"$nulls":3},"Materai 3000",{"$nulls":8},{"v":30,"d":"30.00"},"Lembar",{"v":3000,"d":"3,000.00"},{"v":90000,"d":"90,000.00"},null,{"v":90000,"d":"90,000.00"}]
[{"$nulls":3},"Materai 6000",{"$nulls":8},{"v":40,"d":"40.00"},"Lembar",{"v":6000,"d":"6,000.00"},{"v":240000,"d":"240,000.00"},null,{"v":240000,"d":"240,000.00"}]
["5.2.2.03.",null,null,"Belanja Jasa Kantor",{"$nulls":11},{"v":78000000,"d":"78,000,000.00"},null,{"v":78000000,"d":"78,000,000.00"}]
["5.2.2.03.0012.",null,null,"Belanja Jasa Tenaga kerja",{"$nulls":11},{"v":78000000,"d":"78,000,000.00"},null,{"v":78000000,"d":"78,000,000.00"}]
[{"$nulls":3},"Jasa Tenaga Kontrak sebagai Tenaga Administrasi Umum",{"$nulls":8},{"v":36,"d":"36.00"},"OB",{"v":1600000,"d":"1,600,000.00"},{"v":57600000,"d":"57,600,000.00"},null,{"v":57600000,"d":"57,600,000.00"}]
[{"$nulls":3},"Jasa Tenaga Kontrak sebagai Tenaga Administrasi Umum",{"$nulls":8},{"v":12,"d":"12.00"},"OB",{"v":1700000,"d":"1,700,000.00"},{"v":20400000,"d":"20,400,000.00"},null,{"v":20400000,"d":"20,400,000.00"}]
["5.2.2.06.",null,null,"Belanja Cetak dan Penggandaan",{"$nulls":11},{"v":1353400,"d":"1,353,400.00"},null,{"v":1353400,"d":"1,353,400.00"}]
["5.2.2.06.0001.",null,null,"Belanja cetak",{"$nulls":11},{"v":353400,"d":"353,400.00"},null,{"v":353400,"d":"353,400.00"}]
[{"$nulls":3},"Cetak Laporan Kegiatan Akhir",{"$nulls":8},{"v":6,"d":"6.00"},"Buku",{"v":58900,"d":"58,900.00"},{"v":353400,"d":"353,400.00"},null,{"v":353400,"d":"353,400.00"}]
["5.2.2.06.0002.",null,null,"Belanja Foto copy",{"$nulls":11},{"v":1000000,"d":"1,000,000.00"},null,{"v":1000000,"d":"1,000,000.00"}]
[{"$nulls":3},"Foto copy",{"$nulls":8},{"v":5000,"d":"5,000.00"},"lembar",{"v":200,"d":"200.00"},{"v":1000000,"d":"1,000,000.00"},null,{"v":1000000,"d":"1,000,000.00"}]
["5.2.2.11.",null,null,"Belanja Makanan dan  Minuman",{"$nulls":11},{"v":4700000,"d":"4,700,000.00"},null,{"v":4700000,"d":"4,700,000.00"}]
["5.2.2.11.0002.",null,null,"Belanja makanan dan minuman rapat",{"$nulls":11},{"v":2240000,"d":"2,240,000.00"},null,{"v":2240000,"d":"2,240,000.00"}]
[{"$nulls":3},"Snack",{"$nulls":8},{"v":40,"d":"40.00"},"kotak",{"v":16000,"d":"16,000.00"},{"v":640000,"d":"640,000.00"},null,{"v":640000,"d":"640,000.00"}]
[{"$nulls":3},"Nasi Kotak",{"$nulls":8},{"v":40,"d":"40.00"},"kotak",{"v":40000,"d":"40,000.00"},{"v":1600000,"d":"1,600,000.00"},null,{"v":1600000,"d":"1,600,000.00"}]
["5.2.2.11.0006.",null,null,"Belanja Makanan dan Minuman Pembinaan, Lomba-Lomba / Evaluasi",{"$nulls":11},{"v":2460000,"d":"2,460,000.00"},null,{"v":2460000,"d":"2,460,000.00"}]
[{"$nulls":3},"Snack",{"$nulls":8},{"v":60,"d":"60.00"},"kotak",{"v":16000,"d":"16,000.00"},{"v":960000,"d":"960,000.00"},null,{"v":960000,"d":"960,000.00"}]
[{"$nulls":3},"Nasi Kotak",{"$nulls":8},{"v":60,"d":"60.00"},"kotak",{"v":25000,"d":"25,000.00"},{"v":1500000,"d":"1,500,000.00"},null,{"v":1500000,"d":"1,500,000.00"}]
["5.2.2.15.",null,null,"Belanja Perjalanan Dinas",{"$nulls":11},{"v":10000000,"d":"10,000,000.00"},null,{"v":10000000,"d":"10,000,000.00"}]
["5.2.2.15.0002.",null,null,"Belanja perjalanan dinas luar daerah",{"$nulls":11},{"v":10000000,"d":"10,000,000.00"},null,{"v":10000000,"d":"10,000,000.00"}]
["5.2.2.15.0002.",null,null,"Belanja Perjalanan Dinas Luar Daerah",{"$nulls":8},{"v":1,"d":"1.00"},"Tahun",{"v":10000000,"d":"10,000,000.00"},{"v":10000000,"d":"10,000,000.00"},null,{"v":10000000,"d":"10,000,000.00"}]
["5.2.2.32.",null,null,"Belanja Operasional Kendaraan",{"$nulls":11},{"v":1100000,"d":"1,100,000.00"},null,{"v":1100000,"d":"1,100,000.00"}]
["5.2.2.32.0001.",null,null,"Belanja Bahan Bakar Minyak",{"$nulls":11},{"v":1100000,"d":"1,100,000.00"},null,{"v":1100000,"d":"1,100,000.00"}]
[{"$nulls":3},"Belanja bahan bakar minyak",{"$nulls":8},{"v":1,"d":"1.00"},"Tahun",{"v":1100000,"d":"1,100,000.00"},{"v":1100000,"d":"1,100,000.00"},null,{"v":1100000,"d":"1,100,000.00"}]
["5.2.",null,null,"BELANJA LANGSUNG",{"$nulls":11},{"v":112687000,"d":"112,687,000.00"},null,{"v":112687000,"d":"112,687,000.00"}]
["5.2.2.",null,null,"BELANJA BARANG DAN JASA",{"$nulls":11},{"v":112687000,"d":"112,687,000.00"},null,{"v":112687000,"d":"112,687,000.00"}]
["5.2.2.01.",null,null,"Belanja Bahan Pakai Habis",{"$nulls":11},{"v":3982400,"d":"3,982,400.00"},null,{"v":3982400,"d":"3,982,400.00"}]
["5.2.2.01.0001.",null,null,"Belanja alat tulis kantor",{"$nulls":11},{"v":3712400,"d":"3,712,400.00"},null,{"v":3712400,"d":"3,712,400.00"}]
[{"$nulls":3},"Clips (B)",{"$nulls":8},{"v":4,"d":"4.00"},"Buah",{"v":9300,"d":"9,300.00"},{"v":37200,"d":"37,200.00"},null,{"v":37200,"d":"37,200.00"}]
["5.2.2.01.0001.",null,null,"Kertas HVS 70 gr Folio Sidu",{"$nulls":8},{"v":10,"d":"10.00"},"Rim",{"v":79600,"d":"79,600.00"},{"v":796000,"d":"796,000.00"},null,{"v":796000,"d":"796,000.00"}]
[{"$nulls":3},"Map Jepit /Shenel Plastik",{"$nulls":8},{"v":20,"d":"20.00"},"Buah",{"v":11900,"d":"11,900.00"},{"v":238000,"d":"238,000.00"},null,{"v":238000,"d":"238,000.00"}]
[{"$nulls":3},"Map Kertas Folio",{"$nulls":8},{"v":50,"d":"50.00"},"Buah",{"v":2600,"d":"2,600.00"},{"v":130000,"d":"130,000.00"},null,{"v":130000,"d":"130,000.00"}]
[{"$nulls":3},"Map Snelhecter Folio Biasa",{"$nulls":8},{"v":50,"d":"50.00"},"Buah",{"v":3800,"d":"3,800.00"},{"v":190000,"d":"190,000.00"},null,{"v":190000,"d":"190,000.00"}]
[{"$nulls":3},"Tinta Printer Epson Standar (Black / Magenta / Yellow / Cyan)",{"$nulls":8},{"v":9,"d":"9.00"},"Buah",{"v":198300,"d":"198,300.00"},{"v":1784700,"d":"1,784,700.00"},null,{"v":1784700,"d":"1,784,700.00"}]
[{"$nulls":3},"Steples Alat Max No. 30 (B) Asli",{"$nulls":8},{"v":1,"d":"1.00"},"Buah",{"v":88900,"d":"88,900.00"},{"v":88900,"d":"88,900.00"},null,{"v":88900,"d":"88,900.00"}]
[{"$nulls":3},"Steples Alat Max No.10 (K) Asli",{"$nulls":8},{"v":1,"d":"1.00"},"Buah",{"v":37200,"d":"37,200.00"},{"v":37200,"d":"37,200.00"},null,{"v":37200,"d":"37,200.00"}]
[{"$nulls":3},"Isi Steples Max No.30",{"$nulls":8},{"v":5,"d":"5.00"},"Buah",{"v":6200,"d":"6,200.00"},{"v":31000,"d":"31,000.00"},null,{"v":31000,"d":"31,000.00"}]
[{"$nulls":3},"Isi Steples Max No.10",{"$nulls":8},{"v":5,"d":"5.00"},"Buah",{"v":6200,"d":"6,200.00"},{"v":31000,"d":"31,000.00"},null,{"v":31000,"d":"31,000.00"}]
[{"$nulls":3},"Buku Folio (100) Kiky",{"$nulls":8},{"v":2,"d":"2.00"},"Buah",{"v":35700,"d":"35,700.00"},{"v":71400,"d":"71,400.00"},null,{"v":71400,"d":"71,400.00"}]
[{"$nulls":3},"Map Ordner TK",{"$nulls":8},{"v":4,"d":"4.00"},"Buah",{"v":35700,"d":"35,700.00"},{"v":142800,"d":"142,800.00"},null,{"v":142800,"d":"142,800.00"}]
[{"$nulls":3},"Ballpoint Faster",{"$nulls":8},{"v":2,"d":"2.00"},"Kotak",{"v":48000,"d":"48,000.00"},{"v":96000,"d":"96,000.00"},null,{"v":96000,"d":"96,000.00"}]
[{"$nulls":3},"Lem Vovinal T (112)",{"$nulls":8},{"v":2,"d":"2.00"},"Botol",{"v":8700,"d":"8,700.00"},{"v":17400,"d":"17,400.00"},null,{"v":17400,"d":"17,400.00"}]
[{"$nulls":3},"Tinta Stempel",{"$nulls":8},{"v":1,"d":"1.00"},"Buah",{"v":20800,"d":"20,800.00"},{"v":20800,"d":"20,800.00"},null,{"v":20800,"d":"20,800.00"}]
["5.2.2.01.0004.",null,null,"Belanja perangko, materai dan benda pos",{"$nulls":11},{"v":270000,"d":"270,000.00"},null,{"v":270000,"d":"270,000.00"}]
[{"$nulls":3},"Materai 3000",{"$nulls":8},{"v":50,"d":"50.00"},"Lembar",{"v":3000,"d":"3,000.00"},{"v":150000,"d":"150,000.00"},null,{"v":150000,"d":"150,000.00"}]
[{"$nulls":3},"Materai 6000",{"$nulls":8},{"v":20,"d":"20.00"},"Lembar",{"v":6000,"d":"6,000.00"},{"v":120000,"d":"120,000.00"},null,{"v":120000,"d":"120,000.00"}]
["5.2.2.02.",null,null,"Belanja Bahan/Material",{"$nulls":11},{"v":44000000,"d":"44,000,000.00"},null,{"v":44000000,"d":"44,000,000.00"}]
["5.2.2.02.0002.",null,null,"Belanja bahan/bibit tanaman",{"$nulls":11},{"v":44000000,"d":"44,000,000.00"},null,{"v":44000000,"d":"44,000,000.00"}]
[{"$nulls":3},"Bibit tanaman toga dan sayuran untuk lomba desa, kesatuan gerak PKK KB-Kes Kabupaten, HATINYA PKK,",{"$nulls":9},"-",null,{"v":24000000,"d":"24,000,000.00"},null,{"v":24000000,"d":"24,000,000.00"}]
[{"$nulls":3},"- Bibit Blimbing Buluh",{"$nulls":8},{"v":300,"d":"300.00"},"Pohon",{"v":20000,"d":"20,000.00"},{"v":6000000,"d":"6,000,000.00"},null,{"v":6000000,"d":"6,000,000.00"}]
[{"$nulls":3},"- Bibit Kumis Kucing",{"$nulls":8},{"v":300,"d":"300.00"},"Pohon",{"v":20000,"d":"20,000.00"},{"v":6000000,"d":"6,000,000.00"},null,{"v":6000000,"d":"6,000,000.00"}]
[{"$nulls":3},"- Bibit Sirih",{"$nulls":8},{"v":300,"d":"300.00"},"Pohon",{"v":20000,"d":"20,000.00"},{"v":6000000,"d":"6,000,000.00"},null,{"v":6000000,"d":"6,000,000.00"}]
[{"$nulls":3},"- Bibit Lidah Buaya",{"$nulls":8},{"v":300,"d":"300.00"},"Pohon",{"v":20000,"d":"20,000.00"},{"v":6000000,"d":"6,000,000.00"},null,{"v":6000000,"d":"6,000,000.00"}]
[{"$nulls":3},"Bibit Tanaman Sayuran",{"$nulls":9},"-",null,{"v":20000000,"d":"20,000,000.00"},null,{"v":20000000,"d":"20,000,000.00"}]
[{"$nulls":3},"- Bibit Tomat",{"$nulls":8},{"v":330,"d":"330.00"},"Pohon",{"v":20000,"d":"20,000.00"},{"v":6600000,"d":"6,600,000.00"},null,{"v":6600000,"d":"6,600,000.00"}]
[{"$nulls":3},"- Bibit Terong",{"$nulls":8},{"v":330,"d":"330.00"},"Pohon",{"v":20000,"d":"20,000.00"},{"v":6600000,"d":"6,600,000.00"},null,{"v":6600000,"d":"6,600,000.00"}]
[]
["5.2.2.02.0002.",null,null,"- Bibit Cabe Rawit",{"$nulls":8},{"v":340,"d":"340.00"},"Pohon",{"v":20000,"d":"20,000.00"},{"v":6800000,"d":"6,800,000.00"},null,{"v":6800000,"d":"6,800,000.00"}]
["5.2.2.03.",null,null,"Belanja Jasa Kantor",{"$nulls":11},{"v":38450000,"d":"38,450,000.00"},null,{"v":38450000,"d":"38,450,000.00"}]
["5.2.2.03.0012.",null,null,"Belanja Jasa Tenaga kerja",{"$nulls":11},{"v":38400000,"d":"38,400,000.00"},null,{"v":38400000,"d":"38,400,000.00"}]
[{"$nulls":3},"Jasa Tenaga Kontrak sebagai Tenaga Administrasi Umum",{"$nulls":8},{"v":24,"d":"24.00"},"OB",{"v":1600000,"d":"1,600,000.00"},{"v":38400000,"d":"38,400,000.00"},null,{"v":38400000,"d":"38,400,000.00"}]
["5.2.2.03.0014.",null,null,"Belanja Jasa Dokumentasi",{"$nulls":11},{"v":50000,"d":"50,000.00"},null,{"v":50000,"d":"50,000.00"}]
[{"$nulls":3},"Album",{"$nulls":8},{"v":1,"d":"1.00"},"Buah",{"v":50000,"d":"50,000.00"},{"v":50000,"d":"50,000.00"},null,{"v":50000,"d":"50,000.00"}]
["5.2.2.06.",null,null,"Belanja Cetak dan Penggandaan",{"$nulls":11},{"v":792800,"d":"792,800.00"},null,{"v":792800,"d":"792,800.00"}]
["5.2.2.06.0001.",null,null,"Belanja cetak",{"$nulls":11},{"v":292800,"d":"292,800.00"},null,{"v":292800,"d":"292,800.00"}]
[{"$nulls":3},"Cetak Laporan Kegiatan Akhir",{"$nulls":8},{"v":2,"d":"2.00"},"Buku",{"v":58900,"d":"58,900.00"},{"v":117800,"d":"117,800.00"},null,{"v":117800,"d":"117,800.00"}]
[{"$nulls":3},"Cetak Foto",{"$nulls":8},{"v":50,"d":"50.00"},"lembar",{"v":3500,"d":"3,500.00"},{"v":175000,"d":"175,000.00"},null,{"v":175000,"d":"175,000.00"}]
["5.2.2.06.0002.",null,null,"Belanja Foto copy",{"$nulls":11},{"v":500000,"d":"500,000.00"},null,{"v":500000,"d":"500,000.00"}]
[{"$nulls":3},"Foto copy",{"$nulls":8},{"v":2500,"d":"2,500.00"},"lembar",{"v":200,"d":"200.00"},{"v":500000,"d":"500,000.00"},null,{"v":500000,"d":"500,000.00"}]
["5.2.2.11.",null,null,"Belanja Makanan dan  Minuman",{"$nulls":11},{"v":13870000,"d":"13,870,000.00"},null,{"v":13870000,"d":"13,870,000.00"}]
["5.2.2.11.0002.",null,null,"Belanja makanan dan minuman rapat",{"$nulls":11},{"v":2800000,"d":"2,800,000.00"},null,{"v":2800000,"d":"2,800,000.00"}]
[{"$nulls":3},"Nasi Kotak",{"$nulls":8},{"v":50,"d":"50.00"},"kotak",{"v":40000,"d":"40,000.00"},{"v":2000000,"d":"2,000,000.00"},null,{"v":2000000,"d":"2,000,000.00"}]
[{"$nulls":3},"Snack",{"$nulls":8},{"v":50,"d":"50.00"},"kotak",{"v":16000,"d":"16,000.00"},{"v":800000,"d":"800,000.00"},null,{"v":800000,"d":"800,000.00"}]
["5.2.2.11.0006.",null,null,"Belanja Makanan dan Minuman Pembinaan, Lomba-Lomba / Evaluasi",{"$nulls":11},{"v":11070000,"d":"11,070,000.00"},null,{"v":11070000,"d":"11,070,000.00"}]
[{"$nulls":3},"Nasi Kotak",{"$nulls":8},{"v":270,"d":"270.00"},"kotak",{"v":25000,"d":"25,000.00"},{"v":6750000,"d":"6,750,000.00"},null,{"v":6750000,"d":"6,750,000.00"}]
[{"$nulls":3},"Snack",{"$nulls":8},{"v":270,"d":"270.00"},"kotak",{"v":16000,"d":"16,000.00"},{"v":4320000,"d":"4,320,000.00"},null,{"v":4320000,"d":"4,320,000.00"}]
["5.2.2.15.",null,null,"Belanja Perjalanan Dinas",{"$nulls":11},{"v":9450000,"d":"9,450,000.00"},null,{"v":9450000,"d":"9,450,000.00"}]
["5.2.2.15.0001.",null,null,"Belanja perjalanan dinas dalam daerah",{"$nulls":11},{"v":2450000,"d":"2,450,000.00"},null,{"v":2450000,"d":"2,450,000.00"}]
[{"$nulls":3},"Perjalanan Dinas Dalam Daerah",{"$nulls":8},{"v":1,"d":"1.00"},"Tahun",{"v":2450000,"d":"2,450,000.00"},{"v":2450000,"d":"2,450,000.00"},null,{"v":2450000,"d":"2,450,000.00"}]
["5.2.2.15.0002.",null,null,"Belanja perjalanan dinas luar daerah",{"$nulls":11},{"v":7000000,"d":"7,000,000.00"},null,{"v":7000000,"d":"7,000,000.00"}]
[{"$nulls":3},"Belanja Perjalanan Dinas Luar Daerah",{"$nulls":8},{"v":1,"d":"1.00"},"Tahun",{"v":7000000,"d":"7,000,000.00"},{"v":7000000,"d":"7,000,000.00"},null,{"v":7000000,"d":"7,000,000.00"}]
["5.2.2.32.",null,null,"Belanja Operasional Kendaraan",{"$nulls":11},{"v":2141800,"d":"2,141,800.00"},null,{"v":2141800,"d":"2,141,800.00"}]
["5.2.2.32.0001.",null,null,"Belanja Bahan Bakar Minyak",{"$nulls":11},{"v":2141800,"d":"2,141,800.00"},null,{"v":2141800,"d":"2,141,800.00"}]
[{"$nulls":3},"Bahan Bakar Minyak",{"$nulls":8},{"v":1,"d":"1.00"},"Tahun",{"v":2141800,"d":"2,141,800.00"},{"v":2141800,"d":"2,141,800.00"},null,{"v":2141800,"d":"2,141,800.00"}]
["5.2.",null,null,"BELANJA LANGSUNG",{"$nulls":11},{"v":201166500,"d":"201,166,500.00"},null,{"v":201166500,"d":"201,166,500.00"}]
["5.2.2.",null,null,"BELANJA BARANG DAN JASA",{"$nulls":11},{"v":201166500,"d":"201,166,500.00"},null,{"v":201166500,"d":"201,166,500.00"}]
["5.2.2.01.",null,null,"Belanja Bahan Pakai Habis",{"$nulls":11},{"v":7460500,"d":"7,460,500.00"},null,{"v":7460500,"d":"7,460,500.00"}]
["5.2.2.01.0001.",null,null,"Belanja alat tulis kantor",{"$nulls":11},{"v":2190500,"d":"2,190,500.00"},null,{"v":2190500,"d":"2,190,500.00"}]
[{"$nulls":3},"Kertas HVS 70 gr Folio Sidu",{"$nulls":8},{"v":10,"d":"10.00"},"Rim",{"v":79600,"d":"79,600.00"},{"v":796000,"d":"796,000.00"},null,{"v":796000,"d":"796,000.00"}]
[{"$nulls":3},"Map Plastik biasa jepit/snell",{"$nulls":8},{"v":5,"d":"5.00"},"Buah",{"v":13200,"d":"13,200.00"},{"v":66000,"d":"66,000.00"},null,{"v":66000,"d":"66,000.00"}]
[{"$nulls":3},"Map Kertas Folio",{"$nulls":8},{"v":50,"d":"50.00"},"Buah",{"v":2600,"d":"2,600.00"},{"v":130000,"d":"130,000.00"},null,{"v":130000,"d":"130,000.00"}]
[]
["5.2.2.01.0001.",null,null,"Map Jepit /Shenel Plastik",{"$nulls":8},{"v":10,"d":"10.00"},"Buah",{"v":11900,"d":"11,900.00"},{"v":119000,"d":"119,000.00"},null,{"v":119000,"d":"119,000.00"}]
[{"$nulls":3},"Isi Steples Max No.30",{"$nulls":8},{"v":4,"d":"4.00"},"Buah",{"v":6200,"d":"6,200.00"},{"v":24800,"d":"24,800.00"},null,{"v":24800,"d":"24,800.00"}]
[{"$nulls":3},"Isi Steples Max No.10",{"$nulls":8},{"v":4,"d":"4.00"},"Buah",{"v":6200,"d":"6,200.00"},{"v":24800,"d":"24,800.00"},null,{"v":24800,"d":"24,800.00"}]
[{"$nulls":3},"Map Ordner TK",{"$nulls":8},{"v":3,"d":"3.00"},"Buah",{"v":35700,"d":"35,700.00"},{"v":107100,"d":"107,100.00"},null,{"v":107100,"d":"107,100.00"}]
[{"$nulls":3},"Clips (B)",{"$nulls":8},{"v":3,"d":"3.00"},"Buah",{"v":9300,"d":"9,300.00"},{"v":27900,"d":"27,900.00"},null,{"v":27900,"d":"27,900.00"}]
[{"$nulls":3},"Klip Jepit sedang",{"$nulls":8},{"v":3,"d":"3.00"},"Buah",{"v":5700,"d":"5,700.00"},{"v":17100,"d":"17,100.00"},null,{"v":17100,"d":"17,100.00"}]
[{"$nulls":3},"Klip Jepit besar",{"$nulls":8},{"v":3,"d":"3.00"},"Buah",{"v":9300,"d":"9,300.00"},{"v":27900,"d":"27,900.00"},null,{"v":27900,"d":"27,900.00"}]
[{"$nulls":3},"Lem Vovinal T (112)",{"$nulls":8},{"v":1,"d":"1.00"},"Botol",{"v":8700,"d":"8,700.00"},{"v":8700,"d":"8,700.00"},null,{"v":8700,"d":"8,700.00"}]
[{"$nulls":3},"Ballpoint Faster",{"$nulls":8},{"v":1,"d":"1.00"},"Kotak",{"v":48000,"d":"48,000.00"},{"v":48000,"d":"48,000.00"},null,{"v":48000,"d":"48,000.00"}]
[{"$nulls":3},"Tinta Printer Epson Standar (Black / Magenta / Yellow / Cyan)",{"$nulls":8},{"v":4,"d":"4.00"},"Buah",{"v":198300,"d":"198,300.00"},{"v":793200,"d":"793,200.00"},null,{"v":793200,"d":"793,200.00"}]
["5.2.2.01.0004.",null,null,"Belanja perangko, materai dan benda pos",{"$nulls":11},{"v":270000,"d":"270,000.00"},null,{"v":270000,"d":"270,000.00"}]
[{"$nulls":3},"Materai 3000",{"$nulls":8},{"v":30,"d":"30.00"},"Lembar",{"v":3000,"d":"3,000.00"},{"v":90000,"d":"90,000.00"},null,{"v":90000,"d":"90,000.00"}]
[{"$nulls":3},"Materai 6000",{"$nulls":8},{"v":30,"d":"30.00"},"Lembar",{"v":6000,"d":"6,000.00"},{"v":180000,"d":"180,000.00"},null,{"v":180000,"d":"180,000.00"}]
["5.2.2.01.0019.",null,null,"Belanja bahan perlombaan",{"$nulls":11},{"v":5000000,"d":"5,000,000.00"},null,{"v":5000000,"d":"5,000,000.00"}]
[{"$nulls":3},"Bahan Olahan Pangan Lomba Tingkat Kabupaten",{"$nulls":8},{"v":9,"d":"9.00"},"Ls",{"v":500000,"d":"500,000.00"},{"v":4500000,"d":"4,500,000.00"},null,{"v":4500000,"d":"4,500,000.00"}]
[{"$nulls":3},"Bahan Olahan Pangan Lomba Tingkat Provinsi",{"$nulls":8},{"v":1,"d":"1.00"},"Ls",{"v":500000,"d":"500,000.00"},{"v":500000,"d":"500,000.00"},null,{"v":500000,"d":"500,000.00"}]
["5.2.2.02.",null,null,"Belanja Bahan/Material",{"$nulls":11},{"v":30000000,"d":"30,000,000.00"},null,{"v":30000000,"d":"30,000,000.00"}]
["5.2.2.02.0014.",null,null,"Belanja Bahan Pameran",{"$nulls":11},{"v":30000000,"d":"30,000,000.00"},null,{"v":30000000,"d":"30,000,000.00"}]
[{"$nulls":3},"Bahan Pameran Produk Segar/Olahan",{"$nulls":8},{"v":1,"d":"1.00"},"Tahun",{"v":30000000,"d":"30,000,000.00"},{"v":30000000,"d":"30,000,000.00"},null,{"v":30000000,"d":"30,000,000.00"}]
["5.2.2.03.",null,null,"Belanja Jasa Kantor",{"$nulls":11},{"v":115800000,"d":"115,800,000.00"},null,{"v":115800000,"d":"115,800,000.00"}]
["5.2.2.03.0003.",null,null,"Belanja listrik",{"$nulls":11},{"v":2000000,"d":"2,000,000.00"},null,{"v":2000000,"d":"2,000,000.00"}]
[{"$nulls":3},"Biaya liistrik",{"$nulls":8},{"v":1,"d":"1.00"},"Paket",{"v":2000000,"d":"2,000,000.00"},{"v":2000000,"d":"2,000,000.00"},null,{"v":2000000,"d":"2,000,000.00"}]
["5.2.2.03.0012.",null,null,"Belanja Jasa Tenaga kerja",{"$nulls":11},{"v":58800000,"d":"58,800,000.00"},null,{"v":58800000,"d":"58,800,000.00"}]
[{"$nulls":3},"Jasa Tenaga Kontrak sebagai Tenaga Administrasi Umum",{"$nulls":8},{"v":12,"d":"12.00"},"OB",{"v":1700000,"d":"1,700,000.00"},{"v":20400000,"d":"20,400,000.00"},null,{"v":20400000,"d":"20,400,000.00"}]
[{"$nulls":3},"Jasa Tenaga Kontrak sebagai tenaga administrasi Umum",{"$nulls":8},{"v":24,"d":"24.00"},"OB",{"v":1600000,"d":"1,600,000.00"},{"v":38400000,"d":"38,400,000.00"},null,{"v":38400000,"d":"38,400,000.00"}]
["5.2.2.03.0013.",null,null,"Belanja Jasa Transportasi dan akomodasi",{"$nulls":11},{"v":15000000,"d":"15,000,000.00"},null,{"v":15000000,"d":"15,000,000.00"}]
[{"$nulls":3},"Biaya pengganti transportasi",{"$nulls":8},{"v":150,"d":"150.00"},"OH",{"v":100000,"d":"100,000.00"},{"v":15000000,"d":"15,000,000.00"},null,{"v":15000000,"d":"15,000,000.00"}]
[]
["5.2.2.03.0015.",null,null,"Belanja Jasa Dekorasi",{"$nulls":11},{"v":40000000,"d":"40,000,000.00"},null,{"v":40000000,"d":"40,000,000.00"}]
[{"$nulls":3},"Belanja Jasa Dekorasi",{"$nulls":8},{"v":1,"d":"1.00"},"Tahun",{"v":40000000,"d":"40,000,000.00"},{"v":40000000,"d":"40,000,000.00"},null,{"v":40000000,"d":"40,000,000.00"}]
["5.2.2.06.",null,null,"Belanja Cetak dan Penggandaan",{"$nulls":11},{"v":1437200,"d":"1,437,200.00"},null,{"v":1437200,"d":"1,437,200.00"}]
["5.2.2.06.0001.",null,null,"Belanja cetak",{"$nulls":11},{"v":937200,"d":"937,200.00"},null,{"v":937200,"d":"937,200.00"}]
[{"$nulls":3},"Cetak Laporan Kegiatan Akhir",{"$nulls":8},{"v":3,"d":"3.00"},"Buku",{"v":58900,"d":"58,900.00"},{"v":176700,"d":"176,700.00"},null,{"v":176700,"d":"176,700.00"}]
[{"$nulls":3},"Cetak Spanduk",{"$nulls":8},{"v":5,"d":"5.00"},"Buah",{"v":152100,"d":"152,100.00"},{"v":760500,"d":"760,500.00"},null,{"v":760500,"d":"760,500.00"}]
["5.2.2.06.0002.",null,null,"Belanja Foto copy",{"$nulls":11},{"v":500000,"d":"500,000.00"},null,{"v":500000,"d":"500,000.00"}]
[{"$nulls":3},"Foto copy",{"$nulls":8},{"v":2500,"d":"2,500.00"},"lembar",{"v":200,"d":"200.00"},{"v":500000,"d":"500,000.00"},null,{"v":500000,"d":"500,000.00"}]
["5.2.2.07.",null,null,"Belanja Sewa Rumah/Gedung/Gudang/Parkir",{"$nulls":11},{"v":3000000,"d":"3,000,000.00"},null,{"v":3000000,"d":"3,000,000.00"}]
["5.2.2.07.0002.",null,null,"Belanja sewa gedung/ kantor/tempat",{"$nulls":11},{"v":3000000,"d":"3,000,000.00"},null,{"v":3000000,"d":"3,000,000.00"}]
[{"$nulls":3},"Belanja sewa gedung/kantor/tempat",{"$nulls":8},{"v":6,"d":"6.00"},"Kali",{"v":500000,"d":"500,000.00"},{"v":3000000,"d":"3,000,000.00"},null,{"v":3000000,"d":"3,000,000.00"}]
["5.2.2.10.",null,null,"Belanja Sewa Perlengkapan dan Peralatan Kantor",{"$nulls":11},{"v":21000000,"d":"21,000,000.00"},null,{"v":21000000,"d":"21,000,000.00"}]
["5.2.2.10.0001.",null,null,"Belanja sewa meja kursi",{"$nulls":11},{"v":9000000,"d":"9,000,000.00"},null,{"v":9000000,"d":"9,000,000.00"}]
[{"$nulls":3},"sewa meja",{"$nulls":8},{"v":180,"d":"180.00"},"buah",{"v":45000,"d":"45,000.00"},{"v":8100000,"d":"8,100,000.00"},null,{"v":8100000,"d":"8,100,000.00"}]
[{"$nulls":3},"sewa kursi",{"$nulls":8},{"v":180,"d":"180.00"},"Buah",{"v":5000,"d":"5,000.00"},{"v":900000,"d":"900,000.00"},null,{"v":900000,"d":"900,000.00"}]
["5.2.2.10.0005.",null,null,"Belanja sewa tenda",{"$nulls":11},{"v":12000000,"d":"12,000,000.00"},null,{"v":12000000,"d":"12,000,000.00"}]
[{"$nulls":3},"Sewa tenda",{"$nulls":8},{"v":60,"d":"60.00"},"Buah",{"v":200000,"d":"200,000.00"},{"v":12000000,"d":"12,000,000.00"},null,{"v":12000000,"d":"12,000,000.00"}]
["5.2.2.11.",null,null,"Belanja Makanan dan  Minuman",{"$nulls":11},{"v":11580000,"d":"11,580,000.00"},null,{"v":11580000,"d":"11,580,000.00"}]
["5.2.2.11.0002.",null,null,"Belanja makanan dan minuman rapat",{"$nulls":11},{"v":4200000,"d":"4,200,000.00"},null,{"v":4200000,"d":"4,200,000.00"}]
[{"$nulls":3},"Snack",{"$nulls":8},{"v":75,"d":"75.00"},"kotak",{"v":16000,"d":"16,000.00"},{"v":1200000,"d":"1,200,000.00"},null,{"v":1200000,"d":"1,200,000.00"}]
[{"$nulls":3},"Nasi Kotak",{"$nulls":8},{"v":75,"d":"75.00"},"kotak",{"v":40000,"d":"40,000.00"},{"v":3000000,"d":"3,000,000.00"},null,{"v":3000000,"d":"3,000,000.00"}]
["5.2.2.11.0006.",null,null,"Belanja Makanan dan Minuman Pembinaan, Lomba-Lomba / Evaluasi",{"$nulls":11},{"v":7380000,"d":"7,380,000.00"},null,{"v":7380000,"d":"7,380,000.00"}]
[{"$nulls":3},"Snack",{"$nulls":8},{"v":180,"d":"180.00"},"kotak",{"v":16000,"d":"16,000.00"},{"v":2880000,"d":"2,880,000.00"},null,{"v":2880000,"d":"2,880,000.00"}]
[{"$nulls":3},"Nasi Kotak",{"$nulls":8},{"v":180,"d":"180.00"},"kotak",{"v":25000,"d":"25,000.00"},{"v":4500000,"d":"4,500,000.00"},null,{"v":4500000,"d":"4,500,000.00"}]
["5.2.2.15.",null,null,"Belanja Perjalanan Dinas",{"$nulls":11},{"v":2325000,"d":"2,325,000.00"},null,{"v":2325000,"d":"2,325,000.00"}]
["5.2.2.15.0001.",null,null,"Belanja perjalanan dinas dalam daerah",{"$nulls":11},{"v":2325000,"d":"2,325,000.00"},null,{"v":2325000,"d":"2,325,000.00"}]
[{"$nulls":3},"Belanja Perjalanan Dinas Dalam Daerah",{"$nulls":8},{"v":1,"d":"1.00"},"Tahun",{"v":2325000,"d":"2,325,000.00"},{"v":2325000,"d":"2,325,000.00"},null,{"v":2325000,"d":"2,325,000.00"}]
["5.2.2.27.",null,null,"Uang Untuk Diberikan Kepada Pihak Ketiga / Masyarakat",{"$nulls":11},{"v":6000000,"d":"6,000,000.00"},null,{"v":6000000,"d":"6,000,000.00"}]
["5.2.2.27.0002.",null,null,"Uang untuk diberikan kepada masyarakat",{"$nulls":11},{"v":6000000,"d":"6,000,000.00"},null,{"v":6000000,"d":"6,000,000.00"}]
[{"$nulls":3},"- Juara lomba olahan pangan (LCM) Juara I",{"$nulls":8},{"v":1,"d":"1.00"},"Desa",{"v":3000000,"d":"3,000,000.00"},{"v":3000000,"d":"3,000,000.00"},null,{"v":3000000,"d":"3,000,000.00"}]
[{"$nulls":3},"- Juara lomba olahan pangan (LCM) Juara II",{"$nulls":8},{"v":1,"d":"1.00"},"Desa",{"v":2000000,"d":"2,000,000.00"},{"v":2000000,"d":"2,000,000.00"},null,{"v":2000000,"d":"2,000,000.00"}]
[{"$nulls":3},"- Juara lomba olahan pangan (LCM) Juara III",{"$nulls":8},{"v":1,"d":"1.00"},"Desa",{"v":1000000,"d":"1,000,000.00"},{"v":1000000,"d":"1,000,000.00"},null,{"v":1000000,"d":"1,000,000.00"}]
["5.2.2.32.",null,null,"Belanja Operasional Kendaraan",{"$nulls":11},{"v":2563800,"d":"2,563,800.00"},null,{"v":2563800,"d":"2,563,800.00"}]
["5.2.2.32.0001.",null,null,"Belanja Bahan Bakar Minyak",{"$nulls":11},{"v":2563800,"d":"2,563,800.00"},null,{"v":2563800,"d":"2,563,800.00"}]
[{"$nulls":3},"Belanja bahan bakar minyak",{"$nulls":8},{"v":1,"d":"1.00"},"Tahun",{"v":2563800,"d":"2,563,800.00"},{"v":2563800,"d":"2,563,800.00"},null,{"v":2563800,"d":"2,563,800.00"}]
["5.2.",null,null,"BELANJA LANGSUNG",{"$nulls":11},{"v":6240000,"d":"6,240,000.00"},null,{"v":6240000,"d":"6,240,000.00"}]
["5.2.2.",null,null,"BELANJA BARANG DAN JASA",{"$nulls":11},{"v":6240000,"d":"6,240,000.00"},null,{"v":6240000,"d":"6,240,000.00"}]
["5.2.2.01.",null,null,"Belanja Bahan Pakai Habis",{"$nulls":11},{"v":1332500,"d":"1,332,500.00"},null,{"v":1332500,"d":"1,332,500.00"}]
["5.2.2.01.0001.",null,null,"Belanja alat tulis kantor",{"$nulls":11},{"v":1182500,"d":"1,182,500.00"},null,{"v":1182500,"d":"1,182,500.00"}]
[{"$nulls":3},"Kertas HVS 70 gr Folio Sidu",{"$nulls":8},{"v":3,"d":"3.00"},"Rim",{"v":79600,"d":"79,600.00"},{"v":238800,"d":"238,800.00"},null,{"v":238800,"d":"238,800.00"}]
[{"$nulls":3},"Map Kertas Folio",{"$nulls":8},{"v":20,"d":"20.00"},"Buah",{"v":2600,"d":"2,600.00"},{"v":52000,"d":"52,000.00"},null,{"v":52000,"d":"52,000.00"}]
[{"$nulls":3},"Clips (B)",{"$nulls":8},{"v":5,"d":"5.00"},"Buah",{"v":9300,"d":"9,300.00"},{"v":46500,"d":"46,500.00"},null,{"v":46500,"d":"46,500.00"}]
[{"$nulls":3},"Isi Steples Max No.30",{"$nulls":8},{"v":3,"d":"3.00"},"Buah",{"v":6200,"d":"6,200.00"},{"v":18600,"d":"18,600.00"},null,{"v":18600,"d":"18,600.00"}]
[]
["5.2.2.01.0001.",null,null,"Isi Steples Max No.10",{"$nulls":8},{"v":3,"d":"3.00"},"Buah",{"v":6200,"d":"6,200.00"},{"v":18600,"d":"18,600.00"},null,{"v":18600,"d":"18,600.00"}]
[{"$nulls":3},"Tinta Printer Epson Standar (Black / Magenta / Yellow / Cyan)",{"$nulls":8},{"v":4,"d":"4.00"},"Buah",{"v":198300,"d":"198,300.00"},{"v":793200,"d":"793,200.00"},null,{"v":793200,"d":"793,200.00"}]
[{"$nulls":3},"Klip Jepit kecil",{"$nulls":8},{"v":4,"d":"4.00"},"Buah",{"v":3700,"d":"3,700.00"},{"v":14800,"d":"14,800.00"},null,{"v":14800,"d":"14,800.00"}]
["5.2.2.01.0004.",null,null,"Belanja perangko, materai dan benda pos",{"$nulls":11},{"v":150000,"d":"150,000.00"},null,{"v":150000,"d":"150,000.00"}]
[{"$nulls":3},"Materai 3000",{"$nulls":8},{"v":10,"d":"10.00"},"Lembar",{"v":3000,"d":"3,000.00"},{"v":30000,"d":"30,000.00"},null,{"v":30000,"d":"30,000.00"}]
[{"$nulls":3},"Materai 6000",{"$nulls":8},{"v":20,"d":"20.00"},"Lembar",{"v":6000,"d":"6,000.00"},{"v":120000,"d":"120,000.00"},null,{"v":120000,"d":"120,000.00"}]
["5.2.2.06.",null,null,"Belanja Cetak dan Penggandaan",{"$nulls":11},{"v":376700,"d":"376,700.00"},null,{"v":376700,"d":"376,700.00"}]
["5.2.2.06.0001.",null,null,"Belanja cetak",{"$nulls":11},{"v":176700,"d":"176,700.00"},null,{"v":176700,"d":"176,700.00"}]
[{"$nulls":3},"Cetak Laporan Kegiatan Akhir",{"$nulls":8},{"v":3,"d":"3.00"},"Buku",{"v":58900,"d":"58,900.00"},{"v":176700,"d":"176,700.00"},null,{"v":176700,"d":"176,700.00"}]
["5.2.2.06.0002.",null,null,"Belanja Foto copy",{"$nulls":11},{"v":200000,"d":"200,000.00"},null,{"v":200000,"d":"200,000.00"}]
[{"$nulls":3},"Foto copy",{"$nulls":8},{"v":1000,"d":"1,000.00"},"lembar",{"v":200,"d":"200.00"},{"v":200000,"d":"200,000.00"},null,{"v":200000,"d":"200,000.00"}]
["5.2.2.11.",null,null,"Belanja Makanan dan  Minuman",{"$nulls":11},{"v":3075000,"d":"3,075,000.00"},null,{"v":3075000,"d":"3,075,000.00"}]
["5.2.2.11.0006.",null,null,"Belanja Makanan dan Minuman Pembinaan, Lomba-Lomba / Evaluasi",{"$nulls":11},{"v":3075000,"d":"3,075,000.00"},null,{"v":3075000,"d":"3,075,000.00"}]
[{"$nulls":3},"Snack",{"$nulls":8},{"v":75,"d":"75.00"},"kotak",{"v":16000,"d":"16,000.00"},{"v":1200000,"d":"1,200,000.00"},null,{"v":1200000,"d":"1,200,000.00"}]
[{"$nulls":3},"Nasi Kotak",{"$nulls":8},{"v":75,"d":"75.00"},"kotak",{"v":25000,"d":"25,000.00"},{"v":1875000,"d":"1,875,000.00"},null,{"v":1875000,"d":"1,875,000.00"}]
["5.2.2.32.",null,null,"Belanja Operasional Kendaraan",{"$nulls":11},{"v":1455800,"d":"1,455,800.00"},null,{"v":1455800,"d":"1,455,800.00"}]
["5.2.2.32.0001.",null,null,"Belanja Bahan Bakar Minyak",{"$nulls":11},{"v":1455800,"d":"1,455,800.00"},null,{"v":1455800,"d":"1,455,800.00"}]
[{"$nulls":3},"Belanja bahan bakar minyak",{"$nulls":8},{"v":1,"d":"1.00"},"Tahun",{"v":1455800,"d":"1,455,800.00"},{"v":1455800,"d":"1,455,800.00"},null,{"v":1455800,"d":"1,455,800.00"}]
["5.2.",null,null,"BELANJA LANGSUNG",{"$nulls":11},{"v":148780000,"d":"148,780,000.00"},null,{"v":148780000,"d":"148,780,000.00"}]
["5.2.2.",null,null,"BELANJA BARANG DAN JASA",{"$nulls":11},{"v":148780000,"d":"148,780,000.00"},null,{"v":148780000,"d":"148,780,000.00"}]
["5.2.2.01.",null,null,"Belanja Bahan Pakai Habis",{"$nulls":11},{"v":4056300,"d":"4,056,300.00"},null,{"v":4056300,"d":"4,056,300.00"}]
["5.2.2.01.0001.",null,null,"Belanja alat tulis kantor",{"$nulls":11},{"v":2556300,"d":"2,556,300.00"},null,{"v":2556300,"d":"2,556,300.00"}]
[{"$nulls":3},"Kertas HVS 70 gr Folio Sidu",{"$nulls":8},{"v":15,"d":"15.00"},"Rim",{"v":79600,"d":"79,600.00"},{"v":1194000,"d":"1,194,000.00"},null,{"v":1194000,"d":"1,194,000.00"}]
["5.2.2.01.0001.",null,null,"Map Kertas Folio",{"$nulls":8},{"v":30,"d":"30.00"},"Buah",{"v":2600,"d":"2,600.00"},{"v":78000,"d":"78,000.00"},null,{"v":78000,"d":"78,000.00"}]
[{"$nulls":3},"Map Plastik biasa jepit/snell",{"$nulls":8},{"v":4,"d":"4.00"},"Buah",{"v":13200,"d":"13,200.00"},{"v":52800,"d":"52,800.00"},null,{"v":52800,"d":"52,800.00"}]
[{"$nulls":3},"Map Ordner F / Extra / Kwarto",{"$nulls":8},{"v":2,"d":"2.00"},"Buah",{"v":35700,"d":"35,700.00"},{"v":71400,"d":"71,400.00"},null,{"v":71400,"d":"71,400.00"}]
[{"$nulls":3},"Klip Jepit sedang",{"$nulls":8},{"v":5,"d":"5.00"},"Buah",{"v":5700,"d":"5,700.00"},{"v":28500,"d":"28,500.00"},null,{"v":28500,"d":"28,500.00"}]
[{"$nulls":3},"Klip Jepit besar",{"$nulls":8},{"v":5,"d":"5.00"},"Buah",{"v":9300,"d":"9,300.00"},{"v":46500,"d":"46,500.00"},null,{"v":46500,"d":"46,500.00"}]
[{"$nulls":3},"Tinta Stempel",{"$nulls":8},{"v":1,"d":"1.00"},"Buah",{"v":20800,"d":"20,800.00"},{"v":20800,"d":"20,800.00"},null,{"v":20800,"d":"20,800.00"}]
[{"$nulls":3},"Tinta Printer Epson Standar (Black / Magenta / Yellow / Cyan)",{"$nulls":8},{"v":5,"d":"5.00"},"Buah",{"v":198300,"d":"198,300.00"},{"v":991500,"d":"991,500.00"},null,{"v":991500,"d":"991,500.00"}]
[{"$nulls":3},"Isi Steples Max No.10",{"$nulls":8},{"v":2,"d":"2.00"},"Buah",{"v":6200,"d":"6,200.00"},{"v":12400,"d":"12,400.00"},null,{"v":12400,"d":"12,400.00"}]
[{"$nulls":3},"Isi Steples Max No.30",{"$nulls":8},{"v":2,"d":"2.00"},"Buah",{"v":6200,"d":"6,200.00"},{"v":12400,"d":"12,400.00"},null,{"v":12400,"d":"12,400.00"}]
[{"$nulls":3},"Ballpoint Faster",{"$nulls":8},{"v":1,"d":"1.00"},"Kotak",{"v":48000,"d":"48,000.00"},{"v":48000,"d":"48,000.00"},null,{"v":48000,"d":"48,000.00"}]
["5.2.2.01.0004.",null,null,"Belanja perangko, materai dan benda pos",{"$nulls":11},{"v":300000,"d":"300,000.00"},null,{"v":300000,"d":"300,000.00"}]
[{"$nulls":3},"Materai 3000",{"$nulls":8},{"v":40,"d":"40.00"},"Lembar",{"v":3000,"d":"3,000.00"},{"v":120000,"d":"120,000.00"},null,{"v":120000,"d":"120,000.00"}]
[{"$nulls":3},"Materai 6000",{"$nulls":8},{"v":30,"d":"30.00"},"Lembar",{"v":6000,"d":"6,000.00"},{"v":180000,"d":"180,000.00"},null,{"v":180000,"d":"180,000.00"}]
["5.2.2.01.0017.",null,null,"Belanja bahan makanan",{"$nulls":11},{"v":1200000,"d":"1,200,000.00"},null,{"v":1200000,"d":"1,200,000.00"}]
[{"$nulls":3},"Belanja 1 paket bahan makanan untuk sample uji keamanan pangan",{"$nulls":8},{"v":1,"d":"1.00"},"Tahun",{"v":1200000,"d":"1,200,000.00"},{"v":1200000,"d":"1,200,000.00"},null,{"v":1200000,"d":"1,200,000.00"}]
["5.2.2.03.",null,null,"Belanja Jasa Kantor",{"$nulls":11},{"v":114400000,"d":"114,400,000.00"},null,{"v":114400000,"d":"114,400,000.00"}]
["5.2.2.03.0012.",null,null,"Belanja Jasa Tenaga kerja",{"$nulls":11},{"v":98400000,"d":"98,400,000.00"},null,{"v":98400000,"d":"98,400,000.00"}]
[{"$nulls":3},"Jasa Tenaga Kontrak sebagai Tenaga Administrasi Umum",{"$nulls":8},{"v":48,"d":"48.00"},"OB",{"v":1600000,"d":"1,600,000.00"},{"v":76800000,"d":"76,800,000.00"},null,{"v":76800000,"d":"76,800,000.00"}]
[{"$nulls":3},"Jasa Tenaga Kontrak sebagai Operator Pembantu Admin PPK",{"$nulls":8},{"v":12,"d":"12.00"},"OB",{"v":1800000,"d":"1,800,000.00"},{"v":21600000,"d":"21,600,000.00"},null,{"v":21600000,"d":"21,600,000.00"}]
["5.2.2.03.0022.",null,null,"Belanja Jasa Pengujian Laboratorium",{"$nulls":11},{"v":16000000,"d":"16,000,000.00"},null,{"v":16000000,"d":"16,000,000.00"}]
[{"$nulls":3},"Jasa pengujian laboratorium bahan pangan",{"$nulls":8},{"v":1,"d":"1.00"},"Tahun",{"v":16000000,"d":"16,000,000.00"},{"v":16000000,"d":"16,000,000.00"},null,{"v":16000000,"d":"16,000,000.00"}]
["5.2.2.06.",null,null,"Belanja Cetak dan Penggandaan",{"$nulls":11},{"v":835600,"d":"835,600.00"},null,{"v":835600,"d":"835,600.00"}]
["5.2.2.06.0001.",null,null,"Belanja cetak",{"$nulls":11},{"v":235600,"d":"235,600.00"},null,{"v":235600,"d":"235,600.00"}]
[{"$nulls":3},"Cetak Laporan Kegiatan Akhir",{"$nulls":8},{"v":4,"d":"4.00"},"Buku",{"v":58900,"d":"58,900.00"},{"v":235600,"d":"235,600.00"},null,{"v":235600,"d":"235,600.00"}]
["5.2.2.06.0002.",null,null,"Belanja Foto copy",{"$nulls":11},{"v":600000,"d":"600,000.00"},null,{"v":600000,"d":"600,000.00"}]
[{"$nulls":3},"Foto copy",{"$nulls":8},{"v":3000,"d":"3,000.00"},"lembar",{"v":200,"d":"200.00"},{"v":600000,"d":"600,000.00"},null,{"v":600000,"d":"600,000.00"}]
["5.2.2.11.",null,null,"Belanja Makanan dan  Minuman",{"$nulls":11},{"v":12770000,"d":"12,770,000.00"},null,{"v":12770000,"d":"12,770,000.00"}]
["5.2.2.11.0002.",null,null,"Belanja makanan dan minuman rapat",{"$nulls":11},{"v":2520000,"d":"2,520,000.00"},null,{"v":2520000,"d":"2,520,000.00"}]
[{"$nulls":3},"Snack",{"$nulls":8},{"v":45,"d":"45.00"},"kotak",{"v":16000,"d":"16,000.00"},{"v":720000,"d":"720,000.00"},null,{"v":720000,"d":"720,000.00"}]
[{"$nulls":3},"Nasi Kotak",{"$nulls":8},{"v":45,"d":"45.00"},"kotak",{"v":40000,"d":"40,000.00"},{"v":1800000,"d":"1,800,000.00"},null,{"v":1800000,"d":"1,800,000.00"}]
["5.2.2.11.0006.",null,null,"Belanja Makanan dan Minuman Pembinaan, Lomba-Lomba / Evaluasi",{"$nulls":11},{"v":10250000,"d":"10,250,000.00"},null,{"v":10250000,"d":"10,250,000.00"}]
[{"$nulls":3},"Snack",{"$nulls":8},{"v":250,"d":"250.00"},"kotak",{"v":16000,"d":"16,000.00"},{"v":4000000,"d":"4,000,000.00"},null,{"v":4000000,"d":"4,000,000.00"}]
[{"$nulls":3},"Nasi Kotak",{"$nulls":8},{"v":250,"d":"250.00"},"kotak",{"v":25000,"d":"25,000.00"},{"v":6250000,"d":"6,250,000.00"},null,{"v":6250000,"d":"6,250,000.00"}]
["5.2.2.25.",null,null,"Belanja Barang Inventaris",{"$nulls":11},{"v":15000000,"d":"15,000,000.00"},null,{"v":15000000,"d":"15,000,000.00"}]
["5.2.2.25.0005.",null,null,"Belanja Perlengkapan Komputer",{"$nulls":11},{"v":200000,"d":"200,000.00"},null,{"v":200000,"d":"200,000.00"}]
[{"$nulls":3},"Belanja Flasdisk",{"$nulls":8},{"v":2,"d":"2.00"},"Buah",{"v":100000,"d":"100,000.00"},{"v":200000,"d":"200,000.00"},null,{"v":200000,"d":"200,000.00"}]
["5.2.2.25.0013.",null,null,"Belanja Alat-alat Laboratorium",{"$nulls":11},{"v":14800000,"d":"14,800,000.00"},null,{"v":14800000,"d":"14,800,000.00"}]
[{"$nulls":3},"Belanja alat-alat rapid test kit",{"$nulls":9},"-",null,{"v":14800000,"d":"14,800,000.00"},null,{"v":14800000,"d":"14,800,000.00"}]
[{"$nulls":3},"Alat uji pestisida",{"$nulls":8},{"v":40,"d":"40.00"},"Unit",{"v":340000,"d":"340,000.00"},{"v":13600000,"d":"13,600,000.00"},null,{"v":13600000,"d":"13,600,000.00"}]
[{"$nulls":3},"Alat uji formalin",{"$nulls":8},{"v":10,"d":"10.00"},"unit",{"v":120000,"d":"120,000.00"},{"v":1200000,"d":"1,200,000.00"},null,{"v":1200000,"d":"1,200,000.00"}]
["5.2.2.32.",null,null,"Belanja Operasional Kendaraan",{"$nulls":11},{"v":1718100,"d":"1,718,100.00"},null,{"v":1718100,"d":"1,718,100.00"}]
["5.2.2.32.0001.",null,null,"Belanja Bahan Bakar Minyak",{"$nulls":11},{"v":1718100,"d":"1,718,100.00"},null,{"v":1718100,"d":"1,718,100.00"}]
[{"$nulls":3},"Belanja bahan bakar minyak",{"$nulls":8},{"v":1,"d":"1.00"},"Tahun",{"v":1718100,"d":"1,718,100.00"},{"v":1718100,"d":"1,718,100.00"},null,{"v":1718100,"d":"1,718,100.00"}]
["5.2.",null,null,"BELANJA LANGSUNG",{"$nulls":11},{"v":75450000,"d":"75,450,000.00"},null,{"v":75450000,"d":"75,450,000.00"}]
["5.2.2.",null,null,"BELANJA BARANG DAN JASA",{"$nulls":11},{"v":75450000,"d":"75,450,000.00"},null,{"v":75450000,"d":"75,450,000.00"}]
["5.2.2.01.",null,null,"Belanja Bahan Pakai Habis",{"$nulls":11},{"v":1564000,"d":"1,564,000.00"},null,{"v":1564000,"d":"1,564,000.00"}]
["5.2.2.01.0001.",null,null,"Belanja alat tulis kantor",{"$nulls":11},{"v":1414000,"d":"1,414,000.00"},null,{"v":1414000,"d":"1,414,000.00"}]
[{"$nulls":3},"Ballpoint Faster",{"$nulls":8},{"v":1,"d":"1.00"},"Kotak",{"v":48000,"d":"48,000.00"},{"v":48000,"d":"48,000.00"},null,{"v":48000,"d":"48,000.00"}]
[{"$nulls":3},"Map Kertas Folio",{"$nulls":8},{"v":50,"d":"50.00"},"Buah",{"v":2600,"d":"2,600.00"},{"v":130000,"d":"130,000.00"},null,{"v":130000,"d":"130,000.00"}]
[{"$nulls":3},"Clips (B)",{"$nulls":8},{"v":2,"d":"2.00"},"Buah",{"v":9300,"d":"9,300.00"},{"v":18600,"d":"18,600.00"},null,{"v":18600,"d":"18,600.00"}]
[{"$nulls":3},"Kertas HVS 70 gr Folio Sidu",{"$nulls":8},{"v":10,"d":"10.00"},"Rim",{"v":79600,"d":"79,600.00"},{"v":796000,"d":"796,000.00"},null,{"v":796000,"d":"796,000.00"}]
["5.2.2.01.0001.",null,null,"Tinta Printer Epson Standar (Black / Magenta / Yellow / Cyan)",{"$nulls":8},{"v":2,"d":"2.00"},"Buah",{"v":198300,"d":"198,300.00"},{"v":396600,"d":"396,600.00"},null,{"v":396600,"d":"396,600.00"}]
[{"$nulls":3},"Isi Steples Max No.30",{"$nulls":8},{"v":4,"d":"4.00"},"Buah",{"v":6200,"d":"6,200.00"},{"v":24800,"d":"24,800.00"},null,{"v":24800,"d":"24,800.00"}]
["5.2.2.01.0004.",null,null,"Belanja perangko, materai dan benda pos",{"$nulls":11},{"v":150000,"d":"150,000.00"},null,{"v":150000,"d":"150,000.00"}]
[{"$nulls":3},"Materai 3000",{"$nulls":8},{"v":10,"d":"10.00"},"Lembar",{"v":3000,"d":"3,000.00"},{"v":30000,"d":"30,000.00"},null,{"v":30000,"d":"30,000.00"}]
[{"$nulls":3},"Materai 6000",{"$nulls":8},{"v":20,"d":"20.00"},"Lembar",{"v":6000,"d":"6,000.00"},{"v":120000,"d":"120,000.00"},null,{"v":120000,"d":"120,000.00"}]
["5.2.2.02.",null,null,"Belanja Bahan/Material",{"$nulls":11},{"v":35250000,"d":"35,250,000.00"},null,{"v":35250000,"d":"35,250,000.00"}]
["5.2.2.02.0003.",null,null,"Belanja bibit ternak/ikan",{"$nulls":11},{"v":32250000,"d":"32,250,000.00"},null,{"v":32250000,"d":"32,250,000.00"}]
[{"$nulls":3},"Bibit Ayam Buras",{"$nulls":8},{"v":430,"d":"430.00"},"ekor",{"v":75000,"d":"75,000.00"},{"v":32250000,"d":"32,250,000.00"},null,{"v":32250000,"d":"32,250,000.00"}]
["5.2.2.02.0006.",null,null,"Belanja Bahan Percontohan",{"$nulls":11},{"v":2000000,"d":"2,000,000.00"},null,{"v":2000000,"d":"2,000,000.00"}]
[{"$nulls":3},"- Olahan Ikan",{"$nulls":8},{"v":1,"d":"1.00"},"Tahun",{"v":1000000,"d":"1,000,000.00"},{"v":1000000,"d":"1,000,000.00"},null,{"v":1000000,"d":"1,000,000.00"}]
[{"$nulls":3},"- Olahan Alternative pangan berbasis umbi",{"$nulls":8},{"v":1,"d":"1.00"},"Tahun",{"v":1000000,"d":"1,000,000.00"},{"v":1000000,"d":"1,000,000.00"},null,{"v":1000000,"d":"1,000,000.00"}]
["5.2.2.02.0015.",null,null,"Belanja bahan praktek pendidikan dan pelatihan",{"$nulls":11},{"v":1000000,"d":"1,000,000.00"},null,{"v":1000000,"d":"1,000,000.00"}]
[{"$nulls":3},"- Bahan/Alat Pelatihan",{"$nulls":8},{"v":1,"d":"1.00"},"Paket",{"v":1000000,"d":"1,000,000.00"},{"v":1000000,"d":"1,000,000.00"},null,{"v":1000000,"d":"1,000,000.00"}]
["5.2.2.03.",null,null,"Belanja Jasa Kantor",{"$nulls":11},{"v":20400000,"d":"20,400,000.00"},null,{"v":20400000,"d":"20,400,000.00"}]
["5.2.2.03.0012.",null,null,"Belanja Jasa Tenaga kerja",{"$nulls":11},{"v":20400000,"d":"20,400,000.00"},null,{"v":20400000,"d":"20,400,000.00"}]
[{"$nulls":3},"Jasa Tenaga Kontrak sebagai Tenaga Administrasi Umum",{"$nulls":8},{"v":12,"d":"12.00"},"OB",{"v":1700000,"d":"1,700,000.00"},{"v":20400000,"d":"20,400,000.00"},null,{"v":20400000,"d":"20,400,000.00"}]
["5.2.2.06.",null,null,"Belanja Cetak dan Penggandaan",{"$nulls":11},{"v":735600,"d":"735,600.00"},null,{"v":735600,"d":"735,600.00"}]
["5.2.2.06.0001.",null,null,"Belanja cetak",{"$nulls":11},{"v":235600,"d":"235,600.00"},null,{"v":235600,"d":"235,600.00"}]
[{"$nulls":3},"Cetak dan jilid laporan",{"$nulls":8},{"v":4,"d":"4.00"},"Buku",{"v":58900,"d":"58,900.00"},{"v":235600,"d":"235,600.00"},null,{"v":235600,"d":"235,600.00"}]
["5.2.2.06.0002.",null,null,"Belanja Foto copy",{"$nulls":11},{"v":500000,"d":"500,000.00"},null,{"v":500000,"d":"500,000.00"}]
[{"$nulls":3},"Foto copy",{"$nulls":8},{"v":2500,"d":"2,500.00"},"lembar",{"v":200,"d":"200.00"},{"v":500000,"d":"500,000.00"},null,{"v":500000,"d":"500,000.00"}]
["5.2.2.11.",null,null,"Belanja Makanan dan  Minuman",{"$nulls":11},{"v":16240000,"d":"16,240,000.00"},null,{"v":16240000,"d":"16,240,000.00"}]
["5.2.2.11.0002.",null,null,"Belanja makanan dan minuman rapat",{"$nulls":11},{"v":2240000,"d":"2,240,000.00"},null,{"v":2240000,"d":"2,240,000.00"}]
[{"$nulls":3},"Nasi Kotak",{"$nulls":8},{"v":40,"d":"40.00"},"kotak",{"v":40000,"d":"40,000.00"},{"v":1600000,"d":"1,600,000.00"},null,{"v":1600000,"d":"1,600,000.00"}]
[{"$nulls":3},"Snack",{"$nulls":8},{"v":40,"d":"40.00"},"kotak",{"v":16000,"d":"16,000.00"},{"v":640000,"d":"640,000.00"},null,{"v":640000,"d":"640,000.00"}]
["5.2.2.11.0006.",null,null,"Belanja Makanan dan Minuman Pembinaan, Lomba-Lomba / Evaluasi",{"$nulls":11},{"v":14000000,"d":"14,000,000.00"},null,{"v":14000000,"d":"14,000,000.00"}]
[{"$nulls":3},"Nasi Kotak",{"$nulls":8},{"v":250,"d":"250.00"},"kotak",{"v":40000,"d":"40,000.00"},{"v":10000000,"d":"10,000,000.00"},null,{"v":10000000,"d":"10,000,000.00"}]
["5.2.2.11.0006.",null,null,"Snack",{"$nulls":8},{"v":250,"d":"250.00"},"kotak",{"v":16000,"d":"16,000.00"},{"v":4000000,"d":"4,000,000.00"},null,{"v":4000000,"d":"4,000,000.00"}]
["5.2.2.32.",null,null,"Belanja Operasional Kendaraan",{"$nulls":11},{"v":1260400,"d":"1,260,400.00"},null,{"v":1260400,"d":"1,260,400.00"}]
["5.2.2.32.0001.",null,null,"Belanja Bahan Bakar Minyak",{"$nulls":11},{"v":1260400,"d":"1,260,400.00"},null,{"v":1260400,"d":"1,260,400.00"}]
[{"$nulls":3},"Belanja bahan bakar minyak",{"$nulls":8},{"v":1,"d":"1.00"},"Tahun",{"v":1260400,"d":"1,260,400.00"},{"v":1260400,"d":"1,260,400.00"},null,{"v":1260400,"d":"1,260,400.00"}]
["5.2.",null,null,"BELANJA LANGSUNG",{"$nulls":11},{"v":49832800,"d":"49,832,800.00"},null,{"v":49832800,"d":"49,832,800.00"}]
["5.2.2.",null,null,"BELANJA BARANG DAN JASA",{"$nulls":11},{"v":49832800,"d":"49,832,800.00"},null,{"v":49832800,"d":"49,832,800.00"}]
["5.2.2.01.",null,null,"Belanja Bahan Pakai Habis",{"$nulls":11},{"v":1080100,"d":"1,080,100.00"},null,{"v":1080100,"d":"1,080,100.00"}]
["5.2.2.01.0001.",null,null,"Belanja alat tulis kantor",{"$nulls":11},{"v":930100,"d":"930,100.00"},null,{"v":930100,"d":"930,100.00"}]
[{"$nulls":3},"Amplop Polos berperekat 80 gr besar royal",{"$nulls":8},{"v":1,"d":"1.00"},"Kotak",{"v":40300,"d":"40,300.00"},{"v":40300,"d":"40,300.00"},null,{"v":40300,"d":"40,300.00"}]
[{"$nulls":3},"Kertas HVS 70 gr Folio Sidu",{"$nulls":8},{"v":5,"d":"5.00"},"Rim",{"v":79600,"d":"79,600.00"},{"v":398000,"d":"398,000.00"},null,{"v":398000,"d":"398,000.00"}]
["5.2.2.01.0001.",null,null,"Lem Glukol B",{"$nulls":8},{"v":2,"d":"2.00"},"Botol",{"v":13500,"d":"13,500.00"},{"v":27000,"d":"27,000.00"},null,{"v":27000,"d":"27,000.00"}]
[{"$nulls":3},"Spidol White Board",{"$nulls":8},{"v":3,"d":"3.00"},"Kotak",{"v":18600,"d":"18,600.00"},{"v":55800,"d":"55,800.00"},null,{"v":55800,"d":"55,800.00"}]
[{"$nulls":3},"Tinta Printer Epson Standar (Black / Magenta / Yellow / Cyan)",{"$nulls":8},{"v":2,"d":"2.00"},"Buah",{"v":198300,"d":"198,300.00"},{"v":396600,"d":"396,600.00"},null,{"v":396600,"d":"396,600.00"}]
[{"$nulls":3},"Isi Steples Max No.10",{"$nulls":8},{"v":2,"d":"2.00"},"Buah",{"v":6200,"d":"6,200.00"},{"v":12400,"d":"12,400.00"},null,{"v":12400,"d":"12,400.00"}]
["5.2.2.01.0004.",null,null,"Belanja perangko, materai dan benda pos",{"$nulls":11},{"v":150000,"d":"150,000.00"},null,{"v":150000,"d":"150,000.00"}]
[{"$nulls":3},"Materai 3000",{"$nulls":8},{"v":10,"d":"10.00"},"Lembar",{"v":3000,"d":"3,000.00"},{"v":30000,"d":"30,000.00"},null,{"v":30000,"d":"30,000.00"}]
[{"$nulls":3},"Materai 6000",{"$nulls":8},{"v":20,"d":"20.00"},"Lembar",{"v":6000,"d":"6,000.00"},{"v":120000,"d":"120,000.00"},null,{"v":120000,"d":"120,000.00"}]
["5.2.2.03.",null,null,"Belanja Jasa Kantor",{"$nulls":11},{"v":40800000,"d":"40,800,000.00"},null,{"v":40800000,"d":"40,800,000.00"}]
["5.2.2.03.0012.",null,null,"Belanja Jasa Tenaga kerja",{"$nulls":11},{"v":40800000,"d":"40,800,000.00"},null,{"v":40800000,"d":"40,800,000.00"}]
[{"$nulls":3},"Jasa Tenaga Kontrak sebagai Operator NBM",{"$nulls":8},{"v":12,"d":"12.00"},"OB",{"v":1700000,"d":"1,700,000.00"},{"v":20400000,"d":"20,400,000.00"},null,{"v":20400000,"d":"20,400,000.00"}]
[{"$nulls":3},"Jasa Tenaga Kontrak Sebagai Tenaga Administrasi Umum",{"$nulls":8},{"v":12,"d":"12.00"},"OB",{"v":1700000,"d":"1,700,000.00"},{"v":20400000,"d":"20,400,000.00"},null,{"v":20400000,"d":"20,400,000.00"}]
["5.2.2.06.",null,null,"Belanja Cetak dan Penggandaan",{"$nulls":11},{"v":676700,"d":"676,700.00"},null,{"v":676700,"d":"676,700.00"}]
["5.2.2.06.0001.",null,null,"Belanja cetak",{"$nulls":11},{"v":176700,"d":"176,700.00"},null,{"v":176700,"d":"176,700.00"}]
[{"$nulls":3},"Cetak dan jilid laporan",{"$nulls":8},{"v":3,"d":"3.00"},"Buku",{"v":58900,"d":"58,900.00"},{"v":176700,"d":"176,700.00"},null,{"v":176700,"d":"176,700.00"}]
["5.2.2.06.0002.",null,null,"Belanja Foto copy",{"$nulls":11},{"v":500000,"d":"500,000.00"},null,{"v":500000,"d":"500,000.00"}]
[{"$nulls":3},"Foto copy",{"$nulls":8},{"v":2500,"d":"2,500.00"},"lembar",{"v":200,"d":"200.00"},{"v":500000,"d":"500,000.00"},null,{"v":500000,"d":"500,000.00"}]
["5.2.2.11.",null,null,"Belanja Makanan dan  Minuman",{"$nulls":11},{"v":5600000,"d":"5,600,000.00"},null,{"v":5600000,"d":"5,600,000.00"}]
["5.2.2.11.0002.",null,null,"Belanja makanan dan minuman rapat",{"$nulls":11},{"v":2240000,"d":"2,240,000.00"},null,{"v":2240000,"d":"2,240,000.00"}]
[{"$nulls":3},"Nasi Kotak",{"$nulls":8},{"v":40,"d":"40.00"},"kotak",{"v":40000,"d":"40,000.00"},{"v":1600000,"d":"1,600,000.00"},null,{"v":1600000,"d":"1,600,000.00"}]
[{"$nulls":3},"Snack",{"$nulls":8},{"v":40,"d":"40.00"},"kotak",{"v":16000,"d":"16,000.00"},{"v":640000,"d":"640,000.00"},null,{"v":640000,"d":"640,000.00"}]
["5.2.2.11.0006.",null,null,"Belanja Makanan dan Minuman Pembinaan, Lomba-Lomba / Evaluasi",{"$nulls":11},{"v":3360000,"d":"3,360,000.00"},null,{"v":3360000,"d":"3,360,000.00"}]
[{"$nulls":3},"Nasi Kotak",{"$nulls":8},{"v":60,"d":"60.00"},"kotak",{"v":40000,"d":"40,000.00"},{"v":2400000,"d":"2,400,000.00"},null,{"v":2400000,"d":"2,400,000.00"}]
[{"$nulls":3},"Snack",{"$nulls":8},{"v":60,"d":"60.00"},"kotak",{"v":16000,"d":"16,000.00"},{"v":960000,"d":"960,000.00"},null,{"v":960000,"d":"960,000.00"}]
["5.2.2.32.",null,null,"Belanja Operasional Kendaraan",{"$nulls":11},{"v":1676000,"d":"1,676,000.00"},null,{"v":1676000,"d":"1,676,000.00"}]
["5.2.2.32.0001.",null,null,"Belanja Bahan Bakar Minyak",{"$nulls":11},{"v":1676000,"d":"1,676,000.00"},null,{"v":1676000,"d":"1,676,000.00"}]
[{"$nulls":3},"Belanja bahan bakar minyak",{"$nulls":8},{"v":1,"d":"1.00"},"Tahun",{"v":1676000,"d":"1,676,000.00"},{"v":1676000,"d":"1,676,000.00"},null,{"v":1676000,"d":"1,676,000.00"}]
["5.2.",null,null,"BELANJA LANGSUNG",{"$nulls":11},{"v":40640000,"d":"40,640,000.00"},null,{"v":40640000,"d":"40,640,000.00"}]
["5.2.2.",null,null,"BELANJA BARANG DAN JASA",{"$nulls":11},{"v":40640000,"d":"40,640,000.00"},null,{"v":40640000,"d":"40,640,000.00"}]
["5.2.2.01.",null,null,"Belanja Bahan Pakai Habis",{"$nulls":11},{"v":2768900,"d":"2,768,900.00"},null,{"v":2768900,"d":"2,768,900.00"}]
["5.2.2.01.0001.",null,null,"Belanja alat tulis kantor",{"$nulls":11},{"v":2408900,"d":"2,408,900.00"},null,{"v":2408900,"d":"2,408,900.00"}]
[{"$nulls":3},"Kertas HVS 70 gr Folio Sidu",{"$nulls":8},{"v":15,"d":"15.00"},"Rim",{"v":79600,"d":"79,600.00"},{"v":1194000,"d":"1,194,000.00"},null,{"v":1194000,"d":"1,194,000.00"}]
[{"$nulls":3},"Lem Glukol B",{"$nulls":8},{"v":1,"d":"1.00"},"Botol",{"v":13500,"d":"13,500.00"},{"v":13500,"d":"13,500.00"},null,{"v":13500,"d":"13,500.00"}]
[{"$nulls":3},"Ballpoint Faster",{"$nulls":8},{"v":5,"d":"5.00"},"Kotak",{"v":48000,"d":"48,000.00"},{"v":240000,"d":"240,000.00"},null,{"v":240000,"d":"240,000.00"}]
[{"$nulls":3},"Isi Bollpoint Pentel",{"$nulls":8},{"v":10,"d":"10.00"},"Buah",{"v":29500,"d":"29,500.00"},{"v":295000,"d":"295,000.00"},null,{"v":295000,"d":"295,000.00"}]
["5.2.2.01.0001.",null,null,"Klip Jepit kecil",{"$nulls":8},{"v":10,"d":"10.00"},"Buah",{"v":3700,"d":"3,700.00"},{"v":37000,"d":"37,000.00"},null,{"v":37000,"d":"37,000.00"}]
[{"$nulls":3},"Isi Steples Max No.10",{"$nulls":8},{"v":10,"d":"10.00"},"Buah",{"v":6200,"d":"6,200.00"},{"v":62000,"d":"62,000.00"},null,{"v":62000,"d":"62,000.00"}]
[{"$nulls":3},"Map Ordner TK",{"$nulls":8},{"v":2,"d":"2.00"},"Buah",{"v":35700,"d":"35,700.00"},{"v":71400,"d":"71,400.00"},null,{"v":71400,"d":"71,400.00"}]
[{"$nulls":3},"Refil Toner HP Laserjet 83 A",{"$nulls":8},{"v":4,"d":"4.00"},"Buah",{"v":124000,"d":"124,000.00"},{"v":496000,"d":"496,000.00"},null,{"v":496000,"d":"496,000.00"}]
["5.2.2.01.0004.",null,null,"Belanja perangko, materai dan benda pos",{"$nulls":11},{"v":360000,"d":"360,000.00"},null,{"v":360000,"d":"360,000.00"}]
[{"$nulls":3},"Materai 3000",{"$nulls":8},{"v":20,"d":"20.00"},"Lembar",{"v":3000,"d":"3,000.00"},{"v":60000,"d":"60,000.00"},null,{"v":60000,"d":"60,000.00"}]
[{"$nulls":3},"Materai 6000",{"$nulls":8},{"v":50,"d":"50.00"},"Lembar",{"v":6000,"d":"6,000.00"},{"v":300000,"d":"300,000.00"},null,{"v":300000,"d":"300,000.00"}]
["5.2.2.03.",null,null,"Belanja Jasa Kantor",{"$nulls":11},{"v":20400000,"d":"20,400,000.00"},null,{"v":20400000,"d":"20,400,000.00"}]
["5.2.2.03.0012.",null,null,"Belanja Jasa Tenaga kerja",{"$nulls":11},{"v":20400000,"d":"20,400,000.00"},null,{"v":20400000,"d":"20,400,000.00"}]
[{"$nulls":3},"Jasa Tenaga Kontrak sebagai Tenaga Administrasi Umum",{"$nulls":8},{"v":12,"d":"12.00"},"OB",{"v":1700000,"d":"1,700,000.00"},{"v":20400000,"d":"20,400,000.00"},null,{"v":20400000,"d":"20,400,000.00"}]
["5.2.2.06.",null,null,"Belanja Cetak dan Penggandaan",{"$nulls":11},{"v":735600,"d":"735,600.00"},null,{"v":735600,"d":"735,600.00"}]
["5.2.2.06.0001.",null,null,"Belanja cetak",{"$nulls":11},{"v":235600,"d":"235,600.00"},null,{"v":235600,"d":"235,600.00"}]
[{"$nulls":3},"Cetak dan jilid laporan",{"$nulls":8},{"v":4,"d":"4.00"},"Buku",{"v":58900,"d":"58,900.00"},{"v":235600,"d":"235,600.00"},null,{"v":235600,"d":"235,600.00"}]
["5.2.2.06.0002.",null,null,"Belanja Foto copy",{"$nulls":11},{"v":500000,"d":"500,000.00"},null,{"v":500000,"d":"500,000.00"}]
[{"$nulls":3},"Foto copy",{"$nulls":8},{"v":2500,"d":"2,500.00"},"lembar",{"v":200,"d":"200.00"},{"v":500000,"d":"500,000.00"},null,{"v":500000,"d":"500,000.00"}]
["5.2.2.11.",null,null,"Belanja Makanan dan  Minuman",{"$nulls":11},{"v":3360000,"d":"3,360,000.00"},null,{"v":3360000,"d":"3,360,000.00"}]
["5.2.2.11.0002.",null,null,"Belanja makanan dan minuman rapat",{"$nulls":11},{"v":3360000,"d":"3,360,000.00"},null,{"v":3360000,"d":"3,360,000.00"}]
[{"$nulls":3},"Snack",{"$nulls":8},{"v":60,"d":"60.00"},"kotak",{"v":16000,"d":"16,000.00"},{"v":960000,"d":"960,000.00"},null,{"v":960000,"d":"960,000.00"}]
[{"$nulls":3},"Nasi Kotak",{"$nulls":8},{"v":60,"d":"60.00"},"kotak",{"v":40000,"d":"40,000.00"},{"v":2400000,"d":"2,400,000.00"},null,{"v":2400000,"d":"2,400,000.00"}]
["5.2.2.15.",null,null,"Belanja Perjalanan Dinas",{"$nulls":11},{"v":8800000,"d":"8,800,000.00"},null,{"v":8800000,"d":"8,800,000.00"}]
["5.2.2.15.0002.",null,null,"Belanja perjalanan dinas luar daerah",{"$nulls":11},{"v":8800000,"d":"8,800,000.00"},null,{"v":8800000,"d":"8,800,000.00"}]
[{"$nulls":3},"Belanja perjalanan dinas luar daerah",{"$nulls":8},{"v":1,"d":"1.00"},"Tahun",{"v":8800000,"d":"8,800,000.00"},{"v":8800000,"d":"8,800,000.00"},null,{"v":8800000,"d":"8,800,000.00"}]
["5.2.2.32.",null,null,"Belanja Operasional Kendaraan",{"$nulls":11},{"v":4575500,"d":"4,575,500.00"},null,{"v":4575500,"d":"4,575,500.00"}]
["5.2.2.32.0001.",null,null,"Belanja Bahan Bakar Minyak",{"$nulls":11},{"v":4575500,"d":"4,575,500.00"},null,{"v":4575500,"d":"4,575,500.00"}]
[{"$nulls":3},"Belanja bahan bakar minyak",{"$nulls":8},{"v":1,"d":"1.00"},"Tahun",{"v":4575500,"d":"4,575,500.00"},{"v":4575500,"d":"4,575,500.00"},null,{"v":4575500,"d":"4,575,500.00"}]
[]
["5.2.",null,null,"BELANJA LANGSUNG",{"$nulls":11},{"v":50400000,"d":"50,400,000.00"},null,{"v":50400000,"d":"50,400,000.00"}]
["5.2.2.",null,null,"BELANJA BARANG DAN JASA",{"$nulls":11},{"v":50400000,"d":"50,400,000.00"},null,{"v":50400000,"d":"50,400,000.00"}]
["5.2.2.01.",null,null,"Belanja Bahan Pakai Habis",{"$nulls":11},{"v":2049600,"d":"2,049,600.00"},null,{"v":2049600,"d":"2,049,600.00"}]
["5.2.2.01.0001.",null,null,"Belanja alat tulis kantor",{"$nulls":11},{"v":1899600,"d":"1,899,600.00"},null,{"v":1899600,"d":"1,899,600.00"}]
[{"$nulls":3},"Kertas HVS 70 gr Folio Sidu",{"$nulls":8},{"v":10,"d":"10.00"},"Rim",{"v":79600,"d":"79,600.00"},{"v":796000,"d":"796,000.00"},null,{"v":796000,"d":"796,000.00"}]
[{"$nulls":3},"Map Kertas Folio",{"$nulls":8},{"v":30,"d":"30.00"},"Buah",{"v":2600,"d":"2,600.00"},{"v":78000,"d":"78,000.00"},null,{"v":78000,"d":"78,000.00"}]
[{"$nulls":3},"Map Kain Batik Tebal",{"$nulls":8},{"v":2,"d":"2.00"},"Buah",{"v":32100,"d":"32,100.00"},{"v":64200,"d":"64,200.00"},null,{"v":64200,"d":"64,200.00"}]
[{"$nulls":3},"Map Plastik biasa jepit/snell",{"$nulls":8},{"v":3,"d":"3.00"},"Buah",{"v":13200,"d":"13,200.00"},{"v":39600,"d":"39,600.00"},null,{"v":39600,"d":"39,600.00"}]
[]
["5.2.2.01.0001.",null,null,"Tinta Printer Epson Standar (Black / Magenta / Yellow / Cyan)",{"$nulls":8},{"v":4,"d":"4.00"},"Buah",{"v":198300,"d":"198,300.00"},{"v":793200,"d":"793,200.00"},null,{"v":793200,"d":"793,200.00"}]
[{"$nulls":3},"Bollpoint Hitam",{"$nulls":8},{"v":10,"d":"10.00"},"Buah",{"v":4200,"d":"4,200.00"},{"v":42000,"d":"42,000.00"},null,{"v":42000,"d":"42,000.00"}]
[{"$nulls":3},"Klip Jepit kecil",{"$nulls":8},{"v":10,"d":"10.00"},"Buah",{"v":3700,"d":"3,700.00"},{"v":37000,"d":"37,000.00"},null,{"v":37000,"d":"37,000.00"}]
[{"$nulls":3},"Isi Steples Max No.10",{"$nulls":8},{"v":8,"d":"8.00"},"Buah",{"v":6200,"d":"6,200.00"},{"v":49600,"d":"49,600.00"},null,{"v":49600,"d":"49,600.00"}]
["5.2.2.01.0004.",null,null,"Belanja perangko, materai dan benda pos",{"$nulls":11},{"v":150000,"d":"150,000.00"},null,{"v":150000,"d":"150,000.00"}]
[{"$nulls":3},"Materai 3000",{"$nulls":8},{"v":10,"d":"10.00"},"Lembar",{"v":3000,"d":"3,000.00"},{"v":30000,"d":"30,000.00"},null,{"v":30000,"d":"30,000.00"}]
[{"$nulls":3},"Materai 6000",{"$nulls":8},{"v":20,"d":"20.00"},"Lembar",{"v":6000,"d":"6,000.00"},{"v":120000,"d":"120,000.00"},null,{"v":120000,"d":"120,000.00"}]
["5.2.2.03.",null,null,"Belanja Jasa Kantor",{"$nulls":11},{"v":40800000,"d":"40,800,000.00"},null,{"v":40800000,"d":"40,800,000.00"}]
["5.2.2.03.0012.",null,null,"Belanja Jasa Tenaga kerja",{"$nulls":11},{"v":40800000,"d":"40,800,000.00"},null,{"v":40800000,"d":"40,800,000.00"}]
[{"$nulls":3},"Jasa Tenaga Kontrak sebagai Tenaga Administrasi Umum",{"$nulls":8},{"v":12,"d":"12.00"},"OB",{"v":1700000,"d":"1,700,000.00"},{"v":20400000,"d":"20,400,000.00"},null,{"v":20400000,"d":"20,400,000.00"}]
[{"$nulls":3},"Jasa Tenaga Kontrak sebagai Operator SKPG",{"$nulls":8},{"v":12,"d":"12.00"},"OB",{"v":1700000,"d":"1,700,000.00"},{"v":20400000,"d":"20,400,000.00"},null,{"v":20400000,"d":"20,400,000.00"}]
["5.2.2.06.",null,null,"Belanja Cetak dan Penggandaan",{"$nulls":11},{"v":829800,"d":"829,800.00"},null,{"v":829800,"d":"829,800.00"}]
["5.2.2.06.0001.",null,null,"Belanja cetak",{"$nulls":11},{"v":729800,"d":"729,800.00"},null,{"v":729800,"d":"729,800.00"}]
[{"$nulls":3},"Cetak Laporan SKPG",{"$nulls":8},{"v":3,"d":"3.00"},"Buku",{"v":204000,"d":"204,000.00"},{"v":612000,"d":"612,000.00"},null,{"v":612000,"d":"612,000.00"}]
[{"$nulls":3},"Cetak Laporan Kegiatan Akhir",{"$nulls":8},{"v":2,"d":"2.00"},"Buku",{"v":58900,"d":"58,900.00"},{"v":117800,"d":"117,800.00"},null,{"v":117800,"d":"117,800.00"}]
["5.2.2.06.0002.",null,null,"Belanja Foto copy",{"$nulls":11},{"v":100000,"d":"100,000.00"},null,{"v":100000,"d":"100,000.00"}]
[{"$nulls":3},"Foto copy",{"$nulls":8},{"v":500,"d":"500.00"},"lembar",{"v":200,"d":"200.00"},{"v":100000,"d":"100,000.00"},null,{"v":100000,"d":"100,000.00"}]
["5.2.2.11.",null,null,"Belanja Makanan dan  Minuman",{"$nulls":11},{"v":4480000,"d":"4,480,000.00"},null,{"v":4480000,"d":"4,480,000.00"}]
["5.2.2.11.0002.",null,null,"Belanja makanan dan minuman rapat",{"$nulls":11},{"v":4480000,"d":"4,480,000.00"},null,{"v":4480000,"d":"4,480,000.00"}]
[{"$nulls":3},"Snack",{"$nulls":8},{"v":80,"d":"80.00"},"kotak",{"v":16000,"d":"16,000.00"},{"v":1280000,"d":"1,280,000.00"},null,{"v":1280000,"d":"1,280,000.00"}]
[{"$nulls":3},"Nasi Kotak",{"$nulls":8},{"v":80,"d":"80.00"},"kotak",{"v":40000,"d":"40,000.00"},{"v":3200000,"d":"3,200,000.00"},null,{"v":3200000,"d":"3,200,000.00"}]
["5.2.2.32.",null,null,"Belanja Operasional Kendaraan",{"$nulls":11},{"v":2240600,"d":"2,240,600.00"},null,{"v":2240600,"d":"2,240,600.00"}]
["5.2.2.32.0001.",null,null,"Belanja Bahan Bakar Minyak",{"$nulls":11},{"v":2240600,"d":"2,240,600.00"},null,{"v":2240600,"d":"2,240,600.00"}]
[{"$nulls":3},"Belanja bahan bakar minyak",{"$nulls":8},{"v":1,"d":"1.00"},"Tahun",{"v":2240600,"d":"2,240,600.00"},{"v":2240600,"d":"2,240,600.00"},null,{"v":2240600,"d":"2,240,600.00"}]
["5.2.",null,null,"BELANJA LANGSUNG",{"$nulls":11},{"v":90200000,"d":"90,200,000.00"},null,{"v":90200000,"d":"90,200,000.00"}]
["5.2.2.",null,null,"BELANJA BARANG DAN JASA",{"$nulls":11},{"v":90200000,"d":"90,200,000.00"},null,{"v":90200000,"d":"90,200,000.00"}]
["5.2.2.01.",null,null,"Belanja Bahan Pakai Habis",{"$nulls":11},{"v":990900,"d":"990,900.00"},null,{"v":990900,"d":"990,900.00"}]
["5.2.2.01.0001.",null,null,"Belanja alat tulis kantor",{"$nulls":11},{"v":690900,"d":"690,900.00"},null,{"v":690900,"d":"690,900.00"}]
[{"$nulls":3},"Kertas HVS 70 gr Folio Sidu",{"$nulls":8},{"v":5,"d":"5.00"},"Rim",{"v":79600,"d":"79,600.00"},{"v":398000,"d":"398,000.00"},null,{"v":398000,"d":"398,000.00"}]
[{"$nulls":3},"Map Kertas Folio",{"$nulls":8},{"v":50,"d":"50.00"},"Buah",{"v":2600,"d":"2,600.00"},{"v":130000,"d":"130,000.00"},null,{"v":130000,"d":"130,000.00"}]
["5.2.2.01.0001.",null,null,"Map Ordner F / Extra / Kwarto",{"$nulls":8},{"v":3,"d":"3.00"},"Buah",{"v":35700,"d":"35,700.00"},{"v":107100,"d":"107,100.00"},null,{"v":107100,"d":"107,100.00"}]
[{"$nulls":3},"Klip Jepit besar",{"$nulls":8},{"v":2,"d":"2.00"},"Buah",{"v":9300,"d":"9,300.00"},{"v":18600,"d":"18,600.00"},null,{"v":18600,"d":"18,600.00"}]
[{"$nulls":3},"Isi Steples Kangaroo No. 10",{"$nulls":8},{"v":4,"d":"4.00"},"Buah",{"v":9300,"d":"9,300.00"},{"v":37200,"d":"37,200.00"},null,{"v":37200,"d":"37,200.00"}]
["5.2.2.01.0004.",null,null,"Belanja perangko, materai dan benda pos",{"$nulls":11},{"v":300000,"d":"300,000.00"},null,{"v":300000,"d":"300,000.00"}]
[{"$nulls":3},"Materai 6000",{"$nulls":8},{"v":50,"d":"50.00"},"Lembar",{"v":6000,"d":"6,000.00"},{"v":300000,"d":"300,000.00"},null,{"v":300000,"d":"300,000.00"}]
["5.2.2.03.",null,null,"Belanja Jasa Kantor",{"$nulls":11},{"v":85200000,"d":"85,200,000.00"},null,{"v":85200000,"d":"85,200,000.00"}]
["5.2.2.03.0012.",null,null,"Belanja Jasa Tenaga kerja",{"$nulls":11},{"v":85200000,"d":"85,200,000.00"},null,{"v":85200000,"d":"85,200,000.00"}]
[{"$nulls":3},"Jasa Tenaga Kontrak sebagai Tenaga Administrasi Umum",{"$nulls":8},{"v":36,"d":"36.00"},"OB",{"v":1700000,"d":"1,700,000.00"},{"v":61200000,"d":"61,200,000.00"},null,{"v":61200000,"d":"61,200,000.00"}]
[{"$nulls":3},"Jasa Tenaga Kontrak sebagai Operator Pembantu Admin PPK",{"$nulls":8},{"v":12,"d":"12.00"},"OB",{"v":2000000,"d":"2,000,000.00"},{"v":24000000,"d":"24,000,000.00"},null,{"v":24000000,"d":"24,000,000.00"}]
["5.2.2.11.",null,null,"Belanja Makanan dan  Minuman",{"$nulls":11},{"v":3024000,"d":"3,024,000.00"},null,{"v":3024000,"d":"3,024,000.00"}]
["5.2.2.11.0002.",null,null,"Belanja makanan dan minuman rapat",{"$nulls":11},{"v":3024000,"d":"3,024,000.00"},null,{"v":3024000,"d":"3,024,000.00"}]
[{"$nulls":3},"Snack",{"$nulls":8},{"v":54,"d":"54.00"},"kotak",{"v":16000,"d":"16,000.00"},{"v":864000,"d":"864,000.00"},null,{"v":864000,"d":"864,000.00"}]
[{"$nulls":3},"Nasi Kotak",{"$nulls":8},{"v":54,"d":"54.00"},"kotak",{"v":40000,"d":"40,000.00"},{"v":2160000,"d":"2,160,000.00"},null,{"v":2160000,"d":"2,160,000.00"}]
["5.2.2.32.",null,null,"Belanja Operasional Kendaraan",{"$nulls":11},{"v":985100,"d":"985,100.00"},null,{"v":985100,"d":"985,100.00"}]
["5.2.2.32.0001.",null,null,"Belanja Bahan Bakar Minyak",{"$nulls":11},{"v":985100,"d":"985,100.00"},null,{"v":985100,"d":"985,100.00"}]
[{"$nulls":3},"Belanja Bahan Bakar Minyak",{"$nulls":8},{"v":1,"d":"1.00"},"Tahun",{"v":985100,"d":"985,100.00"},{"v":985100,"d":"985,100.00"},null,{"v":985100,"d":"985,100.00"}]
[]
["5.2.",null,null,"BELANJA LANGSUNG",{"$nulls":11},{"v":527073200,"d":"527,073,200.00"},null,{"v":527073200,"d":"527,073,200.00"}]
["5.2.2.",null,null,"BELANJA BARANG DAN JASA",{"$nulls":11},{"v":527073200,"d":"527,073,200.00"},null,{"v":527073200,"d":"527,073,200.00"}]
["5.2.2.01.",null,null,"Belanja Bahan Pakai Habis",{"$nulls":11},{"v":3046500,"d":"3,046,500.00"},null,{"v":3046500,"d":"3,046,500.00"}]
["5.2.2.01.0001.",null,null,"Belanja alat tulis kantor",{"$nulls":11},{"v":2746500,"d":"2,746,500.00"},null,{"v":2746500,"d":"2,746,500.00"}]
[{"$nulls":3},"Kertas HVS 70 gr Folio Sidu",{"$nulls":8},{"v":13,"d":"13.00"},"Rim",{"v":79600,"d":"79,600.00"},{"v":1034800,"d":"1,034,800.00"},null,{"v":1034800,"d":"1,034,800.00"}]
["5.2.2.01.0001.",null,null,"Tinta Printer Epson Standar (Black / Magenta / Yellow / Cyan)",{"$nulls":8},{"v":8,"d":"8.00"},"Buah",{"v":198300,"d":"198,300.00"},{"v":1586400,"d":"1,586,400.00"},null,{"v":1586400,"d":"1,586,400.00"}]
[{"$nulls":3},"Map Kertas Folio",{"$nulls":8},{"v":10,"d":"10.00"},"Buah",{"v":2600,"d":"2,600.00"},{"v":26000,"d":"26,000.00"},null,{"v":26000,"d":"26,000.00"}]
[{"$nulls":3},"Map Ordner F / Extra / Kwarto",{"$nulls":8},{"v":2,"d":"2.00"},"Buah",{"v":35700,"d":"35,700.00"},{"v":71400,"d":"71,400.00"},null,{"v":71400,"d":"71,400.00"}]
[{"$nulls":3},"Isi Steples Kangaroo No. 10",{"$nulls":8},{"v":3,"d":"3.00"},"Buah",{"v":9300,"d":"9,300.00"},{"v":27900,"d":"27,900.00"},null,{"v":27900,"d":"27,900.00"}]
["5.2.2.01.0004.",null,null,"Belanja perangko, materai dan benda pos",{"$nulls":11},{"v":300000,"d":"300,000.00"},null,{"v":300000,"d":"300,000.00"}]
[{"$nulls":3},"Materai 6000",{"$nulls":8},{"v":50,"d":"50.00"},"Lembar",{"v":6000,"d":"6,000.00"},{"v":300000,"d":"300,000.00"},null,{"v":300000,"d":"300,000.00"}]
["5.2.2.11.",null,null,"Belanja Makanan dan  Minuman",{"$nulls":11},{"v":25105000,"d":"25,105,000.00"},null,{"v":25105000,"d":"25,105,000.00"}]
["5.2.2.11.0002.",null,null,"Belanja makanan dan minuman rapat",{"$nulls":11},{"v":12600000,"d":"12,600,000.00"},null,{"v":12600000,"d":"12,600,000.00"}]
[{"$nulls":3},"Nasi Kotak",{"$nulls":8},{"v":225,"d":"225.00"},"kotak",{"v":40000,"d":"40,000.00"},{"v":9000000,"d":"9,000,000.00"},null,{"v":9000000,"d":"9,000,000.00"}]
[{"$nulls":3},"Snack",{"$nulls":8},{"v":225,"d":"225.00"},"kotak",{"v":16000,"d":"16,000.00"},{"v":3600000,"d":"3,600,000.00"},null,{"v":3600000,"d":"3,600,000.00"}]
["5.2.2.11.0006.",null,null,"Belanja Makanan dan Minuman Pembinaan, Lomba-Lomba / Evaluasi",{"$nulls":11},{"v":12505000,"d":"12,505,000.00"},null,{"v":12505000,"d":"12,505,000.00"}]
[{"$nulls":3},"Nasi Kotak",{"$nulls":8},{"v":305,"d":"305.00"},"kotak",{"v":25000,"d":"25,000.00"},{"v":7625000,"d":"7,625,000.00"},null,{"v":7625000,"d":"7,625,000.00"}]
[{"$nulls":3},"Snack",{"$nulls":8},{"v":305,"d":"305.00"},"kotak",{"v":16000,"d":"16,000.00"},{"v":4880000,"d":"4,880,000.00"},null,{"v":4880000,"d":"4,880,000.00"}]
["5.2.2.15.",null,null,"Belanja Perjalanan Dinas",{"$nulls":11},{"v":10000000,"d":"10,000,000.00"},null,{"v":10000000,"d":"10,000,000.00"}]
["5.2.2.15.0002.",null,null,"Belanja perjalanan dinas luar daerah",{"$nulls":11},{"v":10000000,"d":"10,000,000.00"},null,{"v":10000000,"d":"10,000,000.00"}]
[{"$nulls":3},"Perjalanan dinas luar daerah",{"$nulls":8},{"v":1,"d":"1.00"},"Tahun",{"v":10000000,"d":"10,000,000.00"},{"v":10000000,"d":"10,000,000.00"},null,{"v":10000000,"d":"10,000,000.00"}]
["5.2.2.28.",null,null,"belanja hibah barang atau jasa",{"$nulls":11},{"v":483315000,"d":"483,315,000.00"},null,{"v":483315000,"d":"483,315,000.00"}]
["5.2.2.28.0003.",null,null,"belanja hibah barang atau jasa  yang diserahkan kepada badan, lembaga, dan organisasi kemasyarakatan",{"$nulls":11},{"v":483315000,"d":"483,315,000.00"},null,{"v":483315000,"d":"483,315,000.00"}]
[{"$nulls":3},"POKDAKAN Mina Sakti, Desa Pakisan, Kecamatan Kubutambahan",{"$nulls":9},"-",null,{"v":56505000,"d":"56,505,000.00"},null,{"v":56505000,"d":"56,505,000.00"}]
[{"$nulls":3},"Pakan ikan",{"$nulls":8},{"v":1700,"d":"1,700.00"},"Kg",{"v":15000,"d":"15,000.00"},{"v":25500000,"d":"25,500,000.00"},null,{"v":25500000,"d":"25,500,000.00"}]
[{"$nulls":3},"Bibit ikan nila",{"$nulls":8},{"v":7000,"d":"7,000.00"},"Ekor",{"v":500,"d":"500.00"},{"v":3500000,"d":"3,500,000.00"},null,{"v":3500000,"d":"3,500,000.00"}]
[{"$nulls":3},"Peralatan perikanan",{"$nulls":8},{"v":1,"d":"1.00"},"Paket",{"v":4500000,"d":"4,500,000.00"},{"v":4500000,"d":"4,500,000.00"},null,{"v":4500000,"d":"4,500,000.00"}]
[{"$nulls":3},"Persiapan kolam",{"$nulls":8},{"v":1,"d":"1.00"},"Paket",{"v":21500000,"d":"21,500,000.00"},{"v":21500000,"d":"21,500,000.00"},null,{"v":21500000,"d":"21,500,000.00"}]
[{"$nulls":3},"Jasa konsultan perencanaan",{"$nulls":8},{"v":1,"d":"1.00"},"Paket",{"v":860000,"d":"860,000.00"},{"v":860000,"d":"860,000.00"},null,{"v":860000,"d":"860,000.00"}]
[{"$nulls":3},"Jasa konsultan pengawasan",{"$nulls":8},{"v":1,"d":"1.00"},"Paket",{"v":645000,"d":"645,000.00"},{"v":645000,"d":"645,000.00"},null,{"v":645000,"d":"645,000.00"}]
[{"$nulls":3},"POKDAKAN Tunas Harapan, Desa Joanyar, Kecamatan Seririt",{"$nulls":9},"-",null,{"v":56505000,"d":"56,505,000.00"},null,{"v":56505000,"d":"56,505,000.00"}]
["5.2.2.28.0003.",null,null,"Pakan ikan",{"$nulls":8},{"v":1700,"d":"1,700.00"},"Kg",{"v":15000,"d":"15,000.00"},{"v":25500000,"d":"25,500,000.00"},null,{"v":25500000,"d":"25,500,000.00"}]
[{"$nulls":3},"Bibit ikan nila",{"$nulls":8},{"v":7000,"d":"7,000.00"},"Ekor",{"v":500,"d":"500.00"},{"v":3500000,"d":"3,500,000.00"},null,{"v":3500000,"d":"3,500,000.00"}]
[{"$nulls":3},"Peralatan perikanan",{"$nulls":8},{"v":1,"d":"1.00"},"Paket",{"v":4500000,"d":"4,500,000.00"},{"v":4500000,"d":"4,500,000.00"},null,{"v":4500000,"d":"4,500,000.00"}]
[{"$nulls":3},"Persiapan kolam",{"$nulls":8},{"v":1,"d":"1.00"},"Paket",{"v":21500000,"d":"21,500,000.00"},{"v":21500000,"d":"21,500,000.00"},null,{"v":21500000,"d":"21,500,000.00"}]
[{"$nulls":3},"Jasa konsultan perencanaan",{"$nulls":8},{"v":1,"d":"1.00"},"Paket",{"v":860000,"d":"860,000.00"},{"v":860000,"d":"860,000.00"},null,{"v":860000,"d":"860,000.00"}]
[{"$nulls":3},"Jasa konsultan pengawasan",{"$nulls":8},{"v":1,"d":"1.00"},"Paket",{"v":645000,"d":"645,000.00"},{"v":645000,"d":"645,000.00"},null,{"v":645000,"d":"645,000.00"}]
[{"$nulls":3},"POKDAKAN Amertha Buwana, Desa Gunung Sari, Kecamatan Seririt",{"$nulls":9},"-",null,{"v":56505000,"d":"56,505,000.00"},null,{"v":56505000,"d":"56,505,000.00"}]
[{"$nulls":3},"Pakan ikan",{"$nulls":8},{"v":1700,"d":"1,700.00"},"Kg",{"v":15000,"d":"15,000.00"},{"v":25500000,"d":"25,500,000.00"},null,{"v":25500000,"d":"25,500,000.00"}]
[{"$nulls":3},"Bibit ikan nila",{"$nulls":8},{"v":7000,"d":"7,000.00"},"Ekor",{"v":500,"d":"500.00"},{"v":3500000,"d":"3,500,000.00"},null,{"v":3500000,"d":"3,500,000.00"}]
[{"$nulls":3},"Peralatan perikanan",{"$nulls":8},{"v":1,"d":"1.00"},"Paket",{"v":4500000,"d":"4,500,000.00"},{"v":4500000,"d":"4,500,000.00"},null,{"v":4500000,"d":"4,500,000.00"}]
[{"$nulls":3},"Persiapan kolam",{"$nulls":8},{"v":1,"d":"1.00"},"Paket",{"v":21500000,"d":"21,500,000.00"},{"v":21500000,"d":"21,500,000.00"},null,{"v":21500000,"d":"21,500,000.00"}]
[{"$nulls":3},"Jasa konsultan perencanaan",{"$nulls":8},{"v":1,"d":"1.00"},"Paket",{"v":860000,"d":"860,000.00"},{"v":860000,"d":"860,000.00"},null,{"v":860000,"d":"860,000.00"}]
[{"$nulls":3},"Jasa konsultan pengawasan",{"$nulls":8},{"v":1,"d":"1.00"},"Paket",{"v":645000,"d":"645,000.00"},{"v":645000,"d":"645,000.00"},null,{"v":645000,"d":"645,000.00"}]
[{"$nulls":3},"POKDAKAN Sari Bedugul, Desa Kedis, Kecamatan Busungbiu",{"$nulls":9},"-",null,{"v":56505000,"d":"56,505,000.00"},null,{"v":56505000,"d":"56,505,000.00"}]
[{"$nulls":3},"Pakan ikan",{"$nulls":8},{"v":1700,"d":"1,700.00"},"Kg",{"v":15000,"d":"15,000.00"},{"v":25500000,"d":"25,500,000.00"},null,{"v":25500000,"d":"25,500,000.00"}]
[{"$nulls":3},"Bibit ikan nila",{"$nulls":8},{"v":7000,"d":"7,000.00"},"Ekor",{"v":500,"d":"500.00"},{"v":3500000,"d":"3,500,000.00"},null,{"v":3500000,"d":"3,500,000.00"}]
[{"$nulls":3},"Peralatan perikanan",{"$nulls":8},{"v":1,"d":"1.00"},"Paket",{"v":4500000,"d":"4,500,000.00"},{"v":4500000,"d":"4,500,000.00"},null,{"v":4500000,"d":"4,500,000.00"}]
[{"$nulls":3},"Persiapan kolam",{"$nulls":8},{"v":1,"d":"1.00"},"Paket",{"v":21500000,"d":"21,500,000.00"},{"v":21500000,"d":"21,500,000.00"},null,{"v":21500000,"d":"21,500,000.00"}]
[{"$nulls":3},"Jasa konsultan perencanaan",{"$nulls":8},{"v":1,"d":"1.00"},"Paket",{"v":860000,"d":"860,000.00"},{"v":860000,"d":"860,000.00"},null,{"v":860000,"d":"860,000.00"}]
[{"$nulls":3},"Jasa konsultan pengawasan",{"$nulls":8},{"v":1,"d":"1.00"},"Paket",{"v":645000,"d":"645,000.00"},{"v":645000,"d":"645,000.00"},null,{"v":645000,"d":"645,000.00"}]
[{"$nulls":3},"POKDAKAN Widya Sari, Desa Subuk, Kecamatan Busungbiu",{"$nulls":9},"-",null,{"v":56505000,"d":"56,505,000.00"},null,{"v":56505000,"d":"56,505,000.00"}]
[{"$nulls":3},"Pakan ikan",{"$nulls":8},{"v":1700,"d":"1,700.00"},"Kg",{"v":15000,"d":"15,000.00"},{"v":25500000,"d":"25,500,000.00"},null,{"v":25500000,"d":"25,500,000.00"}]
[{"$nulls":3},"Bibit ikan nila",{"$nulls":8},{"v":7000,"d":"7,000.00"},"Ekor",{"v":500,"d":"500.00"},{"v":3500000,"d":"3,500,000.00"},null,{"v":3500000,"d":"3,500,000.00"}]
[{"$nulls":3},"Peralatan perikanan",{"$nulls":8},{"v":1,"d":"1.00"},"Paket",{"v":4500000,"d":"4,500,000.00"},{"v":4500000,"d":"4,500,000.00"},null,{"v":4500000,"d":"4,500,000.00"}]
[{"$nulls":3},"Persiapan kolam",{"$nulls":8},{"v":1,"d":"1.00"},"Paket",{"v":21500000,"d":"21,500,000.00"},{"v":21500000,"d":"21,500,000.00"},null,{"v":21500000,"d":"21,500,000.00"}]
[{"$nulls":3},"Jasa konsultan perencanaan",{"$nulls":8},{"v":1,"d":"1.00"},"Paket",{"v":860000,"d":"860,000.00"},{"v":860000,"d":"860,000.00"},null,{"v":860000,"d":"860,000.00"}]
[{"$nulls":3},"Jasa konsultan pengawasan",{"$nulls":8},{"v":1,"d":"1.00"},"Paket",{"v":645000,"d":"645,000.00"},{"v":645000,"d":"645,000.00"},null,{"v":645000,"d":"645,000.00"}]
[]
["5.2.2.28.0003.",null,null,"POKDAKAN Ulik Mupu Sari, Desa Gitgit, Kecamatan Sukasada",{"$nulls":9},"-",null,{"v":40750000,"d":"40,750,000.00"},null,{"v":40750000,"d":"40,750,000.00"}]
[{"$nulls":3},"Pakan ikan hias",{"$nulls":8},{"v":50,"d":"50.00"},"Kg",{"v":50000,"d":"50,000.00"},{"v":2500000,"d":"2,500,000.00"},null,{"v":2500000,"d":"2,500,000.00"}]
[{"$nulls":3},"Pengadaan induk / calon induk ikan hias",{"$nulls":8},{"v":1,"d":"1.00"},"Paket",{"v":2000000,"d":"2,000,000.00"},{"v":2000000,"d":"2,000,000.00"},null,{"v":2000000,"d":"2,000,000.00"}]
[{"$nulls":3},"Peralatan perikanan",{"$nulls":8},{"v":1,"d":"1.00"},"Paket",{"v":8500000,"d":"8,500,000.00"},{"v":8500000,"d":"8,500,000.00"},null,{"v":8500000,"d":"8,500,000.00"}]
[{"$nulls":3},"Obat-obatan / vitamin ikan",{"$nulls":8},{"v":1,"d":"1.00"},"Paket",{"v":1000000,"d":"1,000,000.00"},{"v":1000000,"d":"1,000,000.00"},null,{"v":1000000,"d":"1,000,000.00"}]
[{"$nulls":3},"Persiapan kolam",{"$nulls":8},{"v":1,"d":"1.00"},"Paket",{"v":25000000,"d":"25,000,000.00"},{"v":25000000,"d":"25,000,000.00"},null,{"v":25000000,"d":"25,000,000.00"}]
[{"$nulls":3},"Jasa konsultan perencanaan",{"$nulls":8},{"v":1,"d":"1.00"},"Paket",{"v":1000000,"d":"1,000,000.00"},{"v":1000000,"d":"1,000,000.00"},null,{"v":1000000,"d":"1,000,000.00"}]
[{"$nulls":3},"Jasa konsultan pengawasan",{"$nulls":8},{"v":1,"d":"1.00"},"Paket",{"v":750000,"d":"750,000.00"},{"v":750000,"d":"750,000.00"},null,{"v":750000,"d":"750,000.00"}]
[{"$nulls":3},"POKDAKAN Braban Sari, Desa Pakisan, Kecamatan Kubutambahan",{"$nulls":9},"-",null,{"v":40750000,"d":"40,750,000.00"},null,{"v":40750000,"d":"40,750,000.00"}]
[{"$nulls":3},"Pakan ikan hias",{"$nulls":8},{"v":50,"d":"50.00"},"Kg",{"v":50000,"d":"50,000.00"},{"v":2500000,"d":"2,500,000.00"},null,{"v":2500000,"d":"2,500,000.00"}]
[{"$nulls":3},"Pengadaan induk / calon induk ikan hias",{"$nulls":8},{"v":1,"d":"1.00"},"Paket",{"v":2000000,"d":"2,000,000.00"},{"v":2000000,"d":"2,000,000.00"},null,{"v":2000000,"d":"2,000,000.00"}]
[{"$nulls":3},"Peralatan perikanan",{"$nulls":8},{"v":1,"d":"1.00"},"Paket",{"v":8500000,"d":"8,500,000.00"},{"v":8500000,"d":"8,500,000.00"},null,{"v":8500000,"d":"8,500,000.00"}]
[{"$nulls":3},"Obat-obatan / vitamin ikan",{"$nulls":8},{"v":1,"d":"1.00"},"Paket",{"v":1000000,"d":"1,000,000.00"},{"v":1000000,"d":"1,000,000.00"},null,{"v":1000000,"d":"1,000,000.00"}]
[{"$nulls":3},"Persiapan kolam",{"$nulls":8},{"v":1,"d":"1.00"},"Paket",{"v":25000000,"d":"25,000,000.00"},{"v":25000000,"d":"25,000,000.00"},null,{"v":25000000,"d":"25,000,000.00"}]
[{"$nulls":3},"Jasa konsultan perencanaan",{"$nulls":8},{"v":1,"d":"1.00"},"Paket",{"v":1000000,"d":"1,000,000.00"},{"v":1000000,"d":"1,000,000.00"},null,{"v":1000000,"d":"1,000,000.00"}]
[{"$nulls":3},"Jasa konsultan pengawasan",{"$nulls":8},{"v":1,"d":"1.00"},"Paket",{"v":750000,"d":"750,000.00"},{"v":750000,"d":"750,000.00"},null,{"v":750000,"d":"750,000.00"}]
[{"$nulls":3},"POKDAKAN Tirta Candi, Desa Pegayaman, Kecamatan Sukasada",{"$nulls":9},"-",null,{"v":57240000,"d":"57,240,000.00"},null,{"v":57240000,"d":"57,240,000.00"}]
[{"$nulls":3},"Pakan ikan",{"$nulls":8},{"v":1100,"d":"1,100.00"},"Kg",{"v":15000,"d":"15,000.00"},{"v":16500000,"d":"16,500,000.00"},null,{"v":16500000,"d":"16,500,000.00"}]
[{"$nulls":3},"Bibit ikan patin",{"$nulls":8},{"v":5000,"d":"5,000.00"},"Ekor",{"v":850,"d":"850.00"},{"v":4250000,"d":"4,250,000.00"},null,{"v":4250000,"d":"4,250,000.00"}]
[{"$nulls":3},"Peralatan perikanan",{"$nulls":8},{"v":1,"d":"1.00"},"Paket",{"v":2250000,"d":"2,250,000.00"},{"v":2250000,"d":"2,250,000.00"},null,{"v":2250000,"d":"2,250,000.00"}]
[{"$nulls":3},"Persiapan kolam",{"$nulls":8},{"v":1,"d":"1.00"},"Paket",{"v":32000000,"d":"32,000,000.00"},{"v":32000000,"d":"32,000,000.00"},null,{"v":32000000,"d":"32,000,000.00"}]
[{"$nulls":3},"Jasa konsultan perencanaan",{"$nulls":8},{"v":1,"d":"1.00"},"Paket",{"v":1280000,"d":"1,280,000.00"},{"v":1280000,"d":"1,280,000.00"},null,{"v":1280000,"d":"1,280,000.00"}]
[{"$nulls":3},"Jasa konsultan pengawasan",{"$nulls":8},{"v":1,"d":"1.00"},"Paket",{"v":960000,"d":"960,000.00"},{"v":960000,"d":"960,000.00"},null,{"v":960000,"d":"960,000.00"}]
[{"$nulls":3},"POKDAKAN Matsya Gedong Sari, Desa Tejakula, Kecamatan Tejakula",{"$nulls":9},"-",null,{"v":62050000,"d":"62,050,000.00"},null,{"v":62050000,"d":"62,050,000.00"}]
[{"$nulls":3},"Pakan ikan",{"$nulls":8},{"v":2250,"d":"2,250.00"},"Kg",{"v":15000,"d":"15,000.00"},{"v":33750000,"d":"33,750,000.00"},null,{"v":33750000,"d":"33,750,000.00"}]
[{"$nulls":3},"Bibit ikan lele",{"$nulls":8},{"v":20000,"d":"20,000.00"},"Ekor",{"v":500,"d":"500.00"},{"v":10000000,"d":"10,000,000.00"},null,{"v":10000000,"d":"10,000,000.00"}]
[{"$nulls":3},"Peralatan perikanan",{"$nulls":8},{"v":1,"d":"1.00"},"Paket",{"v":2250000,"d":"2,250,000.00"},{"v":2250000,"d":"2,250,000.00"},null,{"v":2250000,"d":"2,250,000.00"}]
["5.2.2.28.0003.",null,null,"Persiapan kolam",{"$nulls":8},{"v":1,"d":"1.00"},"Paket",{"v":15000000,"d":"15,000,000.00"},{"v":15000000,"d":"15,000,000.00"},null,{"v":15000000,"d":"15,000,000.00"}]
[{"$nulls":3},"Jasa konsultan perencanaan",{"$nulls":8},{"v":1,"d":"1.00"},"Paket",{"v":600000,"d":"600,000.00"},{"v":600000,"d":"600,000.00"},null,{"v":600000,"d":"600,000.00"}]
[{"$nulls":3},"Jasa konsultan pengawasan",{"$nulls":8},{"v":1,"d":"1.00"},"Paket",{"v":450000,"d":"450,000.00"},{"v":450000,"d":"450,000.00"},null,{"v":450000,"d":"450,000.00"}]
["5.2.2.32.",null,null,"Belanja Operasional Kendaraan",{"$nulls":11},{"v":5606700,"d":"5,606,700.00"},null,{"v":5606700,"d":"5,606,700.00"}]
["5.2.2.32.0001.",null,null,"Belanja Bahan Bakar Minyak",{"$nulls":11},{"v":5606700,"d":"5,606,700.00"},null,{"v":5606700,"d":"5,606,700.00"}]
[{"$nulls":3},"BBM",{"$nulls":8},{"v":1,"d":"1.00"},"Tahun",{"v":5606700,"d":"5,606,700.00"},{"v":5606700,"d":"5,606,700.00"},null,{"v":5606700,"d":"5,606,700.00"}]
["5.2.",null,null,"BELANJA LANGSUNG",{"$nulls":11},{"v":30400000,"d":"30,400,000.00"},null,{"v":30400000,"d":"30,400,000.00"}]
["5.2.2.",null,null,"BELANJA BARANG DAN JASA",{"$nulls":11},{"v":30400000,"d":"30,400,000.00"},null,{"v":30400000,"d":"30,400,000.00"}]
["5.2.2.01.",null,null,"Belanja Bahan Pakai Habis",{"$nulls":11},{"v":2061800,"d":"2,061,800.00"},null,{"v":2061800,"d":"2,061,800.00"}]
[]
["5.2.2.01.0001.",null,null,"Belanja alat tulis kantor",{"$nulls":11},{"v":1761800,"d":"1,761,800.00"},null,{"v":1761800,"d":"1,761,800.00"}]
[{"$nulls":3},"Kertas HVS 70 gr Folio Sidu",{"$nulls":8},{"v":8,"d":"8.00"},"Rim",{"v":79600,"d":"79,600.00"},{"v":636800,"d":"636,800.00"},null,{"v":636800,"d":"636,800.00"}]
[{"$nulls":3},"Tinta Printer Epson Standar (Black / Magenta / Yellow / Cyan)",{"$nulls":8},{"v":4,"d":"4.00"},"Buah",{"v":198300,"d":"198,300.00"},{"v":793200,"d":"793,200.00"},null,{"v":793200,"d":"793,200.00"}]
[{"$nulls":3},"Map Kertas Folio",{"$nulls":8},{"v":5,"d":"5.00"},"Buah",{"v":2600,"d":"2,600.00"},{"v":13000,"d":"13,000.00"},null,{"v":13000,"d":"13,000.00"}]
[{"$nulls":3},"Map Snelhecter Folio Biasa",{"$nulls":8},{"v":5,"d":"5.00"},"Buah",{"v":3800,"d":"3,800.00"},{"v":19000,"d":"19,000.00"},null,{"v":19000,"d":"19,000.00"}]
[{"$nulls":3},"Map Kain Batik Tebal",{"$nulls":8},{"v":4,"d":"4.00"},"Buah",{"v":32100,"d":"32,100.00"},{"v":128400,"d":"128,400.00"},null,{"v":128400,"d":"128,400.00"}]
[{"$nulls":3},"Steples Alat Max No.10 (K) Asli",{"$nulls":8},{"v":2,"d":"2.00"},"Buah",{"v":37200,"d":"37,200.00"},{"v":74400,"d":"74,400.00"},null,{"v":74400,"d":"74,400.00"}]
[{"$nulls":3},"Pilot Ballpoint Balliner",{"$nulls":8},{"v":5,"d":"5.00"},"Buah",{"v":19400,"d":"19,400.00"},{"v":97000,"d":"97,000.00"},null,{"v":97000,"d":"97,000.00"}]
["5.2.2.01.0004.",null,null,"Belanja perangko, materai dan benda pos",{"$nulls":11},{"v":300000,"d":"300,000.00"},null,{"v":300000,"d":"300,000.00"}]
[{"$nulls":3},"Materai 6000",{"$nulls":8},{"v":40,"d":"40.00"},"Lembar",{"v":6000,"d":"6,000.00"},{"v":240000,"d":"240,000.00"},null,{"v":240000,"d":"240,000.00"}]
[{"$nulls":3},"Materai 3000",{"$nulls":8},{"v":20,"d":"20.00"},"Lembar",{"v":3000,"d":"3,000.00"},{"v":60000,"d":"60,000.00"},null,{"v":60000,"d":"60,000.00"}]
["5.2.2.02.",null,null,"Belanja Bahan/Material",{"$nulls":11},{"v":1500000,"d":"1,500,000.00"},null,{"v":1500000,"d":"1,500,000.00"}]
["5.2.2.02.0007.",null,null,"Belanja Bahan saprodi",{"$nulls":11},{"v":1500000,"d":"1,500,000.00"},null,{"v":1500000,"d":"1,500,000.00"}]
[{"$nulls":3},"Obat-obatan ikan",{"$nulls":8},{"v":1,"d":"1.00"},"Paket",{"v":1500000,"d":"1,500,000.00"},{"v":1500000,"d":"1,500,000.00"},null,{"v":1500000,"d":"1,500,000.00"}]
["5.2.2.03.",null,null,"Belanja Jasa Kantor",{"$nulls":11},{"v":20400000,"d":"20,400,000.00"},null,{"v":20400000,"d":"20,400,000.00"}]
["5.2.2.03.0012.",null,null,"Belanja Jasa Tenaga kerja",{"$nulls":11},{"v":20400000,"d":"20,400,000.00"},null,{"v":20400000,"d":"20,400,000.00"}]
[{"$nulls":3},"Jasa Tenaga Kontrak sebagai Tenaga Administrasi Umum",{"$nulls":8},{"v":12,"d":"12.00"},"OB",{"v":1700000,"d":"1,700,000.00"},{"v":20400000,"d":"20,400,000.00"},null,{"v":20400000,"d":"20,400,000.00"}]
["5.2.2.06.",null,null,"Belanja Cetak dan Penggandaan",{"$nulls":11},{"v":400000,"d":"400,000.00"},null,{"v":400000,"d":"400,000.00"}]
["5.2.2.06.0002.",null,null,"Belanja Foto copy",{"$nulls":11},{"v":400000,"d":"400,000.00"},null,{"v":400000,"d":"400,000.00"}]
[{"$nulls":3},"Foto copy",{"$nulls":8},{"v":2000,"d":"2,000.00"},"lembar",{"v":200,"d":"200.00"},{"v":400000,"d":"400,000.00"},null,{"v":400000,"d":"400,000.00"}]
["5.2.2.15.",null,null,"Belanja Perjalanan Dinas",{"$nulls":11},{"v":2500000,"d":"2,500,000.00"},null,{"v":2500000,"d":"2,500,000.00"}]
["5.2.2.15.0001.",null,null,"Belanja perjalanan dinas dalam daerah",{"$nulls":11},{"v":2500000,"d":"2,500,000.00"},null,{"v":2500000,"d":"2,500,000.00"}]
[{"$nulls":3},"Perjalanan dinas dalam daerah",{"$nulls":8},{"v":1,"d":"1.00"},"Tahun",{"v":2500000,"d":"2,500,000.00"},{"v":2500000,"d":"2,500,000.00"},null,{"v":2500000,"d":"2,500,000.00"}]
["5.2.2.32.",null,null,"Belanja Operasional Kendaraan",{"$nulls":11},{"v":3538200,"d":"3,538,200.00"},null,{"v":3538200,"d":"3,538,200.00"}]
["5.2.2.32.0001.",null,null,"Belanja Bahan Bakar Minyak",{"$nulls":11},{"v":3538200,"d":"3,538,200.00"},null,{"v":3538200,"d":"3,538,200.00"}]
[{"$nulls":3},"BBM",{"$nulls":8},{"v":1,"d":"1.00"},"Tahun",{"v":3538200,"d":"3,538,200.00"},{"v":3538200,"d":"3,538,200.00"},null,{"v":3538200,"d":"3,538,200.00"}]
["5.2.",null,null,"BELANJA LANGSUNG",{"$nulls":11},{"v":237890900,"d":"237,890,900.00"},null,{"v":237890900,"d":"237,890,900.00"}]
["5.2.2.",null,null,"BELANJA BARANG DAN JASA",{"$nulls":11},{"v":237890900,"d":"237,890,900.00"},null,{"v":237890900,"d":"237,890,900.00"}]
["5.2.2.01.",null,null,"Belanja Bahan Pakai Habis",{"$nulls":11},{"v":13312500,"d":"13,312,500.00"},null,{"v":13312500,"d":"13,312,500.00"}]
["5.2.2.01.0001.",null,null,"Belanja alat tulis kantor",{"$nulls":11},{"v":1652500,"d":"1,652,500.00"},null,{"v":1652500,"d":"1,652,500.00"}]
[{"$nulls":3},"Kertas HVS 70 gr Folio Sidu",{"$nulls":8},{"v":4,"d":"4.00"},"Rim",{"v":79600,"d":"79,600.00"},{"v":318400,"d":"318,400.00"},null,{"v":318400,"d":"318,400.00"}]
[{"$nulls":3},"Tinta Printer EPSON T6641 ( CYAN)",{"$nulls":8},{"v":1,"d":"1.00"},"Buah",{"v":229700,"d":"229,700.00"},{"v":229700,"d":"229,700.00"},null,{"v":229700,"d":"229,700.00"}]
["5.2.2.01.0001.",null,null,"Tinta Printer EPSON T6641 (BLACK)",{"$nulls":8},{"v":1,"d":"1.00"},"Buah",{"v":229700,"d":"229,700.00"},{"v":229700,"d":"229,700.00"},null,{"v":229700,"d":"229,700.00"}]
[{"$nulls":3},"Tinta Printer EPSON T6641 (MAGENTA)",{"$nulls":8},{"v":1,"d":"1.00"},"Buah",{"v":229700,"d":"229,700.00"},{"v":229700,"d":"229,700.00"},null,{"v":229700,"d":"229,700.00"}]
[{"$nulls":3},"Tinta Printer EPSON T6641 (YELLOW)",{"$nulls":8},{"v":1,"d":"1.00"},"Buah",{"v":229700,"d":"229,700.00"},{"v":229700,"d":"229,700.00"},null,{"v":229700,"d":"229,700.00"}]
[{"$nulls":3},"Map Kertas Folio",{"$nulls":8},{"v":20,"d":"20.00"},"Buah",{"v":2600,"d":"2,600.00"},{"v":52000,"d":"52,000.00"},null,{"v":52000,"d":"52,000.00"}]
[{"$nulls":3},"Map Snelhecter Folio Biasa",{"$nulls":8},{"v":20,"d":"20.00"},"Buah",{"v":3800,"d":"3,800.00"},{"v":76000,"d":"76,000.00"},null,{"v":76000,"d":"76,000.00"}]
[{"$nulls":3},"Klip Jepit besar",{"$nulls":8},{"v":10,"d":"10.00"},"Buah",{"v":9300,"d":"9,300.00"},{"v":93000,"d":"93,000.00"},null,{"v":93000,"d":"93,000.00"}]
[{"$nulls":3},"Klip Jepit kecil",{"$nulls":8},{"v":10,"d":"10.00"},"Buah",{"v":3700,"d":"3,700.00"},{"v":37000,"d":"37,000.00"},null,{"v":37000,"d":"37,000.00"}]
[{"$nulls":3},"Klip Jepit sedang",{"$nulls":8},{"v":10,"d":"10.00"},"Buah",{"v":5700,"d":"5,700.00"},{"v":57000,"d":"57,000.00"},null,{"v":57000,"d":"57,000.00"}]
[{"$nulls":3},"Isi Steples Kangaroo No. 10",{"$nulls":8},{"v":1,"d":"1.00"},"Buah",{"v":9300,"d":"9,300.00"},{"v":9300,"d":"9,300.00"},null,{"v":9300,"d":"9,300.00"}]
[{"$nulls":3},"Isi Steples Kangaroo No.3",{"$nulls":8},{"v":1,"d":"1.00"},"Buah",{"v":16600,"d":"16,600.00"},{"v":16600,"d":"16,600.00"},null,{"v":16600,"d":"16,600.00"}]
[{"$nulls":3},"Steples Alat Max No.10 (K) Asli",{"$nulls":8},{"v":2,"d":"2.00"},"Buah",{"v":37200,"d":"37,200.00"},{"v":74400,"d":"74,400.00"},null,{"v":74400,"d":"74,400.00"}]
["5.2.2.01.0004.",null,null,"Belanja perangko, materai dan benda pos",{"$nulls":11},{"v":360000,"d":"360,000.00"},null,{"v":360000,"d":"360,000.00"}]
[{"$nulls":3},"Materai 3000",{"$nulls":8},{"v":40,"d":"40.00"},"Lembar",{"v":3000,"d":"3,000.00"},{"v":120000,"d":"120,000.00"},null,{"v":120000,"d":"120,000.00"}]
[{"$nulls":3},"Materai 6000",{"$nulls":8},{"v":40,"d":"40.00"},"Lembar",{"v":6000,"d":"6,000.00"},{"v":240000,"d":"240,000.00"},null,{"v":240000,"d":"240,000.00"}]
["5.2.2.01.0010.",null,null,"Belanja Alat Pembungkus",{"$nulls":11},{"v":1300000,"d":"1,300,000.00"},null,{"v":1300000,"d":"1,300,000.00"}]
[{"$nulls":3},"Kantong plastik",{"$nulls":8},{"v":26,"d":"26.00"},"Kg",{"v":50000,"d":"50,000.00"},{"v":1300000,"d":"1,300,000.00"},null,{"v":1300000,"d":"1,300,000.00"}]
["5.2.2.01.0013.",null,null,"Belanja Sesajen",{"$nulls":11},{"v":10000000,"d":"10,000,000.00"},null,{"v":10000000,"d":"10,000,000.00"}]
[{"$nulls":3},"Sesajen Ngerasakin",{"$nulls":8},{"v":2,"d":"2.00"},"Kali",{"v":5000000,"d":"5,000,000.00"},{"v":10000000,"d":"10,000,000.00"},null,{"v":10000000,"d":"10,000,000.00"}]
["5.2.2.02.",null,null,"Belanja Bahan/Material",{"$nulls":11},{"v":115450000,"d":"115,450,000.00"},null,{"v":115450000,"d":"115,450,000.00"}]
["5.2.2.02.0011.",null,null,"Belanja bahan pengisian tabung oksigen",{"$nulls":11},{"v":450000,"d":"450,000.00"},null,{"v":450000,"d":"450,000.00"}]
[{"$nulls":3},"Isi tabung oksigen",{"$nulls":8},{"v":2,"d":"2.00"},"Tabung",{"v":225000,"d":"225,000.00"},{"v":450000,"d":"450,000.00"},null,{"v":450000,"d":"450,000.00"}]
["5.2.2.02.0021.",null,null,"Belanja makanan dan minuman hewan/ternak",{"$nulls":11},{"v":115000000,"d":"115,000,000.00"},null,{"v":115000000,"d":"115,000,000.00"}]
[{"$nulls":3},"Pakan ikan",{"$nulls":8},{"v":1,"d":"1.00"},"Paket",{"v":115000000,"d":"115,000,000.00"},{"v":115000000,"d":"115,000,000.00"},null,{"v":115000000,"d":"115,000,000.00"}]
["5.2.2.03.",null,null,"Belanja Jasa Kantor",{"$nulls":11},{"v":103200000,"d":"103,200,000.00"},null,{"v":103200000,"d":"103,200,000.00"}]
["5.2.2.03.0012.",null,null,"Belanja Jasa Tenaga kerja",{"$nulls":11},{"v":103200000,"d":"103,200,000.00"},null,{"v":103200000,"d":"103,200,000.00"}]
[{"$nulls":3},"Jasa Tenaga Kontrak sebagai Tenaga Administrasi Umum",{"$nulls":8},{"v":48,"d":"48.00"},"OB",{"v":1700000,"d":"1,700,000.00"},{"v":81600000,"d":"81,600,000.00"},null,{"v":81600000,"d":"81,600,000.00"}]
[{"$nulls":3},"Jasa Tenaga Kontrak sebagai Satpam/Penjaga Malam",{"$nulls":8},{"v":12,"d":"12.00"},"OB",{"v":1800000,"d":"1,800,000.00"},{"v":21600000,"d":"21,600,000.00"},null,{"v":21600000,"d":"21,600,000.00"}]
["5.2.2.06.",null,null,"Belanja Cetak dan Penggandaan",{"$nulls":11},{"v":500000,"d":"500,000.00"},null,{"v":500000,"d":"500,000.00"}]
[]
["5.2.2.06.0002.",null,null,"Belanja Foto copy",{"$nulls":11},{"v":500000,"d":"500,000.00"},null,{"v":500000,"d":"500,000.00"}]
[{"$nulls":3},"Foto copy",{"$nulls":8},{"v":2500,"d":"2,500.00"},"lembar",{"v":200,"d":"200.00"},{"v":500000,"d":"500,000.00"},null,{"v":500000,"d":"500,000.00"}]
["5.2.2.11.",null,null,"Belanja Makanan dan  Minuman",{"$nulls":11},{"v":1960000,"d":"1,960,000.00"},null,{"v":1960000,"d":"1,960,000.00"}]
["5.2.2.11.0002.",null,null,"Belanja makanan dan minuman rapat",{"$nulls":11},{"v":1960000,"d":"1,960,000.00"},null,{"v":1960000,"d":"1,960,000.00"}]
[{"$nulls":3},"Nasi Kotak",{"$nulls":8},{"v":35,"d":"35.00"},"kotak",{"v":40000,"d":"40,000.00"},{"v":1400000,"d":"1,400,000.00"},null,{"v":1400000,"d":"1,400,000.00"}]
[{"$nulls":3},"Snack",{"$nulls":8},{"v":35,"d":"35.00"},"kotak",{"v":16000,"d":"16,000.00"},{"v":560000,"d":"560,000.00"},null,{"v":560000,"d":"560,000.00"}]
["5.2.2.15.",null,null,"Belanja Perjalanan Dinas",{"$nulls":11},{"v":1700000,"d":"1,700,000.00"},null,{"v":1700000,"d":"1,700,000.00"}]
["5.2.2.15.0001.",null,null,"Belanja perjalanan dinas dalam daerah",{"$nulls":11},{"v":1700000,"d":"1,700,000.00"},null,{"v":1700000,"d":"1,700,000.00"}]
[{"$nulls":3},"Perjalanan dinas dalam daerah",{"$nulls":8},{"v":1,"d":"1.00"},"Tahun",{"v":1700000,"d":"1,700,000.00"},{"v":1700000,"d":"1,700,000.00"},null,{"v":1700000,"d":"1,700,000.00"}]
["5.2.2.32.",null,null,"Belanja Operasional Kendaraan",{"$nulls":11},{"v":1768400,"d":"1,768,400.00"},null,{"v":1768400,"d":"1,768,400.00"}]
["5.2.2.32.0001.",null,null,"Belanja Bahan Bakar Minyak",{"$nulls":11},{"v":1768400,"d":"1,768,400.00"},null,{"v":1768400,"d":"1,768,400.00"}]
[{"$nulls":3},"BBM",{"$nulls":8},{"v":1,"d":"1.00"},"Tahun",{"v":1768400,"d":"1,768,400.00"},{"v":1768400,"d":"1,768,400.00"},null,{"v":1768400,"d":"1,768,400.00"}]
[]
["5.2.",null,null,"BELANJA LANGSUNG",{"$nulls":11},{"v":21400000,"d":"21,400,000.00"},null,{"v":21400000,"d":"21,400,000.00"}]
["5.2.2.",null,null,"BELANJA BARANG DAN JASA",{"$nulls":11},{"v":21400000,"d":"21,400,000.00"},null,{"v":21400000,"d":"21,400,000.00"}]
["5.2.2.01.",null,null,"Belanja Bahan Pakai Habis",{"$nulls":11},{"v":569000,"d":"569,000.00"},null,{"v":569000,"d":"569,000.00"}]
["5.2.2.01.0004.",null,null,"Belanja perangko, materai dan benda pos",{"$nulls":11},{"v":90000,"d":"90,000.00"},null,{"v":90000,"d":"90,000.00"}]
[{"$nulls":3},"Materai 6000",{"$nulls":8},{"v":15,"d":"15.00"},"Lembar",{"v":6000,"d":"6,000.00"},{"v":90000,"d":"90,000.00"},null,{"v":90000,"d":"90,000.00"}]
["5.2.2.01.0005.",null,null,"Belanja peralatan kebersihan dan bahan pembersih",{"$nulls":11},{"v":479000,"d":"479,000.00"},null,{"v":479000,"d":"479,000.00"}]
[{"$nulls":3},"Lap Kuning Tanggung",{"$nulls":8},{"v":2,"d":"2.00"},"Buah",{"v":13200,"d":"13,200.00"},{"v":26400,"d":"26,400.00"},null,{"v":26400,"d":"26,400.00"}]
[]
["5.2.2.01.0005.",null,null,"Pembersih kaca",{"$nulls":8},{"v":2,"d":"2.00"},"Botol",{"v":34600,"d":"34,600.00"},{"v":69200,"d":"69,200.00"},null,{"v":69200,"d":"69,200.00"}]
[{"$nulls":3},"Pembersih lantai",{"$nulls":8},{"v":2,"d":"2.00"},"Botol",{"v":31100,"d":"31,100.00"},{"v":62200,"d":"62,200.00"},null,{"v":62200,"d":"62,200.00"}]
[{"$nulls":3},"Pengepelan sumbu",{"$nulls":8},{"v":2,"d":"2.00"},"Buah",{"v":69800,"d":"69,800.00"},{"v":139600,"d":"139,600.00"},null,{"v":139600,"d":"139,600.00"}]
[{"$nulls":3},"Sapu bulu ayam super",{"$nulls":8},{"v":2,"d":"2.00"},"Buah",{"v":38000,"d":"38,000.00"},{"v":76000,"d":"76,000.00"},null,{"v":76000,"d":"76,000.00"}]
[{"$nulls":3},"Sapu lidi taman/tangkai",{"$nulls":8},{"v":2,"d":"2.00"},"Buah",{"v":31200,"d":"31,200.00"},{"v":62400,"d":"62,400.00"},null,{"v":62400,"d":"62,400.00"}]
[{"$nulls":3},"Serok sampah",{"$nulls":8},{"v":2,"d":"2.00"},"Buah",{"v":21600,"d":"21,600.00"},{"v":43200,"d":"43,200.00"},null,{"v":43200,"d":"43,200.00"}]
["5.2.2.03.",null,null,"Belanja Jasa Kantor",{"$nulls":11},{"v":20400000,"d":"20,400,000.00"},null,{"v":20400000,"d":"20,400,000.00"}]
["5.2.2.03.0012.",null,null,"Belanja Jasa Tenaga kerja",{"$nulls":11},{"v":20400000,"d":"20,400,000.00"},null,{"v":20400000,"d":"20,400,000.00"}]
[{"$nulls":3},"Jasa Tenaga Kontrak sebagai Tenaga Administrasi Umum",{"$nulls":8},{"v":12,"d":"12.00"},"OB",{"v":1700000,"d":"1,700,000.00"},{"v":20400000,"d":"20,400,000.00"},null,{"v":20400000,"d":"20,400,000.00"}]
["5.2.2.32.",null,null,"Belanja Operasional Kendaraan",{"$nulls":11},{"v":431000,"d":"431,000.00"},null,{"v":431000,"d":"431,000.00"}]
["5.2.2.32.0001.",null,null,"Belanja Bahan Bakar Minyak",{"$nulls":11},{"v":431000,"d":"431,000.00"},null,{"v":431000,"d":"431,000.00"}]
[{"$nulls":3},"BBM",{"$nulls":8},{"v":1,"d":"1.00"},"Tahun",{"v":431000,"d":"431,000.00"},{"v":431000,"d":"431,000.00"},null,{"v":431000,"d":"431,000.00"}]
["5.2.",null,null,"BELANJA LANGSUNG",{"$nulls":11},{"v":827480200,"d":"827,480,200.00"},null,{"v":827480200,"d":"827,480,200.00"}]
["5.2.1.",null,null,"BELANJA PEGAWAI",{"$nulls":11},{"v":30456000,"d":"30,456,000.00"},null,{"v":30456000,"d":"30,456,000.00"}]
["5.2.1.02.",null,null,"Honorarium  Non PNS",{"$nulls":11},{"v":30456000,"d":"30,456,000.00"},null,{"v":30456000,"d":"30,456,000.00"}]
["5.2.1.02.0002.",null,null,"Honorarium/Upah Tenaga Harian",{"$nulls":11},{"v":30456000,"d":"30,456,000.00"},null,{"v":30456000,"d":"30,456,000.00"}]
[{"$nulls":3},"Honorarium/Upah Tenaga Harian",{"$nulls":8},{"v":12,"d":"12.00"},"OB",{"v":2538000,"d":"2,538,000.00"},{"v":30456000,"d":"30,456,000.00"},null,{"v":30456000,"d":"30,456,000.00"}]
["5.2.2.",null,null,"BELANJA BARANG DAN JASA",{"$nulls":11},{"v":797024200,"d":"797,024,200.00"},null,{"v":797024200,"d":"797,024,200.00"}]
["5.2.2.01.",null,null,"Belanja Bahan Pakai Habis",{"$nulls":11},{"v":3850100,"d":"3,850,100.00"},null,{"v":3850100,"d":"3,850,100.00"}]
["5.2.2.01.0001.",null,null,"Belanja alat tulis kantor",{"$nulls":11},{"v":3520100,"d":"3,520,100.00"},null,{"v":3520100,"d":"3,520,100.00"}]
[{"$nulls":3},"Kertas HVS 70 gr Folio Sidu",{"$nulls":8},{"v":7,"d":"7.00"},"Rim",{"v":79600,"d":"79,600.00"},{"v":557200,"d":"557,200.00"},null,{"v":557200,"d":"557,200.00"}]
[{"$nulls":3},"Map Snelhecter Folio Biasa",{"$nulls":8},{"v":20,"d":"20.00"},"Buah",{"v":3800,"d":"3,800.00"},{"v":76000,"d":"76,000.00"},null,{"v":76000,"d":"76,000.00"}]
[{"$nulls":3},"Map Kertas Folio",{"$nulls":8},{"v":20,"d":"20.00"},"Buah",{"v":2600,"d":"2,600.00"},{"v":52000,"d":"52,000.00"},null,{"v":52000,"d":"52,000.00"}]
[{"$nulls":3},"Map Kain Batik Tebal",{"$nulls":8},{"v":5,"d":"5.00"},"Buah",{"v":32100,"d":"32,100.00"},{"v":160500,"d":"160,500.00"},null,{"v":160500,"d":"160,500.00"}]
[{"$nulls":3},"Map Plastik biasa jepit/snell",{"$nulls":8},{"v":5,"d":"5.00"},"Buah",{"v":13200,"d":"13,200.00"},{"v":66000,"d":"66,000.00"},null,{"v":66000,"d":"66,000.00"}]
[{"$nulls":3},"Map File /Metal Clip Bantex 3260",{"$nulls":8},{"v":4,"d":"4.00"},"Buah",{"v":67200,"d":"67,200.00"},{"v":268800,"d":"268,800.00"},null,{"v":268800,"d":"268,800.00"}]
[{"$nulls":3},"Kertas HVS 60 gr Folio 500",{"$nulls":8},{"v":7,"d":"7.00"},"Rim",{"v":69800,"d":"69,800.00"},{"v":488600,"d":"488,600.00"},null,{"v":488600,"d":"488,600.00"}]
[{"$nulls":3},"Amplop Coklat Tanggung (C)",{"$nulls":8},{"v":1,"d":"1.00"},"Kotak",{"v":32100,"d":"32,100.00"},{"v":32100,"d":"32,100.00"},null,{"v":32100,"d":"32,100.00"}]
[{"$nulls":3},"Ballpoint AE-7",{"$nulls":8},{"v":8,"d":"8.00"},"Buah",{"v":3700,"d":"3,700.00"},{"v":29600,"d":"29,600.00"},null,{"v":29600,"d":"29,600.00"}]
[{"$nulls":3},"Pensil 2B fabercastel",{"$nulls":8},{"v":5,"d":"5.00"},"Buah",{"v":5200,"d":"5,200.00"},{"v":26000,"d":"26,000.00"},null,{"v":26000,"d":"26,000.00"}]
[{"$nulls":3},"Steples Alat Max No. 30 (B) Asli",{"$nulls":8},{"v":1,"d":"1.00"},"Buah",{"v":88900,"d":"88,900.00"},{"v":88900,"d":"88,900.00"},null,{"v":88900,"d":"88,900.00"}]
[{"$nulls":3},"Steples Alat Max No.10 (K) Asli",{"$nulls":8},{"v":1,"d":"1.00"},"Buah",{"v":37200,"d":"37,200.00"},{"v":37200,"d":"37,200.00"},null,{"v":37200,"d":"37,200.00"}]
[{"$nulls":3},"Tipp-Ex Pemutih/Set 20 ML Fluid",{"$nulls":8},{"v":1,"d":"1.00"},"Buah",{"v":24400,"d":"24,400.00"},{"v":24400,"d":"24,400.00"},null,{"v":24400,"d":"24,400.00"}]
[{"$nulls":3},"Tinta Printer Epson Standar (Black / Magenta / Yellow / Cyan)",{"$nulls":8},{"v":8,"d":"8.00"},"Buah",{"v":198300,"d":"198,300.00"},{"v":1586400,"d":"1,586,400.00"},null,{"v":1586400,"d":"1,586,400.00"}]
[{"$nulls":3},"Cutther Kenko L-500",{"$nulls":8},{"v":1,"d":"1.00"},"Buah",{"v":26400,"d":"26,400.00"},{"v":26400,"d":"26,400.00"},null,{"v":26400,"d":"26,400.00"}]
["5.2.2.01.0004.",null,null,"Belanja perangko, materai dan benda pos",{"$nulls":11},{"v":330000,"d":"330,000.00"},null,{"v":330000,"d":"330,000.00"}]
[{"$nulls":3},"Materai 6000",{"$nulls":8},{"v":50,"d":"50.00"},"Lembar",{"v":6000,"d":"6,000.00"},{"v":300000,"d":"300,000.00"},null,{"v":300000,"d":"300,000.00"}]
[{"$nulls":3},"Materai 3000",{"$nulls":8},{"v":10,"d":"10.00"},"Lembar",{"v":3000,"d":"3,000.00"},{"v":30000,"d":"30,000.00"},null,{"v":30000,"d":"30,000.00"}]
["5.2.2.03.",null,null,"Belanja Jasa Kantor",{"$nulls":11},{"v":20400000,"d":"20,400,000.00"},null,{"v":20400000,"d":"20,400,000.00"}]
["5.2.2.03.0012.",null,null,"Belanja Jasa Tenaga kerja",{"$nulls":11},{"v":20400000,"d":"20,400,000.00"},null,{"v":20400000,"d":"20,400,000.00"}]
[{"$nulls":3},"Jasa Tenaga Kontrak sebagai Administrasi Umum",{"$nulls":8},{"v":12,"d":"12.00"},"OB",{"v":1700000,"d":"1,700,000.00"},{"v":20400000,"d":"20,400,000.00"},null,{"v":20400000,"d":"20,400,000.00"}]
["5.2.2.11.",null,null,"Belanja Makanan dan  Minuman",{"$nulls":11},{"v":23980000,"d":"23,980,000.00"},null,{"v":23980000,"d":"23,980,000.00"}]
["5.2.2.11.0002.",null,null,"Belanja makanan dan minuman rapat",{"$nulls":11},{"v":8400000,"d":"8,400,000.00"},null,{"v":8400000,"d":"8,400,000.00"}]
[{"$nulls":3},"Nasi Kotak",{"$nulls":8},{"v":150,"d":"150.00"},"kotak",{"v":40000,"d":"40,000.00"},{"v":6000000,"d":"6,000,000.00"},null,{"v":6000000,"d":"6,000,000.00"}]
[{"$nulls":3},"Snack",{"$nulls":8},{"v":150,"d":"150.00"},"kotak",{"v":16000,"d":"16,000.00"},{"v":2400000,"d":"2,400,000.00"},null,{"v":2400000,"d":"2,400,000.00"}]
["5.2.2.11.0006.",null,null,"Belanja Makanan dan Minuman Pembinaan, Lomba-Lomba / Evaluasi",{"$nulls":11},{"v":15580000,"d":"15,580,000.00"},null,{"v":15580000,"d":"15,580,000.00"}]
["5.2.2.11.0006.",null,null,"Nasi Kotak",{"$nulls":8},{"v":380,"d":"380.00"},"kotak",{"v":25000,"d":"25,000.00"},{"v":9500000,"d":"9,500,000.00"},null,{"v":9500000,"d":"9,500,000.00"}]
[{"$nulls":3},"Snack",{"$nulls":8},{"v":380,"d":"380.00"},"kotak",{"v":16000,"d":"16,000.00"},{"v":6080000,"d":"6,080,000.00"},null,{"v":6080000,"d":"6,080,000.00"}]
["5.2.2.15.",null,null,"Belanja Perjalanan Dinas",{"$nulls":11},{"v":1600000,"d":"1,600,000.00"},null,{"v":1600000,"d":"1,600,000.00"}]
["5.2.2.15.0001.",null,null,"Belanja perjalanan dinas dalam daerah",{"$nulls":11},{"v":1600000,"d":"1,600,000.00"},null,{"v":1600000,"d":"1,600,000.00"}]
[{"$nulls":3},"Perjalanan dinas dalam daerah",{"$nulls":8},{"v":1,"d":"1.00"},"Tahun",{"v":1600000,"d":"1,600,000.00"},{"v":1600000,"d":"1,600,000.00"},null,{"v":1600000,"d":"1,600,000.00"}]
["5.2.2.28.",null,null,"belanja hibah barang atau jasa",{"$nulls":11},{"v":743173400,"d":"743,173,400.00"},null,{"v":743173400,"d":"743,173,400.00"}]
["5.2.2.28.0003.",null,null,"belanja hibah barang atau jasa  yang diserahkan kepada badan, lembaga, dan organisasi kemasyarakatan",{"$nulls":11},{"v":743173400,"d":"743,173,400.00"},null,{"v":743173400,"d":"743,173,400.00"}]
[{"$nulls":3},"KUB Sumber Bahari, Desa Sumberkima, Kecamatan Gerokgak berupa perahu fiber, mesin tempel 20 PK, jaring dan alat bantu penangkapan ikan",{"$nulls":8},{"v":1,"d":"1.00"},"Paket",{"v":92896675,"d":"92,896,675.00"},{"v":92896675,"d":"92,896,675.00"},null,{"v":92896675,"d":"92,896,675.00"}]
[{"$nulls":3},"KUB Karya Mina Usaha, Desa Gerokgak, Kecamatan Gerokgak berupa perahu fiber, mesin tempel 20 PK, jaring dan alat bantu penangkapan ikan",{"$nulls":8},{"v":1,"d":"1.00"},"Paket",{"v":92896675,"d":"92,896,675.00"},{"v":92896675,"d":"92,896,675.00"},null,{"v":92896675,"d":"92,896,675.00"}]
[{"$nulls":3},"KUB Mina Sari Lestari, Desa Musi, Kecamatan Gerokgak berupa perahu fiber, mesin tempel 20 PK, jaring dan alat bantu penangkapan ikan",{"$nulls":8},{"v":1,"d":"1.00"},"Paket",{"v":92896675,"d":"92,896,675.00"},{"v":92896675,"d":"92,896,675.00"},null,{"v":92896675,"d":"92,896,675.00"}]
[{"$nulls":3},"KUB Sari Rahayu, Desa Pengulon Kecamatan Gerokgak berupa perahu fiber, mesin tempel 20 PK, jaring dan alat bantu penangkapan ikan",{"$nulls":8},{"v":1,"d":"1.00"},"Paket",{"v":92896675,"d":"92,896,675.00"},{"v":92896675,"d":"92,896,675.00"},null,{"v":92896675,"d":"92,896,675.00"}]
[{"$nulls":3},"KUB Nurul Bahar, Desa Pengastulan, Kecamatan Seririt berupa perahu fiber, mesin tempel 20 PK, jaring dan alat bantu penangkapan ikan",{"$nulls":8},{"v":1,"d":"1.00"},"Paket",{"v":92896675,"d":"92,896,675.00"},{"v":92896675,"d":"92,896,675.00"},null,{"v":92896675,"d":"92,896,675.00"}]
[{"$nulls":3},"KUB Setia Kawan, Kelurahan Kampung Anyar, Kecamatan Buleleng berupa perahu fiber, mesin tempel 20 PK, jaring dan alat bantu penangkapan ikan",{"$nulls":8},{"v":1,"d":"1.00"},"Paket",{"v":92896675,"d":"92,896,675.00"},{"v":92896675,"d":"92,896,675.00"},null,{"v":92896675,"d":"92,896,675.00"}]
[{"$nulls":3},"KUB Darma Putra Braban, Desa Kubutambahan, Kecamatan Kubutambahan berupa perahu fiber, mesin tempel 20 PK, jaring dan alat bantu penangkapan ikan",{"$nulls":8},{"v":1,"d":"1.00"},"Paket",{"v":92896675,"d":"92,896,675.00"},{"v":92896675,"d":"92,896,675.00"},null,{"v":92896675,"d":"92,896,675.00"}]
[{"$nulls":3},"KUB Segara Labuan, Desa Sambirenteng, Kecamatan Tejakula berupa perahu fiber, mesin tempel 20 PK, jaring dan alat bantu penangkapan ikan",{"$nulls":8},{"v":1,"d":"1.00"},"Paket",{"v":92896675,"d":"92,896,675.00"},{"v":92896675,"d":"92,896,675.00"},null,{"v":92896675,"d":"92,896,675.00"}]
["5.2.2.32.",null,null,"Belanja Operasional Kendaraan",{"$nulls":11},{"v":4020700,"d":"4,020,700.00"},null,{"v":4020700,"d":"4,020,700.00"}]
["5.2.2.32.0001.",null,null,"Belanja Bahan Bakar Minyak",{"$nulls":11},{"v":4020700,"d":"4,020,700.00"},null,{"v":4020700,"d":"4,020,700.00"}]
[{"$nulls":3},"BBM",{"$nulls":8},{"v":1,"d":"1.00"},"Tahun",{"v":4020700,"d":"4,020,700.00"},{"v":4020700,"d":"4,020,700.00"},null,{"v":4020700,"d":"4,020,700.00"}]
["5.2.",null,null,"BELANJA LANGSUNG",{"$nulls":11},{"v":25400000,"d":"25,400,000.00"},null,{"v":25400000,"d":"25,400,000.00"}]
["5.2.2.",null,null,"BELANJA BARANG DAN JASA",{"$nulls":11},{"v":25400000,"d":"25,400,000.00"},null,{"v":25400000,"d":"25,400,000.00"}]
["5.2.2.01.",null,null,"Belanja Bahan Pakai Habis",{"$nulls":11},{"v":1355800,"d":"1,355,800.00"},null,{"v":1355800,"d":"1,355,800.00"}]
["5.2.2.01.0001.",null,null,"Belanja alat tulis kantor",{"$nulls":11},{"v":1175800,"d":"1,175,800.00"},null,{"v":1175800,"d":"1,175,800.00"}]
[{"$nulls":3},"Kertas HVS 70 gr Folio Sidu",{"$nulls":8},{"v":4,"d":"4.00"},"Rim",{"v":79600,"d":"79,600.00"},{"v":318400,"d":"318,400.00"},null,{"v":318400,"d":"318,400.00"}]
[{"$nulls":3},"Tinta Printer Epson Standar (Black / Magenta / Yellow / Cyan)",{"$nulls":8},{"v":4,"d":"4.00"},"Buah",{"v":198300,"d":"198,300.00"},{"v":793200,"d":"793,200.00"},null,{"v":793200,"d":"793,200.00"}]
["5.2.2.01.0001.",null,null,"Map Kain Batik Tebal",{"$nulls":8},{"v":2,"d":"2.00"},"Buah",{"v":32100,"d":"32,100.00"},{"v":64200,"d":"64,200.00"},null,{"v":64200,"d":"64,200.00"}]
["5.2.2.01.0004.",null,null,"Belanja perangko, materai dan benda pos",{"$nulls":11},{"v":180000,"d":"180,000.00"},null,{"v":180000,"d":"180,000.00"}]
[{"$nulls":3},"Materai 6000",{"$nulls":8},{"v":30,"d":"30.00"},"Lembar",{"v":6000,"d":"6,000.00"},{"v":180000,"d":"180,000.00"},null,{"v":180000,"d":"180,000.00"}]
["5.2.2.03.",null,null,"Belanja Jasa Kantor",{"$nulls":11},{"v":20400000,"d":"20,400,000.00"},null,{"v":20400000,"d":"20,400,000.00"}]
["5.2.2.03.0012.",null,null,"Belanja Jasa Tenaga kerja",{"$nulls":11},{"v":20400000,"d":"20,400,000.00"},null,{"v":20400000,"d":"20,400,000.00"}]
[{"$nulls":3},"Jasa Tenaga Kontrak sebagai Tenaga Administrasi Umum",{"$nulls":8},{"v":12,"d":"12.00"},"OB",{"v":1700000,"d":"1,700,000.00"},{"v":20400000,"d":"20,400,000.00"},null,{"v":20400000,"d":"20,400,000.00"}]
["5.2.2.11.",null,null,"Belanja Makanan dan  Minuman",{"$nulls":11},{"v":1680000,"d":"1,680,000.00"},null,{"v":1680000,"d":"1,680,000.00"}]
["5.2.2.11.0002.",null,null,"Belanja makanan dan minuman rapat",{"$nulls":11},{"v":1680000,"d":"1,680,000.00"},null,{"v":1680000,"d":"1,680,000.00"}]
[{"$nulls":3},"Snack",{"$nulls":8},{"v":30,"d":"30.00"},"kotak",{"v":16000,"d":"16,000.00"},{"v":480000,"d":"480,000.00"},null,{"v":480000,"d":"480,000.00"}]
[{"$nulls":3},"Nasi Kotak",{"$nulls":8},{"v":30,"d":"30.00"},"kotak",{"v":40000,"d":"40,000.00"},{"v":1200000,"d":"1,200,000.00"},null,{"v":1200000,"d":"1,200,000.00"}]
["5.2.2.32.",null,null,"Belanja Operasional Kendaraan",{"$nulls":11},{"v":1964200,"d":"1,964,200.00"},null,{"v":1964200,"d":"1,964,200.00"}]
["5.2.2.32.0001.",null,null,"Belanja Bahan Bakar Minyak",{"$nulls":11},{"v":1964200,"d":"1,964,200.00"},null,{"v":1964200,"d":"1,964,200.00"}]
[{"$nulls":3},"Belanja Bahan Bakar Minyak",{"$nulls":8},{"v":1,"d":"1.00"},"Tahun",{"v":1964200,"d":"1,964,200.00"},{"v":1964200,"d":"1,964,200.00"},null,{"v":1964200,"d":"1,964,200.00"}]
["5.2.",null,null,"BELANJA LANGSUNG",{"$nulls":11},{"v":58493209,"d":"58,493,209.00"},null,{"v":58493209,"d":"58,493,209.00"}]
["5.2.1.",null,null,"BELANJA PEGAWAI",{"$nulls":11},{"v":30456000,"d":"30,456,000.00"},null,{"v":30456000,"d":"30,456,000.00"}]
["5.2.1.02.",null,null,"Honorarium  Non PNS",{"$nulls":11},{"v":30456000,"d":"30,456,000.00"},null,{"v":30456000,"d":"30,456,000.00"}]
["5.2.1.02.0002.",null,null,"Honorarium/Upah Tenaga Harian",{"$nulls":11},{"v":30456000,"d":"30,456,000.00"},null,{"v":30456000,"d":"30,456,000.00"}]
[{"$nulls":3},"Honorarium/Upah Tenaga Harian",{"$nulls":8},{"v":12,"d":"12.00"},"OB",{"v":2538000,"d":"2,538,000.00"},{"v":30456000,"d":"30,456,000.00"},null,{"v":30456000,"d":"30,456,000.00"}]
["5.2.2.",null,null,"BELANJA BARANG DAN JASA",{"$nulls":11},{"v":28037209,"d":"28,037,209.00"},null,{"v":28037209,"d":"28,037,209.00"}]
["5.2.2.01.",null,null,"Belanja Bahan Pakai Habis",{"$nulls":11},{"v":1897500,"d":"1,897,500.00"},null,{"v":1897500,"d":"1,897,500.00"}]
["5.2.2.01.0001.",null,null,"Belanja alat tulis kantor",{"$nulls":11},{"v":1477500,"d":"1,477,500.00"},null,{"v":1477500,"d":"1,477,500.00"}]
[]
["5.2.2.01.0001.",null,null,"Kertas HVS 70 gr Folio Sidu",{"$nulls":8},{"v":7,"d":"7.00"},"Rim",{"v":79600,"d":"79,600.00"},{"v":557200,"d":"557,200.00"},null,{"v":557200,"d":"557,200.00"}]
[{"$nulls":3},"Tinta Printer Epson Standar (Black / Magenta / Yellow / Cyan)",{"$nulls":8},{"v":4,"d":"4.00"},"Buah",{"v":198300,"d":"198,300.00"},{"v":793200,"d":"793,200.00"},null,{"v":793200,"d":"793,200.00"}]
[{"$nulls":3},"Map Kertas Folio",{"$nulls":8},{"v":5,"d":"5.00"},"Buah",{"v":2600,"d":"2,600.00"},{"v":13000,"d":"13,000.00"},null,{"v":13000,"d":"13,000.00"}]
[{"$nulls":3},"Map Kain Batik Tipis",{"$nulls":8},{"v":1,"d":"1.00"},"Buah",{"v":30000,"d":"30,000.00"},{"v":30000,"d":"30,000.00"},null,{"v":30000,"d":"30,000.00"}]
[{"$nulls":3},"Map Ordner F / Extra / Kwarto",{"$nulls":8},{"v":1,"d":"1.00"},"Buah",{"v":35700,"d":"35,700.00"},{"v":35700,"d":"35,700.00"},null,{"v":35700,"d":"35,700.00"}]
[{"$nulls":3},"Map Jepit /Shenel Plastik",{"$nulls":8},{"v":2,"d":"2.00"},"Buah",{"v":11900,"d":"11,900.00"},{"v":23800,"d":"23,800.00"},null,{"v":23800,"d":"23,800.00"}]
[{"$nulls":3},"Clips Sea Gull",{"$nulls":8},{"v":1,"d":"1.00"},"Buah",{"v":24600,"d":"24,600.00"},{"v":24600,"d":"24,600.00"},null,{"v":24600,"d":"24,600.00"}]
["5.2.2.01.0004.",null,null,"Belanja perangko, materai dan benda pos",{"$nulls":11},{"v":420000,"d":"420,000.00"},null,{"v":420000,"d":"420,000.00"}]
[{"$nulls":3},"Materai 3000",{"$nulls":8},{"v":20,"d":"20.00"},"Lembar",{"v":3000,"d":"3,000.00"},{"v":60000,"d":"60,000.00"},null,{"v":60000,"d":"60,000.00"}]
[{"$nulls":3},"Materai 6000",{"$nulls":8},{"v":60,"d":"60.00"},"Lembar",{"v":6000,"d":"6,000.00"},{"v":360000,"d":"360,000.00"},null,{"v":360000,"d":"360,000.00"}]
["5.2.2.03.",null,null,"Belanja Jasa Kantor",{"$nulls":11},{"v":22400000,"d":"22,400,000.00"},null,{"v":22400000,"d":"22,400,000.00"}]
["5.2.2.03.0012.",null,null,"Belanja Jasa Tenaga kerja",{"$nulls":11},{"v":20400000,"d":"20,400,000.00"},null,{"v":20400000,"d":"20,400,000.00"}]
[{"$nulls":3},"Jasa Tenaga Kontrak sebagai Tenaga Administrasi Umum",{"$nulls":8},{"v":12,"d":"12.00"},"OB",{"v":1700000,"d":"1,700,000.00"},{"v":20400000,"d":"20,400,000.00"},null,{"v":20400000,"d":"20,400,000.00"}]
["5.2.2.03.0013.",null,null,"Belanja Jasa Transportasi dan akomodasi",{"$nulls":11},{"v":2000000,"d":"2,000,000.00"},null,{"v":2000000,"d":"2,000,000.00"}]
[{"$nulls":3},"Biaya pengganti transportasi pihak ketiga dalam daerah",{"$nulls":8},{"v":20,"d":"20.00"},"OH",{"v":100000,"d":"100,000.00"},{"v":2000000,"d":"2,000,000.00"},null,{"v":2000000,"d":"2,000,000.00"}]
["5.2.2.06.",null,null,"Belanja Cetak dan Penggandaan",{"$nulls":11},{"v":552100,"d":"552,100.00"},null,{"v":552100,"d":"552,100.00"}]
["5.2.2.06.0001.",null,null,"Belanja cetak",{"$nulls":11},{"v":152100,"d":"152,100.00"},null,{"v":152100,"d":"152,100.00"}]
[{"$nulls":3},"Cetak Spanduk",{"$nulls":8},{"v":1,"d":"1.00"},"Buah",{"v":152100,"d":"152,100.00"},{"v":152100,"d":"152,100.00"},null,{"v":152100,"d":"152,100.00"}]
["5.2.2.06.0002.",null,null,"Belanja Foto copy",{"$nulls":11},{"v":400000,"d":"400,000.00"},null,{"v":400000,"d":"400,000.00"}]
[{"$nulls":3},"Foto copy",{"$nulls":8},{"v":2000,"d":"2,000.00"},"lembar",{"v":200,"d":"200.00"},{"v":400000,"d":"400,000.00"},null,{"v":400000,"d":"400,000.00"}]
["5.2.2.11.",null,null,"Belanja Makanan dan  Minuman",{"$nulls":11},{"v":2050000,"d":"2,050,000.00"},null,{"v":2050000,"d":"2,050,000.00"}]
["5.2.2.11.0006.",null,null,"Belanja Makanan dan Minuman Pembinaan, Lomba-Lomba / Evaluasi",{"$nulls":11},{"v":2050000,"d":"2,050,000.00"},null,{"v":2050000,"d":"2,050,000.00"}]
[{"$nulls":3},"Snack",{"$nulls":8},{"v":50,"d":"50.00"},"kotak",{"v":16000,"d":"16,000.00"},{"v":800000,"d":"800,000.00"},null,{"v":800000,"d":"800,000.00"}]
[{"$nulls":3},"Nasi Kotak",{"$nulls":8},{"v":50,"d":"50.00"},"kotak",{"v":25000,"d":"25,000.00"},{"v":1250000,"d":"1,250,000.00"},null,{"v":1250000,"d":"1,250,000.00"}]
["5.2.2.32.",null,null,"Belanja Operasional Kendaraan",{"$nulls":11},{"v":1137609,"d":"1,137,609.00"},null,{"v":1137609,"d":"1,137,609.00"}]
["5.2.2.32.0001.",null,null,"Belanja Bahan Bakar Minyak",{"$nulls":11},{"v":1137609,"d":"1,137,609.00"},null,{"v":1137609,"d":"1,137,609.00"}]
[{"$nulls":3},"BBM",{"$nulls":8},{"v":1,"d":"1.00"},"Tahun",{"v":1137609,"d":"1,137,609.00"},{"v":1137609,"d":"1,137,609.00"},null,{"v":1137609,"d":"1,137,609.00"}]
["5.2.",null,null,"BELANJA LANGSUNG",{"$nulls":11},{"v":23400000,"d":"23,400,000.00"},null,{"v":23400000,"d":"23,400,000.00"}]
["5.2.2.",null,null,"BELANJA BARANG DAN JASA",{"$nulls":11},{"v":23400000,"d":"23,400,000.00"},null,{"v":23400000,"d":"23,400,000.00"}]
["5.2.2.01.",null,null,"Belanja Bahan Pakai Habis",{"$nulls":11},{"v":1387100,"d":"1,387,100.00"},null,{"v":1387100,"d":"1,387,100.00"}]
["5.2.2.01.0001.",null,null,"Belanja alat tulis kantor",{"$nulls":11},{"v":1327100,"d":"1,327,100.00"},null,{"v":1327100,"d":"1,327,100.00"}]
[{"$nulls":3},"Kertas HVS 70 gr Folio Sidu",{"$nulls":8},{"v":3,"d":"3.00"},"Rim",{"v":79600,"d":"79,600.00"},{"v":238800,"d":"238,800.00"},null,{"v":238800,"d":"238,800.00"}]
["5.2.2.01.0001.",null,null,"Tinta Printer Epson Standar (Black / Magenta / Yellow / Cyan)",{"$nulls":8},{"v":5,"d":"5.00"},"Buah",{"v":198300,"d":"198,300.00"},{"v":991500,"d":"991,500.00"},null,{"v":991500,"d":"991,500.00"}]
[{"$nulls":3},"Box File Plastik",{"$nulls":8},{"v":4,"d":"4.00"},"Buah",{"v":24200,"d":"24,200.00"},{"v":96800,"d":"96,800.00"},null,{"v":96800,"d":"96,800.00"}]
["5.2.2.01.0004.",null,null,"Belanja perangko, materai dan benda pos",{"$nulls":11},{"v":60000,"d":"60,000.00"},null,{"v":60000,"d":"60,000.00"}]
[{"$nulls":3},"Materai 6000",{"$nulls":8},{"v":10,"d":"10.00"},"Lembar",{"v":6000,"d":"6,000.00"},{"v":60000,"d":"60,000.00"},null,{"v":60000,"d":"60,000.00"}]
["5.2.2.03.",null,null,"Belanja Jasa Kantor",{"$nulls":11},{"v":20400000,"d":"20,400,000.00"},null,{"v":20400000,"d":"20,400,000.00"}]
["5.2.2.03.0012.",null,null,"Belanja Jasa Tenaga kerja",{"$nulls":11},{"v":20400000,"d":"20,400,000.00"},null,{"v":20400000,"d":"20,400,000.00"}]
[{"$nulls":3},"Jasa Tenaga Kontrak sebagai Tenaga Administrasi Umum",{"$nulls":8},{"v":12,"d":"12.00"},"OB",{"v":1700000,"d":"1,700,000.00"},{"v":20400000,"d":"20,400,000.00"},null,{"v":20400000,"d":"20,400,000.00"}]
["5.2.2.32.",null,null,"Belanja Operasional Kendaraan",{"$nulls":11},{"v":1612900,"d":"1,612,900.00"},null,{"v":1612900,"d":"1,612,900.00"}]
["5.2.2.32.0001.",null,null,"Belanja Bahan Bakar Minyak",{"$nulls":11},{"v":1612900,"d":"1,612,900.00"},null,{"v":1612900,"d":"1,612,900.00"}]
[{"$nulls":3},"BBM",{"$nulls":8},{"v":1,"d":"1.00"},"Tahun",{"v":1612900,"d":"1,612,900.00"},{"v":1612900,"d":"1,612,900.00"},null,{"v":1612900,"d":"1,612,900.00"}]
["5.2.",null,null,"BELANJA LANGSUNG",{"$nulls":11},{"v":31073400,"d":"31,073,400.00"},null,{"v":31073400,"d":"31,073,400.00"}]
["5.2.2.",null,null,"BELANJA BARANG DAN JASA",{"$nulls":11},{"v":31073400,"d":"31,073,400.00"},null,{"v":31073400,"d":"31,073,400.00"}]
["5.2.2.01.",null,null,"Belanja Bahan Pakai Habis",{"$nulls":11},{"v":1369900,"d":"1,369,900.00"},null,{"v":1369900,"d":"1,369,900.00"}]
["5.2.2.01.0001.",null,null,"Belanja alat tulis kantor",{"$nulls":11},{"v":1309900,"d":"1,309,900.00"},null,{"v":1309900,"d":"1,309,900.00"}]
[{"$nulls":3},"Kertas HVS 70 gr Folio Sidu",{"$nulls":8},{"v":4,"d":"4.00"},"Rim",{"v":79600,"d":"79,600.00"},{"v":318400,"d":"318,400.00"},null,{"v":318400,"d":"318,400.00"}]
[{"$nulls":3},"Tinta Printer Epson Standar (Black / Magenta / Yellow / Cyan)",{"$nulls":8},{"v":5,"d":"5.00"},"Buah",{"v":198300,"d":"198,300.00"},{"v":991500,"d":"991,500.00"},null,{"v":991500,"d":"991,500.00"}]
["5.2.2.01.0004.",null,null,"Belanja perangko, materai dan benda pos",{"$nulls":11},{"v":60000,"d":"60,000.00"},null,{"v":60000,"d":"60,000.00"}]
[{"$nulls":3},"Materai 6000",{"$nulls":8},{"v":10,"d":"10.00"},"Lembar",{"v":6000,"d":"6,000.00"},{"v":60000,"d":"60,000.00"},null,{"v":60000,"d":"60,000.00"}]
[]
["5.2.2.03.",null,null,"Belanja Jasa Kantor",{"$nulls":11},{"v":24000000,"d":"24,000,000.00"},null,{"v":24000000,"d":"24,000,000.00"}]
["5.2.2.03.0012.",null,null,"Belanja Jasa Tenaga kerja",{"$nulls":11},{"v":24000000,"d":"24,000,000.00"},null,{"v":24000000,"d":"24,000,000.00"}]
[{"$nulls":3},"Jasa Tenaga Kontrak sebagai Operator Pembantu Admin PPK",{"$nulls":8},{"v":12,"d":"12.00"},"OB",{"v":2000000,"d":"2,000,000.00"},{"v":24000000,"d":"24,000,000.00"},null,{"v":24000000,"d":"24,000,000.00"}]
["5.2.2.11.",null,null,"Belanja Makanan dan  Minuman",{"$nulls":11},{"v":3360000,"d":"3,360,000.00"},null,{"v":3360000,"d":"3,360,000.00"}]
["5.2.2.11.0002.",null,null,"Belanja makanan dan minuman rapat",{"$nulls":11},{"v":3360000,"d":"3,360,000.00"},null,{"v":3360000,"d":"3,360,000.00"}]
[{"$nulls":3},"Snack",{"$nulls":8},{"v":60,"d":"60.00"},"kotak",{"v":16000,"d":"16,000.00"},{"v":960000,"d":"960,000.00"},null,{"v":960000,"d":"960,000.00"}]
[{"$nulls":3},"Nasi Kotak",{"$nulls":8},{"v":60,"d":"60.00"},"kotak",{"v":40000,"d":"40,000.00"},{"v":2400000,"d":"2,400,000.00"},null,{"v":2400000,"d":"2,400,000.00"}]
["5.2.2.32.",null,null,"Belanja Operasional Kendaraan",{"$nulls":11},{"v":2343500,"d":"2,343,500.00"},null,{"v":2343500,"d":"2,343,500.00"}]
["5.2.2.32.0001.",null,null,"Belanja Bahan Bakar Minyak",{"$nulls":11},{"v":2343500,"d":"2,343,500.00"},null,{"v":2343500,"d":"2,343,500.00"}]
[{"$nulls":3},"BBM",{"$nulls":8},{"v":1,"d":"1.00"},"Tahun",{"v":2343500,"d":"2,343,500.00"},{"v":2343500,"d":"2,343,500.00"},null,{"v":2343500,"d":"2,343,500.00"}]
["5.2.",null,null,"BELANJA LANGSUNG",{"$nulls":11},{"v":215996191,"d":"215,996,191.00"},null,{"v":215996191,"d":"215,996,191.00"}]
["5.2.1.",null,null,"BELANJA PEGAWAI",{"$nulls":11},{"v":30456000,"d":"30,456,000.00"},null,{"v":30456000,"d":"30,456,000.00"}]
["5.2.1.02.",null,null,"Honorarium  Non PNS",{"$nulls":11},{"v":30456000,"d":"30,456,000.00"},null,{"v":30456000,"d":"30,456,000.00"}]
["5.2.1.02.0002.",null,null,"Honorarium/Upah Tenaga Harian",{"$nulls":11},{"v":30456000,"d":"30,456,000.00"},null,{"v":30456000,"d":"30,456,000.00"}]
[{"$nulls":3},"Honorarium/Upah Tenaga Harian",{"$nulls":8},{"v":12,"d":"12.00"},"OB",{"v":2538000,"d":"2,538,000.00"},{"v":30456000,"d":"30,456,000.00"},null,{"v":30456000,"d":"30,456,000.00"}]
["5.2.2.",null,null,"BELANJA BARANG DAN JASA",{"$nulls":11},{"v":185540191,"d":"185,540,191.00"},null,{"v":185540191,"d":"185,540,191.00"}]
["5.2.2.01.",null,null,"Belanja Bahan Pakai Habis",{"$nulls":11},{"v":12838700,"d":"12,838,700.00"},null,{"v":12838700,"d":"12,838,700.00"}]
["5.2.2.01.0001.",null,null,"Belanja alat tulis kantor",{"$nulls":11},{"v":2668700,"d":"2,668,700.00"},null,{"v":2668700,"d":"2,668,700.00"}]
[{"$nulls":3},"Kertas HVS 70 gr Folio Sidu",{"$nulls":8},{"v":12,"d":"12.00"},"Rim",{"v":79600,"d":"79,600.00"},{"v":955200,"d":"955,200.00"},null,{"v":955200,"d":"955,200.00"}]
[{"$nulls":3},"Tinta Printer Epson Standar (Black / Magenta / Yellow / Cyan)",{"$nulls":8},{"v":8,"d":"8.00"},"Buah",{"v":198300,"d":"198,300.00"},{"v":1586400,"d":"1,586,400.00"},null,{"v":1586400,"d":"1,586,400.00"}]
[{"$nulls":3},"Map Kertas Folio",{"$nulls":8},{"v":5,"d":"5.00"},"Buah",{"v":2600,"d":"2,600.00"},{"v":13000,"d":"13,000.00"},null,{"v":13000,"d":"13,000.00"}]
[{"$nulls":3},"Map Kain Batik Tipis",{"$nulls":8},{"v":1,"d":"1.00"},"Buah",{"v":30000,"d":"30,000.00"},{"v":30000,"d":"30,000.00"},null,{"v":30000,"d":"30,000.00"}]
[{"$nulls":3},"Map Ordner F / Extra / Kwarto",{"$nulls":8},{"v":1,"d":"1.00"},"Buah",{"v":35700,"d":"35,700.00"},{"v":35700,"d":"35,700.00"},null,{"v":35700,"d":"35,700.00"}]
[{"$nulls":3},"Map Jepit /Shenel Plastik",{"$nulls":8},{"v":2,"d":"2.00"},"Buah",{"v":11900,"d":"11,900.00"},{"v":23800,"d":"23,800.00"},null,{"v":23800,"d":"23,800.00"}]
[{"$nulls":3},"Clips Sea Gull",{"$nulls":8},{"v":1,"d":"1.00"},"Buah",{"v":24600,"d":"24,600.00"},{"v":24600,"d":"24,600.00"},null,{"v":24600,"d":"24,600.00"}]
["5.2.2.01.0004.",null,null,"Belanja perangko, materai dan benda pos",{"$nulls":11},{"v":570000,"d":"570,000.00"},null,{"v":570000,"d":"570,000.00"}]
[{"$nulls":3},"Materai 3000",{"$nulls":8},{"v":30,"d":"30.00"},"Lembar",{"v":3000,"d":"3,000.00"},{"v":90000,"d":"90,000.00"},null,{"v":90000,"d":"90,000.00"}]
[{"$nulls":3},"Materai 6000",{"$nulls":8},{"v":80,"d":"80.00"},"Lembar",{"v":6000,"d":"6,000.00"},{"v":480000,"d":"480,000.00"},null,{"v":480000,"d":"480,000.00"}]
["5.2.2.01.0006.",null,null,"Belanja Bahan Bakar Minyak/Gas",{"$nulls":11},{"v":600000,"d":"600,000.00"},null,{"v":600000,"d":"600,000.00"}]
[{"$nulls":3},"BBM",{"$nulls":8},{"v":1,"d":"1.00"},"Tahun",{"v":600000,"d":"600,000.00"},{"v":600000,"d":"600,000.00"},null,{"v":600000,"d":"600,000.00"}]
["5.2.2.01.0011.",null,null,"Belanja Cinderamata Patung, Pandel & Tropy",{"$nulls":11},{"v":4500000,"d":"4,500,000.00"},null,{"v":4500000,"d":"4,500,000.00"}]
[{"$nulls":3},"Trophy Juara Lomba Dayung Pedau",{"$nulls":8},{"v":1,"d":"1.00"},"Paket",{"v":2000000,"d":"2,000,000.00"},{"v":2000000,"d":"2,000,000.00"},null,{"v":2000000,"d":"2,000,000.00"}]
[{"$nulls":3},"Trophy Juara Lomba Perahu Layar",{"$nulls":8},{"v":1,"d":"1.00"},"Paket",{"v":2500000,"d":"2,500,000.00"},{"v":2500000,"d":"2,500,000.00"},null,{"v":2500000,"d":"2,500,000.00"}]
["5.2.2.01.0013.",null,null,"Belanja Sesajen",{"$nulls":11},{"v":4000000,"d":"4,000,000.00"},null,{"v":4000000,"d":"4,000,000.00"}]
[{"$nulls":3},"Belanja Sesajen Lomba Dayung Pedau",{"$nulls":8},{"v":2,"d":"2.00"},"Paket",{"v":500000,"d":"500,000.00"},{"v":1000000,"d":"1,000,000.00"},null,{"v":1000000,"d":"1,000,000.00"}]
[{"$nulls":3},"Belanja Sesajen Lomba Perahu Layar",{"$nulls":8},{"v":10,"d":"10.00"},"Paket",{"v":300000,"d":"300,000.00"},{"v":3000000,"d":"3,000,000.00"},null,{"v":3000000,"d":"3,000,000.00"}]
["5.2.2.01.0019.",null,null,"Belanja bahan perlombaan",{"$nulls":11},{"v":500000,"d":"500,000.00"},null,{"v":500000,"d":"500,000.00"}]
[{"$nulls":3},"Bendera Tanda Jalur Lomba",{"$nulls":8},{"v":10,"d":"10.00"},"Buah",{"v":50000,"d":"50,000.00"},{"v":500000,"d":"500,000.00"},null,{"v":500000,"d":"500,000.00"}]
["5.2.2.02.",null,null,"Belanja Bahan/Material",{"$nulls":11},{"v":22311500,"d":"22,311,500.00"},null,{"v":22311500,"d":"22,311,500.00"}]
["5.2.2.02.0001.",null,null,"Belanja bahan baku bangunan",{"$nulls":11},{"v":5729000,"d":"5,729,000.00"},null,{"v":5729000,"d":"5,729,000.00"}]
[]
["5.2.2.02.0001.",null,null,"Tali PE 6 mm",{"$nulls":8},{"v":10,"d":"10.00"},"Rol",{"v":35000,"d":"35,000.00"},{"v":350000,"d":"350,000.00"},null,{"v":350000,"d":"350,000.00"}]
[{"$nulls":3},"Tali PE 12 mm",{"$nulls":8},{"v":15,"d":"15.00"},"Kg",{"v":52000,"d":"52,000.00"},{"v":780000,"d":"780,000.00"},null,{"v":780000,"d":"780,000.00"}]
[{"$nulls":3},"Kayu Kaso",{"$nulls":8},{"v":10,"d":"10.00"},"Batang",{"v":60000,"d":"60,000.00"},{"v":600000,"d":"600,000.00"},null,{"v":600000,"d":"600,000.00"}]
[{"$nulls":3},"Bambu",{"$nulls":8},{"v":150,"d":"150.00"},"Batang",{"v":21100,"d":"21,100.00"},{"v":3165000,"d":"3,165,000.00"},null,{"v":3165000,"d":"3,165,000.00"}]
[{"$nulls":3},"Tali Rafia",{"$nulls":8},{"v":5,"d":"5.00"},"Kg",{"v":30400,"d":"30,400.00"},{"v":152000,"d":"152,000.00"},null,{"v":152000,"d":"152,000.00"}]
[{"$nulls":3},"Kawat",{"$nulls":8},{"v":4,"d":"4.00"},"Gulung",{"v":28000,"d":"28,000.00"},{"v":112000,"d":"112,000.00"},null,{"v":112000,"d":"112,000.00"}]
[{"$nulls":3},"Paku 5,7,12",{"$nulls":8},{"v":10,"d":"10.00"},"Kg",{"v":7000,"d":"7,000.00"},{"v":70000,"d":"70,000.00"},null,{"v":70000,"d":"70,000.00"}]
[{"$nulls":3},"Tali",{"$nulls":8},{"v":10,"d":"10.00"},"Rol",{"v":50000,"d":"50,000.00"},{"v":500000,"d":"500,000.00"},null,{"v":500000,"d":"500,000.00"}]
["5.2.2.02.0007.",null,null,"Belanja Bahan saprodi",{"$nulls":11},{"v":1627500,"d":"1,627,500.00"},null,{"v":1627500,"d":"1,627,500.00"}]
[{"$nulls":3},"Bahan Saprodi",{"$nulls":8},{"v":1,"d":"1.00"},"Paket",{"v":1627500,"d":"1,627,500.00"},{"v":1627500,"d":"1,627,500.00"},null,{"v":1627500,"d":"1,627,500.00"}]
["5.2.2.02.0012.",null,null,"Belanja bahan makanan ternak/hewan",{"$nulls":11},{"v":10835000,"d":"10,835,000.00"},null,{"v":10835000,"d":"10,835,000.00"}]
[{"$nulls":3},"Pakan Ikan",{"$nulls":8},{"v":1,"d":"1.00"},"Paket",{"v":10835000,"d":"10,835,000.00"},{"v":10835000,"d":"10,835,000.00"},null,{"v":10835000,"d":"10,835,000.00"}]
["5.2.2.02.0019.",null,null,"Belanja bahan dekorasi",{"$nulls":11},{"v":4120000,"d":"4,120,000.00"},null,{"v":4120000,"d":"4,120,000.00"}]
[{"$nulls":3},"Umbul-umbul",{"$nulls":8},{"v":10,"d":"10.00"},"Buah",{"v":75000,"d":"75,000.00"},{"v":750000,"d":"750,000.00"},null,{"v":750000,"d":"750,000.00"}]
[{"$nulls":3},"Balon Gas",{"$nulls":8},{"v":50,"d":"50.00"},"Buah",{"v":5000,"d":"5,000.00"},{"v":250000,"d":"250,000.00"},null,{"v":250000,"d":"250,000.00"}]
[{"$nulls":3},"Penjor Pancasila",{"$nulls":8},{"v":50,"d":"50.00"},"Buah",{"v":15000,"d":"15,000.00"},{"v":750000,"d":"750,000.00"},null,{"v":750000,"d":"750,000.00"}]
[{"$nulls":3},"Bendera Tanda Jalur",{"$nulls":8},{"v":4,"d":"4.00"},"Buah",{"v":30000,"d":"30,000.00"},{"v":120000,"d":"120,000.00"},null,{"v":120000,"d":"120,000.00"}]
[{"$nulls":3},"Nomor Parkir Jukung",{"$nulls":8},{"v":50,"d":"50.00"},"Paket",{"v":5000,"d":"5,000.00"},{"v":250000,"d":"250,000.00"},null,{"v":250000,"d":"250,000.00"}]
[{"$nulls":3},"Penjor",{"$nulls":8},{"v":4,"d":"4.00"},"Buah",{"v":500000,"d":"500,000.00"},{"v":2000000,"d":"2,000,000.00"},null,{"v":2000000,"d":"2,000,000.00"}]
["5.2.2.03.",null,null,"Belanja Jasa Kantor",{"$nulls":11},{"v":40550000,"d":"40,550,000.00"},null,{"v":40550000,"d":"40,550,000.00"}]
["5.2.2.03.0012.",null,null,"Belanja Jasa Tenaga kerja",{"$nulls":11},{"v":22400000,"d":"22,400,000.00"},null,{"v":22400000,"d":"22,400,000.00"}]
[{"$nulls":3},"Jasa Tenaga Kontrak sebagai Tenaga Administrasi Umum",{"$nulls":8},{"v":12,"d":"12.00"},"OB",{"v":1700000,"d":"1,700,000.00"},{"v":20400000,"d":"20,400,000.00"},null,{"v":20400000,"d":"20,400,000.00"}]
[{"$nulls":3},"Jasa Tenaga Kerja Fisik",{"$nulls":8},{"v":20,"d":"20.00"},"OH",{"v":100000,"d":"100,000.00"},{"v":2000000,"d":"2,000,000.00"},null,{"v":2000000,"d":"2,000,000.00"}]
["5.2.2.03.0013.",null,null,"Belanja Jasa Transportasi dan akomodasi",{"$nulls":11},{"v":7900000,"d":"7,900,000.00"},null,{"v":7900000,"d":"7,900,000.00"}]
[{"$nulls":3},"Jasa Transportasi Dalam Kabupaten",{"$nulls":8},{"v":50,"d":"50.00"},"Group",{"v":150000,"d":"150,000.00"},{"v":7500000,"d":"7,500,000.00"},null,{"v":7500000,"d":"7,500,000.00"}]
[{"$nulls":3},"Jasa Transportasi Pendamping Juri",{"$nulls":8},{"v":4,"d":"4.00"},"OJ",{"v":100000,"d":"100,000.00"},{"v":400000,"d":"400,000.00"},null,{"v":400000,"d":"400,000.00"}]
["5.2.2.03.0015.",null,null,"Belanja Jasa Dekorasi",{"$nulls":11},{"v":2000000,"d":"2,000,000.00"},null,{"v":2000000,"d":"2,000,000.00"}]
[{"$nulls":3},"Hiasan Dermaga Lomba Dayung Pedau",{"$nulls":8},{"v":1,"d":"1.00"},"Paket",{"v":2000000,"d":"2,000,000.00"},{"v":2000000,"d":"2,000,000.00"},null,{"v":2000000,"d":"2,000,000.00"}]
["5.2.2.03.0020.",null,null,"Belanja Jasa Kesenian",{"$nulls":11},{"v":750000,"d":"750,000.00"},null,{"v":750000,"d":"750,000.00"}]
["5.2.2.03.0020.",null,null,"Jasa Group Kesenian",{"$nulls":8},{"v":1,"d":"1.00"},"Group",{"v":750000,"d":"750,000.00"},{"v":750000,"d":"750,000.00"},null,{"v":750000,"d":"750,000.00"}]
["5.2.2.03.0027.",null,null,"Belanja jasa tenaga ahli/instruktur/narasumber",{"$nulls":11},{"v":7500000,"d":"7,500,000.00"},null,{"v":7500000,"d":"7,500,000.00"}]
[{"$nulls":3},"Juri Lomba Dayung Pedau",{"$nulls":8},{"v":15,"d":"15.00"},"OJ",{"v":300000,"d":"300,000.00"},{"v":4500000,"d":"4,500,000.00"},null,{"v":4500000,"d":"4,500,000.00"}]
[{"$nulls":3},"Juri Lomba Perahu Layar",{"$nulls":8},{"v":10,"d":"10.00"},"OJ",{"v":300000,"d":"300,000.00"},{"v":3000000,"d":"3,000,000.00"},null,{"v":3000000,"d":"3,000,000.00"}]
["5.2.2.06.",null,null,"Belanja Cetak dan Penggandaan",{"$nulls":11},{"v":2073100,"d":"2,073,100.00"},null,{"v":2073100,"d":"2,073,100.00"}]
["5.2.2.06.0001.",null,null,"Belanja cetak",{"$nulls":11},{"v":1673100,"d":"1,673,100.00"},null,{"v":1673100,"d":"1,673,100.00"}]
[{"$nulls":3},"Cetak Spanduk",{"$nulls":8},{"v":11,"d":"11.00"},"Buah",{"v":152100,"d":"152,100.00"},{"v":1673100,"d":"1,673,100.00"},null,{"v":1673100,"d":"1,673,100.00"}]
["5.2.2.06.0002.",null,null,"Belanja Foto copy",{"$nulls":11},{"v":400000,"d":"400,000.00"},null,{"v":400000,"d":"400,000.00"}]
[{"$nulls":3},"Foto copy",{"$nulls":8},{"v":2000,"d":"2,000.00"},"lembar",{"v":200,"d":"200.00"},{"v":400000,"d":"400,000.00"},null,{"v":400000,"d":"400,000.00"}]
["5.2.2.08.",null,null,"Belanja Sewa Sarana Mobilitas",{"$nulls":11},{"v":6000000,"d":"6,000,000.00"},null,{"v":6000000,"d":"6,000,000.00"}]
["5.2.2.08.0002.",null,null,"Belanja sewa Sarana Mobilitas Air",{"$nulls":11},{"v":6000000,"d":"6,000,000.00"},null,{"v":6000000,"d":"6,000,000.00"}]
[{"$nulls":3},"Sewa Perahu Speed Boat",{"$nulls":8},{"v":1,"d":"1.00"},"Kali",{"v":5000000,"d":"5,000,000.00"},{"v":5000000,"d":"5,000,000.00"},null,{"v":5000000,"d":"5,000,000.00"}]
[{"$nulls":3},"Sewa Jukung",{"$nulls":8},{"v":2,"d":"2.00"},"Kali",{"v":250000,"d":"250,000.00"},{"v":500000,"d":"500,000.00"},null,{"v":500000,"d":"500,000.00"}]
[{"$nulls":3},"Sewa Transportasi Air",{"$nulls":8},{"v":1,"d":"1.00"},"Paket",{"v":500000,"d":"500,000.00"},{"v":500000,"d":"500,000.00"},null,{"v":500000,"d":"500,000.00"}]
["5.2.2.10.",null,null,"Belanja Sewa Perlengkapan dan Peralatan Kantor",{"$nulls":11},{"v":6450000,"d":"6,450,000.00"},null,{"v":6450000,"d":"6,450,000.00"}]
["5.2.2.10.0001.",null,null,"Belanja sewa meja kursi",{"$nulls":11},{"v":2000000,"d":"2,000,000.00"},null,{"v":2000000,"d":"2,000,000.00"}]
[{"$nulls":3},"Sewa Kursi (Lomba Perahu Layar)",{"$nulls":8},{"v":200,"d":"200.00"},"Buah",{"v":10000,"d":"10,000.00"},{"v":2000000,"d":"2,000,000.00"},null,{"v":2000000,"d":"2,000,000.00"}]
["5.2.2.10.0005.",null,null,"Belanja sewa tenda",{"$nulls":11},{"v":2450000,"d":"2,450,000.00"},null,{"v":2450000,"d":"2,450,000.00"}]
[{"$nulls":3},"Sewa Tenda",{"$nulls":8},{"v":7,"d":"7.00"},"Unit",{"v":350000,"d":"350,000.00"},{"v":2450000,"d":"2,450,000.00"},null,{"v":2450000,"d":"2,450,000.00"}]
["5.2.2.10.0007.",null,null,"Belanja sewa Sound Sistem",{"$nulls":11},{"v":2000000,"d":"2,000,000.00"},null,{"v":2000000,"d":"2,000,000.00"}]
[{"$nulls":3},"Sewa Sound Sistem (Lomba Perahu Layar)",{"$nulls":8},{"v":2,"d":"2.00"},"Unit",{"v":1000000,"d":"1,000,000.00"},{"v":2000000,"d":"2,000,000.00"},null,{"v":2000000,"d":"2,000,000.00"}]
["5.2.2.11.",null,null,"Belanja Makanan dan  Minuman",{"$nulls":11},{"v":32975000,"d":"32,975,000.00"},null,{"v":32975000,"d":"32,975,000.00"}]
["5.2.2.11.0003.",null,null,"Belanja makanan dan minuman tamu",{"$nulls":11},{"v":8500000,"d":"8,500,000.00"},null,{"v":8500000,"d":"8,500,000.00"}]
[{"$nulls":3},"Prasmanan",{"$nulls":8},{"v":85,"d":"85.00"},"Porsi",{"v":100000,"d":"100,000.00"},{"v":8500000,"d":"8,500,000.00"},null,{"v":8500000,"d":"8,500,000.00"}]
["5.2.2.11.0006.",null,null,"Belanja Makanan dan Minuman Pembinaan, Lomba-Lomba / Evaluasi",{"$nulls":11},{"v":21400000,"d":"21,400,000.00"},null,{"v":21400000,"d":"21,400,000.00"}]
[{"$nulls":3},"Snack",{"$nulls":8},{"v":400,"d":"400.00"},"kotak",{"v":16000,"d":"16,000.00"},{"v":6400000,"d":"6,400,000.00"},null,{"v":6400000,"d":"6,400,000.00"}]
[{"$nulls":3},"Nasi Kotak",{"$nulls":8},{"v":600,"d":"600.00"},"kotak",{"v":25000,"d":"25,000.00"},{"v":15000000,"d":"15,000,000.00"},null,{"v":15000000,"d":"15,000,000.00"}]
["5.2.2.11.0008.",null,null,"Belanja Makanan dan Minuman Kegiatan Gotong Royong",{"$nulls":11},{"v":3075000,"d":"3,075,000.00"},null,{"v":3075000,"d":"3,075,000.00"}]
["5.2.2.11.0008.",null,null,"Snack",{"$nulls":8},{"v":75,"d":"75.00"},"kotak",{"v":16000,"d":"16,000.00"},{"v":1200000,"d":"1,200,000.00"},null,{"v":1200000,"d":"1,200,000.00"}]
[{"$nulls":3},"Nasi Bungkus",{"$nulls":8},{"v":75,"d":"75.00"},"Bungkus",{"v":25000,"d":"25,000.00"},{"v":1875000,"d":"1,875,000.00"},null,{"v":1875000,"d":"1,875,000.00"}]
["5.2.2.14.",null,null,"Belanja Pakaian khusus dan hari-hari tertentu",{"$nulls":11},{"v":7000000,"d":"7,000,000.00"},null,{"v":7000000,"d":"7,000,000.00"}]
["5.2.2.14.0004.",null,null,"Belanja pakaian olah raga",{"$nulls":11},{"v":7000000,"d":"7,000,000.00"},null,{"v":7000000,"d":"7,000,000.00"}]
[{"$nulls":3},"Pakaian Lomba Perahu Layar",{"$nulls":8},{"v":100,"d":"100.00"},"Buah",{"v":70000,"d":"70,000.00"},{"v":7000000,"d":"7,000,000.00"},null,{"v":7000000,"d":"7,000,000.00"}]
["5.2.2.20.",null,null,"Belanja Pemeliharaan",{"$nulls":11},{"v":2250000,"d":"2,250,000.00"},null,{"v":2250000,"d":"2,250,000.00"}]
["5.2.2.20.0010.",null,null,"Belanja Pemeliharaan Sarana dan Prasarana Perikanan",{"$nulls":11},{"v":2250000,"d":"2,250,000.00"},null,{"v":2250000,"d":"2,250,000.00"}]
[{"$nulls":3},"Pemeliharaan Pedau Singa Ambara Raja",{"$nulls":8},{"v":3,"d":"3.00"},"Unit",{"v":750000,"d":"750,000.00"},{"v":2250000,"d":"2,250,000.00"},null,{"v":2250000,"d":"2,250,000.00"}]
["5.2.2.25.",null,null,"Belanja Barang Inventaris",{"$nulls":11},{"v":2500000,"d":"2,500,000.00"},null,{"v":2500000,"d":"2,500,000.00"}]
["5.2.2.25.0021.",null,null,"Belanja alat-alat angkutan di atas air tidak bermotor",{"$nulls":11},{"v":2500000,"d":"2,500,000.00"},null,{"v":2500000,"d":"2,500,000.00"}]
[{"$nulls":3},"Dayung Pedau",{"$nulls":8},{"v":10,"d":"10.00"},"Buah",{"v":250000,"d":"250,000.00"},{"v":2500000,"d":"2,500,000.00"},null,{"v":2500000,"d":"2,500,000.00"}]
["5.2.2.27.",null,null,"Uang Untuk Diberikan Kepada Pihak Ketiga / Masyarakat",{"$nulls":11},{"v":45000000,"d":"45,000,000.00"},null,{"v":45000000,"d":"45,000,000.00"}]
["5.2.2.27.0002.",null,null,"Uang untuk diberikan kepada masyarakat",{"$nulls":11},{"v":45000000,"d":"45,000,000.00"},null,{"v":45000000,"d":"45,000,000.00"}]
[{"$nulls":3},"Hadiah Lomba Dayung Pedau Singa Ambara Raja",{"$nulls":9},"-",null,{"v":21500000,"d":"21,500,000.00"},null,{"v":21500000,"d":"21,500,000.00"}]
[{"$nulls":3},"Juara 1",{"$nulls":8},{"v":1,"d":"1.00"},"Kelompok",{"v":6000000,"d":"6,000,000.00"},{"v":6000000,"d":"6,000,000.00"},null,{"v":6000000,"d":"6,000,000.00"}]
[{"$nulls":3},"Juara 2",{"$nulls":8},{"v":1,"d":"1.00"},"Kelompok",{"v":5000000,"d":"5,000,000.00"},{"v":5000000,"d":"5,000,000.00"},null,{"v":5000000,"d":"5,000,000.00"}]
[{"$nulls":3},"Juara 3",{"$nulls":8},{"v":1,"d":"1.00"},"Kelompok",{"v":4000000,"d":"4,000,000.00"},{"v":4000000,"d":"4,000,000.00"},null,{"v":4000000,"d":"4,000,000.00"}]
[{"$nulls":3},"Juara harapan 1",{"$nulls":8},{"v":1,"d":"1.00"},"Kelompok",{"v":3000000,"d":"3,000,000.00"},{"v":3000000,"d":"3,000,000.00"},null,{"v":3000000,"d":"3,000,000.00"}]
[{"$nulls":3},"Juara harapan 2",{"$nulls":8},{"v":1,"d":"1.00"},"Kelompok",{"v":2000000,"d":"2,000,000.00"},{"v":2000000,"d":"2,000,000.00"},null,{"v":2000000,"d":"2,000,000.00"}]
[{"$nulls":3},"Juara harapan 3",{"$nulls":8},{"v":1,"d":"1.00"},"Kelompok",{"v":1500000,"d":"1,500,000.00"},{"v":1500000,"d":"1,500,000.00"},null,{"v":1500000,"d":"1,500,000.00"}]
[{"$nulls":3},"Hadiah Lomba Perahu Layar",{"$nulls":9},"-",null,{"v":23500000,"d":"23,500,000.00"},null,{"v":23500000,"d":"23,500,000.00"}]
[{"$nulls":3},"Juara 1",{"$nulls":8},{"v":1,"d":"1.00"},"Kelompok",{"v":6000000,"d":"6,000,000.00"},{"v":6000000,"d":"6,000,000.00"},null,{"v":6000000,"d":"6,000,000.00"}]
[{"$nulls":3},"Juara 2",{"$nulls":8},{"v":1,"d":"1.00"},"Kelompok",{"v":5000000,"d":"5,000,000.00"},{"v":5000000,"d":"5,000,000.00"},null,{"v":5000000,"d":"5,000,000.00"}]
[{"$nulls":3},"Juara 3",{"$nulls":8},{"v":1,"d":"1.00"},"Kelompok",{"v":4000000,"d":"4,000,000.00"},{"v":4000000,"d":"4,000,000.00"},null,{"v":4000000,"d":"4,000,000.00"}]
[{"$nulls":3},"Juara harapan 1",{"$nulls":8},{"v":1,"d":"1.00"},"Kelompok",{"v":3000000,"d":"3,000,000.00"},{"v":3000000,"d":"3,000,000.00"},null,{"v":3000000,"d":"3,000,000.00"}]
[{"$nulls":3},"Juara harapan 2",{"$nulls":8},{"v":1,"d":"1.00"},"Kelompok",{"v":2000000,"d":"2,000,000.00"},{"v":2000000,"d":"2,000,000.00"},null,{"v":2000000,"d":"2,000,000.00"}]
[{"$nulls":3},"Juara harapan 3",{"$nulls":8},{"v":1,"d":"1.00"},"Kelompok",{"v":1500000,"d":"1,500,000.00"},{"v":1500000,"d":"1,500,000.00"},null,{"v":1500000,"d":"1,500,000.00"}]
[{"$nulls":3},"Hadiah bagi 10 peserta yang masuk finish",{"$nulls":8},{"v":10,"d":"10.00"},"Peserta",{"v":200000,"d":"200,000.00"},{"v":2000000,"d":"2,000,000.00"},null,{"v":2000000,"d":"2,000,000.00"}]
["5.2.2.32.",null,null,"Belanja Operasional Kendaraan",{"$nulls":11},{"v":5591891,"d":"5,591,891.00"},null,{"v":5591891,"d":"5,591,891.00"}]
["5.2.2.32.0001.",null,null,"Belanja Bahan Bakar Minyak",{"$nulls":11},{"v":5591891,"d":"5,591,891.00"},null,{"v":5591891,"d":"5,591,891.00"}]
[{"$nulls":3},"BBM",{"$nulls":8},{"v":1,"d":"1.00"},"Tahun",{"v":5591891,"d":"5,591,891.00"},{"v":5591891,"d":"5,591,891.00"},null,{"v":5591891,"d":"5,591,891.00"}]
["5.2.",null,null,"BELANJA LANGSUNG",{"$nulls":11},{"v":47612000,"d":"47,612,000.00"},null,{"v":47612000,"d":"47,612,000.00"}]
["5.2.2.",null,null,"BELANJA BARANG DAN JASA",{"$nulls":11},{"v":47612000,"d":"47,612,000.00"},null,{"v":47612000,"d":"47,612,000.00"}]
["5.2.2.01.",null,null,"Belanja Bahan Pakai Habis",{"$nulls":11},{"v":3500000,"d":"3,500,000.00"},null,{"v":3500000,"d":"3,500,000.00"}]
["5.2.2.01.0013.",null,null,"Belanja Sesajen",{"$nulls":11},{"v":3500000,"d":"3,500,000.00"},null,{"v":3500000,"d":"3,500,000.00"}]
[{"$nulls":3},"Sesajen piodalan",{"$nulls":8},{"v":1,"d":"1.00"},"Kali",{"v":3500000,"d":"3,500,000.00"},{"v":3500000,"d":"3,500,000.00"},null,{"v":3500000,"d":"3,500,000.00"}]
["5.2.2.03.",null,null,"Belanja Jasa Kantor",{"$nulls":11},{"v":42612000,"d":"42,612,000.00"},null,{"v":42612000,"d":"42,612,000.00"}]
["5.2.2.03.0012.",null,null,"Belanja Jasa Tenaga kerja",{"$nulls":11},{"v":42612000,"d":"42,612,000.00"},null,{"v":42612000,"d":"42,612,000.00"}]
[]
["5.2.2.03.0012.",null,null,"Jasa Tenaga Kontrak sebagai Satpam/Penjaga Malam",{"$nulls":8},{"v":12,"d":"12.00"},"OB",{"v":1851000,"d":"1,851,000.00"},{"v":22212000,"d":"22,212,000.00"},null,{"v":22212000,"d":"22,212,000.00"}]
[{"$nulls":3},"Jasa Tenaga Kontrak sebagai Tenaga Administrasi Umum",{"$nulls":8},{"v":12,"d":"12.00"},"OB",{"v":1700000,"d":"1,700,000.00"},{"v":20400000,"d":"20,400,000.00"},null,{"v":20400000,"d":"20,400,000.00"}]
["5.2.2.11.",null,null,"Belanja Makanan dan  Minuman",{"$nulls":11},{"v":840000,"d":"840,000.00"},null,{"v":840000,"d":"840,000.00"}]
["5.2.2.11.0002.",null,null,"Belanja makanan dan minuman rapat",{"$nulls":11},{"v":840000,"d":"840,000.00"},null,{"v":840000,"d":"840,000.00"}]
[{"$nulls":3},"Nasi Kotak",{"$nulls":8},{"v":15,"d":"15.00"},"kotak",{"v":40000,"d":"40,000.00"},{"v":600000,"d":"600,000.00"},null,{"v":600000,"d":"600,000.00"}]
[{"$nulls":3},"Snack",{"$nulls":8},{"v":15,"d":"15.00"},"kotak",{"v":16000,"d":"16,000.00"},{"v":240000,"d":"240,000.00"},null,{"v":240000,"d":"240,000.00"}]
["5.2.2.32.",null,null,"Belanja Operasional Kendaraan",{"$nulls":11},{"v":660000,"d":"660,000.00"},null,{"v":660000,"d":"660,000.00"}]
["5.2.2.32.0001.",null,null,"Belanja Bahan Bakar Minyak",{"$nulls":11},{"v":660000,"d":"660,000.00"},null,{"v":660000,"d":"660,000.00"}]
[{"$nulls":3},"BBM",{"$nulls":8},{"v":1,"d":"1.00"},"Tahun",{"v":660000,"d":"660,000.00"},{"v":660000,"d":"660,000.00"},null,{"v":660000,"d":"660,000.00"}]
["5.2.",null,null,"BELANJA LANGSUNG",{"$nulls":11},{"v":14472000,"d":"14,472,000.00"},null,{"v":14472000,"d":"14,472,000.00"}]
["5.2.2.",null,null,"BELANJA BARANG DAN JASA",{"$nulls":11},{"v":14472000,"d":"14,472,000.00"},null,{"v":14472000,"d":"14,472,000.00"}]
["5.2.2.01.",null,null,"Belanja Bahan Pakai Habis",{"$nulls":11},{"v":2243400,"d":"2,243,400.00"},null,{"v":2243400,"d":"2,243,400.00"}]
["5.2.2.01.0001.",null,null,"Belanja alat tulis kantor",{"$nulls":11},{"v":2243400,"d":"2,243,400.00"},null,{"v":2243400,"d":"2,243,400.00"}]
[]
["5.2.2.01.0001.",null,null,"Kertas HVS 70 gr Folio Sidu",{"$nulls":8},{"v":16,"d":"16.00"},"Rim",{"v":79600,"d":"79,600.00"},{"v":1273600,"d":"1,273,600.00"},null,{"v":1273600,"d":"1,273,600.00"}]
[{"$nulls":3},"Map Kertas Folio",{"$nulls":8},{"v":8,"d":"8.00"},"Buah",{"v":2600,"d":"2,600.00"},{"v":20800,"d":"20,800.00"},null,{"v":20800,"d":"20,800.00"}]
[{"$nulls":3},"Map Kain Batik Tebal",{"$nulls":8},{"v":3,"d":"3.00"},"Buah",{"v":32100,"d":"32,100.00"},{"v":96300,"d":"96,300.00"},null,{"v":96300,"d":"96,300.00"}]
[{"$nulls":3},"Map Jepit /Shenel Plastik",{"$nulls":8},{"v":5,"d":"5.00"},"Buah",{"v":11900,"d":"11,900.00"},{"v":59500,"d":"59,500.00"},null,{"v":59500,"d":"59,500.00"}]
[{"$nulls":3},"Tinta Printer Epson Standar (Black / Magenta / Yellow / Cyan)",{"$nulls":8},{"v":4,"d":"4.00"},"Buah",{"v":198300,"d":"198,300.00"},{"v":793200,"d":"793,200.00"},null,{"v":793200,"d":"793,200.00"}]
["5.2.2.02.",null,null,"Belanja Bahan/Material",{"$nulls":11},{"v":6900000,"d":"6,900,000.00"},null,{"v":6900000,"d":"6,900,000.00"}]
["5.2.2.02.0006.",null,null,"Belanja Bahan Percontohan",{"$nulls":11},{"v":6900000,"d":"6,900,000.00"},null,{"v":6900000,"d":"6,900,000.00"}]
[{"$nulls":3},"Olahan ikan",{"$nulls":8},{"v":1,"d":"1.00"},"Tahun",{"v":6900000,"d":"6,900,000.00"},{"v":6900000,"d":"6,900,000.00"},null,{"v":6900000,"d":"6,900,000.00"}]
["5.2.2.06.",null,null,"Belanja Cetak dan Penggandaan",{"$nulls":11},{"v":372000,"d":"372,000.00"},null,{"v":372000,"d":"372,000.00"}]
["5.2.2.06.0002.",null,null,"Belanja Foto copy",{"$nulls":11},{"v":372000,"d":"372,000.00"},null,{"v":372000,"d":"372,000.00"}]
[{"$nulls":3},"Foto copy",{"$nulls":8},{"v":1860,"d":"1,860.00"},"lembar",{"v":200,"d":"200.00"},{"v":372000,"d":"372,000.00"},null,{"v":372000,"d":"372,000.00"}]
["5.2.2.11.",null,null,"Belanja Makanan dan  Minuman",{"$nulls":11},{"v":2240000,"d":"2,240,000.00"},null,{"v":2240000,"d":"2,240,000.00"}]
["5.2.2.11.0002.",null,null,"Belanja makanan dan minuman rapat",{"$nulls":11},{"v":2240000,"d":"2,240,000.00"},null,{"v":2240000,"d":"2,240,000.00"}]
[{"$nulls":3},"Nasi Kotak",{"$nulls":8},{"v":40,"d":"40.00"},"kotak",{"v":40000,"d":"40,000.00"},{"v":1600000,"d":"1,600,000.00"},null,{"v":1600000,"d":"1,600,000.00"}]
[{"$nulls":3},"Snack",{"$nulls":8},{"v":40,"d":"40.00"},"kotak",{"v":16000,"d":"16,000.00"},{"v":640000,"d":"640,000.00"},null,{"v":640000,"d":"640,000.00"}]
["5.2.2.15.",null,null,"Belanja Perjalanan Dinas",{"$nulls":11},{"v":2000000,"d":"2,000,000.00"},null,{"v":2000000,"d":"2,000,000.00"}]
["5.2.2.15.0001.",null,null,"Belanja perjalanan dinas dalam daerah",{"$nulls":11},{"v":2000000,"d":"2,000,000.00"},null,{"v":2000000,"d":"2,000,000.00"}]
[{"$nulls":3},"Perjalanan dinas dalam daerah",{"$nulls":8},{"v":1,"d":"1.00"},"Tahun",{"v":2000000,"d":"2,000,000.00"},{"v":2000000,"d":"2,000,000.00"},null,{"v":2000000,"d":"2,000,000.00"}]
["5.2.2.32.",null,null,"Belanja Operasional Kendaraan",{"$nulls":11},{"v":716600,"d":"716,600.00"},null,{"v":716600,"d":"716,600.00"}]
["5.2.2.32.0001.",null,null,"Belanja Bahan Bakar Minyak",{"$nulls":11},{"v":716600,"d":"716,600.00"},null,{"v":716600,"d":"716,600.00"}]
[{"$nulls":3},"BBM",{"$nulls":8},{"v":1,"d":"1.00"},"Tahun",{"v":716600,"d":"716,600.00"},{"v":716600,"d":"716,600.00"},null,{"v":716600,"d":"716,600.00"}]
["5.2.",null,null,"BELANJA LANGSUNG",{"$nulls":11},{"v":45800000,"d":"45,800,000.00"},null,{"v":45800000,"d":"45,800,000.00"}]
["5.2.2.",null,null,"BELANJA BARANG DAN JASA",{"$nulls":11},{"v":45800000,"d":"45,800,000.00"},null,{"v":45800000,"d":"45,800,000.00"}]
["5.2.2.01.",null,null,"Belanja Bahan Pakai Habis",{"$nulls":11},{"v":1813800,"d":"1,813,800.00"},null,{"v":1813800,"d":"1,813,800.00"}]
["5.2.2.01.0001.",null,null,"Belanja alat tulis kantor",{"$nulls":11},{"v":1813800,"d":"1,813,800.00"},null,{"v":1813800,"d":"1,813,800.00"}]
[{"$nulls":3},"Kertas HVS 70 gr Folio Sidu",{"$nulls":8},{"v":11,"d":"11.00"},"Rim",{"v":79600,"d":"79,600.00"},{"v":875600,"d":"875,600.00"},null,{"v":875600,"d":"875,600.00"}]
[{"$nulls":3},"Map Kertas Folio",{"$nulls":8},{"v":5,"d":"5.00"},"Buah",{"v":2600,"d":"2,600.00"},{"v":13000,"d":"13,000.00"},null,{"v":13000,"d":"13,000.00"}]
[]
["5.2.2.01.0001.",null,null,"Map Kain Batik Tebal",{"$nulls":8},{"v":3,"d":"3.00"},"Buah",{"v":32100,"d":"32,100.00"},{"v":96300,"d":"96,300.00"},null,{"v":96300,"d":"96,300.00"}]
[{"$nulls":3},"Map Jepit /Shenel Plastik",{"$nulls":8},{"v":3,"d":"3.00"},"Buah",{"v":11900,"d":"11,900.00"},{"v":35700,"d":"35,700.00"},null,{"v":35700,"d":"35,700.00"}]
[{"$nulls":3},"Tinta Printer Epson Standar (Black / Magenta / Yellow / Cyan)",{"$nulls":8},{"v":4,"d":"4.00"},"Buah",{"v":198300,"d":"198,300.00"},{"v":793200,"d":"793,200.00"},null,{"v":793200,"d":"793,200.00"}]
["5.2.2.03.",null,null,"Belanja Jasa Kantor",{"$nulls":11},{"v":40800000,"d":"40,800,000.00"},null,{"v":40800000,"d":"40,800,000.00"}]
["5.2.2.03.0012.",null,null,"Belanja Jasa Tenaga kerja",{"$nulls":11},{"v":40800000,"d":"40,800,000.00"},null,{"v":40800000,"d":"40,800,000.00"}]
[{"$nulls":3},"Jasa Tenaga Kontrak sebagai Tenaga Administrasi Umum",{"$nulls":8},{"v":24,"d":"24.00"},"OB",{"v":1700000,"d":"1,700,000.00"},{"v":40800000,"d":"40,800,000.00"},null,{"v":40800000,"d":"40,800,000.00"}]
["5.2.2.06.",null,null,"Belanja Cetak dan Penggandaan",{"$nulls":11},{"v":500000,"d":"500,000.00"},null,{"v":500000,"d":"500,000.00"}]
["5.2.2.06.0002.",null,null,"Belanja Foto copy",{"$nulls":11},{"v":500000,"d":"500,000.00"},null,{"v":500000,"d":"500,000.00"}]
[{"$nulls":3},"Foto copy",{"$nulls":8},{"v":2500,"d":"2,500.00"},"lembar",{"v":200,"d":"200.00"},{"v":500000,"d":"500,000.00"},null,{"v":500000,"d":"500,000.00"}]
["5.2.2.20.",null,null,"Belanja Pemeliharaan",{"$nulls":11},{"v":1200000,"d":"1,200,000.00"},null,{"v":1200000,"d":"1,200,000.00"}]
["5.2.2.20.0004.",null,null,"Belanja Pemeliharaan Peralatan dan Perlengkapan Kantor",{"$nulls":11},{"v":1200000,"d":"1,200,000.00"},null,{"v":1200000,"d":"1,200,000.00"}]
[{"$nulls":3},"Pemeliharaan laptop (2 Unit)",{"$nulls":8},{"v":1,"d":"1.00"},"Tahun",{"v":1200000,"d":"1,200,000.00"},{"v":1200000,"d":"1,200,000.00"},null,{"v":1200000,"d":"1,200,000.00"}]
["5.2.2.32.",null,null,"Belanja Operasional Kendaraan",{"$nulls":11},{"v":1486200,"d":"1,486,200.00"},null,{"v":1486200,"d":"1,486,200.00"}]
["5.2.2.32.0001.",null,null,"Belanja Bahan Bakar Minyak",{"$nulls":11},{"v":1486200,"d":"1,486,200.00"},null,{"v":1486200,"d":"1,486,200.00"}]
[{"$nulls":3},"BBM",{"$nulls":8},{"v":1,"d":"1.00"},"Tahun",{"v":1486200,"d":"1,486,200.00"},{"v":1486200,"d":"1,486,200.00"},null,{"v":1486200,"d":"1,486,200.00"}]